{"text_format":"2","workbook":"xlsx","n_sheets":24,"sheets":["1、综合布线系统","2、计算机网络系统","3、校园无线AP网络系统","4、校园网络安全系统","5、校园智能高清监控系统","6、人行通道刷人脸门禁系统","7、校园一键报警系统","8、校园大数据服务器及云储存系统","9、校园智能 IP 广播系统（教室内、 室外）","10、校园中心数据机房建设","11、智慧校园综合平台软件","12、电子班牌系统","13、云桌面及云运维智能管理平台软件系统","14、校园 LED 屏终端显示系统","15、办公终端设备配置","16、300 人会议室（扩音系统）","17、50 人会议室（20 人升降屏幕）","18欢迎会标屏幕","19、测温门","20、视频会议室","21、录播教室","22、阅卷系统","23、数字采集设备","24、校园电视台设备 "],"not_rendered":{"charts":0,"images":0,"macros":0,"external_links":2,"defined_names":0,"comments":0,"pivot_tables":0},"unopened":[],"bounds":{"document_bytes":16777216,"sheet_cells":100000,"run_cost":"one","rows_first":2000,"rows_last":500,"rows_between":2000,"halvings":0,"cell_chars":16384,"cell_head_chars":4096},"cells_cut":0,"cells_raw":0,"read":"whole","date_system":"1900"}

{"sheet":"1、综合布线系统","index":0,"n_rows":31,"n_cols":32,"rows_kept":31,"cut":false,"hidden":false,"merged":[[0,0,0,11],[12,0,12,1],[20,0,20,1],[29,0,29,1],[30,0,30,1]]}
["1、综合布线系统报价清单"]
["序号","设备名称","招标参数","厂家参数","偏离项","型号","单位","数量","单价","总价","品牌","备注",null,"厂家参数","偏离项","型号","单位","数量","单价","总价","品牌","备注",null,"厂家参数","偏离项","型号","单位","数量","单价","总价","品牌","备注"]
["一、网络部分"]
[1,"超六类网线","4*2*0.57(UTP CAT.6\n4P/23AWG ",null,"无偏离","4*2*0.57(UTP CAT.6\n4P/23AWG ","箱",70,650,{"$f":"H4*I4","v":45500},"国产",null,null,"护套材质：PVC \n护套颜色（可选）：默认灰色\n成品外径：6.3±0.3mm \n导体：99.99%无氧铜 \n导体直径：23AWG\n导体绝缘外径：1.1±0.05mm \n芯数：4*2 \n特性阻抗：100±15Ω \n导体间介电强度，DC，1min：1Kv/1min \n工作电容最大值：≤5.6nF/100m \n单根导体最大电阻：≤9.5Ω/100m \n线对直流电阻不平衡性：≤2.5% \n最小互电容：51pf/m \n最大平衡电容：160pf/km \n最大电流平衡：2% \n敷设弯曲半径：建议敷设弯曲半径>8倍线缆外径 \n敷设拉力：建议敷设时短期拉力<110N \n使用拉力：建议使用时长期拉力<20N \n施工温度： 0～40℃ \n使用温度： -10～60℃","无偏离","AP-6-01","箱",70,630,{"$f":"S4*R4","v":44100},"爱谱华顿",null,null,"产品标准：ISO_IEC11801-A1-2008、TIA/EIA-568 C.2 ，YD/T 926.2-2009和YD/T1019-2013\n传输带宽：≥250MHz，满足1000兆数据传输，\n铜芯材料：优质实芯裸铜导体，99.99%无氧铜\n线芯直径：0.57±0.01mm满足23AWG线芯标准，中心十字架结构，以减少线对信号干扰和增加物理机械抗拉性\n绝缘材料：优质高密度聚乙烯（HDPE）\n外护套：材质为优质PVC料，厚度为0.5±0.05mm，护套颜色：PANTONE 420C。防火级别为CM，护套表面圆整，不偏心，外观光亮、无水迹、气泡、划伤、夹杂等现象。电缆长度标志误差：≤±0.5%,铜缆外径为6.20±0.30mm。 \n工作温度范围：-20 至 75度。\n最大导体直流电阻：93Ω/km\n最小绝缘电阻：5000MΩ*KM\n耐高压：DC-1KV/1 Min\n特性阻抗：100±15Ω\n延迟差：≤45ns/100m\n对地不平衡电容：≤330Pf/100m\n线对不平衡电阻：≤4%\n最大互感电容：5.6nF/100m\n产品用途：适用于综合布线网络，支持各种高速率ATM622Mb／1.24Gb、1000baseTX以太网的应用。\n",null,"TPC-0-C6-U-3S-PV-IG-305-HYW1","箱",70,750,{"$f":"AC4*AB4","v":52500},"烽火","六类非屏蔽"]
[2,"双口面板","双孔平面型面板 双孔平面\n型面板 白色",null,"无偏离","双孔平面型面板 双孔平面\n型面板 白色","个",400,4.8,1920,"国产",null,null,"面板类型：86*86mm型 \n面板端口数：双口 \n面板主体塑料材质：优质ABS 工程塑料\n标识：含有机玻璃的标签 \n防尘门：优质ABS 工程塑料  \nZ字形弹簧材质：钢丝 \n连接方式：直接卡接信息模块 \n端口标识：自带内嵌式双面ICON，方便区分网络及语音端口应用\n边框拆卸：侧面拆卸边框，更加方便省力\n安装方式：使用面板包装内配套的双螺丝明装或暗装 \n匹配性：与爱谱华顿语音、有线电视、五类、超五类，六类、超六类等全线模块兼容 （超六类非屏蔽模块本身自带防尘门，如需与此款面板匹配需将模块上的防尘门拆除）","无偏离","AP-M-04-2A","个",400,4.4000000000000004,1760.0000000000002,"爱谱华顿","不含模块底盒",null,"产品标准：86X86mm系系列，《ANSI-TIA-568.2-D-2018》；\n外形尺寸：86*86(±1)mm\n颜色白色：（RAL9003）\n端口数量：单孔/双孔\n壳体材质：采用阻燃及耐燃高品质ABS，满足UL94-V0阻燃等级；金属件：SUS 304\n使用环境：温度范围-10~60℃；存储温度：-40°C至68°C；湿度10%~90%RH。\n外观要求：自带防尘盖，避免外界污染；采用模印的方式印烽火Logo \n特点：具有标签框，可供用户识别语音、数据等不同用途，斜面设计提供更大的底盒空间和便于跳线接插、固定；三层模块化结构设计，嵌入组合式，配合86底盒，安装方便，表面隐藏螺钉孔，美观大方。根据需要可选择面板1~2孔的安装孔数，以安装相应的模块数量自由组合成多种应用。 \n产品用途：用于工作区布线子系统端口。\n",null,"TTB-2-0-00-WT-HYW1","个",400,7.1,{"$f":"AC5*AB5","v":2840},"烽火"]
[3,"单口面板","单孔平面型面板 单孔平面\n型面板 白色",null,"无偏离","单孔平面型面板 单孔平面\n型面板 白色","个",400,4.8,1920,"国产",null,null,"面板类型：86*86mm型 \n面板端口数：单口 \n面板主体塑料材质：优质ABS 工程塑料\n标识：含有机玻璃的标签 \n防尘门：优质ABS 工程塑料\nZ字形弹簧材质：钢丝 \n连接方式：直接卡接信息模块 \n端口标识：自带内嵌式双面ICON，方便区分网络及语音端口应用\n边框拆卸：侧面拆卸边框，更加方便省力\n安装方式：使用面板包装内配套的双螺丝明装或暗装 \n匹配性：与爱谱华顿语音、有线电视、五类、超五类，六类、超六类等全线模块兼容 （超六类非屏蔽模块本身自带防尘门，如需与此款面板匹配需将模块上的防尘门拆除）","无偏离","AP-M-04-1A","个",400,4.4000000000000004,1760.0000000000002,"爱谱华顿","不含模块底盒",null,"产品标准：86X86mm系系列，《ANSI-TIA-568.2-D-2018》；\n外形尺寸：86*86(±1)mm\n颜色白色：（RAL9003）\n端口数量：单孔/双孔\n壳体材质：采用阻燃及耐燃高品质ABS，满足UL94-V0阻燃等级；金属件：SUS 304\n使用环境：温度范围-10~60℃；存储温度：-40°C至68°C；湿度10%~90%RH。\n外观要求：自带防尘盖，避免外界污染；采用模印的方式印烽火Logo \n特点：具有标签框，可供用户识别语音、数据等不同用途，斜面设计提供更大的底盒空间和便于跳线接插、固定；三层模块化结构设计，嵌入组合式，配合86底盒，安装方便，表面隐藏螺钉孔，美观大方。根据需要可选择面板1~2孔的安装孔数，以安装相应的模块数量自由组合成多种应用。 \n产品用途：用于工作区布线子系统端口。\n",null,"TTB-1-0-00-WT-HYW1","个",400,6.6,2640,"烽火"]
[4,"超六类模块","六类非屏蔽模块",null,"无偏离","六类非屏蔽模块","个",400,15,6000,"国产",null,null,"模块主体塑料材质：聚碳酸酯（PC）UL94V-0 \nIDC端子材质：磷青铜镀镍 ,IDC分线峰设计，易分线\n金针材质：磷青铜镀金50μm \n连接方式：RJ45插孔配接跳线，IDC端接水平布线 \nIDC端子可卡接线径：单股或多股裸铜导体0.4-0.6mm \nRJ45端口类型：8P8C \n接线方式：110卡接式,使用110工具端接，保证线对自然绞距施工 \n频率范围：0～250MHz \n通过单体测试认证\n通过POE++测试\n免焊锡，环保\n绝缘电阻：≥100MΩ \n插入损耗：0.4dB@250MHz \n插入力和拔出力：插入力≤20N，拔出力≥20N \nRJ45拔插次数：≥1000次 \nIDC端子端接次数：≥250次 \n使用温度： -20～70℃ \n湿度：85%（温度85℃±3℃）","无偏离","AP-603X-180WH","个",400,13.2,5280,"爱谱华顿",null,null,"产品标准：ANSI/TIA-568.2-D-2018；\n传输带宽：≥250MHz，满足1000兆数据传输\n规格型号：六类非屏蔽（免打模式）\n进线方式 ：180°进线\nPIN针磷青铜表面镀金：50μ\n主体外壳材：PC\n外壳颜色白色：（RAL9016）\n外观要求激光印烽火Logo,位置参见产品外形尺寸参考图\n外壳阻燃等级：UL94-V0\n插头与插座插合次数 插头与插座插合次≥750 次\n导线端接次数：≥250 次\n卡接导体线规：22~24AWG\n工作温度：-10°C至60°C；\n存储温度：-40°C至68°C；\n湿度：10％〜90％RH；\n绝缘电阻：500MΩ；\n高压测试：1000V AC；\n直流电流额定值：1.5A；\n直流电阻：0.1Ω；\n接触电阻：20mΩ；\n产品用途：应用于ISDN、ATM622Mb/2.4Gb、1000Mbps以太网等的工作区终端连接及快捷式配线架连接。\n",null,"TPA-02-C6-U-00-WT-HYW1","个",400,8.1999999999999993,3279.9999999999995,"烽火"]
[5,"超六类跳线","六类非屏蔽跳线（1m）",null,"无偏离","六类非屏蔽跳线（1m）","条",400,6,2400,"国产",null,null,"水晶头塑料材质：聚碳酸酯（PC） \n跳线接头类型：注塑RJ45端子-注塑RJ45端子 \n跳线线缆类型：24AWG对绞芯线 （多股）\n跳线线缆护套材质：PVC \n跳线线缆外径：6.0±0.3mm \n跳线线缆阻抗类型：100±15Ω \n连接方式：RJ45端插接RJ45配线架  \n跳线弯曲半径：≥4D(D：跳线外径) \n适用信号：六类非屏蔽信道","无偏离","AP-6-02-1","条",400,9.9,3960,"爱谱华顿",{"$nulls":4},"TPC-R4-C6-U-4M-PV-IG-1-HYW1","条",400,8.5,3400,"烽火"]
[6,"光纤熔接",null,null,"无偏离","定制","点",300,150,45000,"国产",{"$nulls":5},"点",300,{"$nulls":8},"点",300,null,0]
[7,"光纤尾纤",null,null,"无偏离","定制","条",500,7.5,3750,"国产",null,null,"纤芯类型：OS2\n接口类型：单芯SC\n连接器插针类型：陶瓷 \n插针端面：UPC端面 \n品牌化尾套设计，便于用户识别快速原装正品 \n连接器插入损耗：≤0.3dB/每接口  \n连接器回波损耗：≥50dB\n重复性：≤0.1dB 互换性：≤0.1dB \n拔插次数：≥1000次 \n线缆外径：3.0mm\n护套材质：PVC（黄色）\n长度：1.5米，可定制其他长度 \n使用弯曲半径：建议使用弯曲半径>10倍跳线外径","无偏离","AP-GD-02-SC-B","条",500,7.43,{"$f":"S10*R10","v":3715},"爱谱华顿","单模sc型号",null,null,null,"SC/UPC-SC/UPC-1.5","条",500,4,2000]
[8,"光纤跳线",null,null,"无偏离","定制","条",500,10,5000,"国产",null,null,"纤芯类型：OS2\n接口类型：单芯SC-SC\n连接器插针类型：陶瓷 \n插针端面：UPC端面 \n品牌化尾套设计，便于用户识别快速原装正品 \n连接器插入损耗：≤0.3dB/每接口 \n连接器回波损耗：≥50dB\n重复性：≤0.1dB \n互换性：≤0.1dB \n拔插次数：≥1000次 \n线缆外径：3.0mm\n护套材质：PVC（黄色） \n长度：3米（可定制其他长度） \n使用弯曲半径：建议使用弯曲半径>10倍跳线外径","无偏离","AP-GD-02-SC/SC-B1","条",500,13.2,6600,"爱谱华顿","单芯单模SC-SC光纤跳线(3米)",null,"产品标准： YD/T1272.1-2018《光纤活动连接器 第1部分：LC型》、YD/T1272.3-2018《光纤活动连接器 第3部分：SC型》、YD/T1272.4-2018《光纤活动连接器 第4部分：FC型》\n纤芯材料：G652D单模纤芯，烽火原厂纤芯\n连接器材料：采用优质的A级陶瓷插芯，外壳为阻燃PEI新料或更好的材料，符合ROHS环保要求\n外护套材料：环保阻燃PVC外被\n连接器类型：SC/FC/LC/双工LC卡扣式\n连接方式：插拔式锁紧/螺纹式锁紧（FC）\n米长：根据工程所需定制长度\n插入损耗：≤0.35db\n回波损耗：UPC≥50db，APC≥55db\n工作温度范围：-40℃～+80℃\n插拔寿命：≥1000次\n包装：每条跳线配置保护套，独立包装\n",null,"SC/UPC-SC/UPC-3","条",500,8,4000]
[9,"PVC管",null,null,"无偏离","定制","米 ",5000,1.7,8500,"国产","按20规格计算",{"$nulls":4},"米 ",5000,null,null,null,"按20规格计算",{"$nulls":4},"米 ",5000,null,0,null,"按20规格计算"]
["小计",{"$nulls":8},{"$f":"SUM(J4:J12)","v":119990},{"$nulls":9},{"$f":"SUM(T4:T12)","v":67175},{"$nulls":9},{"$f":"SUM(AD4:AD12)","v":70660}]
["二、WIFI 部分"]
[1,"超六类网线","4*2*0.57(UTP CAT.6\n4P/23AWG \n",null,"无偏离","4*2*0.57(UTP CAT.6\n4P/23AWG \n","箱",100,650,{"$f":"H15*I15","v":65000},"国产",null,null,"护套材质：PVC \n护套颜色（可选）：默认灰色\n成品外径：6.3±0.3mm \n导体：99.99%无氧铜 \n导体直径：23AWG\n导体绝缘外径：1.1±0.05mm \n芯数：4*2 \n特性阻抗：100±15Ω \n导体间介电强度，DC，1min：1Kv/1min \n工作电容最大值：≤5.6nF/100m \n单根导体最大电阻：≤9.5Ω/100m \n线对直流电阻不平衡性：≤2.5% \n最小互电容：51pf/m \n最大平衡电容：160pf/km \n最大电流平衡：2% \n敷设弯曲半径：建议敷设弯曲半径>8倍线缆外径 \n敷设拉力：建议敷设时短期拉力<110N \n使用拉力：建议使用时长期拉力<20N \n施工温度： 0～40℃ \n使用温度： -10～60℃","无偏离","AP-6-01","箱",100,630,63000,"爱谱华顿",{"$nulls":4},"TPC-0-C6-U-3S-PV-IG-305-HYW1","箱",100,750,{"$f":"AC15*AB15","v":75000},"烽火","六类非屏蔽"]
[2,"超六类网络配线架","六类 24 口非屏蔽配线架",null,"无偏离","六类 24 口非屏蔽配线架","个",60,240,14400,"国产",null,null,"配线架金属材质：全钢架结构+黑色喷塑 \n配线架塑料材质：阻燃塑胶料，防火等级达到UL94V-0 \nIDC打线端子：磷青铜镀镍 \n镀金层厚度：磷青铜金针镀金50μ″，镀软镍60μ\n配线架模块类型：6口一体式模块*4组 \nRJ45端口：可连接1-24根跳线\n接线端子类型：IDC与110双用端子，可卡接导体为0.4～0.6mm \n安装性：19英寸标准机架式设备 \n配线架背部理线功能：配线架背部含1*24折叠式金属理线板 \n安装方式：使用配线架包装内标配螺丝安装于机架内 \n维护方式：打开机柜后门从背部进行维护 \n安装高度：1U \n频率范围：0～250MHz \n兼容110、KRONE工具\n提供24/48个标准接口，系统性能超过TIA/EIA-568.2-D标准要求, 支持T568A和T568B两种接线方式\nIDC带分线峰和预卡接功能，更方便施工\n插入损耗：0.4dB@250MHz \n绝缘电阻：初始值≥100MΩ，恒定湿热试验后≥100MΩ \nRJ45卡接次数：≥750次 \n接线端子卡接次数：≥250次\n使用温度：-40～70℃ \n湿度：85%（温度85℃±3℃）","无偏离","AP-6-04-24X","个",60,248,14880,"爱谱华顿",null,null,"产品标准：ANSI/TIA-568.2-D-2018；\n传输带宽：≥250MHz，满足1000兆数据传输 \n安装方式：标准19英寸机架式安装\n配线架类型：一体式\n端口数量：24 位\n配线架高度 ：1U\nIDC端子材料： 磷青铜\n阻燃等级：UL94-V0\n金针：磷青铜表面镀金50U\n屏蔽方式：非屏蔽\n进线方式：180°垂直进线方式，水平卡线簧片设计\n打线方式：110 工具端接方式，兼容 T568A/B 两种端接方式，上下各四组打线\n卡线后座及线缆保护盖材料：PC\n插头与插座插合次数 ：≥1000 次\n导线端接次数： ≥250 次\n卡接导体线规： 22~24AWG\n工作温度：-25～60℃\n金属外壳材料：SPCC\n表面处理方式及颜色：喷塑粉（细桔纹）、黑色 RAL9005\n配线架丝印：印烽火Logo及等级标识（见产品图片）\n产品用途：产品适用于10/100/1000 BASE-TX 快速以太网、ATM155Mbps/622Mbps等非屏蔽六类系统设备与布线子系统的配线连接或集中点的互配端接。\n",null,"TDU-I-24-C6-U-00-1U-00-BS-HYW1","个",60,280,16800,"烽火"]
[3,"网线理线架","1U 理线架 24 孔位",null,"无偏离","1U 理线架 24 孔位","个",60,45,2700,"国产",null,null,"理线器整体材质：钢架+黑色喷塑 \n安装高度：1U \n安装方式：机柜螺丝安装","无偏离","AP-J-01-LG-12","个",60,33,1980,"爱谱华顿",null,null,"产品标准：ANSI/TIA-568.2-D-2018；\n安装方式：标准19英寸机架式安装\n特点：1U12线位，盖子可以装拆，便于安装和维护；圆角工艺，不伤手 \n主体材质：冷轧钢板，表面喷涂处理\n喷涂及颜色：黑色细砂纹，色号RAL9005；\n工作温度：-25～60℃\n配线架丝印：印烽火Logo及等级标识（见产品图片）\n产品用途：适用于配线架、跳线架及设备跳线的水平和垂直方向的线缆容纳和管理，使布线更加方便美观 ；\n",null,"TMU-12-1U-00-BS-HYW1","个",60,52,3120,"烽火"]
[4,"超六类水晶头","镀金 50μ\"",null,"无偏离","镀金 50μ\"","盒",12,105,1260,"国产",{"$nulls":5},"盒",12,null,0,null,null,null,"产品标准：YD/T 926.3-2009、TIA/EIA-568C.2.1；\n传输带宽：≥250MHz，满足1000兆数据传输\n外壳材质：聚碳酸脂（PC）\n颜色：透明\n卡接簧片镀金厚度：不小于50μ\n簧片类别：三叉\n壳体防火等级：UL94V-2\n拔出力：（以10mm/s速度水平拔出插座） ≥20N\n插拔次数：不小于1000 次\n弹片弯折性能：人工180 度弯折水晶头手柄，来回为1 次。10 次无白痕，15 次未断裂。\nUL应用:250VOLTS AC.最大2AMPS\n耐电压:1000VOLTS AC.60秒\n绝缘阻抗: 500百万欧姆.\n接触阻抗: 小于20毫欧姆\n使用环境温度湿度条件：温度范围-40~70℃；湿度15%~65%RH。\n适用线规：23～26AWG(芯线直径: ∅0.96 ~ ∅1.02 均可适用)\n产品用途：用于与线缆作端接，实现数据设备与模块间的连接。\n",null,"TPA-01-C6-U-00-00-HYW1","盒",12,150,1800,"烽火"]
[5,"超六类跳线",null,null,"无偏离","定制","条",1058,12,12696,"国产","按2米一条计算",null,"水晶头塑料材质：聚碳酸酯（PC） \n跳线接头类型：注塑RJ45端子-注塑RJ45端子 \n跳线线缆类型：24AWG对绞芯线 （多股）\n跳线线缆护套材质：PVC \n跳线线缆外径：6.0±0.3mm \n跳线线缆阻抗类型：100±15Ω \n连接方式：RJ45端插接RJ45配线架  \n跳线弯曲半径：≥4D(D：跳线外径) \n适用信号：六类非屏蔽信道","无偏离","AP-6-02-2","条",1058,15.4,16293.2,"爱谱华顿","按2米一条计算",null,"产品标准：YD/T 926.3-2009、TIA/EIA-568C.2.1；\n传输带宽：≥250MHz，满足1000兆数据传输\n接头类型：RJ45（非屏蔽RJ45水晶头，含水晶头保护套）\n线缆类型：U/UTP\n外护套材质：PVC\n颜色灰色：PANTONE 420C\nRJ45簧片类型及材料：三叉，磷青铜表面镀金 50u(inch)\nRJ45接口插拔次数：≥1000 次\n导体线规：24AWG，铜导体由7根细铜丝组成，采用十字骨架，整体注塑工艺；柔性卡接设计，具有防止松动、自锁、插拔灵活的功能\n接线标准：T568B，跳线100%原装出厂导通测试\n环保性能组件所有材料均满足 ROHS 环保指令要求\n阻燃等级网线及水晶头保护套阻燃等级：CM，水晶头阻燃等级：UL94V-2\n使用温度：-10℃～+60℃\n长度：定制\n产品用途：适用于六类系统的设备、配线架、多用户模块间的快速连接。\n",null,"TPC-R4-C6-U-4M-PV-IG-2-HYW1","条",1058,12,12696,"烽火","按2米一条计算"]
[6,"PVC 管",null,null,"无偏离","定制","米",5000,1.7,8500,"国产","按20规格计算",{"$nulls":4},"米",5000,null,null,null,"按20规格计算",{"$nulls":4},"米",5000,null,0,null,"按20规格计算"]
["小计",{"$nulls":8},{"$f":"SUM(J15:J20)","v":104556},{"$nulls":9},{"$f":"SUM(T15:T20)","v":96153.2},{"$nulls":9},{"$f":"SUM(AD15:AD20)","v":109416}]
["三、安保系统布线"]
[1,"超六类网线","4*2*0.57(UTP CAT.6\n4P/23AWG \n",null,"无偏离","4*2*0.57(UTP CAT.6\n4P/23AWG \n","箱",150,650,{"$f":"H23*I23","v":97500},"国产",null,null,"护套材质：PVC \n护套颜色（可选）：默认灰色\n成品外径：6.3±0.3mm \n导体：99.99%无氧铜 \n导体直径：23AWG\n导体绝缘外径：1.1±0.05mm \n芯数：4*2 \n特性阻抗：100±15Ω \n导体间介电强度，DC，1min：1Kv/1min \n工作电容最大值：≤5.6nF/100m \n单根导体最大电阻：≤9.5Ω/100m \n线对直流电阻不平衡性：≤2.5% \n最小互电容：51pf/m \n最大平衡电容：160pf/km \n最大电流平衡：2% \n敷设弯曲半径：建议敷设弯曲半径>8倍线缆外径 \n敷设拉力：建议敷设时短期拉力<110N \n使用拉力：建议使用时长期拉力<20N \n施工温度： 0～40℃ \n使用温度： -10～60℃","无偏离","AP-6-01","箱",150,630,{"$f":"S23*R23","v":94500},"爱谱华顿",{"$nulls":4},"TPC-0-C6-U-3S-PV-IG-305-HYW1","箱",150,750,{"$f":"AC23*AB23","v":112500},"烽火","六类非屏蔽"]
[2,"超六类网络配线架","六类 24 口非屏蔽配线架",null,"无偏离","六类 24 口非屏蔽配线架","个",80,240,19200,"国产",null,null,"配线架金属材质：全钢架结构+黑色喷塑 \n配线架塑料材质：阻燃塑胶料，防火等级达到UL94V-0 \nIDC打线端子：磷青铜镀镍 \n镀金层厚度：磷青铜金针镀金50μ″，镀软镍60μ\n配线架模块类型：6口一体式模块*4组 \nRJ45端口：可连接1-24根跳线\n接线端子类型：IDC与110双用端子，可卡接导体为0.4～0.6mm \n安装性：19英寸标准机架式设备 \n配线架背部理线功能：配线架背部含1*24折叠式金属理线板 \n安装方式：使用配线架包装内标配螺丝安装于机架内 \n维护方式：打开机柜后门从背部进行维护 \n安装高度：1U \n频率范围：0～250MHz \n兼容110、KRONE工具\n提供24/48个标准接口，系统性能超过TIA/EIA-568.2-D标准要求, 支持T568A和T568B两种接线方式\nIDC带分线峰和预卡接功能，更方便施工\n插入损耗：0.4dB@250MHz \n绝缘电阻：初始值≥100MΩ，恒定湿热试验后≥100MΩ \nRJ45卡接次数：≥750次 \n接线端子卡接次数：≥250次\n使用温度：-40～70℃ \n湿度：85%（温度85℃±3℃）","无偏离","AP-6-04-24X","个",80,248,19840,"爱谱华顿",{"$nulls":4},"TDU-I-24-C6-U-00-1U-00-BS-HYW1","个",80,280,{"$f":"AC24*AB24","v":22400},"烽火"]
[3,"网线理线架","1U 理线架 24 孔位 ",null,"无偏离","1U 理线架 24 孔位 ","个",80,45,3600,"国产",null,null,"理线器整体材质：钢架+黑色喷塑 \n安装高度：1U \n安装方式：机柜螺丝安装","无偏离","AP-J-01-LG-12","个",80,33,2640,"爱谱华顿",{"$nulls":4},"TMU-12-1U-00-BS-HYW1","个",80,52,4160,"烽火"]
[4,"超六类水晶头","镀金 50μ\"",null,"无偏离","镀金 50μ\"","盒",18,105,1890,"国产",{"$nulls":5},"盒",18,{"$nulls":7},"TPA-01-C6-U-00-00-HYW1","盒",18,150,2700,"烽火"]
[5,"超六类跳线",null,null,"无偏离","1M","条",300,12,3600,"国产","按2米一条计算",null,"水晶头塑料材质：聚碳酸酯（PC） \n跳线接头类型：注塑RJ45端子-注塑RJ45端子 \n跳线线缆类型：24AWG对绞芯线 （多股）\n跳线线缆护套材质：PVC \n跳线线缆外径：6.0±0.3mm \n跳线线缆阻抗类型：100±15Ω \n连接方式：RJ45端插接RJ45配线架  \n跳线弯曲半径：≥4D(D：跳线外径) \n适用信号：六类非屏蔽信道","无偏离","AP-6-02-2","条",300,15.4,{"$f":"S27*R27","v":4620},"爱谱华顿","按2米一条计算",null,null,null,"TPC-R4-C6-U-4M-PV-IG-2-HYW1","条",300,12,3600,"烽火","按2米一条计算"]
[6,"PVC 管",null,null,"无偏离","定制","米",5000,1.7,8500,"国产","按20规格计算",{"$nulls":4},"米",5000,null,null,null,"按20规格计算",{"$nulls":4},"米",5000,null,0,null,"按20规格计算"]
[7,"电源线","RVV3*1.5",null,"无偏离","RVV3*1.5","米",5000,4.46,22300,"国产",null,null,"铜导体聚氯乙烯绝缘聚氯乙烯护套软电线 RVV型\n— 技术参数 \n执行标准：GB/T5023.5-2008 \n额定电压：U0/U 为 300/500V\n— 产品应用\n本产品适用于弱电设备控制，通信信号的传输以及广播和弱电设备供电用线等\n— 使用特性\n1. RVV系列电缆长期允许工作温度应不超过70℃；RVV-90系列电缆长期允许工作温度应不超过90℃(105℃)\n2. 电缆敷设温度应不低于 0℃\n3. 允许弯曲半径，电缆外径（D）小于等于16mm时，应不小于4D，大于16mm时，应不小于6D\n4. 绝缘和护套材料为优质聚氯乙烯，可定制：抗老化，耐磨损，耐低温，防油，防化学腐蚀，环保，低烟无卤等特性 \n5. 200m/500m 每卷或定制长度\n— 产品结构参数\n芯线X标截面:3×1.5(mm2)；\n导体结构:30/0.25(NO./mm）；\n绝缘厚度规定值:0.7(mm)；\n护套厚度规定值:0.9(mm)；\n平均外径下限:7.4(mm)；\n平均外径上限:9.4(mm)；\n铜芯20℃时导体电阻最大值:13.3(Ω/KM)；\n镀锡铜芯20℃时导体电阻最大值:13.7(Ω/KM)；\n70℃时绝缘电阻最小值:0.01(MΩ/KM)；","无偏离","RVV 3X1.5","米",5000,4.55,{"$f":"S29*R29","v":22750},"爱谱华顿",{"$nulls":5},"米",5000,null,0]
["小计",{"$nulls":8},{"$f":"SUM(J23:J29)","v":156590},{"$nulls":9},{"$f":"SUM(T23:T29)","v":144350},{"$nulls":9},{"$f":"SUM(AD23:AD29)","v":145360}]
["合计",{"$nulls":8},{"$f":"J30+J21+J13","v":381136}]

{"sheet":"2、计算机网络系统","index":1,"n_rows":26,"n_cols":12,"rows_kept":26,"cut":false,"hidden":false,"merged":[[0,0,0,11],[16,0,16,1],[24,0,24,1],[25,0,25,1],[12,1,13,1]]}
["2、计算机网络系统报价清单"]
["序号","设备名称","招标参数","厂家参数","偏离项","型号","单位","数量","单价","总价","品牌","备注"]
["一、网络设备"]
[1,"出口路由","  1.采用高性能多核处理器支持高速 WAN 连接，强大的路由计  \n  算能力，增强 L4~L7 业务处理效率；  \n2. 支持多核 CPU，采用自研全自主化 CPU 及转发芯片，；\n3. 交换容量≥320Gbps，包转发能力≥60Mpps，最大支持220Mpps；\n4. 高密接口，固定 WAN 端口：10GE 光≥14 个（可切换为 GE 光），GE 电口≥10 个，所有 WAN 口可切换为 LAN；模块化插槽≥8 个（主控、风扇、电源、其他扣卡等槽位不及入业务槽位之内），电源，风扇，板卡高可靠支持热插拔，不需要配置命令，板卡热插拔功能；\n5. 支持 GE、10GE、155M POS/CPOS、EPON/GPON、同异步串口、E1、T1、3G、LTE 等接口；出 口路由  6. 支持 MAC、802.1x、Portal 认证、广播抑制、ARP 安全等， 1\n器支持本地认证、AAA 认证、RADIUS 认证；\n7. 支持静态路由，策略路由，支持 RIP、RIPng、OSPF、OSPFv3、BGP、BGP4+、IS-IS、IS-ISv6 等动态路由协议；\n\n8、支持国密算法，SAC 应用阻断，URL 过滤，IPS 功能；\n\n9. 支持 IPSec VPN，GRE VPN，L2TP VPN，A2A VPN，L2TPv3 VPN，实现对外安全互联；支持 DSVPN 或者类似技术，能够在多个设备之间动态建立 VPN 隧道，简化 VPN 的配置；\n\n10. 支持 SNMP，WEB 网管，支持接口备份功能，VRRP 等可靠\n\n网络 性技术；  \n部分 11. 支持 ZTP 一键式部署（邮件 URL，U 盘，DHCP 等），零  \n  技能要求，设备分钟级开通；  \n  12. 支持 SaaS 首包识别（FPI），复杂应用识别；基于带宽  \n  和链路质量选路，保证关键应用体验；  \n",null,"正偏离\n1. 交换容量为696Gbps\n2. 包转发能力为300Mpps\n3. 最大支持300Mpps\n","RT-SR6602-I","台",1,38270,{"$f":"H4*I4","v":38270},"H3C"]
[2,"核心交换机","1、交换容量≥510Tbps，包转发率≥28000Mpps；\n2、主控引擎与交换网板物理分离，主控引擎≥2；独立交换\n网板≥4；整机业务板槽位数≥8，主控槽位与业务线卡槽位\n宽度相同，为全宽槽位；\n3、支持 VxLAN 功能，支持 VxLAN 二层网关、三层网关，支持\nBGP EVPN，实现自动建立隧道；\n4、为保证设备散热效果和可靠性，要求设备支持模块化风扇\n框，可热插拔，当单个风扇框发生故障时，有其他风扇正常\n运行，保证设备散热，独立风扇框数≥4；\n5、为了适应机柜并排部署，采用机箱（包括业务板卡区）后\n出风风道设计；\n6、支持纵向虚拟化技术，支持把交换机和 AP 虚拟为一台设\n备；\n7、为了实现对 IP 网络的精确丢包监控和快速故障定界能力，\n设备需支持真实业务流的实时检测技术；\n8、支持 IGMPv1/v2/v3、IGMP v1/v2/v3 Snooping，PIM DM、\nPIM SM、PIM SSM，MSDP、MBGP，用户快速离开机制，组播流\n量控制，组播查询器，组播协议报文抑制功能，组播 CAC，组播 ACL；\n\n9、为提高设备的可靠性，设备需支持硬件 BFD/OAM，支持\n\n3.3ms 稳定均匀发包检测；\n\n10、本次单台实配: 双主控引擎，双交换网板，冗余交流电源，万兆光口≥72 个，千兆光口≥24 个，千兆电口≥48 个，3m；\n\n",null,"正偏离\n1.交换容量为512Tbps，\n2.包转发率为96000Mpps；\n3.独立交换网板为5\n4.万兆光口为76 个","LS-10508X","台",1,198192.5,{"$f":"H5*I5","v":198192.5},"H3C"]
[3,"区域汇聚交换机","\n1、交换容量≥2.5Tbps，包转发率≥710Mpps；\n\n2、支持万兆 SFP+接口≥24 个，40GE QSFP+接口≥6 个；\n\n3、为了提高设备散热性能，支持可插拔风扇框，风扇框个数≥4；\n\n4、支持 MAC 表项≥64K，支持 IPv4 路由表项≥64K；\n\n5、支持 4K 个 VLAN，支持 Guest VLAN、Voice VLAN，支持基\n\n于 MAC/协议/IP 子网/策略/端口的 VLAN，1:1 和 N:1 VLAN\n\n交换功能；\n\n6、支持静态路由、RIP V1/2、OSPF、IS-IS、BGP、RIPng、\n\nOSPFv3、BGP4+、ISISv6；\n\n7 、支持统一用户管理功能，屏蔽接入侧差异，支持\n区 域汇聚 802.1X/MAC/Portal 等多种认证方式，支持对用户进行分组/ 16\n交换机 分域/分时的管理，用户、业务可视可控；\n\n8、支持 VxLAN 功能，支持 BGP EVPN，支持分布式 Anycast 网关，支持 VxLAN 的自动化部署；\n\n9、支持横向堆叠，主机堆叠数不小于 9 台；\n\n10、支持 DRR、SP、DRR+SP 队列调度算法，支持报文的 802.1p 和 DSCP 优先级重新标记；\n\n11、支持以太网 OAM（802.3ah 和 802.1ag），虚拟电缆检测(Virtual Cable Test)，SNMPv1/v2c/v3，支持 RMON，网管系统、支持 WEB 网管特性，NetStream；\n\n12、为提高设备故障检测能力，设备需支持真实业务流实时检测技术，能实时检测网络故障；\n",null,"正偏离\n1.交换容量为2.56Tbps\n2.包转发率为720Mpps","LS-6520X-30QC-EI","台",16,15290,{"$f":"H6*I6","v":244640},"H3C"]
[4,"24口接入交换机","1、交换容量≥300Gbps，包转发率≥100Mpps；\n2、支持千兆电口≥24 个，万兆 SFP 接口≥4 个；\n3、配置标准 USB 接口，支持 U 盘快速开局；\n4、支持 MAC 地址≥16K，ARP 表项≥4K，IPv4 FIB 表项≥4K；\n5、支持 SNMP v1/v2/v3、Telnet、RMON，支持通过命令行、Web、中文图形化配置软件等方式进行配置和管理；\n6、机支持 MAC 地址认证、802.1x 认证、Portal 认证等多种安全认证方式，实现用户策略（VLAN、QoS、ACL）的动态下发；\n  7、为了提高设备运维能力，设备支持 Telemetry 技术，配合交换机网络分析组件通过智能故障识别算法对网络数据进行分析， 50 精准展现网络实时状态，并能及时有效地定界故障以及定位故障发生原因，发现影响用户体验的网络问题，精准保障用户体验；\n8、支持 RRPP 环型拓扑和 RRPP 多实例\n、 SmartLink 树型拓朴和 SmartLink 多实例，提供主备链路的毫秒级保护、智能以太保护 SEP 协议、 ERPS 以太环保护协议（G.8032）、 STP（IEEE 802.1d），RSTP（IEEE 802.1w）和 MSTP（IEEE 802.1s）协议、 BPDU 保护、根保护和环回保护；\n9、支持 HTTPS、 CPU 保护功能、黑名单和白名单、DHCP Relay、DHCP Server、DHCP Snooping；\n10、支持对端口接收报文速率和发送报文速率进行限制，支持 SP、WRR、SP+WRR 等队列调度算法，支持报文的 802.1p 和 DSCP 优先级重新标记；\n11、支持 4K 个 VLAN，支持 Voice VLAN，基于端口的 VLAN，基于 MAC 的 VLAN，基于协议的 VLAN，支持 1:1 和 N:1 VLAN Mapping 功能；\n\n",null,"正偏离\n1、交换容量为336Gbps\n2.包转发率为126Mpps","LS-5130S-28S-EI-H1","台",50,2286.9,114345,"H3C"]
[5,"48口接入交换机","1、交换容量≥430Gbps，包转发率≥140Mpps；\n2、支持千兆电口≥48 个，万兆 SFP+接口≥4 个；\n3、配置标准 USB 接口，支持 U 盘快速开局；\n4、支持 MAC 地址≥16K，ARP 表项≥4K，IPv4 FIB 表项≥4K；5、支持 4K 个 VLAN，支持 Voice VLAN，基于端口的 VLAN，基于 MAC 的 VLAN，基于协议的 VLAN，支持 1:1 和 N:1 VLAN Mapping 功能；\n6、支持 RIP、RIPng、OSPF、OSPFv3 路由协议；\n7、支持 IGMP v1/v2/v3 Snooping，支持 VLAN 内组播转发和组播多 VLAN 复制，支持捆绑端口的组播负载分担，支持可控 组播，基于端口的组播流量统计；\n8、支持防止 DOS、ARP 攻击功能、ICMP 防攻击，支持端口隔离、端口安全、Sticky MAC，支持 IP、MAC、端口、VLAN 的\n组合绑定，支持 CPU 保护功能；\n9、支持 Telemetry 技术，配合网络分析组件通过智能故障识别算法对网络数据进行分析，精准展现网络实时状态，并能及时有效地定界故障以及定位故障发生原因，发现影响用户体验的网络问题，精准保障用户体验；\n10、支持 SNMP v1/v2/v3、Telnet、RMON，支持通过命令行、Web、中文图形化配置软件等方式进行配置和管理\n",null,"正偏离\n1.包转发率为166Mpps","LS-5130S-52S-EI-H1","台",30,3811.5,114345,"H3C"]
[6,"安全管理区接入交换机","1、交换容量≥750Gbps，包转发率≥215Mpps；\n2、支持 10/100/1000Base-T 以太网接口≥24 个，万兆 SFP+\n接口≥4 个，业务扩展插槽数≥1；\n3、为了提高设备可靠性，支持可插拔的双电源；\n4、整机缓存≥256MB；\n5 、支持统一用户管理功能，屏蔽接入侧差异，支持802.1X/MAC/Portal 等多种认证方式，支持对用户进行分组/分域/分时的管理，用户、业务可视可控；\n6、支持 MAC 地址≥256K，ARP 表项≥128K，IPv4 路由表≥ 512K，IPv6 路由表≥64K；\n7、支持 4K 个 VLAN，支持 Guest VLAN、Voice VLAN，支持基\n于 MAC/协议/IP 子网/策略/端口的 VLAN，1:1 和 N:1 VLAN\n交换功能；\n\n8、支持静态路由、RIP v1/v2、OSPF、BGP、ISIS、RIPng、\nOSPFv3、ISISv6、BGP4+；\n9、支持策略路由、路由策略、VRRP、BFD for OSPF、BGP、\nIS-IS、Static Route，支持 IPv6、支持 IPv4/IPv6 双栈、\nIPv6 over IPv4 隧道、IPv4 over IPv6 隧道；\n10、支持 VxLAN 功能，支持 BGP EVPN，支持分布式 Anycast\n网关，支持 VxLAN 的自动化部署；\n11、支持 MPLS L3VPN、MPLS L2VPN(VPLS/VLL)、MPLS-TE、MPLS QoS；\n 12、支持 DRR、SP、DRR+SP 队列调度算法，支持双向端口限\n速、广播风暴抑制功能； \n13、支持 DHCPv6 Snooping，IP Source Guard，SAVI 等安全\n特性，支持防 ARP 攻击、DOS 攻击、ICMP 防攻击、CPU 防攻\n击； \n14、支持真实业务流实时检测技术，实时检测网络故障；\n15、支持堆叠，主机堆叠数不小于 9 台；\n\n",null,"无偏离","H3C S5560X-30C-EI","台",2,5918,11836,"H3C"]
[7,"服务器区接入交换机","1、交换容量≥750Gbps，包转发率≥215Mpps；\n2、支持 10/100/1000Base-T 以太网接口≥24 个，万兆 SFP+\n接口≥4 个，业务扩展插槽数≥1； \n3、为了提高设备可靠性，支持可插拔的双电源；\n4、整机缓存≥256MB； \n5 、支持统一用户管理功能，屏蔽接入侧差异，支持\n802.1X/MAC/Portal 等多种认证方式，支持对用户进行分组/\n分域/分时的管理，用户、业务可视可控；\n6、支持 MAC 地址≥256K，ARP 表项≥128K，IPv4 路由表≥\n512K，IPv6 路由表≥64K； \n7、支持 4K 个 VLAN，支持 Guest VLAN、Voice VLAN，支持基\n于 MAC/协议/IP 子网/策略/端口的 VLAN，1:1 和 N:1 VLAN\n交换功能； \n8、支持静态路由、RIP v1/v2、OSPF、BGP、ISIS、RIPng、\nOSPFv3、ISISv6、BGP4+； \n9、支持策略路由、路由策略、VRRP、BFD for OSPF、BGP、\nIS-IS、Static Route，支持 IPv6、支持 IPv4/IPv6 双栈、\nIPv6 over IPv4 隧道、IPv4 over IPv6 隧道；\n10、支持 VxLAN 功能，支持 BGP EVPN，支持分布式 Anycast\n网关，支持 VxLAN 的自动化部署； \n11、支持 MPLS L3VPN、MPLS L2VPN(VPLS/VLL)、MPLS-TE、\nMPLS QoS； \n12、支持 DRR、SP、DRR+SP 队列调度算法，支持双向端口限\n速、广播风暴抑制功能； \n13、支持 DHCPv6 Snooping，IP Source Guard，SAVI 等安全\n特性，支持防 ARP 攻击、DOS 攻击、ICMP 防攻击、CPU 防攻\n击； \n14、支持真实业务流实时检测技术，实时检测网络故障；\n15、支持堆叠，主机堆叠数不小于 9 台；\n",null,"无偏离","H3C S5560X-30C-EI","台",2,5918,11836,"H3C"]
[8,"24口POE接入交换机","1、交换容量≥300Gbps，包转发率≥100Mpps；\n2、支持千兆电口≥24 个，万兆 SFP 接口≥4 个，支持 802.3at\nPOE+功能，支持快速 POE 功能，当交换机电源上电时，支持\n秒级实现对 PD 设备的供电； \n3、配置标准 USB 接口，支持 U 盘快速开局；\n4、支持 MAC 地址≥16K，ARP 表项≥4K，IPv4 FIB 表项≥4K；\n5、支持 SNMP v1/v2/v3、Telnet、RMON，支持通过命令行、\nWeb、中文图形化配置软件等方式进行配置和管理；\n\n6、机支持 MAC 地址认证、802.1x 认证、Portal 认证等多\n\n种安全认证方式，实现用户策略（VLAN、QoS、ACL）\n的动态下发； \n7、为了提高设备运维能力，设备支持 Telemetry 技术，配合\n网络分析组件通过智能故障识别算法对网络数据进行分析，\n精准展现网络实时状态，并能及时有效地定界故障以及定位故障发生原因，发现影响用户体验的网络问题，精准保障用\n户体验；\n8、支持 RRPP 环型拓扑和 RRPP 多实例、 SmartLink 树型\n拓朴和 SmartLink 多实例，提供主备链路的毫秒级保护、智\n能以太保护 SEP 协议、 ERPS 以太环保护协议（G.8032）、\nSTP（IEEE 802.1d），RSTP（IEEE 802.1w）和 MSTP（IEEE\n802.1s）协议、 BPDU 保护、根保护和环回保护；\n9、支持 HTTPS、 CPU 保护功能、黑名单和白名单、DHCP\nRelay、DHCP Server、DHCP Snooping；\n10、支持对端口接收报文速率和发送报文速率进行限制，支\n持 SP、WRR、SP+WRR 等队列调度算法，支持报文的 802.1p 和\nDSCP 优先级重新标记；\n10、支持 4K 个 VLAN，支持 Voice VLAN，基于端口的 VLAN，\n基于 MAC 的 VLAN，基于协议的 VLAN，支持 1:1 和 N:1 VLAN\nMapping 功能；\n\n",null,"正偏离\n1.交换容量为330Gbps","H3C S5130S-28S-HPWR-EI","台",15,3388,50820,"H3C"]
[9,"48口POE接入交换机","1、交换容量≥430Gbps，包转发率≥140Mpps；\n2、支持千兆电口≥48 个，万兆 SFP+接口≥4 个，支持快速\nPOE 功能，当交换机电源上电时，支持秒级实现对 PD 设备的\n供电；\n3、配置标准 USB 接口，支持 U 盘快速开局；\n4、支持 MAC 地址≥16K，ARP 表项≥4K，IPv4 FIB 表项≥4K；\n5、支持 4K 个 VLAN，支持 Voice VLAN，基于端口的 VLAN，\n基于 MAC 的 VLAN，基于协议的 VLAN，支持 1:1 和 N:1 VLAN\nMapping 功能；\n6、支持 RIP、RIPng、OSPF、OSPFv3 路由协议；\n7、支持 IGMP v1/v2/v3 Snooping，支持 VLAN 内组播转发和\n组播多 VLAN 复制，支持捆绑端口的组播负载分担，支持可控\n组播，基于端口的组播流量统计；\n\n8、支持防止 DOS、ARP 攻击功能、ICMP 防攻击，支持端口隔\n离、端口安全、Sticky MAC，支持 IP、MAC、端口、VLAN 的\n组合绑定，支持 CPU 保护功能；\n9、支持 Telemetry 技术，配合网络分析组件通过智能故障识\n别算法对网络数据进行分析，精准展现网络实时状态，并能\n及时有效地定界故障以及定位故障发生原因，发现影响用户\n体验的网络问题，精准保障用户体验；\n10、支持 SNMP v1/v2/v3、Telnet、RMON，支持通过命令行、\nWeb、中文图形化配置软件等方式进行配置和管理；\n",null,"无偏离","LS-5130S-52S-PWR-EI","台",8,5021.5,40172,"H3C"]
[10,"一站式管理中心","1、系统同时支持 SNMP 协议，纳管传统设备，以及第三方厂\n商设备。可对设备实现自动发现，拓扑展示，以及上送 Trap\n告警等基本功能。\n2、系统应支持通设备的批量导入、导出、批量修改和删除；\n提供模板对设备配置进行批量部署。提供配置向导，基于场\n景对二三层网络、VLAN、DHCP、DNS、NAT、STP 以及路由进\n行配置。\n\n3、系统应支持框式交换机和盒式交换机堆叠设备管理；能对\n\n故障的堆叠成员进行的替换，和配置自动下发。\n4、系统应支持 OSPF 路由自动编排，支持资源池化管理，系\n统自动分配。\n5、系统应支持无线 SSID 配置，隐藏无线信号，支持开启限\n制低速终端接入，设置接入终端数，开启用户隔离，支持音视频接入场景开关，支持下发接入终端的 MAC 黑白名单；支\n持设置用户安全认证方案，含 Portal 认证，PSK 认证，PPSK\n认证，802.1x 认证；   \n6、系统应支持 WLAN AC 和 AP 的统一管理，支持 WLAN AC 双\n机备份和 N+1 备份。   \n7、系统应支持站点内 AP 的 mesh 配置，支持 MESH 链路状态\n监控；    \n8、系统应支持 2.4G 和 5G 无线射频配置，支持射频规划，支\n持 WMM、智能漫游、接入终端阈值设置；支持按需设置射频\n自动调优策略，即时、定时，自定义三种模式； \n9、系统支持本地账号密码认证，支持 AD/LDAP 服务器、CA\n服务器、第三方 RADIUS 服务器作为身份认证源进行联动认\n证；     \n10 、实配：硬件： 2288X  V5 128G  配置 (2*Xeon Gold\n5218-16Core/2.3GHz CPU,4*32G 内 存 ,4*1200GB SAS\nHDD,Avago3508(2G cache)Raid  卡 + 超级电容 ,2*4GE+2*2\n10GE 光口,2*900W AC,滑轨)，管理网络设备总数≥281；\n\n",null,"无偏离","SWP-IMC7-IMP","台",1,87624.54,87624.54,"H3C"]
[11,null,"1、支持按照设备 IP、设备名称过滤条件检索数据。\n2、概览页面支持指标切换。\n3、概览页面默认展示全部数据，支持全部和超阈值指标的切\n换。   \n4、概览页面支持饼图展示指标超阈值/正常对象分布。\n5、概览页面显示 top50 的设备面积图；支持面积图选择设备，\n展示设备指标趋势图。 \n6、概览页面支持趋势图展示指标数据，支持时间轴拖动选定\n时间范围，最多支持同时展示 5 个设备。\n7、概览页面指标趋势图支持数据下钻，可以钻取到原始采集\n粒度的数据。  \n8、统计列表页面支持以列表方式展现所有采集对象，包括采\n集对象的所有指标统计数据。\n9、统计列表页面支持展开采集对象，展现该采集对象指标趋\n势。支持调整展现的指标。支持切换异常，查看超阈值趋势。\n10、支持用户调整超阈值检测参数，包括基于静态阈值检测\n的阈值大小以及越线重复次数。\"\n11、支持基于有线用户接入阶段协议级别过程呈现，包括认\n证、DHCP，通过细化各个协议交互阶段结果与耗时，提供用\n户接入过程个障的精细化分析，支持呈现用户接入失败的大\n概率根因与修复建议。 \n12、认证场景包括 802.1x 认证、Portal 2.0 协议的 Portal\n认证、Https 协议的 Portal 认证、MAC 认证，不支持其他认\n证场景  \n13、混合认证场景仅支持 MAC 优先的 Portal 认证（Portal2.0\n协议、Https 协议），不支持其他混合认证场景\n14、不支持 Portal 认证中，Http 重定向后，终端无法正常\n推出 Portal 认证页面的问题场景\n15、实配：分析器硬件 SN02(2*16Core/2.3GHz CPU,8*32G\n内 存    ,8*1200GB SAS\ncache),2*4*GE+3*2*10GE,2*900W AC)，AP 管理授权≥150，\n交换机数量授权≥125 \n",null,"无偏离","SWP-IMC7-WSM","台",1,77128.3,77128.3,"H3C"]
[12,"万兆单模光模块","光模块-SFP+-10G-单模模块(1310nm,10km,LC)",null,"无偏离","SFP-XG-LX-SM1310-D","块",66,300,19800,"H3C"]
[13,"万兆多模光模块","光模块-SFP+-10G-多模模块(850nm,0.3km,LC) ",null,"无偏离","SFP-XG-SX-MM850-D","块",250,200,50000,"H3C"]
["小计",{"$nulls":8},{"$f":"SUM(J4:J16)","v":1059009.3400000001}]
["二、智能化专网网络建\n设部分\n"]
[1,"核心交换机","1、交换容量≥19Tbps，转发性能≥2880Mpps；\n2、设备支持主控引擎≥2，业务槽位≥6 个；\n3、为保证设备散热效果和可靠性，要求设备支持模块化风扇\n框，可热插拔，独立风扇框数≥2；\n4、支持整机 MAC 地址≥1M，ARP 表项≥256K，IPv4 路由转发\nFIB 表项≥512K，ACL 表项≥256K；\n5、支持 SNMP V1/V2/V3、Telnet、RMON、SSHV2，支持 WEB\n网管； \n6、支持静态路由、RIP、RIPng、OSPF、OSPFv3、BGP、BGP4+、\nISIS 、 ISISv6 ，支持路由协议多实例，支持  GR  for\nOSPF/IS-IS/BGP； \n7、支持业务板集成 AC 功能，业务单板+AC 只占用 1 个业务\n\n槽位，实现对 AP 的接入控制、管理、有线无线用户的统一认\n证管理； \n8、支持 IPv6 过渡技术，IPv4/IPv6 双栈、6over4 隧道、4 over6\n隧道，支持 IPv6 DHCP SERVER, IPv6 DHCP Relay, DHCP\nSnooping，支持 IPv6 Souce Guard；\n9、为了提高设备可靠性，设备支持硬件 BFD/OAM，以 3.3ms\n稳定均匀的发包进行检测；\n10、单台实配：双主控板、双电源冗余备份，千兆光口≥48\n个，万兆光口≥48 个，千兆电口≥48 个；\n",null,"正偏离\n1.交换容量为76bps\n2.转发性能为8600Mpps","LS-7506X-S","台",1,78985.5,{"$f":"I19*H19","v":78985.5},"H3C"]
[2,"汇聚交换机","1、交换容量≥2.4Tbps，包转发率≥450Mpps；\n2、支持千兆 SFP 接口≥20 个，万兆 SFP+接口≥4 个，40GE\nQSFP+接口≥6 个； \n3、为了提高设备可靠性，支持可插拔的双电源；\n4、为了提高设备散热性能，支持可插拔风扇框，风扇框个数\n≥4； \n5、支持 MAC 表项≥128K，IPv4 路由表项≥128K，支持 IPv6\n路由表项≥64K； \n6、支持 4K 个 VLAN，支持 Guest VLAN、Voice VLAN，支持基\n于 MAC/协议/IP 子网/策略/端口的 VLAN，1:1 和 N:1 VLAN\n交换功能； \n7、支持静态路由、RIP V1/2、OSPF、IS-IS、BGP、RIPng、\nOSPFv3、BGP4+、ISISv6；\n\n8 、支持统一用户管理功能，屏蔽接入侧差异，支持\n802.1X/MAC/Portal 等多种认证方式，支持对用户进行分组/\n分域/分时的管理，用户、业务可视可控；\n9、支持 VxLAN 功能，支持 BGP EVPN，支持分布式 Anycast 网\n关，支持 VxLAN 的自动化部署；\n10、支持横向堆叠，主机堆叠数不小于 9 台；\n11、支持 DRR、SP、DRR+SP 队列调度算法，支持报文的 802.1p\n和 DSCP 优先级重新标记；\n12、支持以太网 OAM（802.3ah 和 802.1ag），虚拟电缆检\n测(Virtual Cable Test)，SNMPv1/v2c/v3，支持 RMON，网管系统、支持 WEB 网管特性，NetStream；\n\n13、支持 DHCPv6 Snooping，IP Source Guard，SAVI 等安全特性，支持防 ARP 攻击、DOS 攻击、ICMP 防攻击、CPU 防攻击；\n\n14、支持真实业务流实时检测技术，能实时检测网络故障；\n\n",null,"正偏离\n1.交换容量为2.5Tbps\n2.包转发率为720Mpps","LS-6520X-30QC-EI","台",16,15290,244640,"H3C"]
[3,"接入交换机","1、交换容量≥330Gbps，包转发率≥50Mpps；\n2、支持千兆电口≥24 个，千兆 SFP 接口≥4 个；\n3、配置标准 USB 接口，支持 U 盘快速开局；\n4、支持 MAC 地址≥16K，ARP 表项≥4K，IPv4 FIB 表项≥4K；\n5、支持 SNMP v1/v2/v3、Telnet、RMON，支持通过命令行、Web、中文图形化配置软件等方式进行配置和管理；\n6、机支持 MAC 地址认证、802.1x 认证、Portal 认证等多种安全认证方式，实现用户策略（VLAN、QoS、ACL）的动态下发；\n7、为了提高设备运维能力，设备支持 Telemetry 技术，配合网络分析组件通过智能故障识别算法对网络数据进行分析，精准展现网络实时状态，并能及时有效地定界故障以及定位故障发生原因，发现影响用户体验的网络问题，精准保障用 户体验；\n机\n 8、支持 RRPP 环型拓扑和 RRPP 多实例  SmartLink 树型拓朴和 SmartLink 多实例，提供主备链\n\n路的毫秒级保护、智能以太保护 SEP 协议、 ERPS 以太环保护协议（G.8032）、 STP（IEEE 802.1d），RSTP（IEEE 802.1w）和 MSTP（IEEE 802.1s）协议、 BPDU 保护、根保护和环回保护；\n\n9、支持 HTTPS、 CPU 保护功能、黑名单和白名单、DHCP Relay、DHCP Server、DHCP Snooping；\n\n10、支持对端口接收报文速率和发送报文速率进行限制，支持 SP、WRR、SP+WRR 等队列调度算法，支持报文的 802.1p 和 DSCP 优先级重新标记；\n\n10、支持 4K 个 VLAN，支持 Voice VLAN，基于端口的 VLAN，基于 MAC 的 VLAN，基于协议的 VLAN，支持 1:1 和 N:1 VLAN Mapping 功能；\n",null,"正偏离\n1.包转发率为96Mpps","LS-5130S-28P-EI-H1","台",60,1501.5,90090,"H3C"]
[4,"网络管理系统","1.系统支持大规模网络管理能力，单套可以管理设备≥20000台，支持交换机、WLAN、路由器、防火墙、服务器、存储、GPON、eLTE、IP 话机、摄像头等设备的统一监控管理；\n2.支持跨厂商设备管理，支持管理华为、Cisco、Juniper、H3C、Aruba 等主流厂商设备；\n3.系统使用 B/S 架构，支持 IE、Firefox、Chrome 等主流浏览器，支持完全自主的操作系统、数据库，提供长期稳定可控的运营能力；\n4.支持本地认证、Radius 认证、LDAP 认证等用户鉴权管理， 系统提供分权分域功能，为不同的用户分配不同的设备管理范围和操作权限，方便用户分层级管理；\n5.系统应支持单设备添加、按 IP 段添加、通过文件导入方式添加等多种资源发现方式，可定义任务自动发现设备，实现批量设备的零配置部署和灵活管理；\n6.系统支持拓扑图的方式直观显示被管网元之间的连接关系和状态，支持自动布局和背景图为 GIS 地图，提供子网进行分层展示；7.系统支持将有线、无线设备虚拟成一台设备进行管理，接入交换机、AP 无须配置单独的管理地址，所有接入设备的管理均通过管理设备实现，支持通过查看管理设备的面板来查看整个网络的状态；\n\n8.系统需要支持 7*24 小时对全网设备实时监控、告警和分级呈现，告警信息包含故障关联的端口、链路、流量等信息；9、本次实配包含网管系统硬件服务器，实配网络设备管理许可≥80；\n\n",null,"正偏离\n1.实配网络设备管理许可为100","SWP-IMC7-IMP","台",1,18700,18700,"H3C"]
[5,"万兆单模光模块","光模块-SFP+-10G-单模模块(1310nm,10km,LC)",null,"无偏离","SFP-XG-LX-SM1310-D","块",64,300,19200,"H3C"]
[6,"万兆多模光模块","光模块-SFP+-10G-多模模块(850nm,0.3km,LC) ",null,"无偏离","SFP-XG-SX-MM850-D","块",120,200,24000,"H3C"]
["小计",{"$nulls":8},{"$f":"SUM(J19:J24)","v":475615.5}]
["合计",{"$nulls":8},{"$f":"J25+J17","v":1534624.84}]

{"sheet":"3、校园无线AP网络系统","index":2,"n_rows":8,"n_cols":12,"rows_kept":8,"cut":false,"hidden":false,"merged":[[0,0,0,11],[6,0,6,1],[7,0,7,1]]}
["3、校园无线AP网络系统"]
["序号","设备名称","招标参数","厂家参数","偏离项","型号","单位","数量","单价","总价","品牌","备注"]
[1,"无线控制器","1.设备转发性能≥20Gbps，最大管理 AP 数量 2K，最大\n接入用户数量≥32K；\n2.提供 40GE 光口≥2 个，10GE 光口≥12 个，GE 电口≥8\n个，提供 AP 管理 License 授权≥200 个；\n3.支持 IPv4/IPv6 双栈协议，支持 RIP、OSPF、ISIS、\nBGP 等 IPv4 动态路由协议，支持 BGP4/BGP4+、RIPng、\nOSPFv3、ISISv6 等动态路由协议；\n4.支持 MAC 地址认证、802.1x 认证、Portal 认证、\nMAC+Portal 混合认证、WPA 认证、WAPI 认证等多种认证\n方式；\n5.支持基于 802.11k/802.11v/802.11r 协议的智能漫游\n和快速漫游技术，实现移动用户接入到最佳 AP；\n6.支持应用识别（如 QQ、BT、微信等），能针对识别出\n的不同应用设定相应管控策略；\n7.支持 VIP 用户识别和优先调度，VIP 用户可无视任何\n限速策略，并可获得空口报文的优先级提升；\n8.支持 URL 过滤，允许或禁止用户访问某些网页资源；\n支持反病毒功能；支持入侵防御，检测和中止缓冲区溢\n出攻击、木马、蠕虫等入侵行为；\n9.支持冗余可热插拔电源模块，支持设备冗余备份功能，\n可支持 1+1 或 N+1 备份，并支持主备 AC 间配置同步；\n10.支持广域认证逃生，在 CAPWAP 链路路故障后，通过\nMAC 或者 802.1x 认证逃  到本地认证，业务不中断；\n11.提供整体无线网络性能监控，支持对 AC/AP/射频/终\n端的性能监控，并支持性能趋势分析；\n12.支持端到端可视化故障诊断，对用户/AP/AC 按线索\n呈现故障根因和处理建议；\n",null,"无偏离","EWP-WX5560H","台",1,120290,{"$f":"I3*H3","v":120290},"H3C"]
[2,"放装 AP（教学\n实验室等）\n","1.支持  1 x GE 电口；\n2、提供 标准 USB 接口，可用于对外供电、扩展外置物\n联网，也可用于存储；\n3、内置蓝牙，配合 CloudCampus APP 可实现蓝牙串口\n运维；配合定位服务器，可实现蓝牙终端、Tag 的精确\n定位；\n4、支持云管理模式，在不更换硬件的情况下，可支持切\n换到云模式；\n5、支持 MAC 认证、Portal 认证、802.1X 认证、WAPI 认\n证、PSK 认证模式 ，并可支持 MAC + Portal 混合认证\n6、AP 支持通过收集到的周围 AP 的信号强度，信道参\n数等，生成 AP 的拓扑结构，根据合法 AP、非法 AP 以\n及 No-WIFI 形成的干扰以及各自的负载，自动调整 AP\n的发射功率和信道，以保证网络处于最佳的性能状态，\n提升网络的可靠性和用户体验；\n7、支持射频自动调优功能，实时智能管理射频资源\n8、总空间流数≥4；整机速率≥1.7Gbps；\n9、支持对 4~7 层应用进行可视化管理和控制；\n",null,"无偏离","EWP-WA6320-SI-FIT","个",100,748,{"$f":"I4*H4","v":74800},"H3C"]
[3,"礼堂 AP","1、支持 2.4GHz/5GHz 双频段，产品所有射频均支持\n802.11ax 标准；\n2、为满足高密场景下的接入需求，整机最大射频数应≥\n3 个\n3、\"△整机最大支持 12 条空间流；\n4、产品支持软件定义射频功能，可根据用户需求在双射\n频和三射频之间做灵活切换；\n5、支持 1 个独立扫描射频，实现 2.4GHz/5GHz 全频谱扫\n描，实时检测识别非法设备和干扰源。如果不支持，需\n要额外配置一个双频放装 AP 来实现该功能。\n整机速率≥10Gbps；\n6、支持 1 个 10GE 电接口，兼容 1G/2.5G/5G，支持 1 个\nSFP+光口；\n7、支持 USB 接口，可用于对外供电，也可用于存储；\n8、内置智能天线；\n9、支持 AP 本地转发（又称直接转发）时，应用识别和\nQOS 分类，针对业界常用的 Skypes、QQ、微信等应用，\n能显著提升语音质量；\n10、支持频谱分析功能，对婴儿监视器 BabyMonitor、\n蓝牙设备、数字无绳电话、无线音频发射器、游戏手柄\n和微波炉等干扰源进行识别；\n11、支持云管理模式，在不更换硬件的情况下，可支持\n切换到云模式；\n",null,"无偏离","EWP-WA6638-FIT","个",20,3300,{"$f":"I5*H5","v":66000},"H3C"]
[4,"室外 AP","1.支持 802.11a/n/ac/ac wave2 协议标准，支持\n2.4GHz/5GHz 双频段同时工作；\n2.支持 4 空间流 MU-MIMO 内置天线，整机速率≥\n1.26Gbps，支持最大接入用户数≥500 个；实配\n10/100/1000M 自适应以太网接口≥2 个，SFP 光纤接口\n≥1 个；\n3.内置定向天线，最大发射功率≥27dBm，支持按 1dBm\n步长调整发射功率；\n4.工作温度-40°C~65°C，IP68 防水防尘等级，内置 5KA\n天馈防雷，以太网接口 6KA/6KV 防雷，适应室外恶劣环\n境；\n5.支持 MAC 认证、Portal 认证、802.1X 认证、WAPI 认\n证、PSK 认证模式，并可支持 MAC + Portal 混合认证；\n6.整机支持 120 个⽤户同时点播 720P 高清视频不卡顿；\n7.支持基于 802.11k/802.11v/802.11r 协议的智能漫游\n和快速漫游技术，实现移动用户无感知访问体验；\n8.支持智能应用识别，支持对 4-7 层应用进行可视化管\n理和控制，识别应用≥1500 种，帮助实现精细化 QoS 管\n理；\n9.支持干扰抑制和智能负载均衡，提高接入用户数、吞\n吐率、网络稳定性；\n10.支持队列映射和调度，支持多媒体标准的映射及优先\n级调度规则，可基于优先级对数据进行处理和转发，保\n障关键业务流传输质量；\n11.支持按每用户配置带宽，支持带宽自适应，可基于用\n户数、传播环境等因素动态调整用户带宽，提高用户体验；\n\n12.支持频谱分析功能，配合网管平台，可实现对蓝牙设备、微波炉、无绳电话、音频发射器等干扰源进行频谱显示；\n\n",null,"无偏离","EWP-WA6620X-FIT","个",30,2660,{"$f":"I6*H6","v":79800},"H3C"]
["小计",{"$nulls":8},{"$f":"SUM(J3:J6)","v":340890}]
["合计"]

{"sheet":"4、校园网络安全系统","index":3,"n_rows":14,"n_cols":12,"rows_kept":14,"cut":false,"hidden":false,"merged":[[0,0,0,11],[12,0,12,1],[13,0,13,1]]}
["4、校园网络安全系统"]
["序号","设备名称","招标参数","厂家参数","偏离项","型号","单位","数量","单价","总价","品牌","备注"]
[1,"出口防火墙","1、标准机架式 1U 设备，实配：千兆 Combo 接口≥8，万兆\n光口≥2，千兆 WAN 口≥2,千兆 WAN 口≥2，配置 1 个电源，\n可扩展双电源；支持 1*USB2.0+1*USB3.0。SSL VPN 并发数\n实配 100，实配 IPS、AV、URL 过滤升级 license3 年，实\n配 SSD 硬盘≥240G；\n2、吞吐量≥9Gbps，最大并发连接数≥400 万，每秒新建\n连接数≥8 万，IPSec 吞吐量≥6Gbps；\n3、为提高设备 IPS、AV 业务性能，设备采用多核架构，内\n置转发、加密、模式匹配三大协处理引擎；\n4、防火墙传统模式和云模式双栈管理模式，支持双栈切换；\n5、为了提高网络安全防护能力，保护特定网络免受攻击，\n设备支持基于 IP、IPv6、MAC 地址、时间进行访问控制策\n略控制;支持自定义安全策略，安全策略组功能；支持策略\n冗余/命中分析；\n6 、支持静态路由、策略路由、RIP、OSPF、BGP、ISIS 等\n路由协议\n7、可支持基于应用层协议设置流控策略，包括设置最大带\n宽、保证带宽、协议流量优先级等；\n8 、支持将基于端口的安全策略转换为基于应用的安全策\n略，分析设备策略风险，及冗余策略，提供安全策略优化\n建议；\n9、支持 HTTP、FTP、SMTP、POP3、IMAP、NFS 等协议的病\n毒防护；\n10、支持全面 NAT 功能，对多种应用层协议支持 ALG 功能，\n包括 ILS、DNS、PPTP、SIP、FTP、ICQ、RTSP、QQ、MSN、\nMMS 等；\n",null,"正偏离\n1、千兆光口12个\n2、千兆电口16个\n3、SSD硬盘480G","NS-F1000-AI-60","台",1,{"$f":"'[1]4、校园网络安全系统'!$I$14","v":38907},{"$f":"I3*H3","v":38907},"H3C"]
[2,"安全管理区防火墙","1、标准机架式 1U 设备，实配：千兆 Combo 接口≥8，万兆\n光口≥2，千兆 WAN 口≥2,千兆 WAN 口≥2，配置 1 个电源，\n可扩展双电源；支持 1*USB2.0+1*USB3.0。SSL VPN 并发数\n实配 100 可扩展 1000 实配 IPS、AV、URL 过滤升级 license\n≥3 年，实配 SSD 硬盘≥240G；\n2、吞吐量≥4Gbps，最大并发连接数≥400 万，每秒新建\n连接数≥7 万，IPSec 吞吐量≥4Gbps；\n3、为提高设备 IPS、AV 业务性能，设备采用多核架构，内\n置转发、加密、模式匹配三大协处理引擎；\n4、防火墙传统模式和云模式双栈管理模式，支持双栈切换；\n5、为了提高网络安全防护能力，保护特定网络免受攻击，\n设备支持基于 IP、IPv6、MAC 地址、时间进行访问控制策略控制;支持自定义安全策略，安全策略组功能；支持策略冗余/命中分析；\n\n6 、支持静态路由、策略路由、RIP、OSPF、BGP、ISIS 等路由协议\n\n7、可支持基于应用层协议设置流控策略，包括设置最大带宽、保证带宽、协议流量优先级等；\n\n8 、支持将基于端口的安全策略转换为基于应用的安全策略，分析设备策略风险，及冗余策略，提供安全策略优化建议；\n\n9、支持 HTTP、FTP、SMTP、POP3、IMAP、NFS 等协议的病毒防护；\n\n10、支持全面 NAT 功能，对多种应用层协议支持 ALG 功能，包括 ILS、DNS、PPTP、SIP、FTP、ICQ、RTSP、QQ、MSN、 MMS 等；\n\n",null,"正偏离\n1、千兆光口10个\n2、千兆电口16个\n3、SSD硬盘480G","NS-F1000-AI-35","台",1,27566,{"$f":"I4*H4","v":27566},"H3C"]
[3,"服务器区防火墙","1、标准机架式 1U 设备，实配：千兆 Combo 接口≥8，万兆墙光口≥2，千兆 WAN 口≥2,千兆 WAN 口≥2，配置 1 个电源，可扩展双电源；支持 1*USB2.0+1*USB3.0。SSL VPN 并发数实配 100 可扩展 1000 实配 IPS、AV、URL 过滤升级 license\n≥3 年，实配 SSD 硬盘≥240G；\n2、吞吐量≥4Gbps，最大并发连接数≥400 万，每秒新建连接数≥7 万，IPSec 吞吐量≥4Gbps；\n3、为提高设备 IPS、AV 业务性能，设备采用多核架构，内置转发、加密、模式匹配三大协处理引擎；\n4、传统模式和云模式双栈管理模式，支持双栈切换；\n5、为了提高网络安全防护能力，保护特定网络免受攻击，设备支持基于 IP、IPv6、MAC 地址、时间进行访问控制策略控制;支持自定义安全策略，安全策略组功能；支持策略冗余/命中分析；\n6 、支持静态路由、策略路由、RIP、OSPF、BGP、ISIS 等路由协议\n7、可支持基于应用层协议设置流控策略，包括设置最大带宽、保证带宽、协议流量优先级等；\n8 、支持将基于端口的安全策略转换为基于应用的安全策略，分析设备策略风险，及冗余策略，提供安全策略优化建议；\n9、支持 HTTP、FTP、SMTP、POP3、IMAP、NFS 等协议的病毒防护；\n10、支持全面 NAT 功能，对多种应用层协议支持 ALG 功能，包括 ILS、DNS、PPTP、SIP、FTP、ICQ、RTSP、QQ、MSN、 MMS 等；\n",null,"正偏离\n1、千兆光口10个\n2、千兆电口16个\n3、SSD硬盘481G","NS-F1000-AI-35","台",1,27566,27566,"H3C"]
[4,"入侵防御检测","1、该设备为标准机架的专业 IPS 设备，配置 1 个 GE 独立 1 管理口，配置 1 个 Console 口，配置两个 USB 口，支持USB2.0；支持应用威胁签名库的在线升级、离线升级多种升级方式；支持每周定期升级威胁签名库、病毒库，遇到重大安全事件，支持即时升级。本次配置 3 年 ips 特征库升级服务；\n2、业务口实配 ≥ 2 个独立的 WAN 接口+2*10GE(SFP+)+8GE电口；支持双电源，\n3、支持本地内置 SSD 硬盘存储日志信息和查看报表，容量不少于 240G；\n4、IPS 检测吞吐量≥2Gbit/s；每秒新建连接数≥8 万；最大并发连接数≥400 万；；\n5、部署方式需灵活，必须支持透明直路部署模式、旁路部署模式；单台设备必须支持 IDS/IPS 混合部署方式，实现部分接口旁路检测，部分接口对直路防护，设备支持单臂部署方式，可以旁挂在二层或者三层设备上进行入侵防御；6、支持静态路由、策略路由，OSFP、BGP、ISIS 等路由；7、提供 NGIPS 能力，能够感知网络环境中的客户端类型和应用，并根据环境的变化，自动调整安全策略；\n8、系统支持除了基于攻击事件本身进行严重级别划分，还可以根据攻击与资产相关性关联进行风险级别定义，协助管理员关注实际环境中需要紧急处理的安全告警，提升安全事件响应效率；\n9、支持对 HTTPS，POP3S，SMTPS,IMAPS 加密流量代理解密后，并进行内容过滤，审计，安全防护；\n\n",null,"正偏离\n1、16个千兆电口\n2、10千兆光口\n3、SSD480G","NS-T1000-AK345","台",1,{"$f":"'[1]4、校园网络安全系统'!$I$36","v":79849},79849,"H3C"]
[5,"上网行为管理","1、最大功率≤120W；支持硬件、软件 Bypass 模块，在设 1 备断电、重启时，可自动切换到 Bypass 状态，当设备恢复时，可自动切换回工作状态；\n2、接口：支持 10M/100M/1000M 自适应电接口数量≥12，支持千兆光接口数量≥12，支持千兆光接口数量≥24；接口无路由/交换/LAN/WAN 等固化区分，均可作为二三层接口使用，支持多桥组部署；\n3、网络吞吐量：≥8.5Gbps；应用性能：≥3Gbps；最大并发连接数：≥70 万；最大新建连接数：≥3.5 万；\n4、多核架构设计，功能采用模块化结构设计；\n5、支持外置 Reset 重置插孔，一键恢复出厂设置\n6、支持路由模式、透明（网桥）模式、混合模式，支持将多个物理网口加入一个网桥中；部署模式切换不支持需重启设备；支持镜像和被镜像7、支持动态域名绑定功能\n8、支持路由和透明模式配置源地址转换、目的地址转换、双向地址转换等\n9、支持静态路由、策略路由、动态路由、ISP 路由；策略路由支持七元组策略；动态路由支持 RIP、OSPF 等；ISP路由支持运营商地址自定义；\n10、支持透明、路由模式下支持将多条链路带宽进行捆绑\n11、支持 IPv6 环境，可创建 IPv6 地址和地址范围，支持展示地址对象被引用次数，支持 IPv6 数据包安全检测机制，可有效防御异常包攻击\n12、实际配置支持一对一、多对一、多对多等多种形式的NAT，支持 H.323 等应用协议 ALG\n13、负载均衡接口支持 pppoe，dhcp，链路聚合，物理接口等三层接口\n14、支持 5 元组的负载均衡策略、负载算法支持权重、源地址散列+权重；\n15、支持自定义关键字对象，提供多种匹配模式，匹配类型包含关键字和数字；\n",null,"无偏离","NS-ACG1000-AK250","台",1,47750,47750,"H3C"]
[6,"WEB防火墙","1、标准 2U 专用千兆硬件平台，接口要求：管理口≥2 个 1 千兆 RJ45 电口(管理口*1，HA 口*1)，工作口≥4 个千兆光口，最大支持网口数≥6 个；\n2、吞吐量≥1Gbps，日志吞吐量≥500 条/s。支持 1+1 冗\n余电源。≥1T 硬盘容量\n3、支持透明直连模式和端口镜像模式两种工作方式\n4、支持通过 WEB 应用防火墙对外发布应用，隐藏真实服务\n器或者通过策略路由的方式将流量牵引到 WAF 针对不同的\n保护站点端口，对外可以统一为一个端口\n5、支持防护跨站脚本(XSS)、注入式攻击（包括 SQL 注入、\n命令注入 、Cookie 注入等）、跨站请求伪造等应用攻击\n行为 \n6、支持识别服务端响应内容导致的缺陷，包含敏感信息泄\n露（银行卡、身份证、电话号码、目录泄露、源码泄露等）、\n已有的网页后门、错误配置、目录浏览等缺陷\n7、能识别网站中的网页木马程序，通过策略可防止木马网\n页被用户访问\n8、支持智能识别攻击者，对网站连接发起攻击的 IP 地址\n进行自动锁定禁止访问被攻击的网站\n9、可实现访问流程的校验，向网站提交表单前必须先访问\n指定的网页，并等待可配置的时间长度后才能正常提交表\n单 \n10、支持报表输出，支持自定义报表、定时报表、PCI-DSS\n报表 \n11、支持 HTTPS 服务器的防护，WEB 应用防火墙前端与后\n端均为 HTTPS 加密链路，实现 HTTPS 应用系统的防御\n12、支持对保护的服务器进行流量负载，流量负载的方式\n包含平均负载、按比例负载、基于权重等流量负载方式\n",null,"正偏离\n1、8个千兆光口\n2、6个千兆电口","NS-W2000-AK435","台",1,{"$f":"'[1]4、校园网络安全系统'!$I$45","v":82450},82450,"H3C"]
[7,"数据库审计","1、8 个千兆电口和 4 个千兆光口（含 2 个多模千兆光模块），\n冗余电源（100~240V），硬盘默认 4T*2(RAID1),包含现场\n安装,调试,提供培训-含 3 年维保服务与特征库升级；\n2、支持 8 个数据库数审计能力，最大可扩展至 18 个\n3、峰值 SQL 处理能力≥15,000 条/秒；\n4、部署：旁路部署模式下无须在被审计数据库系统上安装\n任何代理即可实现审计；\n5、 支持 Orac e、SQ   Server、DB2、Informix、Sybase、\nMySQL、MariaDB 等主流数据库审计；\n6、 支持分组管理，分组管理包含 IP 组、应用用户组、\n对象组、时间组、数据库账号组  ；\n7、 支持将审计日志通过 FTP 的方式外送，支持自定义\n在线数据备份时间周期；\n8、 支持按照数据库访问行为生成报表，智能识别帐号\n的增删、权限变更、密码修改、特权操作等行为；\n9、 支持基于数据库访问日期、时间、源/目的 IP、来\n源、数据库名、数据库表名、字段值、数据库登录账号、\nSQ 关键词、数据库返回码、SQ 响应时间、数据库操作类\n型、影响行数等条件的审计查询；\n10、 支持按照时间曲线统计流量、在线用户数、并发会\n话、DD 操作数、DM 操作数、执行量最多的 SQ 语句等报\n表； \n",null,"无偏离",null,"台",1,121000,121000]
[8,"日志审计","1、支持 6 电口+4 光口,两个扩展槽位,2T*3 硬盘 raid5,双\n电源) \n2、支持审计 200 个日志源，平均处理能力（每秒日志解析能力 EPS）：9000 EPS；\n\n3、独立完成审计日志采集，不依赖于设备或系统自身的日志系统；\n\n4、支持目前主流的网络安全设备、交换设备、路由设备、操作系统、应用系统等；\n\n5、设备厂家包括但不限于：Cisco(思科)、Juniper、联想网御/网御神州、F5、华为、H3C、微软、绿盟、飞塔(Fortinet)、Foundry、天融信、启明星辰、天网、趋势、东软、Nokia、CheckPoint、Hillstone(山石)、安恒信息、珠海伟思、BEA、中国电信、安氏、帕拉迪、APC、Arbor、Clam、戴尔（Dell）、Digium、东方电子、EMC、中国电力科学研究院、Eudora、Google、冠群金辰、Linksys、McAFee、Netapp、NAS（美国国家安全局）、永达、Sonicwall、Vigor、天存、西岭、Symantec（赛门铁克）、Hardened-PHP、Foundertech(方正)、三零盛安、Allot、蓝盾、IBM、金诺网安、网威、Nortel(北电)、Citrix(思杰)、Watchguard、中兴、阿帕奇、Windows 系统日志、Linux/UNIX syslog、IIS、Apache 等；\n\n6、支持将收集到的日志转发，当原始日志设备无法设置多个日志服务器时，可以通过本系统的日志转发功能将日志转发到其他日志存储设备；\n\n7、支持对收集到的日志进行解析（标准化、归一化），解析规则可以根据客户要求定制扩展；\n\n8、可对日志进行细粒度解析，解析后的日志根据具体日志包含但不限于：日期、发生时间、接收时间、设备类型、日志类型、日志来源、威胁值、源地址、目的地址、事件类型、时间范围、操作主体、操作对象、行为方式、技术动作、技术效果、攻击类型、特征类型、协议、地理信息（公网情况）；\n\n9、支持基于内存的实时关联分析，跨设备的多事件关联分析支持自定义条件的事件进行聚合；\n\n10、采用 B/S 架构操作方式，无需客户端安装；\n\n",null,"正偏离\n1、8个电口\n2、4T*3硬盘","NS-SecCenter CSAP-SA-M","台",1,{"$f":"'[1]4、校园网络安全系统'!$I$57","v":106439.1},106439.1,"H3C"]
[9,"堡垒机","1、标准 2U 专用千兆硬件平台，实配千兆电口≥6 个，实 1 配万兆光口≥2 个，扩展插槽≥2，最大支持网口数≥12个；实配冗余电源；字符型最大并发连接数≥700，图像型最大并发连接数≥200；\n\n2、设备采用旁路部署（支持集群部署），HA 秒级切换。\n\n3、支持用户多角色划分功能，如系统管理员、部门管理员、运维员、审计管理员、密码管理员等，对各类角色需要进行细粒度的权限管理\n\n4、支持用户的批量导入/导出，按用户类型等分组方式；支持用户安全策略功能，如密码锁定次数、密码有效期、密码复杂度、用户有效期、用户登录时间限制、用户登录 IP 范围等\n\n5、支持按部门组织架构（至少 5 个层级的部门）管理用户数据、资产数据、授权数据、审计数据\n\n6、支持常用的运维协议：SSH、TELNET、RDP、VNC、FTP、SFTP、rlogin；可通过应用发布的方式进行协议扩展，如数据库 Oracle、MSSQL、MySQL、VMware vSphere Client、\n\n浏览器等客户端工具\n\n7、支持 DB2、oracle、mysql、sqlserver 主流数据库协议代理运维，可直接调用本地 windows 系统的数据库客户端工具，支持自动登录、无需应用发布前置机\n\n8、支持自动收集设备 IP、运维协议、端口号、账号、密码、与用户的权限关系，甚至可自动完成授权\n\n9、支持申请工单：运维人员可以向管理员申请需要访问的设备，申请时可以选择：设备 IP、设备账户、运维有效期、备注事由等，并且运维工单以邮件方式通知管理员\n\n10、支持审批工单：管理员对运维工单进行审核之后以邮件方式通知给运维人员；如果允许，则运维人员才可访问；否则就无法访问\n\n11、支持通过堡垒机页面直接调用本地 Windows 系统里的plsql、sqlplus、toad、sqlwb、ssms、mysql.exe 等数据库客户端工具\n\n",null,"正偏离\n1、千兆电口8个\n2、万兆光口4个\n3、最大支持网口数20个\n4、字符型最大并发连接数1500\n5、图像型最大并发连接数400","NS-SecPath A2100-G","台",1,221931,221931,"H3C"]
[10,"抗DDOS(检测+清洗）","1、标准机架式 1U 设备，支持 GE 电口，10GE、40GE 光口多种接口形式；\n2、实配 40GE 接口≥2 个，万兆光口≥12 个，实配千兆电口≥16 个。\n3、实配冗余电源，要求设备安装了两块电源模块时，其中的一块可以进行热插拔）；\n4、严格前后风道\n5、支持检测、清洗设备分布式部署，集中管理；支持和第三方检测设备联动；\n\n6、吞吐量最高 20Gbps，本次实配 DDos 检测+DDos 清洗能力≥10G；\n\n7、支持对 SYN Flood, SYN-ACK Flood，ACK Flood, FIN/RST Flood, TCP Malformed ， TCP Connection Flood, TCP Malformed, TCP Fragment Flood, UDP Flood, UDP Fragment Flood，ICMP Flood，Other Flood，各类 UDP\n\n反射放大的识别和阻断。\n\n8、支持基于会话检测防御各类连接耗尽和异常连接攻击，包括基于源并发会话、新建会话防御 TCP 连接耗尽，Sockstress、TCP 重传、空连接等异常连接攻击防御\n\n9、支持 IP 地址位置库，可快速过滤来自海外的 DDoS 攻击\n\n10、支持 DNS request 首包丢弃功能、支持基于源限速、域名限速防御真实源 DNS Flood 攻击、支持 DNS 报文合法性检查功能，支持根据报文长度过滤超大 DNS 报文攻击、支持基于 No Such Name 检测 DNS NXDomain 攻击，至少 5\n\n种 DNS 防御种类\n\n11、支持针对 HTTP 服务器的 CC 攻击防御能力，支持基于\n\n302 重定向、Cookie、JavaScript 几种基础源挑战认证防御 HTTP Get/Post Flood（CC 攻击），为防御能模拟 HTTP 协议栈的 CC 攻击，支持基于验证码的高强度挑战认证防御机制\n\n12、支持对 HTTPS 应用的精细化防护，支持基于源认证防御针对 443 端口的不完整 SSL 会话攻击\n\n13、支持基于 SSL 解密实现 SSL 加密攻击防御\n\n14、支持 IPV4/IPV6 共栈 DDoS 攻击防御，不需要切换\n",null,"正偏离\n1、万兆光口16个","NS-SecPath AFC2120-G","台",1,{"$f":"'[1]4、校园网络安全系统'!$I$71","v":299860},299860,"H3C"]
["小计",{"$nulls":8},{"$f":"SUM(J3:J12)","v":1053318.1000000001}]
["合计"]

{"sheet":"5、校园智能高清监控系统","index":4,"n_rows":68,"n_cols":22,"rows_kept":68,"cut":false,"hidden":false,"merged":[[66,0,66,1],[67,0,67,1],[44,2,47,2],[49,2,56,2],[44,13,47,13],[33,0,33,1],[40,0,40,1],[41,0,41,1],[48,0,48,1],[57,0,57,1],[0,0,0,11],[3,0,3,1],[9,0,9,1],[22,0,22,1],[29,0,29,1]]}
["5、校园智能高清监控系统"]
["序号","设备名称","招标参数","厂家参数","偏离项","型号","单位","数量","单价","总价","品牌","备注",null,"厂家参数","偏离项","型号","单位","数量","单价","总价","品牌","备注"]
["一、前端采集系统"]
["1. 校园人脸抓拍"]
[1,"400万摄像机","1、400 万全彩摄像机\n2、设备支持创建 10 个人脸库，可导入不少于 15 万张人脸图片。                                                                                  3、内置不少于 2 个 GPU 芯片；\n4、人体最远检测距离可达 40 米，人脸最远检测距离可达 30米，车辆最远检测距离 15 米。\n5、设备支持人脸抓拍去重功能，去重后在所有人脸抓拍图片中，同一人脸抓拍图的数量占比应≤1%。\n6、设备可对 30 米处的行人进行人脸抓拍，并可生成分辨率不小于 110×120 的人脸图片,图片中人脸两眼瞳距应≥40 像素。\n7、设备可同时对行人、非机动车、机动车进行检测、跟踪及抓拍；可支持人脸、车牌的抠图及人脸与人体、车牌与车辆的关联显示。\n8、支持最低照度可达彩色 0.0002Lux，黑白 0.0001Lux。\n9、防护: IP66",null,"无偏离","DH-IPC-HFW5443F-ZYL","台",2,792,{"$f":"H5*I5","v":1584},"浙江大华",null,null,"【全结构化双400万1/1.8\" CMOS全彩全局动点摄像机】\n全局摄像机集合定点看全景、动点看细节的优势，采用一体化设计，由双镜头相机与高性能GPU模块组成，内嵌深度学习算法，以海量图片及视频资源为路基，通过机器自身提取目标特征，形成深层可供学习的人脸、人体、车辆图像，极大的提升了目标人脸、人体、车辆的检出率。\n支持人员自动检测并联动动点镜头进行快速锁定抓拍，提供满足人脸比对的图片，并进行人体人脸关联。\n人体最远检测距离可达40米，人脸最远检测距离可达30米，车辆最远检测距离15米。\n支持三种智能资源模式切换：混合目标检测-全结构化模式（全景）、混合目标检测-人脸+人体模式（细节）、人脸抓拍（细节）。\n混合目标检测（全结构化模式）：\na)抓拍人体：支持上衣颜色、下装颜色、性别、戴眼镜、背包、拎东西、戴帽子、戴口罩、长短袖、裤裙、发型等13个属性识别。\nb)抓拍人脸：支持对运动人脸进行抓拍，支持性别、年龄、戴眼镜、戴口罩等9个人脸属性\nc)抓拍非机动车：支持上衣颜色、性别、戴眼镜、背包、戴帽子、戴口罩、长短袖、发型、骑车类型、骑车人数等11个属性识别。\nd)抓拍机动车：支持车牌识别并抓拍，支持车型、车牌颜色、车身颜色、车牌类型、子品牌车身颜色等7个属性识别。\n人脸抓拍：\na)支持对运动人脸进行检测、跟踪、抓拍、评分、筛选，输出最优的人脸。\nb)支持人脸去误报、快速抓拍人脸。\nc)支持快速抓拍和最佳抓拍两种模式，并支持2种模式同时开启。\n混合目标检测（人脸+人体模式）：\na)抓拍人体：支持上衣颜色、下装颜色、性别、戴眼镜、背包、拎东西、戴帽子、戴口罩、长短袖、裤裙、发型等13个属性识别。\nb)抓拍人脸：支持对运动人脸进行抓拍，支持性别、年龄、戴眼镜、戴口罩等9个人脸属性。\nc)抓拍非机动车：支持上衣颜色、性别、戴眼镜、背包、戴帽子、戴口罩、长短袖、发型、骑车类型、骑车人数等11个属性识别。\n支持背景大图图片字符叠加功能，支持设备编号、抓拍时间、监测点信息。\n全局相机内置高效白光全彩阵列灯，夜间能正常进行人体车辆抓拍。\n动点相机内置高效红外阵列灯，夜间红外灯亮度、角度根据场景智能调整，能正常进行人脸抓拍。\n支持脸谱、治安刀锋、超脑以及iSC平台的对接应用。\n支持算法比对机制，降低人脸抓拍重复率\n传感器类型: 【全景】1/1.8＂ progressive scan CMOS；【细节】1/1.8＂ progressive scan CMOS\n最低照度: 【全景】彩色：0.0005 Lux @（F1.0，AGC ON），黑白：0.0001Lux @（F1.0，AGC ON）；【细节】彩色：0.001Lux @ （F1.6，AGC ON），黑白：0.0005Lux @（F1.6，AGC ON）\n宽动态: 120dB超宽动态\n焦距: 【全景】定焦6mm，【细节】变焦13-52mm，4倍光学变倍\n近摄距: 【细节】10-1500mm（广角-望远）\n水平范围: 【细节】0-210°\n垂直范围: 【细节】-15°-22°\n水平速度: 【细节】水平键控速度：0.1°-200°/s，速度可设； 水平预置点速度：300°/s\n垂直速度: 【细节】垂直键控速度：0.1°-120°/s，速度可设； 垂直预置点速度：120°/s\n主码流帧率分辨率: 50Hz：25fps（2560×1440）; 60Hz：30fps（2560×1440）\n视频压缩标准: H.265，H.264，MJPEG\n网络存储: NAS（NFS，SMB/CIFS）\n支持萤石接入\n网络接口: 自适应10M/100M/1000M网络数据，RJ45网口\nSD卡扩展: 最大支持256G，内置Micro SD卡(即TF卡)插槽\n报警输入: 1路报警输入\n报警输出: 1路报警输出\n音频输入: 1路音频输入\n音频输出: 1路音频输出\n接口类型: 一体外甩线\n白光照射距离: 【全景】暖白补光，车辆/车牌15m\n红外照射距离: 【细节】混合补光，人体40m，人脸30m\n防补光过曝: 支持\n波长范围: 【细节】混合补光，峰值波长750nm\n供电方式: DC36V±25%\n电源接口类型: 2芯绿头\n电流及功耗: 1.67A 60W\n工作温湿度: -40℃-70℃；湿度小于90%\n恢复出厂设置: 支持\n加热除雾\n尺寸: 338×214×189\n重量: 4.9Kg\n防护: IP66",null,"iDS-2PT9A1LCQC-D/JM/T2(1352/6)","台",2,7200,{"$f":"S5*R5","v":14400},"海康"]
[2,"壁装支架","壁装支架/铂晶灰/铝合金/Φ203.5×254.5mm",null,"无偏离","DH-PFB605W","台",2,63,126,"浙江大华",null,null,"壁装支架/铂晶灰/铝合金/Φ203.5×254.5mm",null,"DS-2601ZJ-P","台",2,418,{"$f":"S6*R6","v":836},"海康"]
[3,"400万人脸抓拍机","1、400 万星光级筒型网络摄像机；\n2、内置 GPU 芯片。\n3、支持单场景同时检出不少于 30 张人脸图片，并支持面部跟踪；\n4、可识别≥170 种车辆品牌。\n5、设备内置高效专利温和补光灯，告别光污染，保证夜间正常进行人脸抓拍；\n6、在分辨率 1920x1080 @ 25fps，延时不大于 70ms；\n7、存储功能:支持 Micro SD(即 TF 卡)/Micro SDHC /Micro SDXC卡(256G)断网本地存储，NAS(NFS、SMB/CIFS 均支持) ；\n8、支持亮度异常、清晰度异常、花屏、雪花、偏色、画面冻结、增益失衡、画面抖动、条纹干扰、信号丢失、视频遮挡、光晕、紫边等故障报警功能；\n9、工作温度和湿度:-30℃~60℃,湿度小于 95%(无凝结)；\n10、补光距离:白光：80 米（人脸 10 米）混合：80 米（人脸15 米）；",null,"无偏离","DH-IPC-HFW5443F-ZYL-AS","台",32,864,27648,"浙江大华",null,null,"400万 1/1.8\" CMOS AI多摄全结构化双目筒机\n专业智能功能:\nAI多摄全结构化双目筒机上通道看细节，下通道看全景，采用双舱一体化设计，由双镜头相机与高性能GPU模块组成，聚合多种专为复杂场景设计的深度学习算法，实现全结构化数据精准采集，具备多场景数据融合分析能力，实现全方位态势感知\n支持4种智能资源模式切换：混合目标检测-全结构化模式（默认）、混合目标检测-比对模式，人脸抓拍，Smart事件\n混合目标检测(抓拍+属性并发提取)：\na) 抓拍人脸：支持对运动人脸进行抓拍，支持性别、年龄、年龄段、戴眼镜、戴口罩、表情、戴帽子\nb) 抓拍人体：支持上衣颜色、下装颜色、性别、戴眼镜、背包、拎东西、戴帽子、戴口罩、长短袖、裤裙、发型属性识别\nc) 抓拍非机动车：支持上衣颜色、性别、戴眼镜、背包、戴帽子、戴口罩、长短袖、发型、骑车类型识别\nd) 抓拍机动车：支持车牌识别并抓拍。支持车型、车牌颜色、车身颜色、车牌类型、子品牌车身颜色属性识别\n人脸抓拍：\na) 支持最多120个/帧人脸检测\nb) 支持对运动人脸进行检测、跟踪、抓拍、评分、筛选，输出最优的人脸\nc) 支持人脸去误报、快速抓拍人脸\n混合目标检测（比对模式）：\na) 支持前端人脸比对；\nb) 支持最多10个人脸库的管理；\nc) 支持最多15万张人脸的导入；\nd) 支持合计人脸库的存储空间最大3 GB，单张人脸不超过300 KB\ne) 支持不同人脸库不同时间布防；\nf) 支持黑名单比对成功报警输出；\ng) 支持人脸瞳距20像素以上的人脸检测；\nh) 支持人脸快速比对多种比对方式设置；\n支持脸谱、治安刀锋、超脑以及平台的对接应用\n传感器类型: 通道1：1/1.8\" Progressive Scan CMOS; 通道2：1/2.7\" Progressive Scan CMOS\n最低照度: \n通道1：彩色：0.0005 Lux @（F1.2，AGC ON） ; 黑白：0.0001 Lux @（F1.2，AGC ON），0 Lux with IR\n通道2：彩色：0.0005 Lux @（F1.0，AGC ON） ; 黑白：0.0001 Lux @（F1.0，AGC ON），0 Lux with IR\n宽动态: 120 dB\n焦距&视场角: \n通道1：\n8~32 mm @F1.6，水平视场角：42.4°~15.2°，垂直视场角：23.5°~8.7°，对角线视场角：49.9°~17.4°\n通道2：\n4 mm @F1.0，水平视场角：84°，垂直视场角：45°，对角线视场角：99°\n波长范围: 750 nm\n补光距离: \n通道1：混合补光（750+白光）: 人脸：20 m，普通监控：80 m\n通道2：暖白光: 普通监控：30 m\n最大图像尺寸: 通道1：2688 × 1520; 通道2：1920 × 1080\n视频压缩标准: H.265/H.264/MJPEG\n网络存储: 支持标准Micro SD(即TF卡)/Micro SDHC/Micro SDXC（最大256 GB）断网本地存储及断网续传，NAS（NFS，SMB/CIFS均支持） \n报警: 3路输入，2路输出（报警输出最大支持AC24 V或DC24 V，1A）\n音频: 2路输入（3.5 mm）; 1路输出（3.5 mm）; 2个内置麦克风（拾音范围最远10 m），1个内置扬声器（覆盖范围最大100 ㎡）\n1个RS-485\n视频输出: 1 Vpp Composite Output（75Ω/CVBS）\n复位: 支持\n网络: 1个RJ45 10 M/100 M/1000 M自适应以太网口\n电源输出: DC12 V，50 mA，拾音器供电使用\n加热器: 玻璃加热\n存储温湿度: -30 ℃~60 ℃，湿度小于95%（无凝结）\n启动及工作温湿度: -30 ℃~60 ℃，湿度小于95%（无凝结）\n供电方式: DC：12 V ± 20%，支持防反接保护; PoE：802.3at，Class 4\n电流及功耗: DC：12 V，1.62 A，最大功耗：19.4 W; PoE：802.3at，42.5 V~57 V，0.57 A~0.43 A，最大功耗：24.1 W\n电源接口类型: 三芯接口\n产品尺寸: 254.1 × 116.7 × 101.7 mm\n包装尺寸: 450 × 164 × 150 mm\n设备重量: 1650 g\n带包装重量: 2350 g\n防护: IP66",null," DS-2CD7A4XYZULC-ABCDLC","台",32,3300,105600,"海康"]
[4,"抓拍机电源","12V/2A 两线、两端带线式，国标，输入线长 500mm，输出线长1000mm",null,"无偏离","DH-PFM301","个",32,24,768,"浙江大华",null,null,"12V/2A两线、两端带线式，国标，输入线长500mm，输出线长1000mm",null,"DS-2FA1220-LL-CH","个",32,42,1344,"海康"]
[5,"抓拍机壁装支架","铂晶灰 铝合金 70×97.1×173.4mm",null,"无偏离","DH-PFB605W","个",32,63,2016,"浙江大华",null,null,"铂晶灰\n铝合金\n70×97.1×173.4mm",null,"DS-1292ZJ-P","个",32,36,1152,"海康"]
["2. 校园内主要公共区域监控",{"$nulls":18},0,"海康"]
[1,"400万全彩半球摄像机","1、具有 400 万像素全彩半球摄像机；\n2、最低照度彩色：0.0005 lx ，亮度等级不小于 11 级；\n3、白光补光距离不小于 15 米；\n4、需支持三码流技术，主码流最高 2560x1440@25fps，第三码流最大 1920x1080@25fps，子码704x576@30fps；      5、在 2560x1440 @ 25fps 下，清晰度不小于 1400TVL；\n6、支持 H.264、H.265、MJPEG 视频编码格式，且具有 HighProfile 编码能力；\n7、在静止场景下，相同图像参数时，设备在 H.265 编码方式时，开启智能编码功能和不开启智能编码相比，码率节约 80%。\n8、在彩色模式下，当照度降低至一定值时，可自动开启白光补光。",null,"无偏离","DH-IPC-HDW3433DT-LED","台",570,529,{"$f":"H11*I11","v":301530},"浙江大华",null,null,"400万1/1.8\"CMOS 全彩半球网络摄像机\n最小照度:彩色0.0005Lux@F1.0,AGC ON;0Lux with Light\n镜头:4mm,水平视场角89°;(6mm 水平视场角56°可选)\n景深范围: 4mm: 3.6m~∞; 6mm: 7.8m~∞\n宽动态范围:120dB\n视频压缩标准:H.265 / H.264 / MJPEG\n最大图像尺寸:2560 × 1440\n存储功能:支持Micro SD(即TF卡)/Micro SDHC/Micro SDXC卡(128G)断网本地存储及断网续传,NAS(NFS,SMB/CIFS均支持)\n通讯接口:1 个RJ45 10M / 100M 自适应以太网口\n音频接口:1对音频输入(Line in)/输出外部接口\n报警输入:1路\n报警输出:1路(报警输出最大支持DC12V 30mA)\n工作温度和湿度:-30℃~60℃,湿度小于95%(无凝结)\n电源供应:DC12V±25% / PoE(802.3af) \n电源接口类型:Φ5.5圆头电源接口\n功耗:PoE： 7.5W Max\n防护等级:IP67\n补光照射距离:暖光最远可达30米\n尺寸:Φ130 x 103.6",null,"DS-2CD234XYZLC-LABLC","台",570,830,473100,"海康"]
[2,"半球电源适配器 ","标,12V1A 输出,Φ2.1 圆头，桌面式，输入电压：AC170V~240V",null,"无偏离","DH-PFM301","个",570,24,13680,"浙江大华",null,null,"国标,12V1A输出,Φ2.1圆头，桌面式，输入350mm,输出800mm\n输入电压：AC170V~240V",null," DS-2FA1210-DL ","个",570,22,12540,"海康"]
[3,"400万全彩筒型摄像机","1、具有 400 万像素 CMOS 传感器筒型摄像机；\n2、内置 2 颗白光补光灯；\n3、最低照度彩色：0.0004 lx；\n4 、白天或夜晚均可输出彩色视频图像 。                          5 、最大分辨率\n2560x1440；\n6、需具有 20 路取流路数能力，以满足更多用户同时在线访问\n摄像机视频；\n\n7、需支持三码流技术，可同时输出三路码流，主码流最高2560x1440@30fps，第三码流最大 2560x1440 @ 30fps，子码流704x576@30fps；\n8、同一静止场景相同图像质量下，设备在 H.265 编码方式时，开启智能编码功能和不开启智能编码相比，码率节约 1/2。",null,"无偏离","DH-IPC-HFW3433DM-LED","台",330,529,174570,"浙江大华",null,null,"400万1/1.8\" CMOS 全彩筒型网络摄像机\n最小照度:0.0005Lux@F1.0,AGC ON;0Lux with Light\n镜头:4mm,水平视场角89°;(6mm 54°可选)\n景深范围: 4mm: 3.6m~∞; 6mm: 7.8m~∞\n宽动态范围:120dB\n视频压缩标准:H.265 / H.264 / MJPEG\n最大图像尺寸:2560 × 1440\n存储功能:支持Micro SD(即TF卡)/Micro SDHC/Micro SDXC卡(128G)断网本地存储及断网续传,NAS(NFS,SMB/CIFS均支持)\n通讯接口:1 个RJ45 10M / 100M 自适应以太网口\n音频接口:1对音频输入(Line in)/输出外部接口\n报警输入:1路\n报警输出:1路(报警输出最大支持DC12V 30mA)\n工作温度和湿度:-30℃~60℃,湿度小于95%(无凝结)\n电源供应:DC12V±25%\n电源接口类型:Φ5.5圆头电源接口\n功耗:非PoE: 7.5W Max\n防护等级:IP67\n补光照射距离:暖光最远可达30米\n尺寸(mm):110 x 114 x220\n重量:机身重量:920g\n带包装质量:1170g",null,"DS-2CD2T4LCLCV-LCLC","台",330,820,270600,"海康"]
[4,"电源适配器","国标,12V1A 输出,Φ2.1 圆头，桌面式，输入电压：AC170V~240V",null,"无偏离","DH-PFM301","个",330,24,7920,"浙江大华",null,null,"国标,12V1A输出,Φ2.1圆头，桌面式，输入350mm,输出800mm\n输入电压：AC170V~240V",null," DS-2FA1210-DL ","个",330,22,7260,"海康"]
[5,"壁装支架","壁装支架/铝合金/尺寸 70×97.1×173.4mm",null,"无偏离","DH-PFB120WS","个",330,17,5610,"浙江大华",null,null,"壁装支架/海康白/铝合金/尺寸70×97.1×173.4mm",null,"DS-1292ZJ","个",330,22,7260,"海康"]
[6,"400万星光级8寸智能球型摄像机","1、摄像机靶面尺寸不小于 1/1.8 英寸；\n2、内置 GPU 芯片；\n3、支持 5 路码流同时输出，支持同时输出不少于 2 路高清视频图像，高清视频图像分辨率与帧率不小于 2560×1440、60帧/s；\n4、摄像机内置镜头，支持不小于 32 倍光学变倍，镜头最大焦距不小于 192mm；\n5、支持最低照度可达彩色 0.0002 lx，黑白 0.0001 lx；\n6、摄像机宽动态范围不小于 120dB；\n7、红外距离不小于 250 米；\n8、可对距设备 100 米处的人脸进行抓拍。\n9、设备具备偏移自动校正功能。设备运动结束静止时，其水平和垂直角度方向受到外力作用发生偏移时，水平和垂直角度方向均可以自动恢复到偏移前的位置。",null,"无偏离","DH-SD-6A9440UB-HNI","台",26,4995,129870,"浙江大华",null,null,"【400万像素星光级8寸红外网络高清高速智能球机】\n具备人脸、人体抓拍并关联输出功能，支持指哪抓哪、多场景轮巡抓拍、远距离卡口抓拍模式；\n支持人脸人体车辆同时抓拍，人脸人体关联输出，并实现对人脸、人体、车辆结构化属性特征信息提取\n支持GB35114安全加密\n传感器类型: 1/1.8＂ progressive scan CMOS\n最低照度: 彩色：0.0005Lux @ (F1.2，AGC ON)；黑白：0.0001Lux @ (F1.2，AGC ON)；0 Lux with IR\n焦距: 6.0-192mm，32倍光学变倍\n水平范围: 360°\n垂直范围: -20°-90°(自动翻转)\n水平速度: 水平键控速度：0.1°-210°/s,速度可设;水平预置点速度：280°/s\n垂直速度: 垂直键控速度：0.1°-150°/s,速度可设;垂直预置点速度：250°/s\n主码流帧率分辨率: 50Hz:25fps(2560×1440)；60Hz:30fps(2560×1440)\n视频压缩标准: H.265,H.264,MJPEG\nSmart图像增强: 120dB超宽动态，透雾，强光抑制，电子防抖，Smart IR\n网络存储: NAS (NFS, SMB/ CIFS), ANR\n网络接口: 自适应10M/100M网络数据\nSD卡扩展: 内置Micro SD卡插槽，支持Micro SD(即TF卡)/Micro SDHC/Micro SDXC卡，最大支持256G\n报警输入: 7路报警输入\n报警输出: 2路报警输出\n音频输入: 1路音频输入\n音频输出: 1路音频输出\n具有RS485接口\n红外照射距离: 250m\n防补光过曝: 支持\n电源接口类型: AC24V±25%\n工作温湿度: -40℃-70℃；湿度小于95%\n尺寸: Φ266.6×410mm\n重量: 8Kg\n功耗: 60W max（其中加热5Wmax，红外灯15W max）\n防护: IP67",null,"iDS-2DF8436LC-ZLC/CWS   ","台",26,6800,176800,"海康"]
[7,"立杆装支架","立杆装支架/铂晶灰/铝合金/尺寸Φ67-127mm",null,"无偏离","自带","个",26,0,0,"浙江大华",null,null,"立杆装支架/铂晶灰/铝合金/尺寸Φ67-127mm",null,"DS-1602ZJ-Pole-P","个",26,132,3432,"海康"]
[8,"400万AI行为分析筒型网络摄像机\n ","1、具有 400 万像素 CMOS 传感器筒型摄像机；\n2、具有不小于 1/1.8\"靶面尺寸；\n3、像元尺寸不小于 2.9um×2.9um；\n4、内置 GPU 芯片；\n5、内置混合补光灯，可对红外灯及白光灯功率进行调节\n6、最低照度彩色不大于 0.0002 lx，黑白不大于 0.0001 lx；\n7、宽动态能力不小于 120dB；\n8、设备水平中心分辨力不小于 1500TVL；\n9、在分辨率 1920x1080 @ 25fps，延时不大于 70ms；\n10、支持人脸比对，比对准确率≥99%。",null,"无偏离","DH-IPC-HFW5443F-ZYL","台",5,792,3960,"浙江大华",null,null,"400万星光级1/1.8” CMOS海康威视AI筒型网络摄像机\n支持三种智能资源模式切换：混合目标检测-全结构化模式（默认）、混合目标检测-比对模式，人脸抓拍\n混合目标检测(全结构化模式)：\na)抓拍人体：支持上衣颜色、下装颜色、性别、戴眼镜、背包、拎东西、戴帽子、戴口罩、长短袖、裤裙、发型属性识别\nb)抓拍人脸：支持对运动人脸进行抓拍\nc)抓拍非机动车：支持上衣颜色、性别、戴眼镜、背包、戴帽子、戴口罩、长短袖、发型、骑车类型、骑车人数属性识别\nd)抓拍机动车：支持车牌识别并抓拍。支持车型、车牌颜色、车身颜色、车牌类型、子品牌车身颜色属性识别\n人脸抓拍（正脸抓拍）：\na)支持对运动人脸进行检测、跟踪、抓拍、评分、筛选，输出最优的人脸\nb)支持人脸去误报、快速抓拍人脸\nc)支持快速抓拍和最佳抓拍两种模式，并支持2种模式同时开启\n混合目标检测（比对模式）：\na)支持前端人脸比对\nb)支持最多3个人脸库的管理\na)支持最多9万张人脸的导入\nb)支持合计人脸库的存储空间最大3GB，单张人脸不超过300KB\nc)支持不同人脸库不同时间布防\nd)支持黑名单比对成功报警输出\ne)支持人脸瞳距20像素以上的人脸检测\nf)支持人脸快速比对多种比对方式设置\n支持脸谱、治安刀锋、超脑以及平台的对接应用\n设备内置高效专利温和补光灯，告别光污染，保证夜间正常进行人脸抓拍\n设备内置电动变焦镜头，操作便易，变焦过程平稳\n最低照度:彩色: 0.0005Lux @ (F1.2, AGC ON) 黑白: 0.0001 Lux @ (F1.2, AGC ON), 0 Lux with IR\n镜头:（2.8-12mm）@F1.2，水平视场角：100.7°~39.2°\n宽动态:超宽动态范围达120dB，室内逆光环境下监控\n视频压缩标准:H.265/H.264 / MJPEG\n最大图像尺寸:2560 x 1440\n存储功能:支持Micro SD(即TF卡)/Micro SDHC /Micro SDXC卡(256G)断网本地存储，NAS(NFS、SMB/CIFS均支持) \n拓展接口:1 个RJ45 10M / 100M /1000M自适应以太网口，1个RS-485接口，1个BNC模拟输出口\n视频输出:1Vp-p Composite Output(75Ω/CVBS)\n音频接口:1对音频输入(单声道)/输出接口\n报警接口:2对报警输入/输出接口(报警输出最大支持DC24V 1A或AC30V 500mA)\nReset按键:支持\n工作温度和湿度:-30℃~60℃,湿度小于95%(无凝结)\n电源供应:DC：12V±20% ；PoE：802.3at，class 4\n电源接口类型:三芯电源接口\n功耗:DC： 12V, 1.44A, Max：17.2W； PoE： (802.3at, 42.5V-57V), 0.48A to 0.35A, Max：20.2W\n防护等级:IP67\n补光距离:白光：30米（人脸5米）混合：30米（人脸7米）\n红外波长:750nm\n尺寸(mm):206.5×103.9×100mm\n重量:1360g",null," DS-2CD7A47HWD-XZS(8-32mm)","台",5,4200,21000,"海康"]
[9,"摄像机支架/万向节","壁装支架/铂晶灰/铝合金",null,"无偏离","DH-PFB605W","个",5,63,315,"浙江大华",null,null,"壁装支架/铂晶灰/铝合金",null,"DS-2204ZJ-P","个",5,204,1020,"海康"]
[10,"摄像机电源","12V3.33A,40W,绿头，输入线长 1.0m，输出线长 1.2m",null,"无偏离","DH-PFM301","个",5,24,120,"浙江大华",null,null,"12V3.33A,40W,绿头，输入线长1.0m，输出线长1.2m",null,"DC12V/3.3A、绿头、桌面型","个",5,88,440,"海康"]
[11,"楼梯拥挤防范半球摄像机","1、具有 400 万像素半球摄像机；\n2、内置 GPU 芯片；\n3、内置红外与白光补光灯；\n4、支持白光报警功能，当报警产生时，可触发联动白光闪烁；\n5、最低照度彩色：0.001 lx ，灰度等级不小于 11 级；\n6、白光补光距离不小于 15 米；\n7、支持双码流技术，主码流最高 2688x1520@25fps，子码流704x576@25fps；                                                               8、在 2688x1520 @ 30fps 下，清晰度不小于 1500TVL；\n9、需支持当区域内人数达到设定的阈值时，可通过客户端软件或浏览器给出人员拥挤报警提示，并触发上传中心、语音提示\n10、需支持人数报警阈值可配置为 0~100 人）\n11、需支持“上下楼梯，请注意安全”、“注意保持秩序，相互礼让，安全通行”两种语音提示声音可选。",null,"无偏离","DH-IPC-HDW3433DT-LED","台",30,529,15870,"浙江大华",null,null,"1、智能侦测：人员密度检测，支持阈值自定义配置，超阈值报警。\n2、报警的同时有语音友好提示，语音提示声音“上下楼梯，请注意安全”、“注意保持秩序，相互礼让”适用于楼梯和场馆的两种场景可选，人数报警阈值可配为0-100人并支持报警触发上传中心。\n3、400万星光级1/2.7”CMOS 智能半球网络摄像机\n4、支持联动白光报警；支持联动声音报警 \n5、最小照度:0.001Lux @(F1.2,AGC ON) ,0 Lux with IR\n6、镜头 2.8mm以上\n7、电源供应：DC12V±25% / PoE(802.3af）\n8、红外照射距离:30米",null," DS-2CD2347LCUV-ILCDLC(2.8mm)","台",30,780,23400,"海康"]
[12,"摄像机电源","国标,12V1A 输出    输入电压：AC170V~240V",null,"无偏离","DH-PFM301","个",30,24,720,"浙江大华",null,null,"国标,12V1A输出\n输入电压：AC170V~240V",null,"DS-2FA1220-DL-CH","个",30,42,1260,"海康"]
["3、校园周界防范",{"$nulls":18},0,"海康"]
[1,"400万全彩声光警戒摄像机","1、400 万全彩筒型网络摄像机\n2、内置 GPU 芯片；\n3、内置麦克风和喇叭；\n4、具有不小于 1/1.8\"靶面尺寸；\n5、内置 2 颗白光补光灯；\n6、最低照度彩色：0.0004 lx；\n7、白天或夜晚均可输出彩色视频图像。\n8、支持声音报警功能，报警声音类型不小于 10 种，报警声级及报警次数可设置；\n9、需具备智能分析抗干扰功能，当篮球、小狗、树叶等非人或车辆目标经过检测区域时，不会触发报警。\n10、≥IP67 防尘防水等级；",null,"无偏离","DH-IPC-HFW5443M-PV-I2","台",80,666,{"$f":"H24*I24","v":53280},"浙江大华",null,null,"400万1/1.8\"CMOS 智能全彩筒型网络摄像机\n智能侦测：采用深度学习硬件及算法，提供精准的人车分类侦测，支持越界侦测，区域入侵侦测，进入区域侦测和离开区域侦测。\n支持联动闪光报警灯\n支持联动声音报警\n全彩级高灵敏度感器，F1.0超大光圈镜头，为智能应用提供更清晰的视频流输入，全面提升智能业务处理的准确度\n最低照度:彩色：0.0005 Lux@(F1.0，AGC ON)，0 Lux with Light\n焦距和视场角:\n4 mm@ F1.0, 水平视场角：88.8°，垂直视场角：46.5°，对角线视场角：105°\n6 mm@ F1.0, 水平视场角：54.5°，垂直视场角：30°，对角线视场角：62°\n宽动态:120 dB\n景深范围:4 mm：3.6 m~∞; 6 mm：7.8 m~∞\n视频压缩标准:H.265/H.264/MJPEG\n最大图像尺寸:2560 × 1440\n存储功能:NAS(NFS，SMB/CIFS均支持)\n网络:1个RJ45 10 M/100 M自适应以太网口\n音频:内置1个麦克风，内置1个扬声器\n启动及工作温湿度:-30 ℃~60 ℃，湿度小于95%(无凝结)\n供电方式:DC：12 V ± 25%，支持防反接保护; POE：802.3af，Class 3\n电源接口类型:Φ5.5 mm圆口\n电流及功耗:DC：12 V，0.71 A，8.5 W Max; POE：802.3af，36 V~57 V，0.28 A~0.18 A，10 W Max\n补光:暖白光：最远可达30 m\n重量:产品：740 g; 带包装：920 g\n尺寸:产品：87.7 × 93.3 × 181.3 mm; 包装：235 × 120 × 125 mm",null,"DS-2CD2T4LCYZU-LC","台",80,950,76000,"海康"]
[2,"摄像机电源","12V/2A 圆头、两端带线式，国标，输入线长 500mm，输出线长1000mm",null,"无偏离","DH-PFM301","个",80,24,1920,"浙江大华",null,null,"12V/2A圆头、两端带线式，国标，输入线长500mm，输出线长1000mm",null,"DS-2FA1220-DL-CH","个",80,42,3360,"海康"]
[3,"摄像机壁装支架","壁装支架/白/铝合金/尺寸 70×97.1×173.4mm",null,"无偏离","DH-PFB120WS","个",80,17,1360,"浙江大华",null,null,"壁装支架/海康白/铝合金/尺寸70×97.1×173.4mm",null,"DS-1292ZJ","个",80,22,1760,"海康"]
[4,"周界防范系列","1、支持接入双目、三目、球型、环型等拼接相机，并可在拼接相机的多屏模式下，将视频画面以多画面分割方式显示，可自定义画面布局；\n2、支持周界报警去误报功能，支持常规距离 中距离 远距离三种检测模式切换；根据不同的检测模式，在配置界面给出最小可检出人体目标像素尺；\n3、支持硬盘抓拍库存储 1000 万条周界防范历史记录；\n4、抓图配置：可在预览界面自由选择任一个或多个通道，在预警面板实时展示此通道的目标抓拍信息；\n5、支持 web 智能展示界面可展示多种目标和报警信息，如人体、非机动车、车辆检测、人脸抓拍、人脸人体关联、人脸比对成功、人脸比对失败、陌生人、高频报警、低频报警等；\n6、NVR 总资源为满负载条件下的最大接入带宽 640Mbps、最大存储带宽 640Mbps、最大转发带宽 640Mbps、最大回放带宽640Mbps；                                                                                7、可接入 1T、2T、3T、4T、6T、8T、10T、12T、 14T、16T容量的 SATA 接口硬盘；\n8、支持 50 个车牌库,总库容 10 万张；支持按照车牌黑名单，白名单进行布防。",null,"无偏离","DH-IVSS708-1M","台",4,9588,38352,"浙江大华",null,null,"【小超脑/S-V2】 \n支持最大16路周界报警（越界、区域入侵）去误报分析\n（说明：最高支持800W分辨率，16路200W，8路400W，2路800W）\n\n硬件规格：\n2U标准机架式\n2个HDMI，2个VGA,HDMI+VGA组内同源\n8盘位，可满配8T硬盘\n2个千兆网口\n2个USB2.0接口、1个USB3.0接口\n1个eSATA接口\n支持RAID0、1、5、10，支持全局热备盘\n报警IO：16进4出(选配16进8出)\n软件性能：\n输入带宽：320M\n32路H.264、H.265混合接入\n最大支持16×1080P解码\n支持H.265、H.264解码",null,"iDS-8632NX-I8/S-V2","台",4,6100,24400,"海康"]
[5,"硬盘（8T）","关键指标参数：容量 8TB，SATA 3.0 接口，256MB 缓存，7200转，MTBF（平均故障间隔时间） 200 万小时\n搭配 NVR 可支持 Raid5、Raid6平均运行功率 8W",null,"无偏离","ST8000VX004","块",32,2100,67200,"浙江大华",null,null,"关键指标参数：容量8TB，SATA 3.0接口，256MB缓存，7200转，MTBF（平均故障间隔时间） 200万小时\n搭配NVR可支持Raid5、Raid6\n平均运行功率8W",null,"ST8000VE0004(标配)/NVR-HDD-8T×1","块",32,1950,62400,"海康"]
[6,"热成像周界警戒相机","1、400 万热成像双光谱网络筒型摄像机；\n2、外壳防护等级：IP67；\n3、具有双向语音对讲和单向语音广播功能；\n4、电源电压在 DC12V±20%范围内变化时，能正常工作；\n5、设备支持在-50℃-80℃范围内正常工作；\n6、最低可用照度，0.01lx（彩色）；0.001lx（黑白）；\n7、CPU、GPU 占用超过预设值或内存可用容量低于预设值时,可通过客户端软件或浏览器给出报警信息；\n8、热成像视频图像支持白热、黑热、融合 1、彩虹、融合 2、铁红 1、铁红 2、深褐色、色彩 1、色彩 2、冰火、雨、红热、绿热、深蓝 15 种模式；\n9、噪声等效温差(NETD)在 15mk 及以下；\n10、最小可分辨温差≤200mk。",null,"无偏离","DH-TPC-BF2221","台",20,5800,116000,"浙江大华",null,null,"400万+声光报警；\n热成像双光谱网络筒型摄像机；\n支持联动白光闪烁报警；\n支持联动声音报警；\n热成像：分辨率160 × 120；焦距6mm；视场角：25°×18.7°;\n可见光：分辨率2688*1520；焦距8mm；\n视频模式：双光融合；\n吸烟检测距离：9m；\n人员周界报警有效距离：42m；\n火点最远报警距离（以0.1m*0.1m火源为准）：30m；\n温度异常报警功能，测温精度：±8℃或量程的±8% ℃ （取最大值）测温范围：-20℃~150℃；\n红外照射距离：30米；\n电源：DC12V/POE，8W；（默认标配DC12V电源）\n工作温度和湿度：-40℃-70℃，湿度小于95%；\n防护等级：IP67;\n重量：1.55kg",null,"DS-2TD2617-6/PA（国内标配）","台",20,3000,60000,"海康"]
["4、高空抛物",{"$nulls":18},0,"海康"]
[1,"高空抛物摄像机","1、400 万高空抛物智能筒型摄像机；\n2、内置 GPU 芯片。\n3、光圈大小为 F1.0±5%；\n4、最低照度彩色不大于 0.0002 lx，黑白不大于 0.0001 lx。\n5、设备水平中心分辨力不小于 1500TVL；\n6、支持 H.264、H.265、MJPEG 视频编码格式，且具有 HighProfile 编码能力；\n7、需支持双码流技术，主码流分辨率不小于 2560x1440@25fps，子码流不小于 704x576@25fps；\n8、支持镜头前盖玻璃加热功能，内置温度传感器，当温度低于设定阈值时，可开启加热片，去除玻璃上的水、冰、雪、雾类附着物，可根据环境温度自动调整加热功率；\n9、支持高空抛物检测功能，可检测如垃圾袋、纸盒、矿泉水瓶等，可抓图并发出报警提示。\n10、支持高空抛物抗扰功能，当出现非从高处落向低处的物体，不产生报警提示信息。",null,"像素正偏离","DH-IPC-HFW8841K-ZRL-I4-TGD","台",60,4810,{"$f":"H31*I31","v":288600},"浙江大华",null,null,"400万 1/1.8\"  高空抛物智能筒型摄像机\n专用于高空抛物监控场景，分变焦2.8~12 mm和8~32 mm镜头两款产品，应对不同高度的监控覆盖需求\n专用于高空抛物监控场景，图像效果优化，蓝玻璃镜头，强化强光抑制，有效解决逆光、反射光和杂光等问题\n小视窗设计，有效减少落尘等对画面成像的影响\n支持镜头玻璃加热，通过智能感知芯片，感应玻璃温度，自动加热，解决玻璃表面起雾问题\n全金属外壳，增大散热面积，无惧酷暑\n支持高空抛物事件智能检测，配置简洁；典型安装场景下可以有效检测出5 × 5像素以上抛落物；可有效过滤飞虫，飞鸟，树叶，晾晒衣物等干扰目标； 支持4个算法屏蔽区域设置，减少环境影响\n支持隐私遮盖，最多支持8个遮盖区域；隐私遮盖功能不影响算法检测，也不影响报警图片，录像和预览为马赛克覆盖\n支持抛物轨迹记录，报警推图中可还原抛物轨迹\n宽动态: 超宽动态范围达120 dB\n最低照度: 彩色：0.0005 Lux @（F1.2，AGC ON）\n焦距&视场角: （变焦）2.8~12 mm @F1.2，水平视场角：100.0°~39.8°，垂直视场角：52.0°~22.4°，对角线视场角：120.0°~45.7°\n最大图像尺寸: 2688 × 1520\n视频压缩标准: H.265/H.264/MJPEG\n网络存储: 支持Micro SD(即TF卡)/Micro SDHC /Micro SDXC卡（最大256 GB）断网本地存储及断网续传，NAS（NFS，SMB/CIFS均支持），配合海康黑卡支持SD卡加密及SD卡状态检测\n网络: 1个RJ45 10 M/100 M/1000 M自适应以太网口\n复位: 支持\n包装尺寸: 385 × 158 × 155 mm\n产品尺寸: 206.6 × 104.0 × 102.4 mm\n带包装重量: 2100 g\n电流及功耗: DC：12 V，0.65 A，最大功耗：7.8 W; PoE：（802.3at，42.5 V~57 V），0.24 A~0.18 A，最大功耗：9.8 W\n电源接口类型: 三芯电源接口\n供电方式: DC：12 V ± 20% ，支持防反接保护；PoE：802.3at，Class 4\n启动及工作温湿度: -30 ℃~60 ℃，湿度小于95%（无凝结）\n设备重量: 1350 g\n防护: IP67",null," DS-2CD8A48LCV-A","台",60,2300,138000,"海康"]
[2,"摄像机电源","12V/2A 圆头、两端带线式，国标，输入线长 500mm，输出线长1000mm",null,"无偏离","DH-PFM301","个",60,24,1440,"浙江大华",null,null,"12V/2A圆头、两端带线式，国标，输入线长500mm，输出线长1000mm",null,"DS-2FA1220-DL-CH","个",60,42,2520,"海康"]
[3,"摄像机壁装支架","壁装支架/铝合金/尺寸 70×97.1×173.4mm",null,"无偏离","DH-PFB120WS","个",60,17,1020,"浙江大华",null,null,"壁装支架/海康白/铝合金/尺寸70×97.1×173.4mm",null,"DS-1292ZJ","个",60,22,1320,"海康"]
["5、明厨亮灶",{"$nulls":18},0,"海康"]
[1,"400万防油污筒机","1、400 万筒型网络摄像机\n2、最大分辨率 2560x1440；\n3、筒机镜头护罩无需任何工具即可实现快速拆卸及安装，方便镜头护罩的清洗、更换；                                      4、具有断线自动重连、在线升级、配置保存获取、恢复出厂设置和重启、字符叠加、双（多）码流、制动注册、本机存储、 web 服务、报警、日志记录、余韵、视音频编码码流的传输、存储封装格式等功能；\n5、多路访问功能：支持主码流同时输出 20 路 2560x1440、25帧/s、2MBPS 图像以供客户端浏览；\n6、具有抗丢包（10%）处理能力；\n7、网络协议：具有 TCP/IP、IPv6、HTTP、HTTPS、FTP、DNS、DDNS、RTSP、PPPoE、SMTP、NTP、SNMP、组播设置选项；\n8、录像配置功能：具有定时、移动侦测、动测或报警、动测和报警、事件和报警 6 中录像触发方式配置设置选项。",null,"无偏离","DH-IPC-HFW7443M-AS-SFC-I2","台",40,648,{"$f":"H35*I35","v":25920},"浙江大华",null,null,"【防油污摄像机】 \n400万 1/2.7”CMOS ICR红外阵列防油污筒型网络摄像机\n可拆卸镜头护罩\n方便清洗和更换\n\n视频压缩标准 H.265 /H.264/ MJPEG\n镜头：4mm\n帧率：50Hz: 25fps(2560 x 1440,1920 x 1080,1280 x 720)\n宽动态范围：120dB\n感兴趣区域：ROI支持三码流分别设置1个固定区域\n电源供应：DC12V±25%，不支持POE供电\n功耗：5.5W MAX\n红外照射距离：30米\n支持智能后检索：配合NVR支持事件的二次检索分析\n存储功能：NAS(NFSSMB/CIFS均支持) \n快门：1/3秒至1/100000秒\n工作温度和湿度：-30℃~60℃湿度小于95%(无凝结)\nIP67防护等级\n支持1路音频输入输出",null,"DS-ECD404TYLCV-3LCD(国内标配)","台",40,550,22000,"海康"]
[2,"摄像机电源","12V/1A 圆头、插墙式，国标，输出线长 1500mm",null,"无偏离","DH-PFM301","个",40,24,960,"浙江大华",null,null,"12V/1A圆头、插墙式，国标，输出线长1500mm",null,"DS-2FA1210-DC-CH","个",40,22,880,"海康"]
[3,"壁装支架","壁装支架/铝合金/尺寸 70×97.1×173.4mm",null,"无偏离","DH-PFB120WS","个",40,17,680,"浙江大华",null,null,"壁装支架/海康白/铝合金/尺寸70×97.1×173.4mm",null,"DS-1292ZJ","个",40,22,880,"海康"]
[4,"200万温湿度半球摄像机","1、200 万半球型网络摄像机；\n2、最低照度彩色：0.001 lx，黑白:0.0001 lx；\n3、红外补光距离不小于 50 米；\n4、需支持三码流技术，主码流最高 1920x1080@30fps，子码流704x576@25fps，第三码流最大分辨率为 1920x1080；\n5、在 1920x1080 @ 25fps 下，清晰度不小于 1100TVL；\n6、支持 H.264、H.265、MJPEG 视频编码格式；\n7、同一静止场景相同图像质量下，设备在 H.265 编码方式时，开启智能编码功能和不开启智能编码相比，码率节约 1/2；\n8、视频图像传输至客户端的延时不大于 80ms；\n9、需具有黑白名单功能，其中白名单可添加不小于 10 个 IP地址；\n10、支持温湿度显示功能，可通过 RS485 接口接入温湿度传感器，并可通过浏览器动态实时显示温湿度信息。\n11、支持温湿度报警功能，可通过浏览器设置温湿度报警阀值，当超过此阀值时可产生报警，并可将报警信息上传至平台。",null,"无偏离","DH-IPC-HDBW3433R-AS\nTC-TH-D1","台",20,1064,21280,"浙江大华",null,null,"【温湿度摄像机】\n200万1/3” CMOS 超宽动态 ICR日夜型半球型网络摄像机（含温湿度传感器）\n支持OSD叠加温湿度信息\n支持定时上报当前的温湿度数据\n支持设置温湿度上下限阈值信息\n支持阈值超限报警\n支持Ehome4.0、萤石协议\n\n最低照度:彩色：0.005Lux @(F1.2,AGC ON) ,黑白:0.001Lux @(F1.2,AGC ON) 0 Lux with IR\n镜头:2.8-12mm @ F1.4 水平视场角: 105.4°-33.6°;\n调整角度:水平:0°~355°,垂直:0°~75°,旋转0°~355°\n宽动态范围:120dB\n视频压缩标准:H.265/H.264 / MJPEG\n最大图像尺寸:1920×1080\n存储功能:支持Micro SD(即TF卡)/Micro SDHC/Micro SDXC卡(128G)断网本地存储及断网续传,NAS(NFS,SMB/CIFS均支持)\n音频接口:1对3.5mm音频输入(Line in)/输出外部接口\n通讯接口:1 个RJ45 10M / 100M自适应以太网口,1个RS-485接口\n电源输出:支持1路两线式DC12V 1A或AC24V 500mA电源输出\n报警输入:1路\n报警输出:1路,最大支持AC/DC 24V 1A Max\n视频输出:1Vp-p Composite Output(75Ω/CVBS) \n工作温度和湿度:-30℃~60℃,湿度小于95%(无凝结)\n电源供应:DC12V±20%/PoE(802.3af)\n电源接口类型:两线式电源接口\n功耗:12W MAX\n红外照射距离:支持红外10-30米\n防暴等级:防暴等级支持IK10\n尺寸(mm):Φ140 × 121.8\n重量:1400g",null,"DS-2CD5124EFWD-IZ/WSD","台",20,830,{"$f":"S38*R38","v":16600},"海康"]
[5,"温湿度摄像机电源","12V/2A 两线、两端带线式，国标，输入线长 500mm，输出线长1000mm",null,"无偏离","DH-PFM301","个",20,24,480,"浙江大华",null,null,"12V/2A两线、两端带线式，国标，输入线长500mm，输出线长1000mm",null,"DS-2FA1220-LL-CH","个",20,42,840,"海康"]
[6,"壁挂式信息发布屏（ 55\n寸）","1、55 寸，1920×1080@60Hz，≥450cd/m2，显示方式：横屏、竖屏可选，\n2、系统：Android 6.0.1，CPU：4 核 Cortex-A17@1.8GHz  ，存储参数：内存 2G8 G EMMC 内置 32G TF 卡\n3、接口：LAN 网口*1,USB*2，AUDIO IN*1，AUDIO OUT*1，TF卡接口*1\n4、系统支持基于 TCP/IP 网络结构下，B/S+C/S 的混合结构的系统，控制连接显示设备，可以脱机独立工作以及联机在线工作，在服务器瘫痪或网络断开的情况下，不影响媒体显示端的播放和显示；\n5、支持素材列表视图（可视化窗口）显示和列表显示，支持素材模糊搜索，或者按照查询条件精确搜索；\n6、支持窗口大小/坐标自定义设置，支持窗口对齐，窗口自动吸附，支持节目窗口按实际尺寸显示和窗口尺寸显示；支持在线文本编辑；支持窗口锁定/解锁、窗口隐藏/显示 、窗口置顶/置底；支持实时预览节目制作效果，可视化显示；\n7、支持新建节目,修改节目(名称、分辨率、属性、描述、窗口),删除节目,复制节目(复制节目模板和完全复制两种),节目预览,审核节目(通过、未通过)，支持节目快速发布，节目列表支持视图（可视化窗口）显示和列表显示",null,"无偏离","DH-LDH55-SAI200","台",2,6600,13200,"浙江大华",null,null,"显示参数：54.64寸，1920×1080@60Hz，≥450cd/m2\n显示方式：横屏、竖屏可选\n支持蓝牙4.0\n系统：Android 6.0.1\nCPU：4核Cortex-A17@1.8GHz   \n存储参数：内存2G8 G EMMC 内置32G TF卡\n网络：有线、无线WIFI\n接口：LAN网口*1,USB*2，AUDIO IN*1，AUDIO OUT*1，TF卡接口*1\n净重：23KG\n需配合信息发布服务器DS-D60S-B\n*出货自带壁挂支架",null,"DS-D6055FN-B(壁挂安卓）","台",2,8800,17600,"海康"]
["传输系统:智能设备网络设备内",{"$nulls":18},0,"海康"]
["一、监控中心",{"$nulls":18},0,"海康"]
[1,"平台服务器","1、2U 双路标准机架式服务器；\n2、CPU：2 颗 intel 至强系列处理器，核数≥10 核，主频≥2.2GHz\n3、内存：16G*4 DDR4，16 根内存插槽，最大支持扩展至 2TB内存；\n4、硬盘：4 块 600G 10K 2.5 寸 SAS 硬盘\n5、阵列卡：SAS_HBA 卡, 支持 RAID 0/1/10；\n6、PCIE 扩展：最大可支持 6 个 PCIE 扩展插槽\n7、网口：2 个千兆电口，2 个万兆光口\n8、其他接口：1 个 RJ45 管理接口，后置 2 个 USB 3.0 接口，前置 2 个 USB2.0 接口，1 个 VGA 接口；\n9、电源：标配 550W（1+1）高效铂金 CRPS 冗余电源",null,"无偏离","DH-DSS-U8000S3","台",1,72000,{"$f":"H43*I43","v":72000},"浙江大华",null,null,"4210×2/64G DDR4/600G 10K  SAS×4(RAID_1)/SAS_HBA/1GbE×2+10GbE×2/550W(1+1)/2U/16DIMM\n\n2U双路标准机架式服务器\nCPU：2颗intel至强系列处理器，核数≥10核，主频≥2.2GHz\n内存：16G*4 DDR4，16根内存插槽，最大支持扩展至2TB内存\n硬盘：4块600G 10K 2.5寸 SAS硬盘\n阵列卡：SAS_HBA卡, 支持RAID 0/1/10\nPCIE扩展：最大可支持6个PCIE扩展插槽\n网口：2个千兆电口，2个万兆光口\n其他接口：1个RJ45管理接口，后置2个USB 3.0接口，前置2个USB2.0接口，1个VGA接口\n电源：标配550W（1+1）高效铂金CRPS冗余电源 \n机箱规格：87.8mm(高)x 448mm(宽)x729.8mm(深)\n设备重量：约26KG（含导轨）\n操作系统：HIK OS",null,"DS-VE22S-B-LCQC(310803609)","台",1,30787,30787,"海康"]
[2,"流媒体服务器","1、2U 双路标准机架式服务器；\n2、CPU：1 颗 Xeon® Silver 4210（10 核，2.2GHz）\n3、内存：16G*2 DDR4，16 根内存插槽，最大支持扩展至 2TB内存；\n4、硬盘：2 块 1.2T 10K 2.5 寸 SAS 硬盘；\n5、阵列卡：SAS_HBA 卡, 支持 RAID 0/1/10；\n6、PCIE 扩展：最大可支持 6 个 PCIE 扩展插槽\n7、网口：2 个千兆电口；\n8、其他接口：1 个 RJ45 管理接口，4 个 USB 3.0 接口，1 个VGA 接口\n9、电源：标配 550W（1+1）高效铂金 CRPS 冗余电源 。",null,"无偏离","DH-DSS-U8000S3","台",1,72000,{"$f":"H44*I44","v":72000},"浙江大华",null,null,"4210×1/32G DDR4/1.2T 10K  SAS×2（RAID_1）/SAS_HBA/1GbE×2/Win Svr 2016 简中标版/550W(1+1)/2U/16DIMM\n\n2U双路标准机架式服务器\nCPU：1颗Xeon® Silver 4210（10核，2.2GHz）\n内存：16G*2 DDR4，16根内存插槽，最大支持扩展至2TB内存\n硬盘：2块1.2T 10K 2.5寸 SAS硬盘\n阵列卡：SAS_HBA卡, 支持RAID 0/1/10\nPCIE扩展：最大可支持6个PCIE扩展插槽\n网口：2个千兆电口\n其他接口：1个RJ45管理接口，4个USB 3.0接口，1个VGA接口\n电源：标配550W（1+1）高效铂金CRPS冗余电源 \n机箱规格：87.8mm(高)x 448mm(宽)x729.8mm(深)\n设备重量：约26KG（含导轨）\n操作系统：Microsoft Windows Server 2016",null,"DS-VE22S-BLCQ(310803603)","台",1,26146,26146,"海康"]
[3,"核心框式交换机","1、14U 插卡式核心交换机，支技最多 6 块电源，双主控，10块业务板卡；\n2、最大支持交换容量 256Tbps\n3、包转发率 67500Mpps；\n4、支持通过 console 口管理\n5、工作温度：0℃～45℃；\n6、支持 220v 交流；\n7、48V 直流供电；\n8、重量≤115kg；支持动态路由、IPv6、VLAN、流量控制、ACL、QoS 支持 SNMP V1/V2c/V3 网管\n9、16 万兆 SFP+；\n10、10 单板功耗 54W~96W",null,null,null,"台",1,{"$nulls":5},"14U插卡式核心交换机，支技最多6块电源，双主控，10块业务板卡。\n最大支持交换容量256Tbps\n包转发率67500Mpps\n支持通过console口管理\n工作温度：0℃～45℃\n支持220v交流\n48V直流供电\n重量≤115kg；支持动态路由、IPv6、VLAN、流量控制、ACL、QoS\n支持SNMP V1/V2c/V3网管\n16万兆SFP+\n单板功耗54W~96W",null,"DS-3E7610X-GZLCQC","台",1,30750,30750,"海康"]
[4,"主控板卡",{"$nulls":4},"块",2,{"$nulls":7},"DS-3E7610X-MPU","块",2,30750,61500,"海康"]
[5,"电源模块",{"$nulls":4},"块",2,{"$nulls":7},"DS-3E12500&7610-PWR1200A","块",2,5100,10200,"海康"]
[6,"业务板卡",{"$nulls":4},"块",1,{"$nulls":7},"DS-3E12500&7610-16X-SF","块",1,33750,33750,"海康"]
["二、管理平台",{"$nulls":18},0,"海康"]
[1,"基础包/系统管理（必选）","1、平台最大支持用户≥10000 个，支持同时在线≥5000 个用户；                                                                                  2、平台需支持统一的认证、授权管理机制，支持 HTTPS 以及密码安全加密访问认证；                                              3、软件平台需支持安全防护，支持验证码、连续登陆尝试次数、用户 IP 地址限制等多种验证方式，支持登录密码强度提醒，用户密码强度设置；\n4、支持根据用户使用习惯自定义配置快捷功能入口，支持首页投放大屏展示，支持最近 7 天每日的用户活跃数统计；\n5、支持以中心管理服务为核心的网络拓扑结构，支持对系统中的分组、服务器、组件等统计概览、查看；\n6、支持 BS 客户端、CS 客户端、移动客户端（Android、iOS）视频预览，支持多浏览器实时预览；\n7、支持按时间、监控点、录像存储方式检索录像；客户端回放支持 1/4/6/7/9/16 画面分隔模式及全屏显示；支持单帧回放、播放速度控制（1/16、1/8、1/4、1/2、1、2、4、8、16倍速）、同步回放、异步回放；录像回放支持拖动进度条或指定时间点来进行录像定位；支持分段回放，以分段缩略图展示录像片段；\n8、具有宿管考勤功能，支持前端比对或后端比对两种配单模式；支持签到和考勤两种应用方案；\n9、支持自动检查连续刷进或刷出的记录，发现连续两次都为进或者都为出，则判定为异常；支持宿管异常预警功能，查询多日无人脸识别通行记录人员信息、陌生人告警记录；\n10、支持以脸搜脸，对人脸图片进行检索，检索结果支持列表模式和地图模式，地图模式可以按照时间顺序形成人脸轨迹，用于描述目标人员在该区域的移动路线；\n11、停车场支持纯车牌，车主卡辅，纯卡片，卡主车辅四种识别模式；支持新能源车牌识别；\n12 、 支 持 国 标 协 议 上 下 级 平 台 级 联 ， 支 持 接 入GB28181-2011/2016、、ONVIF、协议的设备，支持对平台内管理的视频设备的在线状态进行检查；",null,"无偏离","DH-DSS-U8000S3已含","套",1,null,{"$f":"H50*I50","v":0},"浙江大华",null,null,"1、支持最大安保区域数量：2万；最大区域层级：10级；\n2、支持最大组织数量：5万；最大组织层级：10级\n3、支持最大用户数量：20万；\n4、支持最大同时在线用户数量：5000；\n5、支持最大角色数量：1万；\n6、支持最大人员数量：30万；\n7、支持最大卡片数量：30万。\n8、紧急报警设备接入数量：500。\n9、违停球接入数量：1000.",null,"iSecure Center-Education (DS)-SM","套",1,1000,1000,"海康"]
[2,"视频监控",null,null,"无偏离","DH-DSS-U8000S3已含","路",1200,null,0,"浙江大华",null,null,"1、最大并发取流数量：1000；\n2、支持电视墙管理数量：10；\n3、支持解码设备管理数量：128。",null,"iSecure Center-Education (DS)-VMS","路",1200,25,30000,"海康"]
[3,"宿管考勤",null,null,"无偏离","DH-DSS-U-VD-DA","套",1,80000,80000,"浙江大华",null,null,"楼栋数量：50。\n每栋楼数量：3000人。\n入住总数：40000人。\n告警接收能力：根据本组件资源占用情况，40~60条/S持续15分钟。",null,"iSecure Center-Education (DS)-DCMS","套",1,10000,10000,"海康"]
[4,"校门口考勤",null,null,"无偏离","DH-DSS-U-VD-EEA","套",1,80000,80000,"浙江大华",null,null,"考勤人数：20000人\n默认组织：三级组织学校（校区）、年级、班级",null,"iSecure Center-Education (DS)-SAMS","套",1,10000,10000,"海康"]
[5,"门禁管理",null,null,"无偏离","DH-DSS-U8000S3已含","门",50,0,0,"浙江大华",null,null,"支持门禁点最大数量：2万",null,"iSecure Center-Education (DS)-ACS","门",50,25,1250,"海康"]
[6,"停车场出入口管理",null,null,"无偏离","DH-IPMECM-2304-S","车道",4,1110,4440,"浙江大华",null,null,"支持每天最大过车数量\n：10万辆车/天",null,"iSecure Center-Education (DS)-PMS_车道数","车道",4,750,3000,"海康"]
[7,"访客管理",null,null,"无偏离","DH-DSS-U8000S3已含","套",1,null,0,"浙江大华",null,null,"支持最大访客记录：1千万。",null,"iSecure Center-Education (DS)-Visitor","套",1,2500,2500,"海康"]
[8,"智能监控",null,null,"无偏离","DH-DSS-U8000S3已含","套",1,null,0,"浙江大华",null,null,"1、支持最大人员名单数量：30万；\n2、支持最大人员名单分组数量；16；\n3、支持比对结果最大接收能力：200条/秒。",null,"iSecure Center-Education (DS)-FRS","套",1,2500,2500,"海康"]
["三、监控显示屏",{"$nulls":18},0,"海康"]
[1,"拼接大屏","1、LCD 显示单元为：55“超窄边液晶屏；物理分辨率达到 1920×1080，响应时间≤8ms；\n2、LCD 显示单元物理拼缝≤1.8mm，亮度达到 900cd/㎡，对比度达到 1400:1，图像显示清晰度≥950TVL，亮度鉴别等级为11 级。\n3、LCD 显示单元具备 VGA×1，HDMI×1，DVI×1，BNC×1 视频输入接口，RJ45×2，USB×1，红外控制接口×1；\n4、液晶显示单元具有色坐标一致性，根据 CIE1931 标准色度系统，液晶显示单元色坐标误差在±0.001 以内。\n5、液晶显示单元的风扇具备良好的散热效果，风扇散热性能≥60%。\n6、LCD 显示单元可在海拔最高 45000ft 高度，-40 到 50℃环境中存储 72.5 小时。\n7、用户可以选择显示默认开机 LOGO、定制开机 LOGO、不显示LOGO。用户可以任意定制 LOGO 而无需升级软件,而且具有 LOGO拼接技术，可设置 15*15，具有自然拼接模式；能实现开机 LOGO拼接及开机高清底图拼接；\n8、LCD 显示单元采用超宽视角液晶屏，垂直或水平视角 178°。屏幕漏光度小于等于 0.006cd/㎡，可抵抗太阳光等强光干扰,照度在 95KLux 能正常工作；",null,"无偏离","DHL550UDM-EG","块",12,10000,{"$f":"H59*I59","v":120000},"浙江大华",null,null,"LCD液晶显示单元；LG面板\n尺寸：55英寸；\n分辨率：1920 × 1080@60 Hz（向下兼容）；\n视角：178°(水平)/ 178°(垂直)；\n响应时间：8ms(G to G)；\n对比度：1400:1；\n亮度：700cd/㎡；\n物理拼缝：1.8mm；\n输入接口：HDMI × 1, DVI × 1, VGA × 1, CVBS × 1, USB × 1，HDbaseT × 1\n输出接口：DVI × 1, VGA × 1, CVBS × 1\n控制接口：RS232 IN × 1，RS232 OUT × 2\n可选配接口：3G SDI(输入×1、输出×1)、DP、HDbaseT、TVI(输入×1、输出×1)、网络源；\n功耗：≤ 230 W；\n电源要求：100～240 VAC, 50/60 Hz；\n寿命：≥60000 小时；\n工作温度和湿度：0℃～40℃，10%～90% RH（无冷凝水）；\n外形尺寸：1211.54 (W) mm × 682.34 (H) mm × 67.35 (D) mm；\n边框宽厚：0.9mm（左/上）,0.9mm（右/下）；",null,"DS-D2055NH-E/G/LCQC","块",12,13200,158400,"海康"]
[2,"大屏支架","1、美观、地脚隐藏\n2、四周包边\n3、支持扩容",null,"无偏离","定制","套",12,500,6000,"浙江大华",null,null,"配合新型模块化底座使用\n支架特点：\n1、美观、地脚隐藏\n2、性价比高\n3、四周包边\n4、支持扩容\n\n支架均采用SPCC优质冷轧钢板保障质量的源头（材质证明）；表面采用静电喷塑工艺，喷塑固化温度180-210度，涂层厚度80-100微米，对高防腐要求产品还可选择阴极电泳底漆工艺，防腐耐锈。户外支架外观材料可依据场景选择如冷板、SUS304、SUS316、铝塑板、铝单板等材料，表面处理方式可选户外塑粉、喷漆、氟碳漆等工艺。",null,"55寸-新型模块化-框架","套",12,567,6804,"海康"]
[3,"大屏底座","1、美观、地脚隐藏\n2、四周包边\n3、支持扩容",null,"无偏离","定制","套",4,1500,6000,"浙江大华",null,null,"支架特点：\n1、美观、地脚隐藏\n2、性价比高\n3、四周包边\n4、支持扩容\n\n支架均采用SPCC优质冷轧钢板保障质量的源头（材质证明）；表面采用静电喷塑工艺，喷塑固化温度180-210度，涂层厚度80-100微米，对高防腐要求产品还可选择阴极电泳底漆工艺，防腐耐锈。户外支架外观材料可依据场景选择如冷板、SUS304、SUS316、铝塑板、铝单板等材料，表面处理方式可选户外塑粉、喷漆、氟碳漆等工艺。",null,"55寸-新型模块化-底座","套",4,1295,5180,"海康"]
[4,"高清线缆","HDMI 线缆",null,"无偏离","HDMI 线缆","根",14,300,4200,"浙江大华",null,null,"HDMI线缆",null,"HDMI","根",14,null,0,"海康"]
[5,"视频综合平台","1、投标产品需提供权威机构所出具的 CCC 认证；\n2、投标产品的视频输入板卡具备视频和音频同时接入：HDMI接口、DVI 接口、VGA 接口、3G-SDI 接口、CVBS 输入板、4K 输入板、DP 输入板、YPbPr/YCbCr 输入板；\n\n3、投标产品的视频输出板具备：HDMI 输出板卡、DVI 输出板卡、VGA 输出板卡、HD-SDI 输出板卡。\n4、多设备之间的视频数据通过光纤级联传输延时≤100ms；\n5、投标产品支持 1、2、4、6、8、9、12、16、25、32、36、48、64 画面分割显示；\n6、投标产品支持虚拟云台控制功能，具备虚拟云台控制按键，可调整球机和云台的运行速度和方向，并且支持多用户云台抢占、云台控制锁定功能；\n7 、输出分辨率应具备但不限于  1024x768 、 1280x720 、1280x1024 、 1280x800 、 1280x960 、 1366x768 、 1440x900 、1400x1050、1680x1050、1920x1080、1600x1200、1920x1200、3840x2160、5760x1080、3840x1080、1920x2160、1920x3240、\n1920x4320 等输出分辨率信号；\n8、投标产品可在视频输出通道叠加图片 LOGO，且 LOGO 位置可以调整；\n9、8U 标准机箱；",null,"无偏离","DH-M70-4U-E","台",1,16200,16200,"浙江大华",null,null,"8U标准机箱，满足各种规模的监控需求；标准机架式设计，运营级ATCA机箱系统；插拔式模块化设计，可根据需求灵活扩展；5槽位机箱，双电源适配器，单主控板；业务模块支持热插拔、双电源冗余、智能风扇自动调温，确保系统稳定可靠；双高速无阻塞背板设计，满足大容量视频数据高速交换的需求。",null,"DS-B20-S05-A-LCQC-TZ","台",1,28314,28314,"海康"]
[6,"视频综合平台输出板卡","8 路 HDMI 显示接口输出，奇数口支持 4K 输出；支持 16 路\n800W/64 路 1080P/128 路 720P/256 路 4CIF 解码 H.264/H.265解码；支持大屏拼接漫游；1 个 DB15 转 8 路音频输出；（注意， 可支持 H265 解码，H264 和 H265 解码能力一致，支持私有 264码流的解码）一个板子支持 16 路私有 264",null,"无偏离","DH-VDC0605H-M70","块",2,11250,22500,"浙江大华",null,null,"8路HDMI显示接口输出，奇数口支持4K输出；支持16路800W/64路1080P/128路720P/256路4CIF解码H.264/H.265解码；支持大屏拼接漫游；1个DB15转8路音频输出；（注意，可支持H265解码，H264和H265解码能力一致，支持海康私有264码流的解码，详见备注）一个板子支持16路海康私有264",null,"DS-6916UD-B20H","块",2,19602,39204,"海康"]
[7,"视频综合平台超高分输入板卡","支持 4 路 DP 输入，4096*2160 分辨率无编码功能，支持输入拼接，最大 12 个输入拼接为 1 个输入源\n标准：DP1.2 标准",null,"无偏离","VEC0804HC-M70","块 ",1,7500,7500,"浙江大华",null,null,"支持4路DP输入，4096*2160分辨率无编码功能，支持输入拼接，最大12个输入拼接为1个输入源\n标准：DP1.2标准",null,"DS-6404HFU-B20DP","块 ",1,28314,28314,"海康"]
[8,"视频综合平台输入板卡","视频输入口：8 路视频输入，4 个 VGA 和 4 个 DVI；\n输入分辨率：1024×768@60Hz、1280×1024@60Hz、1280×800@60Hz 、 1366 × 768@60Hz 、 1440 × 900@60Hz 、 1680 ×1050@60Hz 、 1280 × 960@60Hz 、 1600 × 1200@60Hz 、 1280 ×720P@50Hz、1280×720P@60Hz、1920×1080I@50Hz、1920×\n1080I@60Hz、1920×1080P@50Hz、1920×1080P@60Hz；\n音频输入口：8 路音频输入，1 个 DB15 转 BNC 接口；\n编码标准：标准 H.264；编 码 能 力 ： 8  路 ， 支 持 的 编 码 分 辨 率 为 ：1080P/720P/4CIF/CIF/QCIF；",null,"无偏离","VEC0804HC-M70","块",1,7500,7500,"浙江大华",null,null,"视频输入口：8路视频输入，4个VGA和4个DVI；\n输入分辨率：1024×768@60Hz、1280×1024@60Hz、1280×800@60Hz、1366×768@60Hz、1440×900@60Hz、1680×1050@60Hz、1280×960@60Hz、1600×1200@60Hz、1280×720P@50Hz、1280×720P@60Hz、1920×1080I@50Hz、1920×1080I@60Hz、1920×1080P@50Hz、1920×1080P@60Hz；\n音频输入口：8路音频输入，1个DB15转BNC接口；\n编码标准：标准H.264；\n编码能力：8路，支持的编码分辨率为：1080P/720P/4CIF/CIF/QCIF；",null,"DS-6408HFH-B20VD","块",1,13794,13794,"海康"]
["小计",{"$nulls":8},{"$f":"SUM(J5:J66)","v":1816339},{"$nulls":9},{"$f":"SUM(T5:T66)","v":2083397}]
["合计"]

{"sheet":"6、人行通道刷人脸门禁系统","index":5,"n_rows":17,"n_cols":26,"rows_kept":17,"cut":false,"hidden":false,"merged":[[16,13,16,18],[0,0,0,11],[2,0,2,1],[9,0,9,1],[15,0,15,1],[16,0,16,1]]}
["6、人行通道刷人脸门禁系统"]
["序号","设备名称","招标参数","厂家参数","偏离项","型号","单位","数量","单价","总价","品牌","备注",null,"单位","数量","单价","总价","品牌","偏离项",null,"单位","数量","单价","总价","品牌","偏离项"]
["一、校门口人员通道"]
[1,"单机芯左边道","1、机通道采用厚度≥1.2mm 的不锈钢板材；通道应至少采用 12 对红外对射，能在晴天、雨天等环境下稳定运行，不产生误报；\n2、闸机通道应为摆闸箱体，门翼可以选择采用亚克力或不锈钢材质，箱体尺寸：长≥1500mm，宽≤200mm，高≥960mm；\n3、闸机设备的外表面，平整清洁，没有毛刺、飞边、砂眼、气孔等常见缺陷，没有擦伤、划痕、变形、破损以及生锈、腐蚀等损伤，没有尖锐的凸起、边角或棱角；\n4、闸机通道应支持外接蓄电池，在紧急情况断电后可自动开门，同时支持蓄电池自动充电功能；\n5、闸机通道应支持每天不少于 8 个时间段的常开/常闭管控，设置某时段的通道为常开或常闭，方便管理，同时应支持按时间分时段管控门禁权限，支持不少于 128 个周计划、不少于 1024 个节假日、不少于 64 个假日组、不少于 255 个计划模板；\n6、闸机通道门翼开/关速度至少支持 10 档可调，开门速度＜0.5 s；\n7、闸机通道应支持滞留报警、反向闯入报警、通行超时报警、误闯报警等功能，除了联动语音播报、指示灯等警示外，需同时上传对应的报警事件；\n8、闸机通道应满足防冲要求，处于关门状态时门翼锁死，如果检测到外力冲撞，除了联动语音播报、指示灯等警示外，需同时上传对应的报警事件。在门翼受到撞击后，需快速恢复到正常状态，时间＜3.5s；\n9、闸机通道应具备防夹保护的功能，在门翼动作过程中遇到阻力时门翼应自动停止动作，除了联动语音播报、指示灯等警示外，需同时上传对应的报警事件。人员通行时，红外检测到人员在非安全区域，门翼自动停止动作，人员离开通道后，门翼自动复位；\n10、闸机通道物理接口应满足同时可接入 RS485 和 wiegand 接口的读卡器，同时具备 TCP/IP 接口不少于 1 个，单独 232 接口不少于 3 个， RS485/RS232 可切换通讯接口不少于 5 个，开门按钮接口不少于 2 个，报警输入接口不少于 4 个，报警输出接口不少于 4 个，电锁输出接口不少于 2 个，CAN 接口不少于 2 个；\n11、设备满足 IP65 防护等级要求。",null,"无偏离","DH-ASGB510K-L","台",2,8925,{"$f":"H4*I4","v":17850},"浙江大华",null,null,"台",2,9000,{"$f":"O4*P4","v":18000},"新开浦","无偏离",null,"台",2,7700,{"$f":"W4*V4","v":15400},"海康","无偏离"]
[2,"单机芯中间道","1、机通道采用厚度≥1.2mm 的不锈钢板材；通道应至少采用 12 对红外对射，能在晴天、雨天等环境下稳定运行，不产生误报；\n2、闸机通道应为摆闸箱体，门翼可以选择采用亚克力或不锈钢材质，箱体尺寸：长≥1500mm，宽≤200mm，高≥960mm；\n3、闸机设备的外表面，平整清洁，没有毛刺、飞边、砂眼、气孔等常见缺陷，没有擦伤、划痕、变形、破损以及生锈、腐蚀等损伤，没有尖锐的凸起、边角或棱角；\n4、闸机通道应支持外接蓄电池，在紧急情况断电后可自动开门，同时支持蓄电池自动充电功能；\n5、闸机通道应支持每天不少于 8 个时间段的常开/常闭管控，设置某时段的通道为常开或常闭，方便管理，同时应支持按时间分时段管控门禁单机  权限，支持不少于 128 个周计划、不少于 1024 个节假日、不少于 64 个\n 芯中 假日组、不少于 255 个计划模板；                            6、闸机通道门翼开/关速度至少支持 10 档可调，开门速度＜0.5 s；\n7、闸机通道应支持滞留报警、反向闯入报警、通行超时报警、误闯报警等功能，除了联动语音播报、指示灯等警示外，需同时上传对应的报警事件；\n8、闸机通道应满足防冲要求，处于关门状态时门翼锁死，如果检测到外力冲撞，除了联动语音播报、指示灯等警示外，需同时上传对应的报警事件。在门翼受到撞击后，需快速恢复到正常状态，时间＜3.5s；\n9、闸机通道应具备防夹保护的功能，在门翼动作过程中遇到阻力时门翼应自动停止动作，除了联动语音播报、指示灯等警示外，需同时上传对应的报警事件。人员通行时，红外检测到人员在非安全区域，门翼自动停止动作，人员离开通道后，门翼自动复位；\n10、闸机通道物理接口应满足同时可接入 RS485 和 wiegand 接口的读卡器，同时具备 TCP/IP 接口不少于 1 个，单独 232 接口不少于 3 个，RS485/RS232 可切换通讯接口不少于 5 个，开门按钮接口不少于 2 个，报\n警输入接口不少于 4 个，报警输出接口不少于 4 个，电锁输出接口不少于 2 个，CAN 接口不少于 2 个；\n11、设备满足 IP66 防护等级要求。\n",null,"无偏离","DH-ASGB521K-D","台",7,13260,92820,"浙江大华",null,null,"台",7,10000,{"$f":"O5*P5","v":70000},"新开浦","无偏离",null,"台",7,11900,{"$f":"W5*V5","v":83300},"海康","无偏离"]
[3,"单机芯右边道","1、机通道采用厚度≥1.2mm 的不锈钢板材；通道应至少采用 12 对红外对射，能在晴天、雨天等环境下稳定运行，不产生误报；\n2、闸机通道应为摆闸箱体，门翼可以选择采用亚克力或不锈钢材质，箱体尺寸：长≥1500mm，宽≤200mm，高≥960mm；\n3、闸机设备的外表面，平整清洁，没有毛刺、飞边、砂眼、气孔等常见缺陷，没有擦伤、划痕、变形、破损以及生锈、腐蚀等损伤，没有尖锐的凸起、边角或棱角；\n4、闸机通道应支持外接蓄电池，在紧急情况断电后可自动开门，同时支持蓄电池自动充电功能；\n5、闸机通道应支持每天不少于 8 个时间段的常开/常闭管控，设置某时段的通道为常开或常闭，方便管理，同时应支持按时间分时段管控门禁权限，支持不少于 128 个周计划、不少于 1024 个节假日、不少于 64 个假日组、不少于 255 个计划模板；\n6、闸机通道门翼开/关速度至少支持 10 档可调，开门速度＜0.5 s；\n7、闸机通道应支持滞留报警、反向闯入报警、通行超时报警、误闯报警等功能，除了联动语音播报、指示灯等警示外，需同时上传对应的报警事件；\n8、闸机通道应满足防冲要求，处于关门状态时门翼锁死，如果检测到外力冲撞，除了联动语音播报、指示灯等警示外，需同时上传对应的报警事件。在门翼受到撞击后，需快速恢复到正常状态，时间＜3.5s；\n9、闸机通道应具备防夹保护的功能，在门翼动作过程中遇到阻力时门翼应自动停止动作，除了联动语音播报、指示灯等警示外，需同时上传对应的报警事件。人员通行时，红外检测到人员在非安全区域，门翼自动停止动作，人员离开通道后，门翼自动复位；\n10、闸机通道物理接口应满足同时可接入 RS485 和 wiegand 接口的读卡器，同时具备 TCP/IP 接口不少于 1 个，单独 232 接口不少于 3 个，RS485/RS232 可切换通讯接口不少于 5 个，开门按钮接口不少于 2 个，报警输入接口不少于 4 个，报警输出接口不少于 4 个，电锁输出接口不少于 2 个，CAN 接口不少于 2 个；\n11、设备满足 IP67 防护等级要求。",null,"无偏离","DH-ASGB511K-R","台",2,8925,17850,"浙江大华",null,null,"台",2,9000,{"$f":"O6*P6","v":18000},"新开浦","无偏离",null,"台",2,7700,15400,"海康","无偏离"]
[4,"人脸识别测温组件","1、7 英寸 LCD 触摸显示屏，2.5D 钢化玻璃显示面板；屏幕支持多点触控操作，流明度≥350cd/㎡；分辨率不小于 600×1024，防破坏能力满足IK04 的要求；采用嵌入式 Linux 系统；双目宽动态相机，最大分辨率：1920×1080；\n2、设备本地人脸库存储容量 50000 张，本地卡存储容量 50000 张，本地出入记录存储容量 100000 条；\n3、设备采用热成像测温，分辨率应为 120*160，支持热成像图像预览；支持垂直方向 0.3～2.0m 距离范围内非接触式自动人体测温；\n4、设备应支持自动准确定位并检测人脸额头温度，无需用户配合。支持人员身份核验及测温，支持上传中心管理平台，实现一人一温一档记录；支持快速测温模式，不需要注册人员信息即应实现测温业务，并能配置\n开门授权。\n5、设备测温精度为 0.1℃，测温误差≤±0.3℃，测温范围：30℃～45℃；\n6、设备口罩佩戴监测功能：设备应支持口罩佩戴监测模式并提示未佩戴口罩，应能配置提醒模式、强制模式；提醒模式：未佩戴口罩时，应能做身份验证及考勤签到，身份验证通过后提醒佩戴口罩；强制模式：未佩戴口罩时，应无法做身份验证，并提醒佩戴口罩；设备应支持佩戴口罩情况下的人脸识别功能；\n7、设备硬件接口，应不少于以下硬件接口及能力：LAN、WIFI 双网络 (10M/100M/1000M 自适应）；RS485*1；韦根*1； USB *1；喇叭扬声器；门锁 I/O 输出*1； 门磁 I/O 输入*1；报警 I/O 输出*1；事件 I/O 输入*2；PSAM*1；红绿双色 LED 状态灯提示结果输出接口；机械防拆开关*1；8、设备支持在 0.001lux 低照度无补光环境下正常实现人脸识别；人脸比对时间：＜175ms；人脸识别误识率≤0.01%的条件下，准确率应大于99.9%；支持防假体攻击功能，对视频、电子照片、打印照片中的人脸应不能进行人脸识别；\n9、设备支持不开启白光补光灯实现人脸识别；支持软硬件低功耗管理模式，设备运行功耗低于 8w。",null,"无偏离","DH-ASI8223Y-A-V4-T","台",18,5865,105570,"浙江大华",null,null,"台",18,4500,{"$f":"O7*P7","v":81000},"新开浦","无偏离",null,"台",18,3710,66780,"海康","无偏离"]
[5,"遮阳罩","尺寸约为：133mm*80mm*250mm \n",null,"无偏离","DI019X-00","个",18,300,5400,"浙江大华",{"$nulls":5},{"$f":"O8*P8","v":0},"新开浦","无偏离",null,null,null,77,0,"海康","无偏离"]
[6,"访客一体机","1、设备硬件配置：工业级主板、四核 2.0GHzCPU、64G 固态硬盘，DDR34GB内存，Win7 系统；\n2、设备支持双屏显示，主屏（显示屏）：15.6 寸，1920*1080 分辨率，支持电容触摸操作；副屏（广告屏）：11.6 寸，1366*768 分辨率；\n3、设备内置居民身份证阅读器安全模块；可读取并显示居民身份证芯片内的数据；  \n4、支持 200W 像素高清摄像；摄像角度可调；\n5、设备支持访客黑名单管理功能；\n6、设备内置热敏式打印机，支持将来访者信息直接打印输出；\n7、设备具有双网口设计。\n8、设备内置激光扫码器，可识别访客单上的条形码或二维码完成签离。",null,"无偏离","DH-ASV1001A","台",2,12000,24000,"浙江大华",null,null,"台",2,14000,28000,"新开浦","无偏离",null,"台",2,10500,21000,"海康","无偏离"]
["二、宿舍考勤系统设备",{"$nulls":15},0,"新开浦","无偏离",{"$nulls":4},0,"海康","无偏离"]
[1,"单机芯左边道","1、机通道采用厚度≥1.2mm 的不锈钢板材；通道应至少采用 12 对红外对射，能在晴天、雨天等环境下稳定运行，不产生误报；\n2、闸机通道应为摆闸箱体，门翼可以选择采用亚克力或不锈钢材质，箱体尺寸：长≥1500mm，宽≤200mm，高≥960mm；\n3、闸机设备的外表面，平整清洁，没有毛刺、飞边、砂眼、气孔等常见缺陷，没有擦伤、划痕、变形、破损以及生锈、腐蚀等损伤，没有尖锐的凸起、边角或棱角；\n4、闸机通道应支持外接蓄电池，在紧急情况断电后可自动开门，同时支持蓄电池自动充电功能；\n5、闸机通道应支持每天不少于 8 个时间段的常开/常闭管控，设置某时段的通道为常开或常闭，方便管理，同时应支持按时间分时段管控门禁权限，支持不少于 128 个周计划、不少于 1024 个节假日、不少于 64 个假日组、不少于 255 个计划模板；\n6、闸机通道门翼开/关速度至少支持 10 档可调，开门速度＜0.5 s；\n7、闸机通道应支持滞留报警、反向闯入报警、通行超时报警、误闯报警等功能，除了联动语音播报、指示灯等警示外，需同时上传对应的报警事件；\n8、闸机通道应满足防冲要求，处于关门状态时门翼锁死，如果检测到外力冲撞，除了联动语音播报、指示灯等警示外，需同时上传对应的报警事件。在门翼受到撞击后，需快速恢复到正常状态，时间＜3.5s；\n9、闸机通道应具备防夹保护的功能，在门翼动作过程中遇到阻力时门翼应自动停止动作，除了联动语音播报、指示灯等警示外，需同时上传对应的报警事件。人员通行时，红外检测到人员在非安全区域，门翼自动停止动作，人员离开通道后，门翼自动复位；\n10、闸机通道物理接口应满足同时可接入 RS485 和 wiegand 接口的读卡器，同时具备 TCP/IP 接口不少于 1 个，单独 232 接口不少于 3 个， RS485/RS232 可切换通讯接口不少于 5 个，开门按钮接口不少于 2 个，报警输入接口不少于 4 个，报警输出接口不少于 4 个，电锁输出接口不少于 2 个，CAN 接口不少于 2 个；\n11、设备满足 IP65 防护等级要求。",null,"无偏离","DH-ASGB510K-L","台",4,8925,{"$f":"H11*I11","v":35700},"浙江大华",null,null,"台",4,10000,40000,"新开浦","无偏离",null,"台",4,7700,30800,"海康","无偏离"]
[2,"单机芯中间道","1、机通道采用厚度≥1.2mm 的不锈钢板材；通道应至少采用 12 对红外对射，能在晴天、雨天等环境下稳定运行，不产生误报；\n2、闸机通道应为摆闸箱体，门翼可以选择采用亚克力或不锈钢材质，箱体尺寸：长≥1500mm，宽≤200mm，高≥960mm；\n3、闸机设备的外表面，平整清洁，没有毛刺、飞边、砂眼、气孔等常见缺陷，没有擦伤、划痕、变形、破损以及生锈、腐蚀等损伤，没有尖锐的凸起、边角或棱角；\n4、闸机通道应支持外接蓄电池，在紧急情况断电后可自动开门，同时支持蓄电池自动充电功能；\n5、闸机通道应支持每天不少于 8 个时间段的常开/常闭管控，设置某时段的通道为常开或常闭，方便管理，同时应支持按时间分时段管控门禁单机  权限，支持不少于 128 个周计划、不少于 1024 个节假日、不少于 64 个\n 芯中 假日组、不少于 255 个计划模板；                            6、闸机通道门翼开/关速度至少支持 10 档可调，开门速度＜0.5 s；\n7、闸机通道应支持滞留报警、反向闯入报警、通行超时报警、误闯报警等功能，除了联动语音播报、指示灯等警示外，需同时上传对应的报警事件；\n8、闸机通道应满足防冲要求，处于关门状态时门翼锁死，如果检测到外力冲撞，除了联动语音播报、指示灯等警示外，需同时上传对应的报警事件。在门翼受到撞击后，需快速恢复到正常状态，时间＜3.5s；\n9、闸机通道应具备防夹保护的功能，在门翼动作过程中遇到阻力时门翼应自动停止动作，除了联动语音播报、指示灯等警示外，需同时上传对应的报警事件。人员通行时，红外检测到人员在非安全区域，门翼自动停止动作，人员离开通道后，门翼自动复位；\n10、闸机通道物理接口应满足同时可接入 RS485 和 wiegand 接口的读卡器，同时具备 TCP/IP 接口不少于 1 个，单独 232 接口不少于 3 个，RS485/RS232 可切换通讯接口不少于 5 个，开门按钮接口不少于 2 个，报\n警输入接口不少于 4 个，报警输出接口不少于 4 个，电锁输出接口不少于 2 个，CAN 接口不少于 2 个；\n11、设备满足 IP66 防护等级要求。\n",null,"无偏离","DH-ASGB521K-D","台",8,13260,106080,"浙江大华",null,null,"台",8,10000,80000,"新开浦","无偏离",null,"台",8,11900,95200,"海康","无偏离"]
[3,"单机芯右边道","1、机通道采用厚度≥1.2mm 的不锈钢板材；通道应至少采用 12 对红外对射，能在晴天、雨天等环境下稳定运行，不产生误报；\n2、闸机通道应为摆闸箱体，门翼可以选择采用亚克力或不锈钢材质，箱体尺寸：长≥1500mm，宽≤200mm，高≥960mm；\n3、闸机设备的外表面，平整清洁，没有毛刺、飞边、砂眼、气孔等常见缺陷，没有擦伤、划痕、变形、破损以及生锈、腐蚀等损伤，没有尖锐的凸起、边角或棱角；\n4、闸机通道应支持外接蓄电池，在紧急情况断电后可自动开门，同时支持蓄电池自动充电功能；\n5、闸机通道应支持每天不少于 8 个时间段的常开/常闭管控，设置某时段的通道为常开或常闭，方便管理，同时应支持按时间分时段管控门禁权限，支持不少于 128 个周计划、不少于 1024 个节假日、不少于 64 个假日组、不少于 255 个计划模板；\n6、闸机通道门翼开/关速度至少支持 10 档可调，开门速度＜0.5 s；\n7、闸机通道应支持滞留报警、反向闯入报警、通行超时报警、误闯报警等功能，除了联动语音播报、指示灯等警示外，需同时上传对应的报警事件；\n8、闸机通道应满足防冲要求，处于关门状态时门翼锁死，如果检测到外力冲撞，除了联动语音播报、指示灯等警示外，需同时上传对应的报警事件。在门翼受到撞击后，需快速恢复到正常状态，时间＜3.5s；\n9、闸机通道应具备防夹保护的功能，在门翼动作过程中遇到阻力时门翼应自动停止动作，除了联动语音播报、指示灯等警示外，需同时上传对应的报警事件。人员通行时，红外检测到人员在非安全区域，门翼自动停止动作，人员离开通道后，门翼自动复位；\n10、闸机通道物理接口应满足同时可接入 RS485 和 wiegand 接口的读卡器，同时具备 TCP/IP 接口不少于 1 个，单独 232 接口不少于 3 个，RS485/RS232 可切换通讯接口不少于 5 个，开门按钮接口不少于 2 个，报警输入接口不少于 4 个，报警输出接口不少于 4 个，电锁输出接口不少于 2 个，CAN 接口不少于 2 个；\n11、设备满足 IP67 防护等级要求。",null,"无偏离","DH-ASGB511K-R","台",4,8925,35700,"浙江大华",null,null,"台",4,10000,40000,"新开浦","无偏离",null,"台",4,7700,30800,"海康","无偏离"]
[4,"人脸识别组件","1、设备采用 7 英寸 LCD 触摸显示屏，屏幕分辨率不小于 1024*600，屏幕防冲击防护等级 IK04； \n2、设备支持 IP65 防水等级，除后壳盖板外的外壳防冲击防护等级 IK07；\n3、设备采用高清双目相机宽动态相机（1 路可见光摄像头，1 路红外摄像头），可适应强光、逆光、暗光等条件的人脸识别，最大分辨率 1920×1080，帧率 30 帧/s； \n4、支持红外及白光灯补光，并可设置红外及可见光补光灯亮度； \n5 设备具有丰富的硬件接口，应不少于以下硬件接口及能力： LAN*1（10M/100M/1000M 自适应） ；WIFI*1；RS485*1；韦根*1；USB*1；喇叭扬声器；I/O 输出*2； I/O 输入 4；PSAM*1；SIM*1；红绿双色 LED 状态灯；机械防拆开关*1。； \n6、设备采用嵌入式 Linux 系统； \n7、人脸识别误识率≤0.01%，准确率≥99.8%，人脸识别速度≤0.2s；\n8、设备支持在 0.001lux 低照度无补光环境下正常实现人脸识别；\n9、设备支持人脸识别、人证比对（需外接身份证阅读器）、刷卡（需外接读卡器）、二维码、密码等认证方式，且支持以上任意一种、任意两种或三种组合认证开门；根据使用场景，认证开门方式还应包括：多重卡认证开门、多重卡+中心远程认证开门、多重卡+超级密码开门、多重卡+超级卡开门、 首卡开门、超级权限开门、管理中心远程开门、APP远程开门、室内机及管理机远程开门。并且支持 255 组时段计划模板、1024 个假日计划管理，也可支持常开、常闭； ",null,"无偏离","DH-ASI7223X-A-V1","台",24,3060,73440,"浙江大华",null,null,"台",24,5500,132000,"新开浦","无偏离",null,"台",24,1820,43680,"海康","无偏离"]
[5,"宿管考勤屏","【宿管信息发布屏】\n显示参数：54 寸，1920×1080@60Hz，≥450cd/m2\n显示方式：横屏、竖屏可选\n支持蓝牙 4.0\n系统：Android 6.0.1\nCPU：4 核 Cortex-A17@1.8GHz\n存储参数：内存 2G8 G EMMC 内置 32G TF 卡\n网络：有线、无线 WIFI\n接口：LAN 网口*1,USB*2，AUDIO IN*1，AUDIO OUT*1，TF 卡接口*1\n自带壁挂支架                                                                                        业务功能：\n支持归寝情况展示，展示数据有总人数、在寝人数、外出人数；\n支持签到情况展示，展示数据为关联该信息发布屏宿舍楼栋的总人数；支持近 7 日归寝/签到人数统计；\n支持实时进出记录展示，包括陌生人和学生；\n支持展示关联考勤点视频画面。",null,"无偏离","DH-LDH55-SAI200","台",4,6600,26400,"浙江大华",null,null,"台",4,5000,20000,"新开浦","无偏离",null,"台",4,5600,22400,"海康","无偏离"]
["小计",{"$nulls":8},{"$f":"SUM(J4:J15)","v":540810},{"$nulls":6},{"$f":"SUM(Q4:Q15)","v":527000},{"$f":"Q16+40000","v":567000},{"$nulls":5},{"$f":"SUM(X4:X15)","v":424760}]
["合计",{"$nulls":12},"一卡通管理系统、泛门禁管理平台、人脸认证服务平台、访客管理系统合计:40000元"]

{"sheet":"7、校园一键报警系统","index":6,"n_rows":7,"n_cols":21,"rows_kept":7,"cut":false,"hidden":false,"merged":[[0,0,0,11],[5,0,5,1],[6,0,6,1]]}
["7、校园一键报警系统"]
["序号","设备名称","招标参数","厂家参数","偏离项","型号","单位","数量","单价","总价","品牌","备注",null,"偏离项","型号","单位","数量","单价","总价","品牌","备注"]
[1,"一键式紧急报警柱一体机","1、采用嵌入式 Linux 操作系统,高性能嵌入式 SOC 处理器，系统运行稳定可靠；\n2、前置环形红色背光灯机械按键，环形红色背光灯能定时闪烁，报警按钮处具有“紧急报警”明显标示说明，呼叫接通后的通话过程中按键的红色环形背光灯闪烁频率应加快，指示为当前处于通话状态；\n3、设备支持双网口链路、PSTN 电话链路传输；\n4、设备支持 2 路音频输入和 2 路音频输出；音频输入和音频输出关系可自由配置，内部含高灵敏度麦克风，拾音距离应达到 10 米，语音清晰，内置 30W 扬声器；\n5、设备支持将防拆报警、防区报警等报警信息通过网线传送到管理中心，并形成日志文件；\n6、支持可视对讲功能：按下紧急求助按键后呼叫中心管理机，呼叫过程中能听到相应提示音；通话过程中中心能看到设备处实时视频，支持实时全双工双向语音对讲和视频通话功能；\n7、设备前置 200 万 CMOS 高清摄像头；\n8、支持红外补光，在光照强度 0.1Lx 时，红外补光距离应不小于10 米；支持日夜模式自动切换：通过 ICR 红外滤片实现自动切换，实现真正的日夜模式监控；\n9、色图像：图像分辨力≥280TVL，亮度鉴别等级≥8 级；\n10、支持外界噪音侦测报警；外界噪音≥60DB（可设置），内置振动探测器接口；\n11、支持巡更刷卡功能；\n12、支持 GPS 实时定位功能；\n13、防护等级：IP65；",null,"无偏离","DH-VTA8111A","台",6,9000,{"$f":"H3*I3","v":54000},"浙江大华",null,null,"无偏离","DS-PEA22-P","台",6,8400,{"$f":"R3*Q3","v":50400},"海康"]
[2,"可视化紧急求助报警箱","1、采用嵌入式 Linux 操作系统,高性能嵌入式 SOC 处理器，系统运行稳定可靠；\n2、前置环形红色背光灯机械按键，环形红色背光灯能定时闪烁，报警按钮处具有“紧急报警”明显标示说明，呼叫接通后的通话过程中按键的红色环形背光灯闪烁频率应加快，指示为当前处于通话状态；\n3、设备支持双网口链路、PSTN 电话链路传输；\n4、设备支持 2 路音频输入和 2 路音频输出；音频输入和音频输出关系可自由配置，内部含高灵敏度麦克风，拾音距离应达到 10 米，语音清晰，内置 3W 扬声器；\n5、设备支持将防拆报警、防区报警等报警信息通过网线传送到管理中心，并形成日志文件；\n6、支持可视对讲功能：按下紧急求助按键后呼叫中心管理机，呼叫过程中能听到相应提示音；通话过程中中心能看到设备处实时视频，支持实时全双工双向语音对讲和视频通话功能；\n7、设备前置 200 万 CMOS 高清摄像头；\n8、支持红外补光，在光照强度 0.1Lx 时，红外补光距离应不小于10 米；支持日夜模式自动切换：通过 ICR 红外滤片实现自动切换，实现真正的日夜模式监控；\n9、彩色图像：图像分辨力≥280TVL，亮度鉴别等级≥8 级；\n10、支持外界噪音侦测报警；外界噪音≥60DB（可设置），内置振动探测器接口；\n11、防护等级：IP65；",null,"无偏离","DH-VTA2201B-S","台",26,1020,{"$f":"H4*I4","v":26520},"浙江大华",null,null,"无偏离","DS-PEA22-B","台",26,2117,{"$f":"R4*Q4","v":55042},"海康"]
[3,"紧急报警管理主机","1、10.1 寸高清触摸屏；\n2、集成 200 万高清摄像头，摄像头支持角度调节；\n3、对接显示器功能：设备支持通过 HDMI 和 VGA 接口扩展显示关联视频通道；\n4、支持 H264/H265 解码显示；\n5、设备支持最大 256G SD 卡，支持存储双向对讲通话时录像的双向混音音视频复合流；支持管理机本地 SD 卡存储的音视频文件回放；\n 6、呼叫转移功能：设备支持前端设备呼叫中心管理机时，通过呼叫转移功能将呼叫信息转移到其他中心后端管理机上；并支持将呼叫信息通过电话网关转接至座机或手机终端；\n7、设备支持多台前端设备与多台中心管理机实时多方通话；\n8、托管功能：管理机可在空闲时间进入托管状态，所有收到的呼叫均可转接给托管的管理机；\n9、通话变声功能：支持通话变声功能开启和关闭，保护人员隐私；\n10、支持外接 IPC，并在中心管理机上显示；",null,"无偏离","DH-VTS8340B-CG","台",1,7140,{"$f":"H5*I5","v":7140},"浙江大华",null,null,"无偏离","DS-PEA4H-10","台",1,3850,{"$f":"R5*Q5","v":3850},"海康"]
["小计",{"$nulls":8},{"$f":"SUM(J3:J5)","v":87660},{"$nulls":8},{"$f":"SUM(S3:S5)","v":109292}]
["合计"]

{"sheet":"8、校园大数据服务器及云储存系统","index":7,"n_rows":7,"n_cols":30,"rows_kept":7,"cut":false,"hidden":false,"merged":[[0,0,0,11],[5,0,5,1],[6,0,6,1]]}
["8、校园大数据服务器及云储存系统"]
["序号","设备名称","招标参数","厂家参数","偏离项","型号","单位","数量","单价","总价","品牌","备注",null,"偏离项","型号","单位","数量","单价","总价","品牌","备注",null,"偏离项","型号","单位","数量","单价","总价","品牌","备注"]
[1,"智慧校园管理服务器","2U 双路标准机架式服务器\nCPU：2 颗 intel 至强系列处理器，核数≥10 核，主频≥\n2.2GHz \n内存：16G*4 DDR4，16 根内存插槽，最大支持扩展至2TB\n内存 \n硬盘：4 块 600G 10K 2.5 寸 SAS 硬盘\n阵列卡：SAS_HBA 卡, 支持 RAID 0/1/10\nPCIE 扩展：最大可支持 6 个 PCIE 扩展插槽\n网口：2 个千兆电口，2 个万兆光口                                   其他接口：1 个 RJ45 管理接口，后置 2 个 USB 3.0 接口，\n前置 2 个 USB2.0 接口，1 个 VGA 接口 \n电源：标配 550W（1+1）高效铂金 CRPS 冗余电源 \n机箱规格：约为 87.8mm(高)x 448mm(宽)x729.8mm(长) ",null,"正偏离2项：\n1、核数=12 核\n2、电源：标配 800W（1+1）高效铂金 CRPS 冗余电源 ","IVA-R4208L-G3-12LFF-C","台",2,26975,{"$f":"I3*H3","v":53950},"紫光华智",{"$nulls":4},"台",2,{"$nulls":6},"DS-VE22S-B(310803609)","台",2,30787,{"$f":"AA3*Z3","v":61574},"海康"]
[2,"智慧校园教学资源管理服务器","2U 双路标准机架式服务器\nCPU：2 颗 intel 至强系列处理器，核数≥10 核，主频≥\n2.2GHz\n内存：16G*4 DDR4，16 根内存插槽，最大支持扩展至 2TB内存\n硬盘：4 块 600G 10K 2.5 寸 SAS 硬盘\n阵列卡：SAS_HBA 卡, 支持 RAID 0/1/10\nPCIE 扩展：最大可支持 6 个 PCIE 扩展插槽\n网口：2 个千兆电口，2 个万兆光口\n其他接口：1 个 RJ45 管理接口，后置 2 个 USB 3.0 接口，\n前置 2 个 USB2.0 接口，1 个 VGA 接口\n电源：标配 550W（1+1）高效铂金 CRPS 冗余电源\n机箱规格：约为 87.8mm(高)x 448mm(宽)x729.8mm(长)",null,"正偏离2项：\n1、核数=12 核\n2、电源：标配 800W（1+1）高效铂金 CRPS 冗余电源 ","IVA-R4208L-G3-12LFF-C","台",2,26975,{"$f":"I4*H4","v":53950},"紫光华智",{"$nulls":4},"台",2,{"$nulls":6},"DS-VE22S-B(310803609)","台",2,30787,{"$f":"AA4*Z4","v":61574},"海康"]
[3,"云存储主","1、自带 48 块 8T 企业级硬盘，支持 SATA 和 SAS 混插，支持不同品牌（希捷、西数、东芝、海康威视）的硬盘混插；并支持≥12 级扩展柜级联扩展；可支持 12GBSAS 扩展口；\n2、服务器配置：≥1 颗 64 位多核处理器，≥4GB 内存，\n内存支持扩展到≥256GB，内置 128GSSD 固态硬盘（可以扩展到 2 个 SSD 作为缓存盘），支持热插拔冗余温控调速风扇； \n3 、可接入  2T/3T/4T/6T/8T/10T/12T/14T/16T/18T/20T\nSATA/SAS 硬盘；支持 NL-SAS 硬盘、SSD 硬盘、氦气硬盘、空气硬盘；支持硬盘交错/分时启动，节省功耗。 \n4、标配≥2 个千兆网口，可增扩≥6 个千兆网口，或可增扩≥4 个万兆网口或≥6 个 HDMI 接口或≥4 个 SAS3.0 接口；\n5、配备独立元数据系统、支持元数据系统组成 RAID 和网络 RAID（N+M 配置，且 M≥8）； \n6、网络中断后重新恢复，可续存断网期间存储在前端设\n备中的录像文件，并可通过浏览器设置自动回传和手动回传；支持 256 路 4Mbps 的录像回传； \n7、单台存储设备组建网络 RAID,允许每组 RAID 中任意 10个磁盘发生故障，数据不丢失，存储服务不中断。支持块级重构，全盘参与重构速度不小于 4TB/10min； \n8、应能接入并存储 2048Mbps 视频图像，同时转发 2048Mbps的视频图像，同时下载 2048Mbps 的视频图像；同时回放1024Mbps 的视频图像；在转发模式下，可进行 4096 路2Mbps 视频码流转发；在总带宽不变的情况下，接入、转发、回放间的性能值可自由调整； \n9、支持磁盘冷启动，设备可自动判断磁盘异常，可通过\n磁盘冷启动进行恢复操作，业务不中断； ",null,"无偏离","HS-US3060-C","台",10,114764,{"$f":"I5*H5","v":1147640},"紫光华智",null,null,"无偏离","DH-EVS5048S-R","台",10,134700,{"$f":"Q5*R5","v":1347000},"浙江大华",null,null,null,"DS-A71048R/8T","台",10,115570,{"$f":"AA5*Z5","v":1155700},"海康"]
["小计",{"$nulls":8},{"$f":"SUM(J3:J5)","v":1255540},{"$nulls":17},{"$f":"SUM(AB3:AB5)","v":1278848}]
["合计"]

{"sheet":"9、校园智能 IP 广播系统（教室内、 室外）","index":8,"n_rows":43,"n_cols":30,"rows_kept":43,"cut":false,"hidden":false,"merged":[[17,19,18,19],[17,18,18,18],[22,18,23,18],[28,18,29,18],[34,18,35,18],[38,18,39,18],[17,8,18,8],[22,8,23,8],[28,8,29,8],[34,8,35,8],[38,8,39,8],[41,0,41,1],[42,0,42,1],[28,5,29,5],[34,5,35,5],[38,5,39,5],[19,0,19,1],[20,0,20,1],[25,0,25,1],[33,0,33,1],[37,0,37,1],[0,0,0,11],[2,0,2,1],[3,0,3,1],[6,0,6,1],[16,0,16,1]]}
["9、校园智能 IP 广播系统（教室内、 室外）"]
["序号","设备名称","招标参数","厂家参数","偏离项","型号","单位","数量","单价","总价","品牌","备注",null,"厂家参数","偏离项","型号","单位","数量","单价","总价","品牌","备注"]
["一、广播设备（广播中心控制室）"]
["1-1、主控服务器设备"]
[1,"IP网络广播控制中心（6U）","功能特点：\n1、IP 网络数字广播服务器软件的运行载体，是广播的控制中心，对整个广播系统进行实时有效的管理；\n2、采用工业级工控机机箱设计，机箱采用钢结构，有防磁、防尘、防冲击的能力；\n3、支持专用千兆网传输，可同时传输上百套节目源；\n4、工业级专用主板设计，可以长时期不断电稳定工作；\n5、Apache WEB 服务器，支持多用户同时访问\n6、应用数据和媒体文件采用数据库管理，安全可靠，任务数不受限制\n7、专业流媒体服务器，支持标准流媒体格式\n8、服务器软件采用后台系统服务运行，是企业级的标准服务器工作模式，开机，系统即可自动运行，相比运行在界面前台的软件具有更高的稳定性和可靠性。\n9、扩展增加备用工控机可实现服务器软件数据共享，备用工控机能实时检测主用工控机的工作状态，并实现故障自动主备切换，可完整替代主用工控机的管理控制功能\n技术参数：\n1、屏幕尺寸:12.1 英寸\n2、软件操作平台 ：LINUX\n3、集成推拉式键盘及触摸鼠标\n4、屏幕颜色:TFT24 位真彩色\n5、工作环境:环境温度：5℃~40℃；相对湿度：≧75%\n6、主板:华硕 H310M-E（全新）HDMI+VGA，千兆集成网卡\n7、CPU:Intel/英特尔 G5400（8 代）双核，散片，1151 针，3.7GHz\n8、内存: 金士顿 4G/DDR4 代 2400\n9、光驱：笔记本光驱\n10、电脑风扇：九州风神 CK-11508\n11、内置金士顿 suv400 固态硬盘/120G，具有抗震动、抗摔、读写速度快、功耗低等特点；\n12、电源：长城 BTX-500SE，额定 400W\n13、液晶显示屏：LCD 液晶，分辨率 1280*800，N121T7-L01 奇美（包含/屏驱动板/VGA 线/连接排）\n14、触摸屏：电容触摸（包含：触摸驱动板，屏连线）\n15、标准接口:1×RJ45 接口；2×USB(3.0)；4×USB(2.0)；1*VGA\n16、系统音频信号信噪比 ：LINE：70dB；MIC：60dB\n17、系统音频信号失真度： 1KHz<0.5%\n18、系统音频信号标准输入电平 ：LINE：300mV； MIC：5mV\n19、系统音频信号标准输出电平 ：0dBV\n20、自身耗电量 ：AC～220V/50Hz/300W","功能特点：\n1、IP 网络数字广播服务器软件的运行载体，是广播的控制中心，对整个广播系统进行实时有效的管理；\n2、采用嵌入式工业级工控机机箱设计，机箱采用钢结构，有防磁、防尘、防冲击的能力；\n3、支持专用千兆网传输，可同时传输上百套节目源；\n4、工业级专用主板设计，可以长时期不断电稳定工作；\n5、Apache WEB 服务器，支持多用户同时访问\n6、应用数据和媒体文件采用数据库管理，安全可靠，任务数不受限制\n7、专业流媒体服务器，支持标准流媒体格式\n8、服务器软件采用后台系统服务运行，是企业级的标准服务器工作模式，开机，系统即可自动运行，相比运行在界面前台的软件具有更高的稳定性和可靠性。\n9、扩展增加备用工控机可实现服务器软件数据共享，备用工控机能实时检测主用工控机工　　作状态，并实现故障自动主备切换，可完整替代主用工控机的管理控制功能\n10、单台支持 1000 路终端管理，50 个对讲并发，支持多服务器集联扩展管理；\n11、服务端平台支持国产和国外 Linux 系统运行，所有功能模块可实现分布式部署和集中部署两种部署方式\n 12、广播系统同时支持 BS 架构、CS 架构，通过网页登陆和桌面客户端软件即可进行终端管理、用户管理、节目播放管理、媒体库管理等功能的操作。\n13、音视频文件混合广播播放,全区广播支持音视频广播。管理节目库资源，为所有音视频终端提供定时播放和实时点播媒体服务，响应各终端的节目播放请求，为各音频工作站提供数据接口服务。支持手机移动端 WIFI 点播。\n14、提供全双工，单向、双向音视频 480p-1080P 分辨率高清可视通话，响应各对讲终端的呼叫和通话请求，支持自动接听、手动接听；支持多种呼叫策略，包括呼叫等待、呼叫转移。\n15、全平台采用高可用设计，多服务负载均衡调度模式其中 1-3 个服务程序启停对平台与用户使用无感知，7*24 小时运行不影响业务，数据主从备份，定时备份，确保用户数据安全。\n16、平台接口标准，支持 RESTFUL 接口与 RPC 接口，兼容市面主流开发语言接入；音视频数据标准，H264、AAC；对讲数据传输标准支持 sip 协议音视频对讲；广播、直播、 点播传输标准，支持 RTMP、RTSP、H5。\n17、提供标准 HTTP、RPC、JAVA、C++、C#、安卓、NODE.JS、GO 等主流语言接口，提供 Mysql、Redis 数据库接口便于平台子系统之间数据共享。\n18、网络广播支持 UDP、TCP、RTP、组播四种广播传输协议，能针对不同场景设置不同的广播传输方式。支持多种广播应用，具体要求包含：全区广播、分区广播、定时广播\n技术参数：技术参数  \n产品名称 ：中心服务器显示屏为22寸\n产品类型 ：企业级\n产品类别 ：机架式\n操作系统 ：LINUX  Ubuntu18.4\n处理器      ：CPU 型号 Intel® Core™ i5-9400 Processor\n           CPU基本频率 2.90 GHz\n           CPU最大涡轮频率 4.10 GHz\n           CPU核心 6核\n           CPU线程数 6线程\n 芯片组 　　：Intel®B365BIOS AMI 64M BIOS,ACPI supported\n内存类型 ：DDR4\n内存容量 ：32GB\n存储 　　： M-SATA 1*512GB固态硬盘\n 　　　　　SATA 可扩展到1个4T硬盘\n网络2*RJ45　: 内置2*Intel WGI211AT 10M/100M/1000M自适应网卡\n通讯协议　　: TCP/IP  UDP  RTP  SIP  Onvif \n视频　1*HDMI : 支持HDMI1.4最大分辨率4096*2304@24HZ\n 　1*VGA  : 分辨率最高1920*1080@60Hz\n音频Line_Out : 内置Realted®ALC662芯片,支持高保真立体声 \nUSB 　　　　：后置4*USB3.0\n   　　　　　前置2*USB0.0\nLED状态灯　：网络状态灯 1*4Pin LAN_LED\n供电电源 ：AC 220V","无偏离","KL-ALLS-990","台",1,12800,12800,"峰火/昆仑",null,null,null,"产品类型：数字化IP网络广播主机；产品特点：\n1、IP网络数字广播服务器软件的运行载体，是广播系统的控制中心；\n2、安装在主控室，对整个广播系统进行实时有效的管理；\n3、工业级机柜式机箱设计，机箱采用钢结构，有较高的防磁、防尘、防冲击的能力；\n4、15英寸LED液晶显示屏，内置五线工业加固触摸屏，简单易用的触摸屏操控；\n5、工业级专用主板设计，四核四线程超低功耗的嵌入式工业级处理器，处理速度更快，运作性能更强，可以长时期不断电稳定工作；\n6、内置大容量 SSD固态硬盘，具有抗震动、抗摔、读写速度快、功耗低等特点；\n7、自带6路USB接口（4组通用串行总线），6路通用串口（6组工业异步传输接口），最高480M传输速率，方便外扩周边设备接入。\n产品参数：\n1、屏幕尺寸：15英寸；\n2、屏幕颜色：TFT262144色真彩色；\n3、操控方式：1024 x 768分辨率液晶电阻式(五线)触摸屏；\n4、结构：19英寸7U上架式；\n5、工作环境温度：环境温度：-10℃～50℃；\n6、工作环境湿度：相对湿度：5%～95%非冷凝；\n7、主板：工业主板；\n8、键盘：自带抽拉式88键，触摸板鼠标；\n9、标准接口：1 x PS/2接口、6 x 串口、1 x VGA、6 xUSB 口、1 x MIC口、2 x 线路输入口、2 x 线路输出口；\n10、硬盘：120G SSD 固态硬盘；\n11、内存：DDR3 800MHZ 4G；\n12、处理器：Intel Celeron J1900 2.0GHz四核四线程；\n13、系统音频信号信噪比：LINE：70dB；\n14、系统音频信号失真度：1KHz<0.5%；\n15、系统音频信号标准输入电平：LINE：300mV； \n16、系统音频信号标准输出电平：0dBV；\n17、电源：300W-ATX；\n18、尺寸：尺寸：484*311*358mm（W*H*D）。","T-7000","台",1,11846,{"$f":"S5*R5","v":11846},"卡度"]
[2,"数字IP网络广播系统软件","1、支持批量修改终端的本地音量（IP 前置、IP 功放除外）\n2、支持用户停用功能\n3、直接支持 android 手机客户端控制（WIFI 环境）\n4、支持自定义节假日作息停播功能（支持当天停播，第二天自动恢复播放；支持节日自动停播，无须人工手动停止作息方案）\n5、软件支持 linux 平台\n6、服务器软件支持文字转语音功能，可选中文（男、女声） 英文（男、女）、对文字信息转语音播放速率可任意调整、同时可设置音量大小及播放优先级\n7、广播软件自动识别终端：当网络终端 IP 地址已配置好，系统将自动检测识别显示在广播软件配置栏 上，无须逐个配置终端 IP 地址步骤。\n8、软件支持第三方平台嵌入式开发，提供标准的 SDK 开发包，实现与其他系统平台整合（例如楼宇访客系统、监控视频系统等）。\n9、标准 TCP/IP 网络协议，安装于连接以太网的计算机；自动播放及定时功能，可以实现定时定点定区域定曲目播放，实现无人值守。\n10、服务器负责音频流点播服务、计划任务处理、终端管理和权限管理等功能。管理节目库资源，为所有网络适配器提供定时播放和实时点播媒体服务，响应各网络适配器的播放请求，为各 IE 客户端提供数据接口服务。可以容纳万首节目，方便重复使用。\n 11、具有:基本参数、设置时间、备份还原、终端管理、终端分区、文件管理、目录管理、报警映射、报警分区、遥控任务、作息方案、文件广播、采播管理、电话采播\n12、支持网络电台、终端功放、查看任务、管理用户、用户组管理、查看日志、注册服务等功能操作界面；\n13、软件采用稳定的 B/S 架构、所有软件集中安装在服务器、管理者或分控人员可通过浏览器直接（访问端口可自定义、默认 80）以特定的用户身份操作管理整个广播系统、不再安装任何软件\n14、支持跨互联网访问：无须到电信或移动另外租赁服务器，端口映射直接在主服务器端完成，终端不需要做任何映射                                                                                15、分用户显示文件广播任务\n16、任务级别设定\n17、注册方式，序列号注册方式，绑定服务器硬件\n18、支持终端温湿显示，便于时刻关注终端的工作状态\n19、支持检测终端左右声道连接是否正常，便于售后检查\n20、支持监控联动，监控检测事件报警如 ，（穿越警戒面，进入警戒区，离开警戒区。。。。。）\n21、支持 GPS 自动校时（须配 9713）\n22、支持后台查询历史播音语音文件包,可以查看，下载","平台功能\n1、高清音视频对讲：支持1080p分辨率高音质可视通话，支持星光级别摄像机，在光线极弱的条件下，仍能清楚的识别通话人面部，支持录音录像；\n2、对讲回放：支持查看音视频对讲记录回放；支持手机APP控制，支持与摄像机联动形成可视化广播。\n3、支持 BS 架构、CS 架构：通过网页登陆和桌面客户端软件即可进行终端管理、用户管理、节目播放管理、媒体库管理等功能的操作；\n4、实时监测设备状态：通过web管理端的设备状态，即可实时监测所有设备的实时状态、工作状态，方便调试、检修和维护；\n5、公共广播：全区广播，web管理端可对指定终端设备进行全区MP3文件广播、喊话广播、外接音源广播；分区广播，web管理端可对指定的终端设备分区进行MP3文件广播、喊话广播；定时广播，web管理端具有定时广播功能；在案件频发时期，灾害、应急事件多发期，可定时自动进行语音播放、信息提醒、知识宣导； \n6、音视频广播：支持对终端，主机设备发起音视频广播，支持主流的mp3,AAC,mp4,avi等格式的音视频文件；\n7、日志管理：支持实时查看设备工作日志\n8、文字转语音：支持在线文字转语音功能;\n9、在线监听广播内容：可通过网页管理端，在线监听正在播放的广播内容；\n10、视频会议：支持主机与主机间的视频会议功能，单个会议房间最高支持64方融屏视频会议，超低延迟，高清晰；还可通过分享会议链接，一键邀请参与会议；\n11、电子地图：可设置查看设备的安装位置；\n12、媒体库：可上传下载平台的音视频文件，完成音视频的管理与维护，同时支持在线点播；\n13、远程升级：支持对终端，主机设备的远程升级功能，升级更新，一键完成；\n14、报警联动：当有报警信息发生时，按照事前设置，报警信息可联动各级中心不同管理主机，会自动弹出报警信息画面；各级中心第一时间接收警情；\n15、全平台采用高可用设计，多服务负载均衡调度模式其中 1-3 个服务程序启停对平台与用户使用无感知，7*24 小时运行不影响业务，数据主从备份，定时备份，确保用户数据安全。\n16、平台接口标准，支持 RESTFUL 接口与 RPC 接口，兼容市面主流开发语言接入；音视频数据标准，H264、AAC；对讲数据传输标准支持 sip 协议音视频对讲；广播、直播、 点播传输标准，支持 RTMP、RTSP、H5。\n17、提供标准 HTTP、RPC、JAVA、C++、C#、安卓、NODE.JS、GO 等主流语言接口，提供 Mysql、Redis 数据库接口便于平台子系统之间数据共享。\n\n","无偏离","KL-PS-990","套",1,3500,3500,"峰火/昆仑",null,null,null,"产品类型：数字化IP网络广播控制软件；产品特点：\n1、软件是整个系统的运行核心，统一管理系统内所有音频终端，包括寻呼话筒、对讲终端、广播终端和消防接口设备，实时显示音频终端的IP地址、在线状态、任务状态、音量等运行状态；\n2、支撑各音频终端的运行，负责音频流传输管理，响应各音频终端播放请求和音频全双工交换，进行终端管理、用户管理、节目播放管理、音频文件管理、录音存贮、内部通讯调度处理等功能；\n3、管理节目库资源，为所有音频终端器提供定时播放和实时点播媒体服务，响应各终端的节目播放请求，为各音频工作站提供数据接口服务；\n4、提供全双工语音数据交换，响应各对讲终端的呼叫和通话请求，支持一键呼叫、一键对讲、一键求助、一键报警等通话模式，支持自动接听、手动接听，支持自定义接听提示音；\n5、支持多种呼叫策略，包括无响应转移、占线转移、关机转移，支持时间策略和转移策略自定义设置。支持设置对讲终端呼叫策略，可自定义通话时间0-180S或不受限，可选择是否自动接听，支持自定义选择来电铃声与等待铃声；\n6、支持多套定时打铃方案同时启用，每套定时打铃方案支持多套任务同时进行，支持一键启用/停用所有方案；\n7、具有自动音乐打铃、定时节目播放、音频实时采播，可以实现定时定点定区域定曲目播放，实现无人值守功能，系统能根据广播音频信号的有无可以自动关闭、开启各个节点上的功放；\n8、编程定时任务，支持编程多套定时方案，支持选择任意终端和设置任意时间、设置重复周期，支持定时任务多种音源选择（音乐播放、终端采集）；\n9、支持定时打铃功能，支持定时任务克隆，任务执行与停止控制、定时任务禁用与启用功能；\n10、支持今日任务列表查看，轻松管理今日执行的所有定时任务信息和执行状态；\n11、支持定时任务循环规则批量修改；\n12、支持断网定时播放定时任务功能，同时能将IP网络定时任务文件定时更新到各IP终端机本地自带的SD卡中，确保IP终端本地的定时任务及时更新；\n13、支持定时任务音乐和终端采集进行录音；\n14、广播系统后台可对终端进行5段均衡器调节：可对终端进行80Hz、300Hz、1KHz、3KHz、10KHz频点的±12dB调节，使得终端设备在现场使用环境不同而调节修饰音效；\n15、带有检测功能，可以实时监测任意一个终端节点的使用状态；\n16、支持对8路功率分区终端进行功率控制分区设置，通过后台或分控客户端均可轻松设置分区；\n17、支持对终端设置时间显示配置，可设置1-7级别亮度值，可设置离线后不显示时间等模式；\n18、支持对终端设置不同的灯光模式，可分别自定义设置红灯亮、红灯灭、绿灯亮、绿灯灭时间0.1S-10S；\n19、支持配置终端冻结时间，在终端被冻结期间禁止终端执行任务，适用于考试或休息等场景；\n20、支持终端短路输入联动触发，可任意设置联动触发方案和触发终端数量，触发方案包括短路输出、音乐播放、巡更警报等；\n21、支持终端巡更功能；\n22、支持终端防拆报警，终端拆卸触发警报或其他终端联动触发警报；支持报警任务自动解除报警功能；\n23、软件具有消防联动报警功能，能接收并处理消防中心信号，按照预先设置，使广播系统发出报警语音的软件；\n24、支持全区、分区消防联动，支持手动报警与自动报警；\n25、支持远程无线遥控点播功能，实现操场远程无线遥控点播；\n26、系统支持模拟音源实时输入，将模拟音源实时数字化，实现任意多路实时采播；\n27、支持本地音频采集功能，播放到任意指定终端；\n28、支持终端音频采播功能，实现听力考试语音文件采播；\n29、支持手机移动端WIFI点播、广播功能，兼容Android系统手机APP进行操作；\n30、支持第三方平台系统嵌入式开发，提供标准开发协议，实现平台之间的相互整合（监控调度系统、酒店客控系统、楼宇访客系统）；\n31、支持电子地图功能，在地图/导览图上可实时查看终端状态；\n32、支持统一管理终端登陆密码，支持多级优先级管理，并支持轻松自动授权；\n33、支持多用户、任意级别的分控管理，实现远程节目播放管理；\n34、支持文本广播功能，可实现将文本转成语音，支持调整语速、调整音量，播放人声支持男声和女声选择；\n35、支持单点播放：可以对任意单点、组群、分区或全区广播；\n36、系统软件具有双保险功能，可设置主服务器以及备份服务器，当主服务器故障或感染病毒时，备份服务器可自动接替主服务器进行工作，提高了系统的稳定、可靠性；\n37、日志记录系统运行状态，实时记录系统运行及终端工作状态，每次呼叫、通话和广播操作均有记录；\n38、系统软件支持Windows2000、Windows2003、Windows XP、Windows7、Windows8、Windows10等多个系统平台；\n39、系统兼容路由器、交换机、网桥网关、Modem、Internet、2G、3G、4G等任意网络结构；\n40、支持对终端进行远程固件升级，无需到终端本地升级，减轻维护人员工作强度。","T-7000S","套",1,2662,{"$f":"S6*R6","v":2662},"卡度"]
["\n1-2 、音源设备",{"$nulls":9},"峰火/昆仑"]
[1,"光碟播放器","功能特点\n1、超强纠错功能,强大解码播放\n2、遥控操作,菜单提示,一目了然\n3、CD、DVD、U 盘 MP3 自动播放功能。\n4、高亮度动态 VFD 显示，清晰醒目。\n5、具有曲目直选功能。\n6、具有通电后自动播放功能。\n技术参数\n1、频率响应：20Hz-20kHz\n2、信噪比：90dB\n3、动态范围：90dB\n4、谐波失真：0.005%\n5、抖晃：可测极限之下\n6、输出电平：0dBV\n7、电源：AC 220 –240 V / 50～60 Hz\n8、兼容多种格式(CD/VCD/VCD/Mp3 等)\n","1、机柜式手动控制的CD/MP3播放设备，\n2、高亮度动态SCD液晶屏显示， 清晰醒目，微电脑控制，轻触式按键操作\n3、可播放CD/MP3格式碟片、支持USB盘MP3音乐播放，\n4、采用进口数码机芯，系统+ESS解码方案，超强纠错功能\n5、具有曲目直选功能，电子抗震、防尘。\n6、具有通电后自动播放功能。\n7、2路音频信号左右声道（S /R）输出\n8、可通过面板按键或红外遥控器控制操作\n技术参数\n1、频率响应：20Hz-20kHz\n2、信噪比：90dB\n3、动态范围：90dB\n4、谐波失真：0.005%\n5、抖晃：可测极限之下\n6、输出电平：0dBV\n7、电源：AC 220 –240 V / 50～60 Hz\n8、兼容多种格式(CD/VCD/VCD/Mp3 等)\n","无偏离","P-D8601","台",1,620,620,"峰火/昆仑",null,null,null,"产品类型：数控DVD/MP3播放器；产品特点：\n1、标准机箱设计，1U铝合金面板，人性化的抽手设计，美观实用；\n2、高亮度动态VFD荧光显示，清晰醒目，微电脑控制，轻触式按键操作；\n3、兼容VCD，SVCD，DVD，GAME，MP3，MP4，JPEG，HDCD，CDDA，WMA，CD-G，DVD-R，DVD+R，VD-RW，DVD+RW，HDVD，CD，FLV等多种格式光碟；\n4、支持U盘MP3音乐播放；\n5、支持音频信号左右声道（L /R）和视频（AV）信号输出；\n6、高性能的解码芯片，让实时选歌操作没有半点延迟感；\n7、有通讯控制接口（RJ45），能受控于控制主机实现多种自动播放模式：播放单曲、全部循环、循环单曲、停止播放等；\n8、支持多机级联，最多可扩展到8台设备；\n9、受数码编程分区控制广播主机的控制。","HA-102","台",1,872,{"$f":"S8*R8","v":872},"卡度"]
[2,"广播话筒","1、四声前后奏音麦克风\n2、换能方式：极性化电容式\n3、频率响应：40Hz-16kHz\n4、灵敏度： -38dB±2dB\n5、输出阻抗： 200Ω\n6、指向性：心型指向\n7、参考适音距离： 20~50cm\n8、内置提示音音量旋钮可调\n9、话筒增益可自行调节\n10、供电电压 220V/9V","1、四声前后奏音麦克风\n2、换能方式：极性化电容式\n3、频率响应：40Hz-16kHz\n4、灵敏度： -38dB±2dB\n5、输出阻抗： 200Ω\n6、指向性：心型指向\n7、参考适音距离： 20~50cm\n8、内置提示音音量旋钮可调\n9、话筒增益可自行调节\n10、供电电压 220V/9V","无偏离","P-D30M","台",1,246,246,"峰火/昆仑",null,null,null,"产品类型：带提示音广播话筒；产品特点：\n1、带前凑音，MP3高品质音质；\n2、换能方式：电容式咪芯 （直径9.7mm ）；\n3、指向性：超心型指向；\n4、音频输出方式：平衡输出；\n5、灵敏度：-47dB±3dB(F=1KHz,S.P.L=1Pa, 0dB=1V/Pa)；\n6、有效适音距离：5-60cm； \n7、最大承受声压：105dB(F=1KHz,THD<5%)；\n8、输出阻抗：160Ω±20%；\n9、不失真最大输出：250mV 1.35mA(-68±2 dBm)；\n10、供电电压：DC 3V电池 / 9V电源适配器；\n11、电池连续使用时间：〉20小时（7号电池）；\n12、音频线：8米6.3插；\n13、规格（长*宽*高）：129*122*422mm；\n14、开关：电子轻触(带LED)；\n15、频率响应：50Hz-16KHz。","HB-701A","套",1,218,{"$f":"S9*R9","v":218},"卡度"]
[3,"前置放大器","功能特点\n1.10 路线路输入，1 路卡侬线路输入，4 路线路输出，2 路录音输出，1路卡侬线路输出\n2.3 路话筒输入、前话筒具有默音功能，默音大小可自由调节\n3.各分路音量单独调节,统一音量调节控制，高低音调节\n4.支持叮咚声播放，用于检测线路及喊话时提示；\n5.各分路具有通道开关，完全屏蔽分路信号干扰互通\n6.支持 U 盘播放，TF 卡播放，FM 播放\n7.支持蓝牙播放\n8.支持 48V 幻像供电\n9.具有自动接地开关，杜绝静电噪音\n10.支持电平显示输入信号的强弱\n技术参数\n11.线路输入电平 400mV 不平衡\n12.卡侬输入电平 400mV 平衡\n13.话筒输入电平 1.8mV 平衡/3mV 不平衡\n14.线路输入阻抗 10KΩ\n15.话筒输入阻抗 600Ω\n16.音调调节范围 ±10dB\n17.频率响应 20Hz-20KHz\n18.工作电源 AC 220V±10% 50-60Hz\n19.信噪比 Aux Input:90dB","1、设有10路输入通道：包括5路话筒（MIC）输入，3路标准线路你好（AUX）输入，2路EMC紧急线路输入；\n2、紧急输入（ENC1、2）具有最高优强行切入优先功能；\n其次话筒1（MIC1）是为第二级优先，话筒（MIC2、3、4、5）与线路（AUX1、2、3）输入为第三级；\n话筒（MIC)输入通道和线路（AUX）输入通道均可独立调校音量，紧急音频信号输入无音量调节，自动默音至-30dB，设有高音（TREBLE）和低音（BASS）独立调节\n3.各分路音量单独调节,统一音量调节控制，高低音调节\n4.支持叮咚声播放，用于检测线路及喊话时提示；\n5.各分路具有通道开关，完全屏蔽分路信号干扰互通\n6.支持 U 盘播放，TF 卡播放，FM 播放\n7.支持蓝牙播放\n8.支持 48V 幻像供电\n9.具有自动接地开关，杜绝静电噪音\n10.支持电平显示输入信号的强弱\n技术参数\n11.线路输入电平 400mV 不平衡\n12.卡侬输入电平 400mV 平衡\n13.话筒输入电平 1.8mV 平衡/3mV 不平衡\n14.线路输入阻抗 10KΩ\n15.话筒输入阻抗 600Ω\n16.音调调节范围 ±10dB\n17.频率响应 20Hz-20KHz\n18.工作电源 AC 220V±10% 50-60Hz\n19.信噪比 Aux Input:90dB\n","无偏离","P-D8605","台",1,730,730,"峰火/昆仑",null,null,null,"产品类型：前置放大器；产品特点：\n1、标准机箱设计，2U铝合金面板，人性化的抽手设计，美观实用；\n2、支持多路音源输入放大，和混合多路输出。\n3、具有10路输入通道：包括5路话筒（MIC）输入，3路标准信号线路（AUX）输入，2路紧急线路（EMC）输入；\n4、具有3路线路输出；\n5、紧急线路输入（EMC1、2）具有最高优强行切入优先功能；\n6、话筒1（MIC1）是为第二级优先，话筒（MIC2、3、4、5）与线路（AUX1、2、3）输入为第三级；\n7、话筒（MIC)输入通道和线路（AUX）输入通道均可独立调校音量，紧急音频信号输入无音量调节，自动默音至-30dB；\n8、设有高音（TREBLE）和低音（BASS）独立调节。","HA-119","台",1,739,739,"卡度"]
[4,"网络音频采集器","1、将信号的 A/D 转化，实现模拟音频的网络传输\n2、3 路线路输入，2 路麦克风输入（1 路带默音功能，1 路话筒混音功能）2 路模拟输出；\n3、MP3 播放功能，可插 U 盘、SD 卡，具有 FM 收音功能；\n4、电源管理（3 路外控电源，1 路 MP3 模块）；\n5、高、低音独立调节，线路输入、话筒、MP3 音量独立调节\n6、10 组快捷分区设置（通过软件可对 10 个手动按键进行分区设置，实现一键开启分区功能）\n7、1 路远程触发设置（通过软件设置对应分区与远程无线话筒联动，实现无线话筒控制采集器工作）\n8、支持蓝牙连接、手机可与之建立联接并播放音乐\n9、支持 GPS 校时功能、可为服务器提供时间校准、      10、双网口（TCP/IP、RS232）\n11、支持音效设置\n12、寻呼音量、输出音量独立调整","1、将信号的 A/D 转化，实现模拟音频的网络传输\n2、3 路线路输入，2 路麦克风输入（1 路带默音功能，1 路话筒混音功能）2 路模拟输出；\n3、MP3 播放功能，可插 U 盘、SD 卡，具有 FM 收音功能；\n4、电源管理（3 路外控电源，1 路 MP3 模块）；\n5、高、低音独立调节，线路输入、话筒、MP3 音量独立调节\n6、10 组快捷分区设置（通过软件可对 10 个手动按键进行分区设置，实现一键开启分区功能）\n7、1 路远程触发设置（通过软件设置对应分区与远程无线话筒联动，实现无线话筒控制采集器工作）\n8、支持蓝牙连接、手机可与之建立联接并播放音乐\n9、支持 GPS 校时功能、可为服务器提供时间校准、      10、单网口（TCP/IP、RS232）\n11、支持音效设置\n13、寻呼音量、输出音量独立调整","无偏离","KL-FH-2012","台",1,1950,1950,"峰火/昆仑",null,null,null,"产品类型：IP网络广播采播器；产品特点：\n1、1U标准机箱设计，铝合金面板，美观实用；\n2、标配1个10/100M RJ45网络交换机接口，支持局域网与广域网；\n3、设备采用嵌入式计算机技术和DSP音频处理技术设计，工业级双核处理芯片（ARM+DSP），启动时间小于1S；\n4、自带4路电源管理，每路电源可实现定时或手动独立打开与关闭，每路电源最大输出功率可达2000W，总功率为4000W；\n5、设有4路MIC与4路AUX音频输入，输入接口可根据用户实际应用环境灵活选择，每路音量可独立控制，独立信号指示灯显示工作状态；\n6、内置音频采集编码模块，可实时播放网络音乐及单向呼叫功能，可将模拟音频采集到IP网络广播系统任意终端，音频采集延时小于20ms ，支持三种采播模式：“普通采播”、“中等采播”和“高保真采播”支持定时采播任务、临时采播任务，采播任务优先级别可通过服务器设置；\n7、应用人性化播放模式设计，可选择任何音源播放给任何区域，并设有高、中、低3种音质效果选择，实现了CD级音质效果传送给每个区域；\n8、本设备可支持局域网与广域网的远程升级，便于有效管理各终端。\n产品参数：\n1、网络接口：标准RJ45×1；\n2、传输速率：10M/100Mbps；\n3、音频格式：MP3/MP2；\n4、音频模式：16位立体声CD音质；\n5、频率响应：20Hz—20KHz；\n6、支持协议：TCP/IP、UDP，IGMP（组播）；\n7、谐波失真：≤0.3%；\n8、信 噪 比：≥90dB；\n9、输入灵敏度：MIC：10MV/AUX：250MV；\n10、工作温度：-20℃～+60℃；\n11、工作湿度: 10%～90%；\n12、输出电源功率：4000W；\n13、待机功耗：≤50W；\n14、产品尺寸：484*50*225mm（W*H*D)；\n15、电源电压：AC 220V/50Hz。","T-7403","台",1,1694,1694,"卡度"]
[6,"网络寻呼话筒","功能特点\n1、操作简单；\n2、可进行单向广播（对点、分区或全区）、双向对讲和监听。\n3、7 英寸电容触摸屏，支持寻呼对讲，操作简单；图文式菜单操作；人性化人机操作界面\n4、设备采用嵌入式 ARM 处理器；高速工业级芯片，运行稳定可靠；\n5、内置 3W 全频监听扬声器（输入阻抗 8Ω），声音清晰、洪亮。内置选播监听功能\n6、支持手机修改 IP 地址、设置设备参数\n7、兼容 TCP/IP、RTP、RTSP、UDP、IGMP（组播）等多种流媒体网络协议，实现跨网关设备控制以及状态实时监控；\n8、具有密码登录保护功能；以防止非操作人员误操作\n9、强指向性麦克风，保证通话清晰无干扰；\n10、一路本地线路输入；一路音频辅助输出，一个 DC5V 直流供电接口；\n11、双网口（TCP/IP、RS232），支持跨网段和跨路由。\n12、支持本机修改 IP 及其他基本设置、（具有中文输入法）、\n13、短路远程触发、触发任务可设定\n14、支持一键群呼功能\n15、支持音效设置\n16、寻呼音量、对讲音量、点播音量、监听音量、输出音量独立调整\n 17、三种语言模式切换\n18、支持点播、给终端或本地输出、一路音频输入，一路音频输出（带音量调节旋钮），一路耳机输出（带音量调节旋钮）\n19、拾音距离 50cm 以上\n20、支持 5 段均衡音效调节设置\n21、支持 9 个自定义快捷寻呼键，实现一键多点寻呼\n22、支持寻呼多台对讲设备终端进行多方通话，数量可达 512 台                                                                                 技术参数\n1、音频格式:MP3\n2、采样率:8K～48KHz\n3、传输速率:10/100Mbps\n4、音频模式:16 位立体声 CD 音质\n5、输出频率:20Hz～16KHz\n6、谐波失真:≤0.3%\n7、信噪比:＞70dB\n8、辅助线路输入电平:400mV 工业标准 3.5TRS 接线端子\n9、音源输出电平:775mV 工业标准 3.5TRS 接线端子\n10、音源输出阻抗：1KΩ\n11、MIC 输入灵敏度：10MV 工作温度：5℃～40℃\n12、工作湿度：10%～90%\n13、功耗：≤10W","1、IP网络可视化控制主机，桌面式设计，采用10.1寸高清IPS屏幕，分辨率1280*720，全虚拟按键加实体按键，金属材质，外形美观大方；\n2、采用工业级4核嵌入式CPU芯片2G内存，保证系统的整体稳定性；\n3、远程监控辖区终端在线、工作状态和异常状态:\n4、内置3W扬声器，可实现远程双向可视对讲、监听、监视、全区分区广播、定时播放背景音乐；接入对讲设备超过600路。\n5、内置100万摄像头，在会议和通话的过程中能展现出精美的画质；\n6、兼容标准SIP协议，可单独接入VOIP电话系统(支持主流IP-PBX)；\n7、支持多方音视频会议，最高支持64个参与者；\n8、1个HDMI、1个USB、1路本地音频输入1路本地音频输出；\n9、支持有线和WiFi网络接入，支持跨网段和跨路由。\n \n基本参数：\n产品类型： 企业级\n产品类别： IP网络可视化控制主机\n操作系统： Android 5.1以上\n处理器  ：  CPU ARM®四核 Cortex A17、主频 高达1.8GHz、内存DDR3 2G存储4GB\n通讯协议： TCP/IP,UDP,SIP,HTTP,RTP\n芯片速率： 10/100/1000Mbps\n网络延时： ≤100ms\n显示屏  ：  尺寸 10.1寸高清IPS液晶显示屏、触摸屏（多点电容式触摸屏）\n分辨率 ：  1280*720\n摄像头  ：  前置 100W摄像头\n扬声器  ：  内置 3/5W(可选) 全频扬声器\n通话方式：  免提 咪杆+内置扬声器\n音频采集： 音频采样 8kHz～44.1kHz、位率 16位，8Kbps～320Kbps\n频率响应： 100Hz～16KHz\n信噪比 ：≥70dB\n咪杆拾音距离： 1米\n接口：\n 网络 1*RJ45网口，速率为10/100Mbps\n 音频 1*线性音频输入，1*线性音频输出\n USB 1*USB 2.0接口\n HDMI 1*HDMI接口\n 电源 1*DC 12V电源口\n 扩展卡槽 1*SD拓展卡槽,最高支持128GB\n外部按钮：\n 一键紧急广播按钮 1个\n供电方式： DC 12V适配器 + 支持集中供电\n功    耗：待机 ≤10W\n      工作中 ≤20W\n外壳防护等级符合GB/T 4208-2008中IP20等级要求\n工作环境：温度 -10℃ ～ 60℃\n安装方式：桌面放置\n","正偏离","KL-B-28101","台",3,3550,10650,"峰火/昆仑","屏幕为10.1寸",null,null,"产品类型：触摸屏IP网络广播寻呼话筒；产品特点：\n1、桌面式设计，自带7英寸电容触摸屏控制，人性化操作界面，显示清晰，触感灵敏；\n2、采用嵌入式计算机技术和DSP音频处理技术设计，采用高速工业级芯片，启动时间小于1s；\n3、支持呼叫分区及多个分区，呼叫全区广播，支持直接操作呼叫或对讲任意终端；\n4、支持全双工双向对讲功能，自带网络回声消除模块，IP终端之间实现两两双向对讲，网络延时低于40ms，同时具备网络回声啸叫抑制功能；\n5、内置MP3解码模块，能显示歌曲名称，支持上一曲、下一曲、播放、暂停、停止、单曲循环、全部循环等播放功能，便于操作控制；\n6、支持求助信号铃声，一键接受求助、对讲功能，同时也可以支持免提通话和接收广播，实现快速链接；\n7、带有一个紧急预警按钮，当有紧急突发事件时，按下此按钮就及时启动广播预警；\n8、内置1路网络硬件音频解码模块，支持TCP/IP、UDP、IGMP(组播)协议，实现网络化传输16位CD音质的音频信号；\n9、本终端可支持双向点播、呼叫功能，可实现双方互相通话，通话延时时间小于30mS；\n10、自带USB接口，可以直接播放U盘里的音乐节目，可将U盘里的音乐转换为网络数据流，传给其它终端设备；\n11、内置5W全频高保真扬声器输出，实现双向通话和网络监听；\n12、一路音频线路输出，外扩功率放大器，一路音频线路输入，提供多音源传输；\n13、本终端设有话筒与线路的优先输出调节旋钮，可调节为话筒为最高优先或话筒与线路同级别输出；\n14、一路报警触发短路输出，级联外扩警示设备或控制门禁，一路短路输入，可以用作触发预置语音提示（或报警），亦可用于控制门禁联动输入短路信号。\n产品参数：\n1、网络接口：标准RJ45×1；\n2、传输速率：10M/100Mbps；\n3、音频格式：MP3/MP2；\n4、音频模式：16位立体声CD音质；\n5、输出频响：20Hz—20KHz；\n6、支持协议：TCP/IP、UDP，IGMP（组播）；\n7、谐波失真：≤0.3%；\n8、信 噪 比：≥90dB；\n9、输入灵敏度：MIC：10MV/AUX：250MV；\n10、线路输出电平、阻抗：775MV、1KΩ；\n11、工作温度：-20℃～+60℃；\n12、工作湿度: 10%～90%；\n13、待机功耗：≤50W；\n14、电源电压：DC 12V/2A。","T-7301A","台",3,2396,7188,"卡度"]
[8,"网络消防接口主机","功能特点\n1、16 路消防报警采集接口，可扩展至 1024 路；\n2、由地址码可配制两种报警采集触发方式，常闭触发方式跟常开触发方式；\n3、准确的报警分区 LED 灯显示；\n4、联动启动服务器存储报警音乐模式                                5、具有 RJ45 通讯接口，可与系统通讯数据，内置报警联动接口及邻层报警算法，实现灵活的全区、分区、邻层等多种报警功能；\n6、报警音频文件集成在网络广播服务器中、可任意修改；\n7、可任意规则设置报警端口和报警分区之间的映射关系，\n8、软件主界面提供映射功能界面设定规则；\n9、显示方式：状态指示发光二极管；报警方式：任意分区报警模式；\n10、支持手机或电脑浏览器修改地址\n技术参数\n1、待机功率小于 5W，满足国家环保节能认证的标准。\n2、电源 ：～220V/50Hz\n3、功耗： 15W\n4、支持协议 TCP/IP，UDP，IGMP（组播），RTP,RTSP","功能特点：\n1、支持32路消防报警采集接口，可拓展至1024路；\n2、接入方式可设为短路、12V-24V信号；地址码可配制两种报警采集触发方式，常闭触发方式跟常开触发方式；\n3、系统可支持多台IP网络消防采集器同时接入，用户可根据自己的需求任意扩展；\n4、自动发送报警信息到服务器，执行播放任务，可任意设置进行邻层报警、全区报警；\n5、报警语音文件预存储在IP网络广播服务器中，无需再配置报警语音发生器，能对报警音乐任意设定，报警矩阵具有地址拨码功能，一套系统中可以任意添加多台报警矩阵；\n6、面板设有32路电平指示灯显示工作状态；\n7、可任意规则设置报警端口和报警分区之间的映射关系，\n8、软件主界面提供映射功能界面设定规则；\n9、显示方式：状态指示发光二极管；报警方式：任意分区报警模式；\n10、支持手机或电脑浏览器修改地址\n","正偏离","KL-FH-2011","台",1,2000,2000,"峰火/昆仑","接入消防报警信号为32路",null,null,"产品类型：IP网络广播消防采集终端；产品特点：\n1、2U标准机箱设计，铝合金面板，美观实用；\n2、标配1个10/100M RJ45网络交换机接口，支持局域网与广域网；\n3、设备采用嵌入式计算机技术和DSP音频处理技术设计，工业级双核处理芯片（ARM+DSP），启动时间小于1S；\n4、支持16路消防报警信号接入，接入方式可设为两种：短路与12V-24V信号；\n5、系统可支持多台IP网络消防采集器同时接入，用户可根据自己的需求任意扩展；\n6、自动发送报警信息到服务器，执行播放任务，可任意设置进行分区报警、全区报警；\n7、报警设有两种不同的结束模式，一种为报警结束后自动结束广播，另外一种为报警结束后需要手动结束广播，供于用户根据不同的环境设置不同的模式；\n8、报警语音文件预存储在IP网络广播服务器中，无需再配置报警语音发生器，能对报警音乐任意设定，一套系统中可以任意添加多台报警矩阵；\n9、带有一个紧急预警按钮，当有紧急突发事件时，按下此按钮就及时启动广播预警；\n10、带有一个报警取消按钮，当报警结束时，或误报时可及时中断广播预警；\n11、面板设有16路电平指示灯显示工作状态，当那个区域出现报警时，相对应的指示灯就会闪亮；\n12、本设备可支持局域网与广域网的远程升级，便于有效管理各终端。\n产品参数：\n1、网络接口：标准RJ45×1；\n2、传输速率：10M/100Mbps；\n3、支持协议：TCP/IP、UDP，IGMP（组播）；\n4、工作温度：-20℃～+60℃；\n5、工作湿度: 10%～90%；\n6、消防采集：16路；\n7、触发模式：短路/DC 12V/DC 24V；\n8、待机功耗：≤30W；\n9、产品尺寸：484*88*340mm（W*H*D)；\n10、电源电压：AC 220V/50Hz。","T-7505","台",1,2396,2396,"卡度"]
[9,"电源时序器","1、按顺序开启或关闭 16 路受控设备的电源可以通过定时器自动控制或人工控制,LED 指示\n2、插座总容量达 4.5KVA，每路端口电流容量可达 2KVA 3、电源插座输出容量：总容量 220V，20A；每个插座最大输出电流为 10A。\n4、定时器控制信号：短路信号、220V 电源信号、RS485 信号                                                                                          5、动作间隔时间：约 1s\n6、输入电源：交流 220V/20A","1、为广播系统其它设备提供电源供电，并可结合系统主机进行电源上、断电管理的设备。\n2、标准机箱设计，2U铝合金面板，人性化的抽手设计，美观实用；\n3、16路电源输出，每路输出AC220V(10A)， 电源插口总容量达 6KVA；\n4、设有电子锁开关，可手动控制16个电源上断电；也可与定时器、智能控制器相连接，实现自动控制；\n5、16路电源插座依次间隔1秒打开；\n6、有1路24V消防信号输入接口；1路消防短路报警触发信号输出。\n技术参数：\n电源 :～220V/50Hz\n功耗: 50W","无偏离","P-D8618","台",1,900,900,"峰火/昆仑",null,null,null,"产品类型：16路受控电源管理器；产品特点：\n1、标准机箱设计，2U铝合金面板，人性化的抽手设计，美观实用；\n2、16路电源输出，每路最大输出3KW， 电源插口总容量达4.5KW；\n3、可与定时器、智能控制器相连接，实现自动控制；\n4、16路电源插座依次间隔1秒打开、关闭；\n5、支持短路或者DC 24V触发自动开启电源；\n6、支持手动操作或可编程受控动作；\n7、通过485总线直接连接主机控制，具地址码选择，实现更多分区的扩展；\n8、受数码编程分区控制广播主机的控制。","HA-107","台",1,944,944,"卡度"]
[10,"网络交换机",{"$nulls":4},"台",1,null,null,"峰火/昆仑",{"$nulls":4},"另购",null,1,{"$nulls":5},"1.交换容量为756Gbps，转发性能为222Mpps ，SFP光口为24(8Combo)，万兆SFP+口为4，扩展插槽1\n2.扩展插槽设备均支持ALL IN ONE插卡\n3.支持二层VxLAN，支持三层VxLAN，支持EVPN，提供第三方测试报告\n4.MAC地址表64K,路由表容量32K,ARP：32K\n5.最大堆叠台数9台,最大堆叠带宽160G,可要求堆叠带宽80G;\n6.内置软AC功能，交换平台实现有线无线一体化集成，配合MC-AC分层模式，消除无线带宽瓶颈，要求提供官网链接\n7.支持最多8个GE口或4个10 GE端口聚合；支持最多128个聚合组；支持LACP\n8.支持IPv4静态路由、RIP V1/V2、OSPF、BGP,支持IPv6静态路由、RIPng、OSPFv3、BGP4+\n9.支持802.1ae Macsec安全加密，实现MAC层安全加密，包括用户数据加密、数据帧完整性检查及数据源真实性校验。无需软件授权，要求提供官网截图及链接。\n10.要求提供信产部入网证和检验报告","无偏离","H3C S5560X-30F-EI","台",1,{"$f":"[2]价格明细清单!$J$11","v":7018},{"$f":"AC15*AB15","v":7018}]
[11,"豪华型机柜",{"$nulls":4},"套",1,null,null,"峰火/昆仑",{"$nulls":4},"另购",null,1]
["\n1-3、监听设备",{"$nulls":9},"峰火/昆仑"]
[1,"监听音箱","功能特点\n1.一体化壁挂式外观设计；\n2.有以太网的地方即可接入，支持 DHCP 传输、支持跨网段和跨路由\n3.内置 web 服务器 支持 IE 远程配置管理\n4.WIFI 环境下 支持手机控制播放 寻呼以及修改配置 IP\n5.支持 U 盘插入播放、支持本地音量调整、支持手动开启功放\n6.支持手机控制播放\n7.支持手机或电脑浏览器修改地址\n8.采用嵌入式 ARM 工业处理器、性能稳定高速\n9.主音箱内置立体声功率放大器，最大输出功率 8Ω/2x12W，来推动主、副音箱的高保真定阻扬声器，音质达到 CD 级；(主音箱内置集成   副音箱按需选配)                                  技术参数\n1.1 路话筒输入和 1 路立体声线路输入，实现本地扩音；\n2.1 路立体声音频输出\n3.自带音量调整按键、可本地控制音量\n4.1 路 RS232 调试接口\n5.辅助线路输入电平 2×400mV\n6.工作温度 -20℃～+60℃\n7.工作湿度 10%～90%。\n8.功耗 ≤25W\n9.输入电源 AC220V/50Hz。","1、标配1个10/100M RJ45网络交换机接口，支持局域网与广域网\n2、有以太网的地方即可接入，支持 DHCP 传输、支持跨网段和跨路由\n3、内置 web 服务器 支持 IE 远程配置管理\n4、WIFI 环境下 支持手机控制播放、控制 寻呼以及修改配置 IP\n5、设备采用工业级双核处理芯片（ARM+DSP），启动时间小于1S。\n6、内置网络IP解码模块可实时播网络音乐及呼叫功能；采集播放和呼叫的网络延时时间小于30mS。\n7、内置2×20W数字功放，发热小功效更高，CD级完美音质。\n8、一路话筒输入，一路线路输入，分别设有独立音量调节，适用现场本地扩音广播功能。\n9、优先功能：网络报警为最高优先级，本地MIC和AUX是同等级别。\n10、本终端可支持被动结束呼叫，可实现双方互相通话，通话延时时间小于30mS。\n11、内置5.5寸低音+3寸高音高保真喇叭单元，音质清晰优美\n12、具有1组辅音箱输出接口，输出功率为8欧、20W，外接定阻音箱；\n13、支持与任意品牌摄像机绑定，拉取摄像机视频流，实现可视化广播。\n14、本设备可支持局域网与广域网的运程升级，便于有效服务好客户。\n","无偏离","IP-9105F","对",1,1450,1450,"峰火/昆仑",null,null,null,"产品类型：IP网络广播音箱；产品特点：\n1、一体化壁挂式设计，木质箱体，精致美观，工艺考究，尽显高档气质；\n2、集IP网络音频解码、数字功放、音箱于一体，音频采用硬解码形式，集成IP网络硬件解码模块，可接收来自服务器远程传送的音乐进行实时播放，同时能接收单向广播呼叫功能；\n3、标配1个10/100M RJ45网络交换机接口，支持局域网与广域网；\n4、设备采用工业级双核处理芯片（ARM+DSP），启动时间小于1S；\n5、内置立体声功率放大器，输出阻抗/功率：8Ω/2x20W，音质达到CD级；\n6、一路话筒输入，一路线路输入，分别设有独立音量调节，适用现场本地扩音广播功能；\n7、本终端设有高低音量调节，总音频输出还设有总音量调节控制，便于安装调试；\n8、优先功能：网络报警为最高优先级。本地MIC和AUX是同等级别，它们与网络信号的级别设有调节旋钮，用户可以根据使用环境自由调节为网络是最高优先，或者是网络与本地为同一级别；\n9、内设有话筒混响调节电位器，把人讲话的声音处理得更加饱满，更有弹力；\n10、本终端可支持被动结束呼叫，可实现双方互相通话，通话延时时间小于30mS；\n11、本终端采用节能降噪处理线路，在没任何信号输入的情况下，自动进入休眠状态，功放输出没有任何噪音；\n12、内置5.5寸低音+3寸高音高保真喇叭单元，音质清晰优美；\n13、具有1组辅音箱输出接口，输出功率为8Ω、20W，外接定阻音箱；\n14、本设备可支持局域网与广域网的远程升级，便于有效管理各终端。\n产品参数：\n1、网络接口：标准RJ45×1；\n2、传输速率：10M/100Mbps；\n3、音频格式：MP3/MP2；\n4、音频模式：16位立体声CD音质；\n5、频率响应：20Hz—20KHz；\n6、支持协议：TCP/IP、UDP，IGMP（组播）；\n7、谐波失真：≤0.3%；\n8、信 噪 比：≥90dB；\n9、输入灵敏度：MIC：10MV/AUX：250MV；\n10、工作温度：-20℃～+60℃；\n11、工作湿度: 10%～90%；\n12、输出功率：2×20W，8Ω；\n13、待机功耗：≤30W；\n14、产品尺寸：280*193*172mm（H*W*D）；\n15、电源电压：AC 220V/50Hz。","T-7601","对",1,1001,1001,"卡度"]
[2,"数字网络广播系统）\n\n","可接收服务器的文件广播任务、采集任务、定时任务、网络电台任务等资源                                                             延续手机控制播放 IE 远程访问管理 U 盘播放及升级等特色功能支持 TCP/IP、UDP、IGMP(组播)协议，实现网络化传输 16 位立体声 CD 音质的音乐信号","可接收服务器的文件广播任务、采集任务、定时任务、网络电台任务等资源                                                             延续手机控制播放 IE 远程访问管理 U 盘播放及升级等特色功能支持 TCP/IP、UDP、IGMP(组播)协议，实现网络化传输 16 位立体声 CD 音质的音乐信号","无偏离",null,"套",1,null,0,"峰火/昆仑",{"$nulls":4},"V2.0","套",1,null,null,"卡度"]
["二、终端设备",{"$nulls":9},"峰火/昆仑"]
["2-1、宿舍、教学楼等",{"$nulls":9},"峰火/昆仑"]
[1,"教室IP音响","功能特点\n1、机柜式单通道网络音频解码设备，内置数字功率放大器；\n2、标准机柜式设计（2U）,银白色氧化铝拉丝面板；\n3、设备采用嵌入式 ARM9 处理器；高速工业级芯片，运行稳定可靠；\n4、支持 TCP/IP、UDP、IGMP(组播)协议，实现网络化传输 16 位立体声 CD音质的音乐信号；\n5、内置 350W 定阻（4-16Ω），定压（70V、100V）功放输出\n6、1 路线路（AUX）和 1 路话筒（MIC）输入，实现本地外接音源输入和紧急广播输入，具有独立的音量调节；\n7、1 路音频信号辅助输出；\n8、所有音频信号支持高低音提升、衰减调节；使音质自由选择；\n9、智能电源管理，无音乐或呼叫时，设备自动切断主电源，进入待机状态，待机功率小，符合国家节能认证要求；同时可软件设置提前预打开主电源时间；\n10、支持跨网段和跨路由。\n11、支持安卓系统手机控制\n12、内置 web 服务器、提供 IE 访问支持\\支持手机或电脑浏览器修改地址\n技术参数\n1、网络接口： RJ45\n2、传输速率：10Mbps/100Mbps\n3、支持协议： TCP/IP，UDP，IGMP(组播)\n4、音频格式 ：MP3\n5、音频模式 ：16 位立体声 CD 音质\n6、采样率：8K～48K\n7、比特率：8K～512Kbps\n8、AUX 输入灵敏度：350mV\n9、MIC 输入灵敏度：10mV\n10、高音提升、衰减:±10.5dB\n11、低音提升、衰减:±10.5dB\n12、额定功率： 350W\n13、待机功耗 ：＜12W\n14、频率响应 ：60Hz~18KHz  +1/-3dB\n15、谐波失真： THD≤0.1%\n16、信噪比： ≥65dB\n17、输出方式： 4~16Ω 定阻输出、70V/100V 定压输出\n18、保护电路 ：直流输出、过载、过温、短路保护电路\n19、环境温度 ：5℃～40℃\n20、环境湿度 ：20%～80%相对湿度，无结露\n21、电源 ：AC220V","1、标配1个10/100M RJ45网络交换机接口，支持局域网与广域网\n2、有以太网的地方即可接入，支持 DHCP 传输、支持跨网段和跨路由\n3、内置 web 服务器 支持 IE 远程配置管理\n4、WIFI 环境下 支持手机控制播放、控制 寻呼以及修改配置 IP\n5、设备采用工业级双核处理芯片（ARM+DSP），启动时间小于1S。\n6、内置网络IP解码模块可实时播网络音乐及呼叫功能；采集播放和呼叫的网络延时时间小于30mS。\n7、内置2×20W数字功放，发热小功效更高，CD级完美音质。\n8、一路话筒输入，一路线路输入，分别设有独立音量调节，适用现场本地扩音广播功能。\n9、优先功能：网络报警为最高优先级，本地MIC和AUX是同等级别。\n10、本终端可支持被动结束呼叫，可实现双方互相通话，通话延时时间小于30mS。\n11、内置5.5寸低音+3寸高音高保真喇叭单元，音质清晰优美\n12、具有1组辅音箱输出接口，输出功率为8欧、20W，外接定阻音箱；\n13、支持与任意品牌摄像机绑定，拉取摄像机视频流，实现可视化广播。\n14、本设备可支持局域网与广域网的运程升级，便于有效服务好客户。\n","无偏离","KL-FH-2015","对",136,1450,197200,"峰火/昆仑",null,null,null,"产品类型：IP网络广播音箱；产品特点：\n1、一体化壁挂式设计，木质箱体，精致美观，工艺考究，尽显高档气质；\n2、集IP网络音频解码、数字功放、音箱于一体，音频采用硬解码形式，集成IP网络硬件解码模块，可接收来自服务器远程传送的音乐进行实时播放，同时能接收单向广播呼叫功能；\n3、标配1个10/100M RJ45网络交换机接口，支持局域网与广域网；\n4、设备采用工业级双核处理芯片（ARM+DSP），启动时间小于1S；\n5、内置立体声功率放大器，输出阻抗/功率：8Ω/2x20W，音质达到CD级；\n6、一路话筒输入，一路线路输入，分别设有独立音量调节，适用现场本地扩音广播功能；\n7、本终端设有高低音量调节，总音频输出还设有总音量调节控制，便于安装调试；\n8、优先功能：网络报警为最高优先级。本地MIC和AUX是同等级别，它们与网络信号的级别设有调节旋钮，用户可以根据使用环境自由调节为网络是最高优先，或者是网络与本地为同一级别；\n9、内设有话筒混响调节电位器，把人讲话的声音处理得更加饱满，更有弹力；\n10、本终端可支持被动结束呼叫，可实现双方互相通话，通话延时时间小于30mS；\n11、本终端采用节能降噪处理线路，在没任何信号输入的情况下，自动进入休眠状态，功放输出没有任何噪音；\n12、内置5.5寸低音+3寸高音高保真喇叭单元，音质清晰优美；\n13、具有1组辅音箱输出接口，输出功率为8Ω、20W，外接定阻音箱；\n14、本设备可支持局域网与广域网的远程升级，便于有效管理各终端。\n产品参数：\n1、网络接口：标准RJ45×1；\n2、传输速率：10M/100Mbps；\n3、音频格式：MP3/MP2；\n4、音频模式：16位立体声CD音质；\n5、频率响应：20Hz—20KHz；\n6、支持协议：TCP/IP、UDP，IGMP（组播）；\n7、谐波失真：≤0.3%；\n8、信 噪 比：≥90dB；\n9、输入灵敏度：MIC：10MV/AUX：250MV；\n10、工作温度：-20℃～+60℃；\n11、工作湿度: 10%～90%；\n12、输出功率：2×20W，8Ω；\n13、待机功耗：≤30W；\n14、产品尺寸：280*193*172mm（H*W*D）；\n15、电源电压：AC 220V/50Hz。","T-7601","套",163,1001,{"$f":"S22*R22","v":163163},"卡度",null,null,null,"TES-5600BX2/30","对",136,4760,{"$f":"AA22*AB22","v":647360},"TAIDEN"]
[2,"网络广播IP功放\n\n","可接收服务器的文件广播任务、采集任务、定时任务、网络电台任务等资源\n延续手机控制播放远程访问管理 U 盘播放及升级等特色功能\n支持 TCP/IP、UDP、IGMP(组播)协议，实现网络化传输 16 位立体声 CD 音质的音乐信号","1、、机柜式单通道网络音频解码设备，内置数字功率放大器；标配1个10/100M RJ45网络交换机接口，支持局域网与广域网\n2、设备采用工业级双核处理芯片（ARM+DSP），启动时间小于1S\n3、内置网络IP解码模块可支持 TCP/IP、UDP、IGMP(组播)协议，实现网络化传输 16 位立体声 CD音质的音乐信号；实时播网络音乐及呼叫功能；采集播放和呼叫功的网络延时时间小于30mS。\n4、自带一路功率放大器，输出方式为100V、70V、4~16Ω，输出功率为360W供于用户选择。\n\n5、2路话筒输入，2路线路输入，1路发辅助输出，每路都设有独立音量调节；\n6、本终端设有3级优先功能，MIC1设为最高优先级。网络为第二级优秀，MIC2、AUX1、AUX2为第三级优先\n7、设有一路短路输入，一路路短路输出接口，便于用户扩展。\n8、设有一路DC24V强切电源备用接口，供于用户选配扩展\n9、本终端可支持被动结束呼叫，可实现双方互相通话，通话延时时间小于30mS。\n10、设有单向点播功能，可通过服务器软件、对本终端自由点播服务器中节目\n11、功放的控制电源采用节能环保模式设计，智能管理电源，无音乐或呼叫时，设备自动切断主电源，进入待机状态，待机功率小，同时可软件设置提前预打开主电源时间；也可手动或自动模式打开与关闭。\n12、设有功放接通电源指示灯、功放保护指示灯、功放工作信号及消峰指示灯，对功放的工作状态一目了然。\n13、采用先进高效功率放大电路，足功率输出，并设有过载、过温等多种保护，\n14、2U标准机箱设计，铝合金面板，美观实用。\n15、本设备可支持跨网段和跨路由；内置 web 服务器、提供 IE 访问支持局域网与广域网的远程升级，便于有效服务好客户。\n技术参数\n1、网络接口： RJ45\n2、传输速率：10Mbps/100Mbps\n3、支持协议： TCP/IP，UDP，IGMP(组播)\n4、音频格式 ：MP3、WAV、AVI等\n5、音频模式 ：16 位立体声 CD 音质\n6、采样率：8K～48K\n7、比特率：8K～512Kbps\n8、AUX 输入灵敏度：350mV\n9、MIC 输入灵敏度：10mV\n10、高音提升、衰减:±10.5dB\n11、低音提升、衰减:±10.5dB\n12、额定功率： 360W\n13、待机功耗 ：＜12W\n14、频率响应 ：60Hz~18KHz  +1/-3dB\n15、谐波失真： THD≤0.1%\n16、信噪比： ≥65dB\n17、输出方式： 4~16Ω 定阻输出、70V/100V 定压输出\n18、保护电路 ：直流输出、过载、过温、短路保护电路\n19、环境温度 ：5℃～40℃\n20、环境湿度 ：20%～80%相对湿度，无结露\n21、电源 ：AC220V","无偏离","KL-FH-2360","台",6,2460,14760,"峰火/昆仑",null,null,null,"产品类型：机架式IP网络广播功率放大器；产品特点：\n1、2U标准机箱设计，铝合金面板，美观实用；\n2、标配1个10/100M RJ45网络交换机接口，支持局域网与广域网；\n3、设备采用嵌入式计算机技术和DSP音频处理技术设计，工业级双核处理芯片（ARM+DSP），启动时间小于1S；\n4、内置网络IP解码模块可实时播网络音乐及呼叫功能，采集播放和呼叫功的网络延时时间小于30mS；\n5、2路话筒输入，2路线路输入，1路线路辅助输出，每路都设有独立音量调节；\n6、本终端设有3级优先功能，MIC1设为最高优先级，网络为第二级优先级，MIC2、AUX1、AUX2为第三级优先级；\n7、设有一路短路输入，二路短路输出接口，便于用户扩展；\n8、本终端可支持被动结束呼叫，可实现双方互相通话，通话延时时间小于30mS；\n9、自带1路功率放大器，功率输出设有70V/100V定压输出，及4-16Ω定阻输出；\n10、功放的控制电源采用节能环保模式设计，可手动或自动模式打开与关闭；\n11、设有功放接通电源指示灯、功放保护指示灯、功放工作信号及消峰指示灯，对功放的工作状态一目了然；\n12、采用先进高效功率放大电路，足功率输出，并设有过载、过温等多种保护；\n13、（选配功能）设有一路DC24V强切电源备用接口，供于用户选配扩展；\n14、本设备可支持局域网与广域网的远程升级，便于有效管理各终端。\n产品参数：\n1、网络接口：标准RJ45×1；\n2、传输速率：10M/100Mbps；\n3、音频格式：MP3/MP2；\n4、音频模式：16位立体声CD音质；\n5、输出频响：20Hz—20KHz；\n6、支持协议：TCP/IP、UDP，IGMP（组播）；\n7、谐波失真：≤0.3%；\n8、信 噪 比：≥90dB；\n9、输入灵敏度：MIC：10MV/AUX：250MV；\n10、线路输出电平、阻抗：775MV、1KΩ；\n11、工作温度：-20℃～+60℃；\n12、工作湿度: 10%～90%；\n13、输出功率：360W；\n14、待机功耗：≤30W；\n15、产品尺寸：484*88*420mm（W*H*D)；\n16、电源电压：AC 220V/50Hz。","T-7214","台",6,2420,14520,"卡度"]
[3,"数字网络广播系统","1、电压：70—100V；\n2、功率：40W；\n3、灵敏度：106dB；\n4、喇叭：6.5 寸 2+1 高音","支持解码，支持远程升级、支持手机APP或主机直接管理，可在WEB端下发任务",null,null,"套",6,null,null,"峰火/昆仑",null,null,null,"可接收服务器的文件广播任务、采集任务、定时任务、网络电台任务等资源 延续手机控制播放远程访问管理 U 盘播放及升级等特色功能 支持 TCP/IP、UDP、IGMP(组播)协议，实现网络化传输 16 位立体声 CD音质的音乐信号","T-7214S","套",6,null,0,"卡度"]
[4,"室外音柱",null,"产品描述：\n1、室外豪华型防水音柱式扬声器，箱体采用铝合金型材制造，可抵挡大小风雨；表面配以流畅线条造型，特有Dido白色涂层使产品尽显高雅大方，与周围环境极易谐和\n2、 室外豪华型防水音柱式扬声器，内部分别装有2只6.5英寸的低音喇叭和1个号角高音组成，适合播放音乐和讲话；箱体由铝型材制造，正面覆盖白色铝网；随机附件包括安装支架，便于墙面安装且坚固耐用\n产品参数： \n额定功率：            40W \n输入电压：           70V/100V \n灵敏度  ：             94dB±3dB \n频率响应：            140-15KHz\n喇叭单元：            6.5寸*2+2寸*1\n防水等级：            IPx6\n尺寸（LxWxH）       530mm*227mm*125mm\n材质                铝合金\n颜色                白色（RAL 9016）\n\n","无偏离","P-D892","只",24,360,8640,"峰火/昆仑",null,null,null,"产品类型：室外防雨音柱；产品特点：\n1、乳白色超豪华大功率音柱；\n2、音柱由全频喇叭组成，声音清晰明亮；\n3、外壳和上下底壳由铝镁合金制成，不锈钢金属网面，不易生锈，美观大方；\n4、全天候设计，选用防水喇叭单元，室内外均宜；\n5、可抵挡日照雨淋，风沙雨水，适合在户内、外长期使用，如公共场所、超级市场、学校、车站等；\n6、配有多功能安装支架，便捷安装。\n产品参数：\n1、单元组合：全频喇叭6.5寸喇叭×2只，高音2寸×1只；\n2、额定功率：40W，最大功率：80W；\n3、输入电压：70V/100V；\n4、灵敏度：95±2dB；\n5、频率响应：150-14KHz；\n6、产品尺寸：520*227*125mm（H*W*D）；\n7、外壳材料：铝镁合金，不锈钢金属网面；\n8、颜色：白色；\n9、重量：5kg。","HS-410","只",24,319,7656,"卡度"]
["2-2、400m 室外操场",{"$nulls":9},"峰火/昆仑",{"$nulls":8},0]
[1,"无线话筒","功能特点\n1、U 段真分集\n2、具有红外线自动对频、导频功能（受到外界干扰时，不会有杂音）\n3、接收机和发射器具有距离控制键，\n4、高保真声音传输电路，确保声音的清晰度和还原性，配专用演出咪芯。\n5、手咪采用目前最先进的升压电路，有效延长了电池的使用时间，4-6小时。\n6、在接收机上使用多重静噪控制电路，有效防止外部信号干扰。\n7、300 个信道（A 通道 1-150，B 通道 151-300），多套使用时不串频、不掉频。可在同一场合同时叠机使用 4 套\n8、没有开关冲击声，确保后级功放及扬声器的安全。\n9、发射手咪与接收机均带液晶显示，手持带电池用电量显示，工作状态一目了然。\n10、使用距离:  ≥ 300 米\n 技术参数 \n10、接收机  频率范围:600-900MHZ 最大频道数: 300  频带宽度:50MHz 接收灵敏度:-105  信噪比:>105dB(A) 失真度:<1% 音频输出电平:8dBu max  电源要求:12-16V 直流,电流 500MA,由外接电源供电 \n11、手持式发射机 : 频率范围:600-900MHZ 频带宽度 :50MHZ 谐波抑 制 :>55dBc  最大频偏 :+_48KHZ  频率响应 :50Hz-15KHz(-3dB)  信噪 比:>105dB(A) 失真度:<1% 电源要求:2 节 AA 型碱性或可充电电池 电池 \n使用时间:>8H(碱性) \n12、腰包式发射机:  频率范围:600-900MHZ 频带宽度:50MHz 谐波抑 制 :>55dBc  最大频偏 :+_48KHz  频率响应 :50Hz-15KHz(-3dB)  信噪 比:>105dB(A) 失真度:<1% 电源要求:2 节 AA 型碱性或可充电电池 电池 \n使用时间:>8H(碱性) ","功能特点\n1、U 段真分集\n2、具有红外线自动对频、导频功能（受到外界干扰时，不会有杂音）\n3、接收机和发射器具有距离控制键，\n4、高保真声音传输电路，确保声音的清晰度和还原性，配专用演出咪芯。\n5、手咪采用目前最先进的升压电路，有效延长了电池的使用时间，4-6小时。\n6、在接收机上使用多重静噪控制电路，有效防止外部信号干扰。\n7、300 个信道（A 通道 1-150，B 通道 151-300），多套使用时不串频、不掉频。可在同一场合同时叠机使用 4 套\n8、没有开关冲击声，确保后级功放及扬声器的安全。\n9、发射手咪与接收机均带液晶显示，手持带电池用电量显示，工作状态一目了然。\n10、使用距离:  ≥ 300 米\n 技术参数 \n10、接收机  频率范围:600-900MHZ 最大频道数: 300  频带宽度:50MHz 接收灵敏度:-105  信噪比:>105dB(A) 失真度:<1% 音频输出电平:8dBu max  电源要求:12-16V 直流,电流 500MA,由外接电源供电 \n11、手持式发射机 : 频率范围:600-900MHZ 频带宽度 :50MHZ 谐波抑 制 :>55dBc  最大频偏 :+_48KHZ  频率响应 :50Hz-15KHz(-3dB)  信噪 比:>105dB(A) 失真度:<1% 电源要求:2 节 AA 型碱性或可充电电池 电池 \n使用时间:>8H(碱性) \n12、腰包式发射机:  频率范围:600-900MHZ 频带宽度:50MHz 谐波抑 制 :>55dBc  最大频偏 :+_48KHz  频率响应 :50Hz-15KHz(-3dB)  信噪 比:>105dB(A) 失真度:<1% 电源要求:2 节 AA 型碱性或可充电电池 电池 ","无偏离","P-D680","台",1,1485,1485,"峰火/昆仑",null,null,null,"产品类型：一拖二真分集无线麦克风；产品特点：\n1、远距离一拖二无线麦克风，一台主机二支话筒，话筒可选会议鹅颈台式、手持、领夹、头戴等，并且话筒可以混搭使用；\n2、采用真分集接收技术，空阔最大使用距离300米；\n3、具有先进的数字ID导频功能，彻底社绝干扰和串频现象；\n4、300组频点红外线对频，手米通用，抗干扰能力强；\n5、发射LCD显示频道和电池电量，电池低压闪烁至1.8V自动关机；\n6、设有回输啸叫抑制减弱功能，能有效减少回输啸叫；\n7、红外对频功能，能方便、快捷的使发射机与接收机频率同步；\n8、轻触式按钮控制简捷，让用户使用更方便；\n9、适用于大小舞台、会议厅、KTV包房、演唱会等场所。\n产品参数：\n系统指标：\n1、频率范围：640-690MHz；\n2、调制方式：宽带FM，可调范围：50MHz；\n3、信道数目：300，信道间隔：200KHz；\n4、频率稳定度：±0.005%以内；\n5、动态范围：>105dB，最大频偏：±45KHz；\n6、音频响应：40Hz-18KHz(±3dB)；\n7、综合信噪比：>110dB；\n8、综合失真：≤0.2%；\n9、工作温度：-25℃--+40℃；\n接收机指标：\n1、接收机方式：二次变频超外差；\n2、输入功率：5W；中频频率：第一中频：110MHz,第二中频10.7MHz；\n3、无线接口：BNC/50Ω；\n4、灵敏度：12 dBμV (80dBS/N)；\n5、灵敏度调节范围：10-32dBμV；\n6、杂散抑制：≥95dB；\n7、最大输出电平：+10 dBV；\n发射器指标：\n1、天线程式：佩挂发射器采用1/4 波长鞭状天线，手持麦克风，内置天线；\n2、输出功率： 20mW；\n3、杂散抑制：-60dB；\n4、供电：两节5号电池，使用时间：约8—10小时。","HB-1006","套",1,1694,1694,"卡度"]
[2,"天线分配器","功能特点\n1、低噪放大电路设计.\n2、八通道低损耗天线分配电路设计,4 套单频道自动选讯接收机可共同一\n对天线.\n3、单一方向接收天线,能有效减少其他设备对接收机的干扰\n4、高增益设计，能有效增加接收距离，使无线麦克风接收信号更加稳定。\n5、宽频带，覆盖所有无线麦克风 UHF 频段，通用性更强。\n技术参数\n6、天线输入/输出阴抗：50Ω\n7、天线输入/输出插座：BNC                                              8、增益：3dB  \n9、带宽：500MHz  \n10、供电：DC12-18V 3000Ma 2A\n11、定向宽频天线， 2 块 \n12、二分八天线分配器 1 台\n13、短线  （50CM） 8 条 \n14、长线(3 米) 2 条 \n15、4 套单频道可共用一对天线.","功能特点\n1、低噪放大电路设计.\n2、八通道低损耗天线分配电路设计,4 套单频道自动选讯接收机可共同一\n对天线.\n3、单一方向接收天线,能有效减少其他设备对接收机的干扰\n4、高增益设计，能有效增加接收距离，使无线麦克风接收信号更加稳定。\n5、宽频带，覆盖所有无线麦克风 UHF 频段，通用性更强。\n技术参数\n6、天线输入/输出阴抗：50Ω\n7、天线输入/输出插座：BNC                                             \n8、增益：3dB  \n9、带宽：500MHz  \n10、供电：DC12-18V 3000Ma 2A\n11、定向宽频天线， 2 块 \n12、二分八天线分配器 1 台\n13、短线  （50CM） 8 条 \n14、长线(3 米) 2 条 \n15、4 套单频道可共用一对天线.","无偏离","P-D681","台",1,1510,1510,"峰火/昆仑",null,null,null,"产品类型：天线放大器；产品特点：\n1、天线分配系统由一台天线分配器，2个天线组成，可接多台接收机使用，让接收讯号获得较佳噪讯比，增加接收距离及稳定性；\n2、提供4组电源输出给接收机使用，方案安装工程。\n3、提供使用1-4台无线系列或其他系列各种自动选讯接收机的多频道系统，共用一对天线以简化天线装配工程，提升接收距离及效能；\n4、天线分配器采用高动能低杂讯之主动元件及主动回馈稳流行偏压的新电路设计，具有超低内调失真特性，能在多频道同时使用，排除混频\n干扰，分配器的输入增益约等于零，\n5、天线输入插座可以直接配置适用频带范围内的各种单竿天线、同轴天线、延长天线组及对数定向天线组；\n6、天线输入接座具有供应强波器的电源；\n7、可直接连接具有天线强波器的延长天线组及内建强波器的对数定抽天线组；\n8、外接天线具有增益的标准1/4波长指向性天线，天线出500-900MHz均相当平坦，对频宽外的讯号接收则像接上带通滤波器一样，可将频宽\n外的干扰讯叼滤掉，天线阻抗为50欧姆，适合匹配一般的50欧姆同轴电缆线。\n产品参数：\n1、适用频带范围：500-900MHz；\n2、输出\\输入增益：0dB（频段中心）；\n3、输出端绝缘度：20dB；\n4、输出\\输入阻抗：50欧姆；\n5、增益：13dBm；\n6、频宽：400MHz；\n7、接头：BNC插座；\n8、电源输出：DC12-150V  2A；\n9、本机消耗电流：170mA；\n10、四组电源输出：12V/600-1000mA。\n11、带负载电流：＜1700mA。","ST-9900","套",1,2365,2365,"卡度"]
[3,"网络广播IP前置"," 功能特点   \n1、支持安卓系统手机控制、升级等特色功能 \n2、内置 web 服务器、提供 IE 访问支持\\支持手机或电脑浏览器修改地址 \n3、网络音频接收解码、同时支持本地话筒、线路输入，音量调节。 \n4、远程优先功能，自动强插。 \n5、标准 1U 面板设计   \n6、采用嵌入式 ARM 处理器、高速解码 \n7、内置网络 IP 解码模块、支持 TCP/IP、UDP、IGMP 协议, 实现网络化 \n 传输 CD 音质的音频   \n8、2 路话筒（MIC）和 1 路线路（AUX）音频输入，支持高低音音色调整 \n9、内置 1 路智能电源管理，根据音频任务自动控制外接功率放大器的电源   \n10、1 路标准音频信号辅助输出，方便扩展连接功率放大器 \n11、内置 WEB 服务器、提供浏览器远程配置和升级功能 \n12、本地音量及网络音量独立调节 、支持本地音频及网络音频混合输出 \n13、支持 U 盘播放、U 盘升级  \n 技术参数\n1、支持协议 TCP/IP，UDP，IGMP（组播），RTP,RTSP\n2、网络接口: RJ45、10M/100M\n3、音频格式:MP3 支持码流: 32K-256K\n4、灵敏度: 92dB\n5、模拟音频输入 MIC 输入:10MV 6.3MM 单声道插座\n6、LINE 输入:立体声 1V p-p,10K 莲花插座 线路输出立体声 1V p-p,1K 莲花插座\n7、采样率 8K~48KHz \n8、传输速率 10Mbps \n9、音频模式 16 位立体声 CD 音质  高级铝面板，采用先进的抛光； \n10、输出频率 20Hz~16KHz \n11、谐波失真 ≤%3 \n 12、信噪比 ＞70dB   辅助线路输入电平 2×400mV 标准 RCA 端子音源输出电平 8×775mV 标准 RCA 端子   音源输出阻抗1KΩ \n13、工作温度 -20℃~+60℃  工作湿度 10%~90%  功耗 ≤40W  输入电源 AC220V/50Hz ","1、支持安卓系统手机控制、升级等特色功能 \n2、内置 web 服务器、提供 IE 访问支持\\支持手机或电脑浏览器修改地址 \n3、标配1个10/100M RJ45网络交换机接口，支持局域网与广域网接入\n4、设备采用工业级双核处理芯片（ARM+DSP），启动时间小于1S。\n5、内置网络IP解码模块可支持 TCP/IP、UDP、IGMP 协议, 实现网络化传输 CD 音质的音频 ；实时播网络音乐及呼叫功能；采集播放和呼叫功的网络延时时间小于30mS。\n6、本终端设有3级优先功能，MIC1设为最高优先级。网络为第二级优秀，MIC2、AUX1、AUX2为第三级优先\n7、2路话筒输入，2路线路输入，1路线路输出，每路都设有独立音量调节。\n6、设有一路短路输入，二路短路输出接口，便于用户扩展。\n7、设有一路DC24V强切电源备用接口，供于用户选配扩展\n8、设有一路AC220V电源接口输出，最大输出率可达3KW，输出插座采用万能接口，适用各种插头，外接智能电源管理。\n9、后控电源设有多种唤醒打开模式，一种是网络信号过来自动打开，信号结束自动关闭；另外一种是MIC1、MIC2、AUX1、AUX2的信号过来时自动打开，当信号结束时，延时10S自动关闭。\n10、  信号输出设有250MV与1V的切换开关，便于用户选配不同系列的功放，有效的控制好输出灵敏度。\n11、本终端可支持被动结束呼叫，可实现双方互相通话，通话延时时间小于30mS。\n12、本终端采用节能降噪处理线路，在没任何信号输入的情况下，自动进入休眠状态，信号输出没有任何噪音。\n13、本终端设有LED音频输出检查线路，对音频输出大小一目了然。\n14、2U标准机箱设计，铝合金面板，美观实用。\n15、本设备可支持局域网与广域网的远程升级，便于有效服务好客户。\n\n技术参数\n1、支持协议 TCP/IP，UDP，IGMP（组播），RTP,RTSP\n2、网络接口: RJ45、10M/100M\n3、音频格式:MP3、MP4、WAV 、AVI支持码流: 32K-256K\n4、灵敏度: 92dB\n5、模拟音频输入 MIC 输入:10MV 6.3MM 单声道插座\n6、LINE 输入:立体声 1V p-p,10K 莲花插座 线路输出立体声 1V p-p,1K 莲花插座\n7、采样率 8K~48KHz \n8、传输速率 10Mbps \n9、音频模式 16 位立体声 CD 音质  高级铝面板，采用先进的抛光； \n10、输出频率 20Hz~16KHz \n11、谐波失真 ≤%3 \n 12、信噪比 ＞70dB   辅助线路输入电平 2×400mV 标准 RCA 端子音源输出电平 8×775mV 标准 RCA 端子   音源输出阻抗1KΩ \n13、工作温度 -20℃~+60℃  工作湿度 10%~90%  功耗 ≤40W  输入电源 AC220V/50Hz \n","无偏离","KL-FH-2016T","台",1,1550,1550,"峰火/昆仑",null,null,null,"产品类型：机架式IP网络广播终端；产品特点：\n1、2U标准机箱设计，铝合金面板，美观实用；\n2、标配1个10/100M RJ45网络交换机接口，支持局域网与广域网；\n3、设备采用工业级双核处理芯片（ARM+DSP），启动时间小于1S；\n4、内置网络IP解码模块可实时播网络音乐及呼叫功能，采集播放和呼叫功的网络延时时间小于30mS；\n5、2路话筒输入，1路线路输入，1路线路输出，每路都设有独立音量调节；\n6、本终端设有3级优先功能，MIC1设为最高优先级，网络为第二级优先级，MIC2、AUX1、AUX2为第三级优先；\n7、设有一路短路输入，二路短路输出接口，便于用户扩展；\n8、设有一路AC 220V电源接口输出，最大输出率可达3KW，输出插座采用万能接口，适用各种插头；\n9、信号输出设有250MV与1V的切换开关，便于用户选配不同系列的功放，有效的控制好输出灵敏度；\n10、本终端可支持被动结束呼叫，可实现双方互相通话，通话延时时间小于30mS；\n11、本终端采用节能降噪处理线路，在没任何信号输入的情况下，自动进入休眠状态，信号输出没有任何噪音；\n12、本终端设有LED音频输出检查线路，对音频输出大小一目了然；\n13、（选配功能）设有一路DC24V强切电源备用接口，供于用户选配扩展；\n14、本设备可支持局域网与广域网的远程升级，便于有效服务好客户。\n产品参数：\n1、网络接口：标准RJ45×1；\n2、传输速率：10M/100Mbps；\n3、音频格式：MP3/MP2；\n4、音频模式：16位立体声CD音质；\n5、输出频响：20Hz—20KHz；\n6、支持协议：TCP/IP、UDP，IGMP（组播）；\n7、谐波失真：≤0.3%；\n8、信 噪 比：≥90dB；\n9、输入灵敏度：MIC：10MV/AUX：250MV；\n10、线路输出电平、阻抗：250MV/1V、1KΩ；\n11、工作温度：-20℃～+60℃；\n12、工作湿度: 10%～90%；\n13、输出电源功率：3000W；\n14、待机功耗：≤30W；\n15、产品尺寸：484*88*340mm（W*H*D)；\n16、电源电压：AC 220V/50Hz。","T-7201","台",1,2371,2371,"卡度"]
[4,"数字网络广播系统","可接收服务器的文件广播任务、采集任务、定时任务、网络电台任务等资源\n延续手机控制播放 IE 远程访问管理 U 盘播放及升级等特色功能\n支持 TCP/IP、UDP、IGMP(组播)协议，实现网络化传输 16 位立体声 CD 音质的音乐信号","可接收服务器的文件广播任务、采集任务、定时任务、网络电台任务等资源\n延续手机控制播放 IE 远程访问管理 U 盘播放及升级等特色功能\n支持 TCP/IP、UDP、IGMP(组播)协议，实现网络化传输 16 位立体声 CD 音质的音乐信号","无偏离",null,"套",1,null,null,"峰火/昆仑",null,null,null,"可接收服务器的文件广播任务、采集任务、定时任务、网络电台任务等资源 延续手机控制播放 IE 远程访问管理 U 盘播放及升级等特色功能 支持 TCP/IP、UDP、IGMP(组播)协议，实现网络化传输 16 位立体声 CD音质的音乐信号","T-7201S","套",1,null,null,"卡度"]
[5,"前置放大器","功能特点\n1.10 路线路输入，1 路卡侬线路输入，4 路线路输出，2 路录音输出，1路卡侬线路输出\n2.3 路话筒输入、前话筒具有默音功能，默音大小可自由调节                                                                                          3.各分路音量单独调节,统一音量调节控制，高低音调节\n4.支持叮咚声播放，用于检测线路及喊话时提示；\n5.各分路具有通道开关，完全屏蔽分路信号干扰互通\n6.支持 U 盘播放，TF 卡播放，FM 播放\n7.支持蓝牙播放\n8.支持 48V 幻像供电\n9.具有自动接地开关，杜绝静电噪音\n10.支持电平显示输入信号的强弱\n技术参数\n11.线路输入电平 400mV 不平衡\n12.卡侬输入电平 400mV 平衡\n13.话筒输入电平 1.8mV 平衡/3mV 不平衡\n14.线路输入阻抗 10KΩ\n15.话筒输入阻抗 600Ω\n16.音调调节范围 ±10dB\n17.频率响应 20Hz-20KHz\n18.工作电源 AC 220V±10% 50-60Hz\n19.信噪比 Aux Input:90dB","1、设有10路输入通道：包括5路话筒（MIC）输入，3路标准线路你好（AUX）输入，2路EMC紧急线路输入；\n2、紧急输入（ENC1、2）具有最高优强行切入优先功能；\n其次话筒1（MIC1）是为第二级优先，话筒（MIC2、3、4、5）与线路（AUX1、2、3）输入为第三级；\n话筒（MIC)输入通道和线路（AUX）输入通道均可独立调校音量，紧急音频信号输入无音量调节，自动默音至-30dB，设有高音（TREBLE）和低音（BASS）独立调节\n3.各分路音量单独调节,统一音量调节控制，高低音调节\n4.支持叮咚声播放，用于检测线路及喊话时提示；\n5.各分路具有通道开关，完全屏蔽分路信号干扰互通\n6.支持 U 盘播放，TF 卡播放，FM 播放\n7.支持蓝牙播放\n8.支持 48V 幻像供电\n9.具有自动接地开关，杜绝静电噪音\n10.支持电平显示输入信号的强弱\n技术参数\n11.线路输入电平 400mV 不平衡\n12.卡侬输入电平 400mV 平衡\n13.话筒输入电平 1.8mV 平衡/3mV 不平衡\n14.线路输入阻抗 10KΩ\n15.话筒输入阻抗 600Ω\n16.音调调节范围 ±10dB\n17.频率响应 20Hz-20KHz\n18.工作电源 AC 220V±10% 50-60Hz\n19.信噪比 Aux Input:90dB\n","无偏离","P-D8605","台",1,730,730,"峰火/昆仑","峰火系统此处不需要此设备",null,null,"产品类型：前置放大器；产品特点：\n1、标准机箱设计，2U铝合金面板，人性化的抽手设计，美观实用；\n2、支持多路音源输入放大，和混合多路输出。\n3、具有10路输入通道：包括5路话筒（MIC）输入，3路标准信号线路（AUX）输入，2路紧急线路（EMC）输入；\n4、具有3路线路输出；\n5、紧急线路输入（EMC1、2）具有最高优强行切入优先功能；\n6、话筒1（MIC1）是为第二级优先，话筒（MIC2、3、4、5）与线路（AUX1、2、3）输入为第三级；\n7、话筒（MIC)输入通道和线路（AUX）输入通道均可独立调校音量，紧急音频信号输入无音量调节，自动默音至-30dB；\n8、设有高音（TREBLE）和低音（BASS）独立调节。","HA-119","台",1,739,{"$f":"S31*R31","v":739},"卡度"]
[6,"纯后级功放","功能特点\n1、单通道纯后级功率放大器；\n2、为广播系统提供区域功率放大；\n3、标准机柜式设计（3U）；\n4、1 通道 LINE 不平衡 TRS 输入，通道可独立调节音量、1 通道 LINE 不平衡 TRS 级联输出；1 通道 LINE 平衡×LR 输入，1 通道 LINE 平衡×LR 级联输出；\n5、可以接纯后级功放以扩展功率\n6、面板带音量调节旋钮；\n7、2 种功率输出方式：定压输出 100V、70V 和定阻输出 4～16Ω\n8、采用场效应管前级放大，传统的变压器三极管推挽线路。\n9、内置 2 级有源高通滤波和低通滤波器，自动消波还原信号；拥有完整的线路安全工作保证。\n10、机器异常工作保护警告功能：当输入信号过大、负载过重、线路短路时，对应的指示灯闪烁提示，有极高的可靠性。\n11、完善的温度保护:大电流高速风扇，工作噪音低，散热效果佳；当机器温度升高时，温度保护电路会启动风扇；风扇的转速随温度的升高而自动提高。\n技术参数\n1、额定输出功率：1000W\n2、扬声器输出：70V, 100V & 4～16Ω\n3、输入灵敏度 & 输入阻抗  ±385mV/10KΩ, 平衡 ×LR 输入端子，775mV/10KΩ,不平衡 TRS 输入端子\n4、输出灵敏度 & 输出源阻抗  ±385mV/10KΩ, 平衡 ×LR 输出端子，775mV/10KΩ,不平衡 TRS 输出端子\n5、过载源电动势： ＞15dB\n6、频率响应：50Hz～16KHz(+1dB, -3dB )\n7、信噪比 ： ＞90dB\n8、总谐波失真  1KHz 时 0.5%, 1/3 输出功率\n9、散热 ：由前往后强制风冷，散热器温度 45 度时启动内置风扇\n10、电源：  ～220V/50Hz\n11、最大耗散功率： 1250W","功能特点\n1、单通道纯后级功率放大器；\n2、为广播系统提供区域功率放大；\n3、标准机柜式设计（3U）；\n4、1 通道 LINE 不平衡 TRS 输入，通道可独立调节音量、1 通道 LINE 不平衡 TRS 级联输出；1 通道 LINE 平衡×LR 输入，1 通道 LINE 平衡×LR 级联输出；\n5、可以接纯后级功放以扩展功率\n6、面板带音量调节旋钮；\n7、2 种功率输出方式：定压输出 100V、70V 和定阻输出 4～16Ω\n8、采用场效应管前级放大，传统的变压器三极管推挽线路。\n9、内置 2 级有源高通滤波和低通滤波器，自动消波还原信号；拥有完整的线路安全工作保证。\n10、机器异常工作保护警告功能：当输入信号过大、负载过重、线路短路时，对应的指示灯闪烁提示，有极高的可靠性。\n11、完善的温度保护:大电流高速风扇，工作噪音低，散热效果佳；当机器温度升高时，温度保护电路会启动风扇；风扇的转速随温度的升高而自动提高。\n技术参数\n1、额定输出功率：1000W\n2、扬声器输出：70V, 100V & 4～16Ω\n3、输入灵敏度 & 输入阻抗  ±385mV/10KΩ, 平衡 ×LR 输入端子，775mV/10KΩ,不平衡 TRS 输入端子\n4、输出灵敏度 & 输出源阻抗  ±385mV/10KΩ, 平衡 ×LR 输出端子，775mV/10KΩ,不平衡 TRS 输出端子\n5、过载源电动势： ＞15dB\n6、频率响应：50Hz～16KHz(+1dB, -3dB )\n7、信噪比 ： ＞90dB\n8、总谐波失真  1KHz 时 0.5%, 1/3 输出功率\n9、散热 ：由前往后强制风冷，散热器温度 45 度时启动内置风扇\n10、电源：  ～220V/50Hz\n11、最大耗散功率： 1250W","无偏离","KL-PB-1000W","台",1,2895,2895,"峰火/昆仑",null,null,null,"产品类型：纯后级广播功率放大器；产品特点：\n1、采用先进高效功率放大电路，足功率输出，超强负责能力，工艺简洁美观；\n2、音频输入采用6.35话筒接口与DY卡侬母接口供选择，（输入灵敏为775mv/10K）音量大小可以调节；\n3、设有一路信号跟随放大线路做为辅助输出，直接可以连接下一台后级功放；\n4、功率输出设有70V/100V定压输出，及4-16Ω定阻输出；\n5、输出频响范围为100~16KHz；\n6、设备设有异常工作保护警告功能，当输入信号过大、负载过重、温度过高、线路短路时，对应的指示灯提示，有极高的可靠性；\n7、3U标准机箱设计，铝合金面板，美观实用。\n产品参数：\n1、输出功率：1000W；\n2、输出方式：4-16 ohms(Ω)定阻输出、70V/100V定压输出；   \n3、频率响应：100Hz-16KHz； \n4、失 真 度：≤1%；\n5、信 噪 比：70dB； \n6、保　　护：过热保护、短路保护、过载保护护； \n7、机器尺寸：485*400*132mm（W*D*H)；\n8、重　　量：25.5Kg；\n9、电源功耗：1500W。","HV-1000","台",1,2970,2970,"卡度"]
[7,"室外音柱","1、尺寸：约 900×250×125；\n2、电压：70—100V；\n3、功率：80W；\n4、灵敏度：108dB；\n5、喇叭：6.5 寸 4+1 高音","产品描述：\n1、室外豪华型防水音柱式扬声器，箱体采用铝合金型材制造，可抵挡大小风雨；表面配以流畅线条造型，特有Smido白色涂层使产品尽显高雅大方，与周围环境极易谐和\n2、 室外豪华型防水音柱式扬声器，内部分别装有4只6.5英寸的低音喇叭和1个号角高音组成，适合播放音乐和讲话；箱体由铝型材制造，正面覆盖白色铝网；随机附件包括安装支架，便于墙面安装且坚固耐用\n产品参数： \n额定功率            80W \n输入电压            70V/100V \n灵敏度              96dB±3dB\n频率响应            140-15KHz \n喇叭单元            6.5寸*4+2寸*1\n防水等级            IPx6\n尺寸（LxWxH）       890mm*227mm*125mm\n材质                铝合金\n颜色                白色（RAL 9016）","无偏离","P-D884","只",8,535,4280,"峰火/昆仑",null,null,null,"产品类型：室外防雨音柱；产品特点：\n1、乳白色超豪华大功率音柱；\n2、音柱由全频喇叭组成，声音清晰明亮；\n3、外壳和上下底壳由铝镁合金制成，不锈钢金属网面，不易生锈，美观大方；\n4、全天候设计，选用防水喇叭单元，室内外均宜；\n5、可抵挡日照雨淋，风沙雨水，适合在户内、外长期使用，如公共场所、超级市场、学校、车站等；\n6、配有多功能安装支架，便捷安装。\n产品参数：\n1、单元组合：全频喇叭6.5寸喇叭×4只，高音2寸×1只；\n2、额定功率：80W，最大功率：160W；\n3、输入电压：70V/100V；\n4、灵敏度：97±2dB；\n5、频率响应：150-14KHz；\n6、产品尺寸：952*227*125mm（H*W*D）；\n7、外壳材料：铝镁合金，不锈钢金属网面；\n8、颜色：白色；\n9、重量：8.6kg。","HS-430","只",8,495,3960,"卡度"]
["\n2-3、风雨操场",{"$nulls":9},"峰火/昆仑",{"$nulls":8},0]
[1,"网络广播IP功放","功能特点\n1、机柜式单通道网络音频解码设备，内置数字功率放大器；\n2、标准机柜式设计（2U）,银白色氧化铝拉丝面板，人性化的抽手；\n3、设备采用嵌入式 ARM9 处理器；高速工业级芯片，运行稳定可靠；\n4、支持 TCP/IP、UDP、IGMP(组播)协议，实现网络化传输 16 位立体声 CD音质的音乐信号；\n5、内置 250W 定阻（4-16Ω），定压（70V、100V）功放输出\n6、1 路线路（AUX）和 1 路话筒（MIC）输入，实现本地外接音源输入和紧急广播输入，具有独立的音量调节；\n7、1 路音频信号辅助输出；\n8、所有音频信号支持高低音提升、衰减调节；使音质自由选择；\n9、智能电源管理，无音乐或呼叫时，设备自动切断主电源，进入待机状态，待机功率小，符合国家节能认证要求；同时可软件设置提前预打开主电源时间；\n10、支持跨网段和跨路由。\n11、支持安卓系统手机控制\n12、内置 web 服务器、提供 IE 访问支持\\支持手机或电脑浏览器修改地址\n技术参数\n1、网络接口： RJ45\n2、传输速率：10Mbps/100Mbps\n3、支持协议： TCP/IP，UDP，IGMP(组播)\n4、音频格式 ：MP3\n5、音频模式 ：16 位立体声 CD 音质\n6、采样率：8K～48K\n7、比特率：8K～512Kbps\n8、AUX 输入灵敏度：350mV\n9、MIC 输入灵敏度：10mV\n10、高音提升、衰减:±10.5dB\n11、低音提升、衰减:±10.5dB\n12、额定功率： 250W\n13、待机功耗 ：＜12W\n14、频率响应 ：60Hz~18KHz  +1/-3dB\n15、谐波失真： THD≤0.1%\n16、信噪比： ≥65dB\n17、输出方式： 4~16Ω定阻输出、70V/100V 定压输出\n18、保护电路 ：直流输出、过载、过温、短路保护电路\n19、环境温度 ：5℃～40℃\n20、环境湿度 ：20%～80%相对湿度，无结露\n21、电源 ：AC220V","1、、机柜式单通道网络音频解码设备，内置数字功率放大器；标配1个10/100M RJ45网络交换机接口，支持局域网与广域网\n2、设备采用工业级双核处理芯片（ARM+DSP），启动时间小于1S\n3、内置网络IP解码模块可支持 TCP/IP、UDP、IGMP(组播)协议，实现网络化传输 16 位立体声 CD音质的音乐信号；实时播网络音乐及呼叫功能；采集播放和呼叫功的网络延时时间小于30mS。\n4、自带一路功率放大器，输出方式为100V、70V、4~16Ω，输出功率为360W供于用户选择。\n\n5、2路话筒输入，2路线路输入，1路发辅助输出，每路都设有独立音量调节；\n6、本终端设有3级优先功能，MIC1设为最高优先级。网络为第二级优秀，MIC2、AUX1、AUX2为第三级优先\n7、设有一路短路输入，一路路短路输出接口，便于用户扩展。\n8、设有一路DC24V强切电源备用接口，供于用户选配扩展\n9、本终端可支持被动结束呼叫，可实现双方互相通话，通话延时时间小于30mS。\n10、设有单向点播功能，可通过服务器软件、对本终端自由点播服务器中节目\n11、功放的控制电源采用节能环保模式设计，智能管理电源，无音乐或呼叫时，设备自动切断主电源，进入待机状态，待机功率小，同时可软件设置提前预打开主电源时间；也可手动或自动模式打开与关闭。\n12、设有功放接通电源指示灯、功放保护指示灯、功放工作信号及消峰指示灯，对功放的工作状态一目了然。\n13、采用先进高效功率放大电路，足功率输出，并设有过载、过温等多种保护，\n14、2U标准机箱设计，铝合金面板，美观实用。\n15、本设备可支持跨网段和跨路由；内置 web 服务器、提供 IE 访问支持局域网与广域网的远程升级，便于有效服务好客户。\n技术参数\n1、网络接口： RJ45\n2、传输速率：10Mbps/100Mbps\n3、支持协议： TCP/IP，UDP，IGMP(组播)\n4、音频格式 ：MP3、WAV、AVI等\n5、音频模式 ：16 位立体声 CD 音质\n6、采样率：8K～48K\n7、比特率：8K～512Kbps\n8、AUX 输入灵敏度：350mV\n9、MIC 输入灵敏度：10mV\n10、高音提升、衰减:±10.5dB\n11、低音提升、衰减:±10.5dB\n12、额定功率： 300W\n13、待机功耗 ：＜12W\n14、频率响应 ：60Hz~18KHz  +1/-3dB\n15、谐波失真： THD≤0.1%\n16、信噪比： ≥65dB\n17、输出方式： 4~16Ω 定阻输出、70V/100V 定压输出\n18、保护电路 ：直流输出、过载、过温、短路保护电路\n19、环境温度 ：5℃～40℃\n20、环境湿度 ：20%～80%相对湿度，无结露\n21、电源 ：AC220V","无偏离","KL-FH-2240S","台",1,2250,2250,"峰火/昆仑",null,null,null,"产品类型：机架式IP网络广播功率放大器；产品特点：\n1、2U标准机箱设计，铝合金面板，美观实用；\n2、标配1个10/100M RJ45网络交换机接口，支持局域网与广域网；\n3、设备采用嵌入式计算机技术和DSP音频处理技术设计，工业级双核处理芯片（ARM+DSP），启动时间小于1S；\n4、内置网络IP解码模块可实时播网络音乐及呼叫功能，采集播放和呼叫功的网络延时时间小于30mS；\n5、2路话筒输入，2路线路输入，1路线路辅助输出，每路都设有独立音量调节；\n6、本终端设有3级优先功能，MIC1设为最高优先级，网络为第二级优先级，MIC2、AUX1、AUX2为第三级优先级；\n7、设有一路短路输入，二路短路输出接口，便于用户扩展；\n8、本终端可支持被动结束呼叫，可实现双方互相通话，通话延时时间小于30mS；\n9、自带1路功率放大器，功率输出设有70V/100V定压输出，及4-16Ω定阻输出；\n10、功放的控制电源采用节能环保模式设计，可手动或自动模式打开与关闭；\n11、设有功放接通电源指示灯、功放保护指示灯、功放工作信号及消峰指示灯，对功放的工作状态一目了然；\n12、采用先进高效功率放大电路，足功率输出，并设有过载、过温等多种保护；\n13、（选配功能）设有一路DC24V强切电源备用接口，供于用户选配扩展；\n14、本设备可支持局域网与广域网的远程升级，便于有效管理各终端。\n产品参数：\n1、网络接口：标准RJ45×1；\n2、传输速率：10M/100Mbps；\n3、音频格式：MP3/MP2；\n4、音频模式：16位立体声CD音质；\n5、输出频响：20Hz—20KHz；\n6、支持协议：TCP/IP、UDP，IGMP（组播）；\n7、谐波失真：≤0.3%；\n8、信 噪 比：≥90dB；\n9、输入灵敏度：MIC：10MV/AUX：250MV；\n10、线路输出电平、阻抗：775MV、1KΩ；\n11、工作温度：-20℃～+60℃；\n12、工作湿度: 10%～90%；\n13、输出功率：240W；\n14、待机功耗：≤30W；\n15、产品尺寸：484*88*340mm（W*H*D)；\n16、电源电压：AC 220V/50Hz。","T-7212","台",1,1985,1985,"卡度"]
[2,"数字网络广播系统","可接收服务器的文件广播任务、采集任务、定时任务、网络电台任务等资源\n延续手机控制播放 IE 远程访问管理 U 盘播放及升级等特色功能\n支持 TCP/IP、UDP、IGMP(组播)协议，实现网络化传输 16 位立体声 CD 音质的音乐信号\n","可接收服务器的文件广播任务、采集任务、定时任务、网络电台任务等资源\n延续手机控制播放 IE 远程访问管理 U 盘播放及升级等特色功能\n支持 TCP/IP、UDP、IGMP(组播)协议，实现网络化传输 16 位立体声 CD 音质的音乐信号","无偏离",null,"套",1,null,null,"峰火/昆仑",null,null,null,"可接收服务器的文件广播任务、采集任务、定时任务、网络电台任务等资源 延续手机控制播放 IE 远程访问管理 U 盘播放及升级等特色功能 支持 TCP/IP、UDP、IGMP(组播)协议，实现网络化传输 16 位立体声 CD音质的音乐信号","T-7212S","套",1,null,0,"卡度"]
[3,"室外音柱","1、输出功率：20W\n2、输入电压：70／100V\n3、灵敏度：91db                                                                   4、频响：175HZ-15KHZ","产品描述：\n1、室外室内豪华型防水音柱式扬声器，箱体采用优质铝型材制造，可抵挡大小风雨；表面配以流畅线条造型，特有Smido纯白涂层使产品尽显高雅大方，与周围环境极易谐和。\n2、 室外室内豪华型防水音柱式扬声器，内部分别装有4只3英寸的全频喇叭组成，适合播放音乐和讲话。箱体由优质铝材制造，正面覆盖白色铝网。随机附件包括安装支架，便于墙面安装且坚固耐用。 \n产品参数： \n\n额定功率              20W \n输入电压              70V/100V \n灵敏度                91dB±3dB \n频率响应              170-15KHz \n喇叭单元              3寸*4\n防水等级              IPx6 \n外形尺寸（LxWxH）     430*107*75mm\n材质                  铝合金\n颜色                  白色（RAL 9016）","无偏离","P-D852","只",6,165,990,"峰火/昆仑",null,null,null,"产品类型：室外防雨音柱；产品特点：\n1、室内外豪华音柱，适合各种场所装饰；\n2、音柱由全频喇叭组成，声音清晰明亮；\n3、外壳由铝镁合金制成，上下底壳为塑料，不锈钢金属网面，不易生锈，美观大方；\n4、全天候设计，选用防水喇叭单元，室内外均宜；\n5、可抵挡日照雨淋，风沙雨水，适合在户内、外长期使用，如公共场所、超级市场、学校等；\n6、配有多功能安装支架，便捷安装。\n产品参数：\n1、单元组合：低音4寸×2只，高音2寸×1只；\n2、额定功率：20W，最大功率：30W；\n3、输入电压：70V/100V；\n4、灵敏度：92±2dB；\n5、频率响应：140-13KHz； \n6、产品尺寸：420*151*125mm（H*W*D）；\n7、外壳材料：铝镁合金，上下底壳为塑料，不锈钢金属网面；\n8、颜色：银灰色； \n9、重量：3.4kg。","HS-220","只",6,201,1206,"卡度"]
["\n2-4、室外球场",{"$nulls":9},"峰火/昆仑",{"$nulls":8},0]
[1,"网络广播IP功放","功能特点\n1、机柜式单通道网络音频解码设备，内置数字功率放大器；\n2、标准机柜式设计（2U）,银白色氧化铝拉丝面板，人性化的抽手；\n3、设备采用嵌入式 ARM9 处理器；高速工业级芯片，运行稳定可靠；\n4、支持 TCP/IP、UDP、IGMP(组播)协议，实现网络化传输 16 位立体声 CD音质的音乐信号；\n5、内置 650W 定阻（4-16Ω），定压（70V、100V）功放输出\n6、1 路线路（AUX）和 1 路话筒（MIC）输入，实现本地外接音源输入和紧急广播输入，具有独立的音量调节；\n7、1 路音频信号辅助输出；\n8、所有音频信号支持高低音提升、衰减调节；使音质自由选择；\n9、智能电源管理，无音乐或呼叫时，设备自动切断主电源，进入待机状态，待机功率小，符合国家节能认证要求；同时可软件设置提前预打开主电源时间；\n10、支持跨网段和跨路由。\n11、支持安卓系统手机控制\n12、内置 web 服务器、提供 IE 访问支持\\支持手机或电脑浏览器修改地址\n技术参数\n1、网络接口： RJ45\n2、传输速率：10Mbps/100Mbps\n3、支持协议： TCP/IP，UDP，IGMP(组播)\n4、音频格式 ：MP3\n5、音频模式 ：16 位立体声 CD 音质\n6、采样率：8K～48K\n7、比特率：8K～512Kbps\n8、AUX 输入灵敏度：350mV\n9、MIC 输入灵敏度：10mV\n10、高音提升、衰减:±10.5dB\n11、低音提升、衰减:±10.5dB\n12、额定功率： 650W\n13、待机功耗 ：＜12W\n14、频率响应 ：60Hz~18KHz  +1/-3dB\n15、谐波失真： THD≤0.1%\n16、信噪比： ≥65dB\n17、输出方式： 4~16Ω定阻输出、70V/100V 定压输出\n18、保护电路 ：直流输出、过载、过温、短路保护电路\n19、环境温度 ：5℃～40℃\n20、环境湿度 ：20%～80%相对湿度，无结露","1、、机柜式单通道网络音频解码设备，内置数字功率放大器；标配1个10/100M RJ45网络交换机接口，支持局域网与广域网\n2、设备采用工业级双核处理芯片（ARM+DSP），启动时间小于1S\n3、内置网络IP解码模块可支持 TCP/IP、UDP、IGMP(组播)协议，实现网络化传输 16 位立体声 CD音质的音乐信号；实时播网络音乐及呼叫功能；采集播放和呼叫功的网络延时时间小于30mS。\n4、自带一路功率放大器，输出方式为100V、70V、4~16Ω，输出功率为360W供于用户选择。\n\n5、2路话筒输入，2路线路输入，1路发辅助输出，每路都设有独立音量调节；\n6、本终端设有3级优先功能，MIC1设为最高优先级。网络为第二级优秀，MIC2、AUX1、AUX2为第三级优先\n7、设有一路短路输入，一路路短路输出接口，便于用户扩展。\n8、设有一路DC24V强切电源备用接口，供于用户选配扩展\n9、本终端可支持被动结束呼叫，可实现双方互相通话，通话延时时间小于30mS。\n10、设有单向点播功能，可通过服务器软件、对本终端自由点播服务器中节目\n11、功放的控制电源采用节能环保模式设计，智能管理电源，无音乐或呼叫时，设备自动切断主电源，进入待机状态，待机功率小，同时可软件设置提前预打开主电源时间；也可手动或自动模式打开与关闭。\n12、设有功放接通电源指示灯、功放保护指示灯、功放工作信号及消峰指示灯，对功放的工作状态一目了然。\n13、采用先进高效功率放大电路，足功率输出，并设有过载、过温等多种保护，\n14、2U标准机箱设计，铝合金面板，美观实用。\n15、本设备可支持跨网段和跨路由；内置 web 服务器、提供 IE 访问支持局域网与广域网的远程升级，便于有效服务好客户。\n技术参数\n1、网络接口： RJ45\n2、传输速率：10Mbps/100Mbps\n3、支持协议： TCP/IP，UDP，IGMP(组播)\n4、音频格式 ：MP3、WAV、AVI等\n5、音频模式 ：16 位立体声 CD 音质\n6、采样率：8K～48K\n7、比特率：8K～512Kbps\n8、AUX 输入灵敏度：350mV\n9、MIC 输入灵敏度：10mV\n10、高音提升、衰减:±10.5dB\n11、低音提升、衰减:±10.5dB\n12、额定功率： 650W\n13、待机功耗 ：＜12W\n14、频率响应 ：60Hz~18KHz  +1/-3dB\n15、谐波失真： THD≤0.1%\n16、信噪比： ≥65dB\n17、输出方式： 4~16Ω 定阻输出、70V/100V 定压输出\n18、保护电路 ：直流输出、过载、过温、短路保护电路\n19、环境温度 ：5℃～40℃\n20、环境湿度 ：20%～80%相对湿度，无结露\n21、电源 ：AC220V","无偏离","KL-FH-2650S","台",1,3065,3065,"峰火/昆仑",null,null,null,"产品类型：机架式IP网络广播功率放大器；产品特点：\n1、2U标准机箱设计，铝合金面板，美观实用；\n2、标配1个10/100M RJ45网络交换机接口，支持局域网与广域网；\n3、设备采用嵌入式计算机技术和DSP音频处理技术设计，工业级双核处理芯片（ARM+DSP），启动时间小于1S；\n4、内置网络IP解码模块可实时播网络音乐及呼叫功能，采集播放和呼叫功的网络延时时间小于30mS；\n5、2路话筒输入，2路线路输入，1路线路辅助输出，每路都设有独立音量调节；\n6、本终端设有3级优先功能，MIC1设为最高优先级，网络为第二级优先级，MIC2、AUX1、AUX2为第三级优先级；\n7、设有一路短路输入，二路短路输出接口，便于用户扩展；\n8、本终端可支持被动结束呼叫，可实现双方互相通话，通话延时时间小于30mS；\n9、自带1路功率放大器，功率输出设有70V/100V定压输出，及4-16Ω定阻输出；\n10、功放的控制电源采用节能环保模式设计，可手动或自动模式打开与关闭；\n11、设有功放接通电源指示灯、功放保护指示灯、功放工作信号及消峰指示灯，对功放的工作状态一目了然；\n12、采用先进高效功率放大电路，足功率输出，并设有过载、过温等多种保护；\n13、（选配功能）设有一路DC24V强切电源备用接口，供于用户选配扩展；\n14、本设备可支持局域网与广域网的远程升级，便于有效管理各终端。\n产品参数：\n1、网络接口：标准RJ45×1；\n2、传输速率：10M/100Mbps；\n3、音频格式：MP3/MP2；\n4、音频模式：16位立体声CD音质；\n5、输出频响：20Hz—20KHz；\n6、支持协议：TCP/IP、UDP，IGMP（组播）；\n7、谐波失真：≤0.3%；\n8、信 噪 比：≥90dB；\n9、输入灵敏度：MIC：10MV/AUX：250MV；\n10、线路输出电平、阻抗：775MV、1KΩ；\n11、工作温度：-20℃～+60℃；\n12、工作湿度: 10%～90%；\n13、输出功率：650W；\n14、待机功耗：≤30W；\n15、产品尺寸：484*88*420mm（W*H*D)；\n16、电源电压：AC 220V/50Hz。","T-7216","台",1,2783,2783,"卡度"]
[2,"数字网络广播系统","可接收服务器的文件广播任务、采集任务、定时任务、网络电台任务等资源\n延续手机控制播放 IE 远程访问管理 U 盘播放及升级等特色功能\n支持 TCP/IP、UDP、IGMP(组播)协议，实现网络化传输 16 位立体声 CD 音质的音乐信号\n","可接收服务器的文件广播任务、采集任务、定时任务、网络电台任务等资源\n延续手机控制播放 IE 远程访问管理 U 盘播放及升级等特色功能\n支持 TCP/IP、UDP、IGMP(组播)协议，实现网络化传输 16 位立体声 CD 音质的音乐信号","无偏离",null,"套",1,null,null,"峰火/昆仑",null,null,null,"可接收服务器的文件广播任务、采集任务、定时任务、网络电台任务等资源 延续手机控制播放 IE 远程访问管理 U 盘播放及升级等特色功能 支持 TCP/IP、UDP、IGMP(组播)协议，实现网络化传输 16 位立体声 CD音质的音乐信号","T-7216S","套",1,null,0,"卡度"]
[3,"室外音柱","1、尺寸：约 900×250×125；\n2、电压：70—100V；\n3、功率：80W；\n4、灵敏度：108dB；\n5、喇叭：6.5 寸 4+1 高音","产品描述：\n1、室外豪华型防水音柱式扬声器，箱体采用铝合金型材制造，可抵挡大小风雨；表面配以流畅线条造型，特有Smido白色涂层使产品尽显高雅大方，与周围环境极易谐和\n2、 室外豪华型防水音柱式扬声器，内部分别装有4只6.5英寸的低音喇叭和1个号角高音组成，适合播放音乐和讲话；箱体由铝型材制造，正面覆盖白色铝网；随机附件包括安装支架，便于墙面安装且坚固耐用\n产品参数： \n额定功率            80W \n输入电压            70V/100V \n灵敏度              96dB±3dB\n频率响应            140-15KHz \n喇叭单元            6.5寸*4+2寸*1\n防水等级            IPx6\n尺寸（LxWxH）       890mm*227mm*125mm\n材质                铝合金\n颜色                白色（RAL 9016）","无偏离","P-D884","只",4,535,2140,"峰火/昆仑",null,null,null,"产品类型：室外防雨音柱；产品特点：\n1、乳白色超豪华大功率音柱；\n2、音柱由全频喇叭组成，声音清晰明亮；\n3、外壳和上下底壳由铝镁合金制成，不锈钢金属网面，不易生锈，美观大方；\n4、全天候设计，选用防水喇叭单元，室内外均宜；\n5、可抵挡日照雨淋，风沙雨水，适合在户内、外长期使用，如公共场所、超级市场、学校、车站等；\n6、配有多功能安装支架，便捷安装。\n产品参数：\n1、单元组合：全频喇叭6.5寸喇叭×4只，高音2寸×1只；\n2、额定功率：80W，最大功率：160W；\n3、输入电压：70V/100V；\n4、灵敏度：97±2dB；\n5、频率响应：150-14KHz；\n6、产品尺寸：952*227*125mm（H*W*D）；\n7、外壳材料：铝镁合金，不锈钢金属网面；\n8、颜色：白色；\n9、重量：8.6kg。","HS-430","只",4,495,1980,"卡度"]
["小计"]
["合计"]

{"sheet":"10、校园中心数据机房建设","index":9,"n_rows":22,"n_cols":12,"rows_kept":22,"cut":false,"hidden":false,"merged":[[0,0,0,11],[20,0,20,1],[21,0,21,1]]}
["10、校园中心数据机房建设"]
["序号","设备名称","招标参数","厂家参数","偏离项","型号","单位","数量","单价","总价","品牌","备注"]
[1,"设备机柜","1、IT 设备机柜，机柜尺寸约 2000*600*1200（高*宽*深），采用专用的机柜并柜连接件；\n2、每个机柜包含 1 对 L 形滑轨、1 个托盘、2 个水平理线架、10 个垂直束线圈、20 个 1U 盲板、1U 固定托盘，1 个全密封地板；\n3、前后门均为通风网孔门，通风率≥70%，前门单开，后门双开，前后门开启角度≥120°；机柜静态承载能力≧1600kg，动态承载能力≧1000kg；","1、品牌：科士达；\n2、尺寸规格：19寸42U/2000*600*1200（高*宽*深）；\n3、拼装机柜，含前后门和机柜底板；\n4、机柜框架采用冷轧钢板；\n5、每个机柜包含 1 对 L 形滑轨、1 个托盘、2 个水平理线架、10 个垂直束线圈、20 个 1U 盲板、1U 固定托盘，1 个全密封地板；\n6、黑色外观；\n7、含并柜件1套；\n8、含垂直理线槽两条，含双色灯带两条；\n9、含螺丝、螺母50套；\n10、其他参数：前门为单开通风式蜂窝六角网孔门，后门为双开通风式蜂窝六角网孔门，通风率不小于75%，前后门开启角度150°；一体化组装式结构设计，设备安装的U立柱可前后调整，可方便安装其它配电模块，最大静载2510KG，抗震能力高，带载通过7、8、9级烈度结构抗地震考核；","无偏离","SP-61242B","台",20,4972,{"$f":"I3*H3","v":99440},"科士达"]
[2,"机柜PDU","PDU 符合 GB 标准，每个 PDU 提供 32A 单相输入，输出 20 路 10A 和 4路 16A；\n","每个机柜配1个，机柜左安装。铝合金外壳 单路32A输入/10A国标20口 16A国标4口输出 (带接线盒,带指示灯,机柜后左侧和右侧安装)/每个机柜配1个，机柜右安装。铝合金外壳 单路32A输入/10A国标20口 16A国标4口输出 (带接线盒,带指示灯,机柜后左侧和右侧安装)","无偏离","PDUA A32G24L-L(左)和PDUA A32G24R-L(右)","条",40,732,29280,"科士达"]
[3,"密闭冷通道系统","1、框架式密封通道和设备机柜组合安装构成 3.6 米宽的冷通道，框架式密封通道宽度为 1.2 米，包含密封天窗和密封通道门等；\n2、含 1 套密封天窗：天窗边框采用铝型材，符合机房防火要求；多功能传感器安装在通道顶部，与天窗控制器和外部消防系统连接；\n3、含 2 套密封通道端门：采用推拉结构，端门框架内部都采用钢化玻璃钢，厚度≥5mm，透光率≥90％；\n4、含一套 M 型走线槽，机柜顶部配置走线槽，强弱电线可分离布放；\n5、含一套智能触控显示器安装底板和支架；","1、框架式密封通道和设备机柜组合安装构成 3.6 米宽的冷通道，框架式密封通道宽度为 1.2 米，包含密封天窗和密封通道门等；\n2、本方案采用600mm宽天窗一套，天窗由两块侧板、一块顶板、一块旋转天窗及天窗框架组成；天窗框架采用厚度1.5mm以上冷轧钢板，内部为5mm覆膜钢化玻璃，玻璃面积达到顶板80%以上；天窗采用电磁锁控制；含LED照明灯、天窗内线缆；天窗控制与消防联动，当出现火灾，电磁锁失电，天窗由于重力自由翻转下来；表面喷涂:黑色喷涂；符合UL94-1996、GB/T3398-2-2008、GB/T1043.1U-2008、GB/T1040.4/1B5-2006、GB/T1634.1-2004、GB/T1633-2000、GB/T2410-2008标准；\n3、本方案采用CS-D12A1242 型全自动双开滑动门（密封通道端门）2套：平移门支持全自动（电机驱动）、手动两种模式；门采用双开平移门，进门地面上无门框、导轨等阻碍设备运输车辆进出的设施；框架采用高强度铝型材喷涂处理；平移门框架采用高级铝型材边框，内部为5mm钢化玻璃，玻璃面积达到门的83%以上；钢化玻璃材料符合GB 15763.2-2005《建筑用安全玻璃》标准，增加玻璃强度及玻璃粉碎从而造成对数据数据中心及维护人员的影响；平移门具备防夹人功能；可与消防系统联动，起火时自动打开，且含声光告警安装辅件；门尺寸可根据机柜高度及安装情况进行定制；符合UL94-1996、GB/T3398-2-2008、GB/T1043.1U-2008、GB/T1040.4/1B5-2006、GB/T1634.1-2004、GB/T1633-2000、GB/T2410-2008标准；\n4、含顶部走线槽分为电源走线槽和信号走线槽，分别用于信号线和电源线的走线，实现强弱电线缆的分离布置；\n5、含冷通道配套侧门（滑动通道门用）1块，适用用IDM模块最外侧侧门，带显示屏和读卡器孔位，带通道照明控制开关，配套21.5寸触摸屏使用，配套1200mm深拼装机柜使用\n6、含冷通道配套侧门（滑动通道门用）3块，适用用IDM模块最外侧侧门，带读卡器孔位，带通道照明控制开关，配套1200mm深拼装机柜使用","无偏离","CS-D12A1242 ","套",1,82211,82211,"科士达"]
[4,"空调器","总体要求：\n（1）总冷量≥45KW，显冷量≥450KW，采用 R410A 高效环保型制冷剂，\n水平送风，可前后维护，风量≥9000 m3/h，空调能效比≥3.4；\n（2）列间空调规格满足 600*1200*2000（宽*深*高），与微模块机柜\n无缝并排安装，入列后保持和机柜搭配的美观度，无色差，机柜与精\n密空调采用统一品牌。\n（3）列间空调内置不小于 7 寸的 LCD 触摸真彩屏，具有图形显示机组内各组件运行状态及环境状态的功能。室内机具有 RS485 通讯接口，\n以接入动环控制管理系统。\n\n（1）行级精密空调的的电气性能应符合 IEC 标准\n（2）输入电压允许波动范围：380~415V ±10%\n（3）频率：50/60Hz±3Hz\n环境要求\n（1）温度： 室外 -40℃ ~ +55℃ (T1 室外机：-20~45℃；T3 室外机：-10~55℃；低温室外机：-40~45℃)   （2）湿度：≤95%RH\n1.1.5 温度、湿度控制性能\n（1）精密空调应能按要求自动调节室内温、湿度，具有制冷、加热、加湿、除湿等功能。\n（2）温度调节范围：+18℃~ +45℃\n（3）温度调节精度：±1℃，温度变化率< 5℃/小时\n（4）湿度调节范围：20% ~ 80%RH\n（5）湿度调节精度：±5 %RH\n（6）温、湿度波动超限应能发出报警信号机组性能\n（1）精密空调室内机应采用变频压缩技术、EC 风机\n（3）采用电子膨胀阀，异常断电可以正常关闭，防止冷媒异常迁移，造成再开机后的压缩机带液启动等风险。\n（4）精密空调系统应标配采用 R410a 制冷剂，环保高效。","1、品牌：科士达\n2、总冷量：51.5kW，显冷量：51.5kW\n3、冷媒规格：科士达精密空调选用绿色环保制冷剂R410a，臭氧层破坏系数ODP为0，建设绿色数据中心，履行环保责任\n4、送风方式及风量：水平送风，风量10000m3/h，100%前后维护\n5、尺寸规格： 600*1200*2000（宽*深*高），实现与微模块无缝并排安装，采用与IT机柜同品牌（科士达）产品，入列后保持和机柜的美观度，无色差。\n6、标配7寸LCD触摸真彩屏，能显示温湿度等环境状态参数，具有图形显示机组内各组件运行状态的功能。室内机标配RS485智能通信接口，接入动环控制管理系统。\n7、行级精密空调的的电气性能应符合 IEC 标准\n8、输入电压允许波动范围：380~415V ±10%\n9、频率：50/60Hz±3Hz\n10、运行环境要求：室外-40℃ ~ +55℃，标准型室外机最低工作环境温度-20℃，低温型室外机最低工作环境温度-40℃；湿度：≤95%RH；\n11、温度、湿度控制性能：\n（1）自动调节室内温、湿度，具有制冷、加热、加湿、除湿等功能；\n（2）温度调节范围：+18℃~ +45℃；\n（3）温度调节精度：±1℃，温度变化率< 5℃/小时；\n（4）湿度调节范围：20% ~ 80%RH；\n（5）湿度调节精度：±5 %RH；\n（6）温、湿度波动超限时，发出报警信号机组性能；\n（1）精密空调室内机采用直流变频压缩技术、高效EC直流风机；\n（3）采用电子膨胀阀，异常断电可以正常关闭，防止冷媒异常迁移，造成再开机后的压缩机带液启动等风险；\n（4）标配采用 R410a 制冷剂，环保高效；","无偏离","室内机：FS050FAACEOBE\n室外机：KCS072HNA ","台",3,113580,340740,"科士达"]
[5,"一体化配电柜","1、机柜尺寸满足 600 mm（W） × 1200 mm（D） × 2000 mm（H），\n颜色与服务器机柜保持一致。\n2、内置精密空调配电模块和 IT 机柜配电模块。\n3、智能监控板的监控模块支持热插拔并具有故障指示灯，当检测板模块出现故障时，可以指示告警，并支持不断电维护；\n4、主路断路器应采用知名品牌的塑壳断路器，分段能力≥36kA；支路断路器应采用知名品牌的微型断路器，分段能力≥6kA；断路器技术标准≥为 ABB、施耐德、西门子或同档次产品。\n5、电源输入端配置 C 级防雷器，耐冲击过电压额定值〈1.8KV，标称放电电流≥20KA，并配置 MCB 后备保护；","1、本方案采用科士达推出的GGIC320P3型一体化配电柜；\n2、机柜尺寸： 600 mm（W） × 1200 mm（D） × 2000 mm（H）\n3、黑色外观；\n4、配置7寸彩色液晶触摸屏，可显示主回路及支路全电量信息，支持记录历史故障数据，提供完善可靠的电源管理；\n5、支路插拔式开关，其中插拔式开关支持在线换相和更换开关；\n6、支持支路电压监测及电力故障声光报警功能；\n7、提供通信协议，支持动环监控的兼容；\n8、可靠防护措施，最大限度确保操作安全；\n9、主路断路器采用施耐德的塑壳断路器，分段能力≥36kA；支路断路器采用施耐德的微型断路器，分段能力≥6kA。\n10、内部配电配置：\n.精密空调配电：63A/3P×3\n.UPS总输出：320A/3P×1\n.UPS分配输出：\n     .机柜PDU：32A/1P×42（每机柜2路，预留2路）\n     .监控设备：32A/1P×1\n     .网点采集器：32A/1P×1\n.防雷：配C级防雷器及防雷开关，耐冲击过电压额定值〈1.8KV，标称放电电流≥20KA，并配置 MCB 后备保护","无偏离","GGIC320P3","台",1,37000,37000,"科士达"]
[6,"UPS","1、UPS 类型应为在线双变换式模块化 UPS，制式为三相输入，三相输出。\n2、UPS 单台机框额定容量应不小于 200kVA（本期配置功率容量不小于150kVA），并可支持不少于 4 台主机并联；单功率模块的额定输出功率应≥50kVA，并支持热插拔，当功率模块故障时，应及时退出系统而不能影响其他模块正常工作，不允许输出中断。\n1）输入电压可变范围：300V 至 483V,线电压；\n2)输入功率因数:≥0.95（50%负载），≥0.99（100%负载）；\n3）输入电流谐波成分：≤5%（100%负载）；\n4）输出电压精度：静态±1％；\n5）输出电压波形畸变率：<1%(100%线性载），<4%（100%非线性载）；\n6）输出功率因素：1.0；","1、本方案所采用的YMK3300系列UPS是科士达推出的高端模块化UPS，产品采用模块化设计与N+X并机冗余技术。本方案采用YMK3300-200型UPS，单机最大功率可支持200KVA，可支持4台并机，本次配置3台50KVA单模块功率，N+1冗余，、UPS 类型应为在线双变换式模块化 UPS，制式为三相输入，三相输出；\n\n2、YMK3300系列UPS为模块化设计，整机采用集中监控，集中旁路形式，集中旁路模块具有较高的平均修复时间，旁路耐受冲击的电流能力高，且有效避免了模块间的均流问题；\n\n3、高度模块化设计：所有单元均采用模块化设计，包含功率模块、旁路模块、监控模块、配电模块，功率模块为3U，旁路模块为3U，监控模块为1U，配电模块11U,适配19英寸标准机柜；功率模块、旁路模块、监控模块、中央控制单元支持热插拔；\n\n4、高可靠性：超宽的输入电压范围，范围138～485V，305V以下线性降额；柜内柜间采用多路数字总线冗余并联控制技术，避免单路故障引发的系统故障；单独插拔任何一个功率模块、控制单元、监控单元都不影响系统正常运行；加厚三防漆喷涂处理，可适应高温、高湿、粉尘、盐雾等恶劣环境；\n\n5、节能高效：输入功率因数可达0.99；输出功率因素为1；采用三电平拓扑结构，整机效率高达96.5%；可设置休眠模式，保证UPS的高效运行和均衡工作，延长整机工作寿命；\n\n6、并联冗余功能：可支持4台并机，具备LBS功能；支持共用电池组；单机系统、并机系统旁路跟踪速率后台可调；\n\n7、良好的维护性：标配7英寸彩色触摸显示屏；支持历史记录、故障记录导出功能；支持柜内多模块CAN同步升级功能；支持SNMP卡、RS485接口、干接点监控、RJ45接口、CAN接口；\n\n8、输出电压谐波（THDV）：<1%(100%线性载），≤3%（100%非线性载）\n   输出电压精度：静态±1％；\n   输入电流谐波成分：≤5%（100%负载）","无偏离","YMK3300-200","台",1,126540,126540,"科士达"]
[7,"微模块动环模块","1、 含一台微模块内部动环数据采集器，实现对模块内供配电、空调、\n温湿度、漏水检测、烟雾、视频、门禁等设备的不间断监控，\n1、1 套门禁控制系统：含门禁控制器、电磁锁、按钮组件、信号线缆等；门禁控制器可实现消防联动；双门电磁锁最大拉力至少 180kg×2直线拉力；\n2、指纹/密码/刷卡三合一读卡器，防拆报警功能，阅读器及语音提示功能，可实现身份识别+权限确认；\n3、1 套天窗控制系统：含天窗电磁锁、天窗执行器等；\n4、1 套照明系统：内部采用 LED 灯带，红外扫描进门亮灯；\n5、1 套视频监控系统：含摄像头、VCN（存储时间≥一个月）、交换机；\n6、1 套 LED 灯管报警功能，直观显示工作状态和告警状态，支持 4 种颜色显示；\n7、一台智能管理触控一体机；                                            8、配置两套烟感/温湿度 3 合一传感器、两套套水浸传感器、两套水浸传感器检测绳，空调回风温湿度传感器、蜂鸣器；","1、3D监控主机 一台，：\n1.1、含组态监控系统软件，正版操作系统软件，支持3D，可远程IE和客户端查看数据；\n1.2、单AC220V输入电源 , I5双核处理器，4G内存，6路DI，2路DO,2个232串口，6个485串口，1路VGA接口，1路HDMI接口，有1个插槽，可1U标准机架或者壁挂安装，支持50个设备节点。\n\n2、一台智能管理触控一体机：电容触摸屏，工业级电容触控屏，21.5英寸（16:9）显示屏，分辨率:1920*1080；2、使用寿命：> 50000小时；3、整机功耗：<220W，待机功耗：<3W；4、抗光干扰，确保操作的准确性（强光直射照常使用）。\n\n3、门禁控制系统一套：\n3.1、双门禁控制1个：门禁控制主机，独立软件设置\n3.2、IDM配套用触摸开关2个：配套IDM全自动双开滑动门使用，触摸感应，造型设计简约美观，防水防尘，耐高温抗冲击\n3.3、指纹门禁刷卡器2台：支持指纹认证、密码认证和ID卡认证的读\n3.4、应急开关附件1个：防止门禁失灵，应急出门使用\n3.5、ID卡 5个\n3.6、指纹/密码/刷卡三合一读卡器，防拆报警功能，阅读器及语音提示功能，可实现身份识别+权限确认\n\n4、天窗控制系统1套：含天窗电磁锁、天窗执行器等\n\n5、含照明控制器一套；\n\n6、视频监控系统一套：含摄像头、VCN（存储时间≥一个月）、交换机。\n6.1、4路网络硬盘录像机：网络硬盘录像机，支持1个硬盘，支持POE，支持4个网络摄像头\n6.2、红外半球式网络摄像机：半球网络摄像头，支持 DC12V/POE 供电方式，200万高清画质，支持 IP67 防护等级\n6.3、8TB监控级硬盘\n\n7、1 套 LED 灯管报警功能，直观显示工作状态和告警状态，支持 4 种颜色显示；\n    \n8、配置两套烟感传感器、两套温湿度传感器、两套套水浸传感器、两套水浸传感器检测绳，空调回风温湿度传感器、蜂鸣器；\n","无偏离","PE-HP50  ","套",1,49372,49372,"科士达"]
[8,"动环运维管理系统","1、数据中心基础设施采用统一管理平台，实现对数据中心所有设施设备，包括 UPS、空调、门禁等设备进行集中监控和管理，实时显示 UPS、空调等设备的实时运行状态和各项运行数据和告警信息。\n2.动环监控平台实现对多个数据中心（微模块）动力、环境、安防等子系统的集中实时管理，并可实现资产、容量、能效、告警、报表等功能，帮助用户远程或本地管理数据中心，实现轻松运维；\n3.操作者可从该界面上获取全面的系统信息，实现信息资源的优化管理和共享，在对突发事件的快速响应能力上，为管理者提供了集成的一体化联动指挥界面；系统具备与各子系统联网通信的能力，实现各系统之间语言、数据、图像的资源共享；\n4. 智能化综合管理平台与集成子系统的接口，采用行业通用的SNMP/Modbus 等标准接口，所有协议接口满足跨 linux/Windows 等不同平台间对接的要求；\n5.动环监控平台基于中文 Linux 操作系统，配备专业的高性能服务器，不得采用普通工控机等低规格设备；\n6.动环平台可实现短信、邮件、电话告警，同时支持远程浏览器监控数据中心运行状态。\n7、3D 视图软件功能模块：提供 3D、高清晰、高可参观性、具有动态流体效果的页面；\n8、移动 APP 运维软件功能模块：通过移动设备，如 pad、手机等，查看管理域、告警浏览、设备监控、查看资源信息；","1、本次机房环境监控系统主要涉及各种动力设备、机房环境和安防系统，各子系统主要监控对象包括：动力监控部分（市电输入、UPS）、环境监控部分（空调、温湿度、漏水）、安保监控部分（门禁管理、视频监控），系统实时显示监控对象的实时运行状态和各项运行数据及告警信息；\n\n2.动环监控平台实现对多个数据中心（微模块）动力、环境、安防等子系统的集中实时管理，并可实现资产、容量、能效、告警、报表等功能，帮助用户远程或本地管理数据中心，实现轻松运维；\n\n3.操作者可从该界面上获取全面的系统信息，实现信息资源的优化管理和共享，在对突发事件的快速响应能力上，为管理者提供了集成的一体化联动指挥界面；系统具备与各子系统联网通信的能力，实现各系统之间语言、数据、图像的资源共享；\n\n4. 机房监控主机软硬件一体化设计，高度集成，硬件标配6路DI，2路DO,2个RS232串口，6个RS485串口；各种被监控设备、传感器直接端子插拔式安装，即插即用，施工方便，布线简洁；具有消警复位按钮，当现场出现报警，一键快速复位，方便管理员维护；\n\n5、系统支持RS232/RS485、TCP/IP、SNMP、OPC、DDE、MODBUS等各种标准化协议和接口，可快速方便的将各种监控对象集成到系统中；\n\n6.动环监控平台配备专业的高性能服务器；\n\n7.动环平台可实现短信、邮件、电话告警，同时支持远程浏览器监控数据中心运行状态。\n\n8、3D 视图软件功能模块：提供 3D、高清晰、高可参观性、具有动态流体效果的页面；\n\n9、支持手机、平板电脑多终端APP浏览：通过手机/平板电脑等移动终端APP可方便浏览机房监控系统，查看监控实时数据与设备运行状态，满足客户随时随地管理需求。\n","无偏离","PE-3D ","套",1,38820,38820,"科士达"]
[9,"铅酸蓄电池","12V200AH","12V 200AH阀控式密封铅酸蓄电池","无偏离","6-FM-200","只",80,1590,127200,"科士达"]
[10,"电池架","每个可安装 40 只 200AH 电池，含电池连接线、电池帽、电池空开等。","单个电池架安装40节蓄电池，含电池连接线、电池帽、电池空开","无偏离","BR-48-C","套 ",2,4032,8064,"科士达"]
[11,"市电配电柜","内含 UPS 输入空开、旁路空开、照明配电、办公用配电等。","内含 UPS 输入空开、旁路空开、照明配电、办公用配电等：\n1、市电输入总空开：600A/3P×1\n2、市电配电输出：\n2.1、UPS输入空开：400A/3P×1\n2.2、UPS维修旁路空开；320A/3P×1\n2.3、照明及办公：32A/1P×2，20A/1P×2\n2.4、其他： 63A/3P×3\n3、防雷：配B级防雷器及防雷开关","无偏离","GGUC600","台",1,39700,39700,"科士达"]
[12,"设备承重底座","冷通道及 UPS 承重底座",null,null,"定制","套",1,null,null,"国产"]
[13,"空调铜管","管 7/8\",液管 3/4\",保湿棉,制冷剂等。",null,null,"定制","套",3,2000,{"$f":"H15*I15","v":6000},"国产"]
[14,"辅材线缆","PDU 线缆、UPS 输入输出线缆等",null,null,"定制","批",1,1300,{"$f":"H16*I16","v":1300},"国产"]
[15,"安装调试费","设备运输、就位、安装、调试等",null,null,"定制","项",1,"设备总价15%",null,"国产"]
[16,"杋房基础装修","基础装修（60 平方）",null,null,"定制","项",1,120,{"$f":"H18*I18","v":120},"国产"]
[17,"防雷系统","三级防雷",null,null,"定制","项",1,50000,{"$f":"H19*I19","v":50000},"国产"]
[18,"消防系统","机房专用消防系统",null,null,"定制","项",1,null,null,"国产"]
["小计"]
["合计"]

{"sheet":"11、智慧校园综合平台软件","index":10,"n_rows":181,"n_cols":13,"rows_kept":181,"cut":false,"hidden":false,"merged":[[166,1,167,1],[168,1,170,1],[171,1,177,1],[81,9,85,9],[98,9,101,9],[107,9,110,9],[144,1,148,1],[149,1,151,1],[154,1,156,1],[159,1,161,1],[163,1,165,1],[102,1,106,1],[107,1,110,1],[111,1,114,1],[115,1,138,1],[139,1,143,1],[79,1,80,1],[81,1,85,1],[87,1,90,1],[91,1,97,1],[98,1,101,1],[44,1,46,1],[48,1,53,1],[54,1,57,1],[58,1,67,1],[68,1,78,1],[3,1,10,1],[11,1,14,1],[15,1,16,1],[18,1,32,1],[33,1,43,1],[159,0,161,0],[163,0,165,0],[166,0,167,0],[168,0,170,0],[171,0,177,0],[115,0,138,0],[139,0,143,0],[144,0,148,0],[149,0,151,0],[154,0,156,0],[91,0,97,0],[98,0,101,0],[102,0,106,0],[107,0,110,0],[111,0,114,0],[0,0,0,12],[1,1,1,2],[180,0,180,3],[3,0,10,0],[11,0,14,0],[15,0,16,0],[18,0,32,0],[33,0,43,0],[44,0,46,0],[48,0,53,0],[54,0,57,0],[58,0,67,0],[68,0,78,0],[79,0,80,0],[81,0,85,0],[87,0,90,0]]}
["11、智慧校园综合平台软件"]
["序号","设备名称",null,"招标参数","厂家参数","偏离项","型号","单位","数量","单价","总价","品牌","备注"]
["一、智慧校园平台（基础平台） "]
[1,"统一认证管理","单点登录","通过单点登录系统访问后台的多个用户权限内的 Web 应用系统",null,null,null,"套",1]
[null,null,"用户管理","平台提供统一用户管理功能，实现对用户账号信息的集中管理。",null,null,null,"套",1]
[null,null,"统一身份","实现多种身份认证方式、统一用户身份认证、统一用户身 份管理等功能",null,null,null,"套",1]
[null,null,"多方式登录","平台分教师、学生、家长等多种身份登陆，每位教师和学生都可以通过本人唯一的平台编号和密码登陆，可以用二维码、指纹验证登陆，家长可以通过平台上注册的手机号和个人密码登陆。",null,null,null,"套",1]
[null,null,"个人信息管理","编辑个人资料及个人信息显示权限，可以设置接收平台短信的手机号码，设置是否接收系统的群发公告通知提醒短信等操作。",null,null,null,"套",1]
[null,null,"密码管理","用户登录可修改本账号密码、密码找回问题等信息；忘记密码可以使用多种方式找回密码。",null,null,null,"套",1]
[null,null,"集成接口","提供丰富的接口，能方便地把不同结构的应用系统集成起来。",null,null,null,"套",1]
[null,null,"统一审计","审计用户对应用系统访问的情况，为后续发生事 故时提供了一个可追查的机制。为管理员提供了一个统一的监控平台。",null,null,null,"套",1]
[2,"统一权限管理","机构管理","对所有参与业务系统操作的所有机构进行预定义的过 程。通过机构管理功能，用户可以对目前所有参与本系统的机构进行统一维护，规范组织间的级别关系，划分不同机构的职能类别，为后续数据筛选及统计分析提供基础依据",null,null,null,"套",1]
[null,null,"权限管理","即功能授权，它将判断用户在管理平台中对各功能是否拥有相应的使用权限。",null,null,null,"套",1]
[null,null,"角色管理","创建和管理角色信息，并能按角色授权，授权后，不同角色的用户拥有不同的使用权限",null,null,null,"套",1]
[null,null,"分组管理","管理员组、校长组、教导组、教研组、班主任组、教师组、学生组、家长组",null,null,null,"套",1]
[3,"站群管理","网站群管理","提供网站群管理功能，实现对多个独立站点的管理和站点间的资源共享。",null,null,null,"套",1]
[null,null,"用户组权限","提供用户组和用户管理功能，可以为用户组或用户分配操作权限。",null,null,null,"套",1]
["二、学校管理 "]
[1,"办公事务管理（OA系统）","公告栏","（1） 包括发通知公告、已发公告和公告人设置等功能。（2） 发布公告通知时候可以选择对应要推送短信，微信，APP 消息提醒的老师，家长。 ",null,null,null,"套",1]
[null,null,"公告通知外网审核","发布公告后，可在平台选择是否审核通过，通过审核后可在外网显示。",null,null,null,"套",1]
[null,null,"发布电话簿","可在电话簿中将学校总机、教务处电话、各办公室电话进行统一发布。支持按不同学科列表显示联系人电话号码，并且如果对方有行政职务的出现对应图标。",null,null,null,"套",1]
[null,null,"校园文化","可通过扫描二维码的方式查看校园文化",null,null,null,"套",1]
[null,null,"学校简介","可通过学校简介板块编辑校园简介及校园文化信息。",null,null,null,"套",1]
[null,null,"消息管理","消息管理包括发消息、已发消息列表、和消息管理员设置功能",null,null,null,"套",1]
[null,null,"工作流","（1） 教务管理者用于工作时向上级审批。（2） 支持自定义工作流节点。 （3） 工作流支持手写签名。",null,null,null,"套",1]
[null,null,"我的日程","我的日程包括日程安排、工作日志和通讯簿",null,null,null,"套",1]
[null,null,"班务日志","包括班级教学、管理、活动等相关内容",null,null,null,"套",1]
[null,null,"其他功能","支持学校各种电子投票，考勤、问卷调查、工作日历、活动报名、工资查询等进行网络操作，可以大大提升学校工作管理效率，电脑端，手机端支持同步操作",null,null,null,"套",1]
[null,null,"课表管理","批量调整课表、了解教师每周课时。",null,null,null,"套",1]
[null,null,"教师活跃度管理","了解教师对系统各功能的使用度以及班务日志的使用度。",null,null,null,"套",1]
[null,null,"评教管理","参与评教者对教师上课的评价情况以及时间。",null,null,null,"套",1]
[null,null,"听课管理","包含讲师名称、主课、科目、听课的教师以及评价及评分，在线查看我的听课以及我的讲课。",null,null,null,"套",1]
[null,null,"校长信箱","包含校长信箱、内部邮箱以及外部邮箱。",null,null,null,"套",1]
[2,"教学管理","预习反馈","学生可根据教师课前推送的预习资源进行课前预习，并在上课前将结果反馈给老师",null,null,null,"套",1]
[null,null,"集体备课","（1） 支持通过网盘共享电子教学设计，支持集体通过网络备课，教师们可以通过网络互相讨论最终形成高质量课件，同时基于平台网络化存储，能有效避免传统U 盘丢失、中毒等，增强备课资料的安全性和共享的便捷性。 （2） 集体备课选择老师时直接输入老师姓名自动出现所有符合老师名字方便选择。（3） 支持在线编辑 PPT 文件，并在线一键保存。 ",null,null,null,"套",1]
[null,null,"电子作业","作业一键发布：既节省师生时间，又可以让家长及时了解当天学校作业情况，保证家庭教育与学校教育的统一； 支持基于 APP 提交作业：学生既没有改变手写作业的传统做法，同时作业提交方式的改变，为老师备课提供了及时的信息，使第二天的教学安排更具针对性。作业及时分析：第二天上课前，所有学生的作业老师已经批阅完毕，平台会智能生成总结报告，上课时老师根据报告可精准地进行课堂讲解，保证了作业反馈信息的及时与精准。",null,null,null,"套",1]
[null,null,"电子白板教学","教师通过电子白板/教学一体机进行电子授课，要能实现包括点名、考勤、评价、手机端操控、电子书包课堂互动等功能",null,null,null,"套",1]
[null,null,"课堂实录回放","平台能实现常态化录播的功能",null,null,null,"套",1]
[null,null,"考试数据管理","（1） 分为考场编排,考试数据导入,考试数据综合分析； 考场管理：根据一定的排序规则和限制条件的设置，可以自动生成考场；成绩管理系统：提供成绩管理功能， 支持成绩采集、录入、考试数据分析、成绩 D 值分析、评价报表生成等，可设置学生中考等成绩信息；学生属性管理：按照考试情况，设置学生的属性，可以对整个班级的学生的属性进行统一设置。 （2） 为每个学生建立单独的学生电子考试档案，自动统计学生入学以来每次考试的成绩走势曲线，曲线图支持班级排名，年级排名两种方式（3） 每次考试支持查看详细卷面情况，每道题得分情况，并统计显示班级做对率（4） 每次考试的每道题可以在学生电子考试档案中以图片形式调出，查看卷面答题情况。 （5） 根据学生考试成绩自动生成成绩预警记录 ",null,null,null,"套",1]
[null,null,"在线阅卷","包括在线阅卷、考试数据分析、卷面情况查看和生成考试错题本。试卷扫描完成，生成评卷任务，分配教师权限，教师即可点击“在线阅卷系统”批改试卷 ；试卷批改完毕，平台会智能生成每位学生的单科班级排名、单科年级排名、总分班级排名、总分年级排名，班级、年级的平均分分析、排名分数段分析、单科分数段分析、年级三率分析、班级间成绩对比分析，学生成绩排名波动曲线、成绩变化预警；平台会提供电子试卷痕迹还原， 精准到每一道题的卷面得分情况；平台会从阅卷系统读取错题内容，生成电子错题本。",null,null,null,"套",1]
[null,null,"云端听课","可以实现学校的教室监控功能，学校领导可组织教研组或者其他专门机构，随时随地对学校所有任课老师的现场教学进行云端听课，对教师任课水平进行评估了解。",null,null,null,"套",1]
[null,null,"家校互动教室","学校在商议讨论后如果愿意邀请家长参与教室教学工 作，可以将教室监控系统转播到家校互动监控中。平台支撑公司的调试设置之后，可让家长看到自己小孩所在班级的上课情况。校方也可以自由的设置教室监控系统转播的时间与内容。",null,null,null,"套",1]
[null,null,"教室直播及电视台功能","可使用教室直播功能，在雨天需要召开全校会议又没有合适的大礼堂的时候。平台可使用监控直播功能，组织领导和发言人员通过教室直播完成会议内容。同时家长会的时候，也可以通过教室直播功能。让校长对在教室中的家长进行全校讲话。",null,null,null,"套",1]
[null,null,"在线学习","⑴学案导学：教师可以制作网络多媒体学案并发布给学生，引导学生学习。⑵互动研讨：教师可以利用“班级论坛”设计讨论题， 实施师生互动和生生互动的教学应用，引导学生主动参与，激发学生的学习兴趣。",null,null,null,"套",1]
[3,"排课管理","自动排课设置","（1） 教师可在每年度每学期在系统中任意选择年级和每日课程数，也可设置允许或不允许连续排课，课程表即可自动生成。（2） 支持把上一学期的课程表数据后台一键复制到当前学期。  （3） 支持把上一学期的教学分工数据后台一键复制到 当前学期。    ",null,null,null,"套",1]
[null,null,"预排课表调整","可任意设置、调整每一个年级每一个班级，对课程进行调整。",null,null,null,"套",1]
[null,null,"预排课表导入","设置自动排课设置、预排课表调整后，选择年级即可导入生成课表，教师即可根据课表上的课程进行教学。",null,null,null,"套",1]
[4,"选修课","选修课管理","管理员建立可以选择的课程，或者老师建立可选的课程，管理员审核，在设定的时间开课，学生登录账号，自行选课，上课时间可设置多日，便于教师节省时间。",null,null,null,"套",1]
[5,"教师管理","基本信息管理","将老师的基本信息接入到的智慧教育中，以方便后期对教师数据和利用；根据信息化建设的情况，逐步在己有信息的基础之上，进一步完善教师数据。集成教师信息管理系统",null,null,null,"套",1]
[null,null,"工作计划总结","教师工作计划通过工作流总结上传、查询、汇总",null,null,null,"套",1]
[null,null,"教师评价","特定账号（如管理员）可查看学生、家长等相关人员对教师的评价数据",null,null,null,"套",1]
[null,null,"考勤查询","对教师考勤查询，查询类型包括正常和异常。",null,null,null,"套",1]
[null,null,"活动考勤","活动开始前利用系统生成的二维码进行活动签到，二维码会自动每隔几秒变换一次，签到人员必须现场扫描二维码方可成功签到，可有效防止签到作弊，便于学校对活动考勤的管理。",null,null,null,"套",1]
[null,null,"教师绩效考评","学校可通过设置教师绩效考评，设置好评价要素，考评要点，考评细则进行对教师评价，记录每位教师在校各方面的表现。",null,null,null,"套",1]
[6,"教研活动管理","教师课题论文管理","教师可创建目录，把课题论文上传至平台，便于管理着即使查看教师课题论文。",null,null,null,"套",1]
[null,null,"教师实践管理","（1） 对教师的实践活动进行统筹管理，便于记录教师的实践时间、实践内容，参与教师。（2） 添加教师时支持设置常用教师，并支持按年级，教师党支部，部门，学科 4 中模式查看教师列表。",null,null,null,"套",1]
[null,null,"教研组活动","形成在教研组活动菜单下查询个科目教研组讨论题，便于及时查询。",null,null,null,"套",1]
[null,null,"备课活动","便于教师在课程活动菜单中查询语文、数学、英语等科目的备课情况。",null,null,null,"套",1]
[7,"学生管理","成长档案","包括学生的考勤情况、作业情况、课堂情况、违纪情况、表扬表彰、考试成绩和在校评价",null,null,null,"套",1]
[null,null,"班务日志","包括班级学生作业、平时测验成绩、公告通知等内容。 ",null,null,null,"套",1]
[null,null,"进出校信息","（1） 学生每次进校门和出校门的信息平台要求能够记录下来并推送消息给家长 （2） 推送消息的模式为手机短信，微信服务号，手机APP",null,null,null,"套",1]
[null,null,"综合测评","需要按月将学生的各种表现情况通过大数据分析测算后推送给家长，并针对每个学生的不同情况给家长建议。",null,null,null,"套",1]
[null,null,"成绩预警","当学生出现成绩排名大幅下滑后，要求平台能自动发出预警信息，提醒家长",null,null,null,"套",1]
[null,null,"值日、值周管理","可录入值日、值周、检查卫生数据、迟到数据、违纪数据、值周总表及分数等；查看值周总表、分数、学期值周情况安排，各班级值周分数查询；可通过日期查询班级值周情况；可更新值周数据。",null,null,null,"套",1]
[null,null,"班干部","记录每个班的班干部人选信息",null,null,null,"套",1]
[null,null,"家访记录","录入每个学生的家访记录",null,null,null,"套",1]
[null,null,"心理咨询","专家在线心理咨询，解决成长中的烦恼。为保护个人隐私，可使用匿名咨询，并且系统会对心理咨询平台发布的所有消息做访问权限处理，仅个人和心理咨询师可见。",null,null,null,"套",1]
[null,null,"运动会记录","（1） 记录学生每次参加运动会的情况（2） 支持破记录设置和领奖设置   ",null,null,null,"套",1]
[8,"学生成绩管理","学生成绩录入","可以按考场，班级进行总分导入",null,null,null,"套",1]
[null,null,"个人成绩查询","查询学生历次考试各科成绩、班级名次和年级名次",null,null,null,"套",1]
[null,null,"班级成绩查询","查询各班级学生成绩情况",null,null,null,"套",1]
[null,null,"年级成绩查询","查询全年级学生成绩情况",null,null,null,"套",1]
[null,null,"综合成绩查询","可以在学生面板里进行各种数据的查询生成成绩报告单，列出学生一学期内平时考试成绩、期",null,null,null,"套",1]
[null,null,"成绩报告单","中成绩、期末成绩，且家长和班主任能看到成绩单详情页面，成绩单支持转成 PDF 格式并打印",null,null,null,"套",1]
[null,null,"成绩汇总","汇总了一学年度上下学期该门课程全班学生的平时、期中、期末、成绩",null,null,null,"套",1]
[null,null,"成绩上报","学生成绩上报到学校，可把成绩和试卷导出成 Excel 文件，并可查询学生在学校的档次情况",null,null,null,"套",1]
[null,null,"学生名次","统计班级或全年级学生的各科和总分的班级和年级名次，可进行多种形式总分分析",null,null,null,"套",1]
[null,null,"标准差分析","分析各班级和年级的标准差情况",null,null,null,"套",1]
[null,null,"及格率分析","分析各班级和年级及格率情况",null,null,null,"套",1]
[9,"图书管理系统","图书登记","对学校所有书籍进行系统的登记。",null,null,null,"套",1]
[null,null,"图书管理","对学校的图书类型，结构进行管理、分类。",null,null,null,"套",1]
[10,"宿舍管理","新增宿舍","选择宿舍位置进行宿舍名称设置、添加宿舍人员、宿舍电话、负责教师、宿舍类型（男生宿舍、女生宿舍、职工宿舍）",null,null,null,"套",1,40000,null,"新开浦"]
[null,null,"分配宿舍","支持 EXCEL 表格导入人员名称自动分配宿舍",null,null,null,"套",1,null,null,"新开浦"]
[null,null,"宿舍人员查询","支持按照人员姓名、班级查询",null,null,null,"套",1,null,null,"新开浦"]
[null,null,"宿舍情况汇总","支持显示总宿舍数、宿舍总容纳人数、已入住人数、可对不同区域宿舍情况进行汇总",null,null,null,"套",1,null,null,"新开浦"]
[null,null,"宿舍评分","支持对宿舍情况进行评分",null,null,null,"套",1,null,null,"新开浦"]
[11,"功能室管理",null,"功能室申请：便于对不同功能室进行申请，并了解此教室的申请记录及详细情况。",null,null,null,"套",1,7000,null,"新开浦"]
[12,"实验室管理","实验室规章制度","了解制定实验室使用的规章制度。",null,null,null,"套",1]
[null,null,"实验室设置","包含时间和标题等设置",null,null,null,"套",1]
[null,null,"实验室申请","便于对不同实验室进行申请，并了解此教室的申请记录情况。",null,null,null,"套",1]
[null,null,"实验室物品管理","统一管理实验室物品、库存、规格等情况。",null,null,null,"套",1]
[13,"资产管理 ","资产登记","资产信息的登记，包含当前使用人、使用地、出入库、归还、资产状态等信息，可展示总金额及数量，导入时支持添加资产使用年限，可对资产结构进行设置，展示资产标签。",null,null,null,"套",1]
[null,null,"自动编号设置","可对资产编码规则进行设置，包含编号前缀、资产编号分类以及流水号。",null,null,null,"套",1]
[null,null,"资产维修","资产维修信息的录入。",null,null,null,"套",1]
[null,null,"资产修改","资产改造信息的录入。",null,null,null,"套",1]
[null,null,"资产报废","对资产进行报废操作。",null,null,null,"套",1]
[null,null,"资产查询","对资产登记、维修、修改和核销信息进行查询统计，可按资产位置进行查询，能够展示当前查询资产总价和数量，资产高级查询可以查询资产的使用位置，资产入库时设置的保修起始、截止时间超过后，资产状态自动变为过保状态，可导出及批量导入。",null,null,null,"套",1]
[null,null,"资产申请","普通教师可以通过申请资产，管理员审核通过或拒绝。 ",null,null,null,"套",1]
[14,"设备报修管理","设备报修","可录入报修人姓名、联系电话、资产编号、设备名称、地址、报修类别、品牌、故障内容及上传故障照片进行报修，使用设备报修的操作人在更改状态处理时可对预计工时进行输入，状态更改后操作日期可自动显示。",null,null,null,"套",1,14000,null,"新开浦"]
[null,null,"报修数据","可通过报修人、名称等信息查询报修负责人、处理人、当前内容、回执状态、维修金额，可对评价时间进行设置，处理完成后超过此时间自动好评,不设置或者将时间设置为 0 则取消自动好评。",null,null,null,"套",1,null,null,"新开浦"]
[null,null,"类别管理","可添加不同报修类别名称以及负责人姓名。",null,null,null,"套",1,null,null,"新开浦"]
[null,null,"数据导出","可将设备报修数据按 Excel 表格导出。",null,null,null,"套",1,null,null,"新开浦"]
[15,"工资管理","工资结构","工资结构的组成类型。",null,null,null,"套",1]
[null,null,"工资属性","了解工资的不同属性，可导入已有类型属性。",null,null,null,"套",1]
[null,null,"工资录入","工资信息的录入。",null,null,null,"套",1]
[null,null,"工资查询","对工资发放的信息进行查询统计。",null,null,null,"套",1]
[null,null,"个人工资","教师可以查询自己的工资",null,null,null,"套",1]
[16,"考勤管理","考勤查询","对学生考勤查询，查询的类型包括正常和异常（迟到、早退、事假）；对教师考勤查询，查询类型包括正常和异常（迟到、早退、事假）",null,null,null,"套",1,8000,null,"新开浦"]
[null,null,"考勤统计","按学生、教师进行考勤统计，可导出 excel。",null,null,null,"套",1,null,null,"新开浦"]
[null,null,"考勤设置","（1） 考勤时间段设置：对考勤时间段进行设置     （2） 考勤对象设置：设置所要考勤的教职工 ",null,null,null,"套",1,null,null,"新开浦"]
[null,null,"上班考勤","能够系统的了解教师上班上午、下午的上下班时间及迟到早退情况，支持定位考勤。",null,null,null,"套",1,null,null,"新开浦"]
[17,"德育管理","学生团队信息","机构设置、成员名册等",null,null,null,"套",1]
[null,null,"荣誉奖励","记录师生的荣誉奖励情况",null,null,null,"套",1]
[null,null,"违规违纪","记录每个学生的违规违纪情况",null,null,null,"套",1]
[null,null,"班主任论坛","教师可在论坛里发表文章，进行互相评论",null,null,null,"套",1]
[18,"应用管理 ","内部邮箱","具有写、收、发内部邮件功能，邮件支持指定收件个人或指定单位成员，邮件有加密功能，支持通过手机短信,电话语音通知对方查收。",null,null,null,"套",1]
[null,null,"信息发布","学校公共信息管理，包括学校公告、通知、新闻等。",null,null,null,"套",1,3000,null,"新开浦"]
[null,null,"通讯录","实现通讯录的集中管理、主要涉及办公电话、教职工电话、学生电话及家长电话",null,null,null,"套",1,3000,null,"新开浦"]
[null,null,"在线讨论","提供在线社区功能，方便教师开展多种方式的在线交流。 ",null,null,null,"套",1]
[null,null,"图书管理","支持对学校的图书进行归档管理.",null,null,null,"套",1]
[null,null,"网络云盘","平台为每个人账号设置独立云盘,用于存储数据。",null,null,null,"套",1]
[null,null,"失物招领","方便不同身份的用户登录后查询发布的失物列表、拾到时间及失物状态",null,null,null,"套",1,3000,null,"新开浦"]
[null,null,"访客记录","系统可在后台查询到访客填写的身份信息、电话号码、家庭住址以及被访人员等详细资料，同时系统还可利用大数据对来访记录进行分析，方便学校对来访人员进行有效管理。",null,null,null,"套",1,3000,null,"新开浦"]
[null,null,"活动投票","对喜欢的节目进行投票，设置奖项、举办时间、主题名称等",null,null,null,"套",1,3000,null,"新开浦"]
[null,null,"扫码登记","直接使用微信扫一扫到登记页面，编辑姓名，工作单位，手机号码，方便其他校外人员参与到活动中。",null,null,null,"套",1]
[null,null,"校车管理","能够对校车的使用记录进行实时查询并了解司机的姓名、值班教师、乘车人数以及接送学生的时间。",null,null,null,"套",1,3000,null,"新开浦"]
[null,null,"校门执勤","可以在后台查询教师签到的时间，值班记录、教师每周的值班制度、执勤记录、计划以及执勤安排。",null,null,null,"套",1]
[null,null,"师生荣誉","能实时查询教师以及学生得到奖项或惩罚的记录，并对奖项或者荣誉的获得时间、名称、教师所属部门、姓名、公开程度进行设置。 ",null,null,null,"套",1]
[null,null,"离校申请","即时查询到学生姓名、离校的时间以及理由。",null,null,null,"套",1,8000,null,"新开浦"]
[null,null,"积分红包","可在学生、家长、教师群内发布积分红包，调动大家学习积极性。",null,null,null,"套",1]
[null,null,"数据发布","在学生群、家长群中可以直接快捷发布班务日志里面的公告作业，表扬，批评的数据。",null,null,null,"套",1]
[null,null,"大数据指挥中心","对指定地点的环境进行监测，了解群体对平台的使用数据，男女比例、平均分、监控、登陆次数、实时数据等， 让学校领导即时掌握动态的变化，即时下达和任务分配，做情况预警。",null,null,null,"套",1]
[null,null,"学生登分系统","包含不同年纪、班级学生的早操、宿舍、卫生、眼操、行为规范、午休的打分情况，总分及总分排名。  ",null,null,null,"套",1]
[null,null,"新生登记","了解新生名字、班级、分数、性别、年度、联系方式等信息。",null,null,null,"套",1]
[null,null,"缴费信息","了解不同项目的缴费任务及缴费详情（需根据不同的情况进行定制）。",null,null,null,"套",1]
[null,null,"操作日志","了解各教师对不同功能的操作类型、日志内容及操作时间。",null,null,null,"套",1]
[null,null,"部落评价","对学生进行更为全面、细化的分类型评价，任课教师、班主任、信息员均可录入部落评价的内容。",null,null,null,"套",1]
[null,null,"学分系统","学校给学生做平时记录课堂任务的学分具体情况",null,null,null,"套",1]
[null,null,"疫情防控","（1） 教师或管理员记录学生、教师的体温情况 （2） 可以查询全校、年级、班级、个人的体温情况  统计分析、分析正常体温人数、不正常体温人数、每个班级的体温监测、每个宿舍的体温监测情况等",null,null,null,"套",1,8000,null,"新开浦"]
[19,"数据管理","教师数据管理","包含教师信息管理、教师编号反查、教师数据考核、教师档案管理、教师上课考勤、教师评价管理、教师活跃度管理、教师资格证管理、教师业务数据库、评教管理、听课管理、教师管理、教师车牌管理、阅卷考试分析详情。",null,null,null,"套",1]
[null,null,"学生数据管理","包含学生成长档案管理、学生信息管理、学生状态管理、年级班级数据管理、学生编号校牌管理、综合记录管理、学生数据操作、分析管理、食物浪费、晨检、默认评语管理、学生学籍号管理详情。 ",null,null,null,"套",1]
[null,null,"学校数据管理","包含用户分组管理、学科管理、排课管理、教学分工管理、其他资源管理、失物招领管理、信箱消息管理、用户身份管理、手机群消息管理、校友录管理、一卡通数据导入、功能推荐详情。",null,null,null,"套",1]
[null,null,"基础数据管理","包含年级设置、班级设置、学科设置、学生信息导入、教师信息导入、教学分工设置、常用功能管理、学期设置、部门用户组设置详情。",null,null,null,"套",1]
[null,null,"数据汇集","管理员可在设定名称、备注、模板上传及参与人员后分配权限给指定教师上传文件，被采集人员可上传附件，实时查看完成度和上传时间，一键下载数据。",null,null,null,"套",1]
[20,"学生综合素质测评","道德品质与公民素","（1） 民主评价：让所有学生参与的评价，采集每一位 学生的意见 ，做到公平公正。（2） 发展性评价：对与学生近期的表现行为进行评价， 对每一个阶段的发展数据进行分析。（3） 小组合作评价：小组在共同合作的基础上进行评价，尊重每一位学生的意见。 （4） 班级优化评价：对班风、班级整体素质进行评价。  ",null,null,null,"套",1]
[null,null,"学习态度与学习能力素养","（1） 课堂优化评价：从学习态度上对课堂的优化进行评价。 （2） 学业成绩考评：对学生的成绩是否合格进行考评。 （3） 学习行为表现评价：对于学生近期学习做出的一些行为进行评价。",null,null,null,"套",1]
[null,null,"体育与健康素养","（1） 运动与健康表现评价：学生在运动会、体育课上 的表现进行评价。（2） 学生体能考评：对学生的体能是否合格进行测评。（3） 体育兴趣于活动参与评价：学生对体育活动的兴趣是否积极，是否乐于参与进行评价。  ",null,null,null,"套",1]
[null,null,"审美与表现素养","（1） 审美与表现评价：对学生的审美与在审美方面的表现进行评价。（2） 审美与艺术表现能力考评：对于学生在选修课、 艺术课上的表现进行评价。（3） 艺术兴趣与活动参与评价：学生对艺术方面的兴趣与对活动的参与性进行评价。",null,null,null,"套",1]
[null,null,"实践与创新素养","（1） 信息技术表现评价：对于信息技术方面的表现性评价。 （2） 校本课程表现评价：学生在校本课程方面的表现。（3） 自主管理表现评价：学生在自主规划、自我管理 方面的评价。 （4） 志愿者表现评价：学生对于志愿者工作是否积极参与。（5） 社会实践活动评价：学生在社会实践活动方面的表现性评价。  ",null,null,null,"套",1]
[21,"外网模块","学校网站","PC 端学校网站设计,域名注册,空间配置",null,null,null,"套",1]
[null,null,"移动网站","手机端网页设计",null,null,null,"套",1]
[null,null,"微信公众号","可对接学校微信公众号",null,null,null,"套",1]
[22,"数据大屏","大数据指挥中心","对指定地点的环境进行监测，了解群体对平台的使用数据，男女比例、平均分、监控、登录次数、实时数据等，让学校领导即时掌握动态的变化，即时下达和分配任务，\n做情况预警。",null,null,null,"套",1]
["三、资源中心 "]
[1,"教育资源服务平台","资源对接","可实现与第三方资源进行对接",null,null,null,"套",1]
[null,null,"教师资源","教师资源以电子形式保存",null,null,null,"套",1]
[null,null,"本地资源","各校自制本校学习资源；通过积累，丰富本地资源库，进一步升级为本地云课堂",null,null,null,"套",1]
["四、即时通讯 "]
[1,"电脑客户端","信息数据","学校通知公告中、学校老师通讯录、学生考勤、学生作业、学生成绩详细信息(卷面情况）、学生学校表现情况(老师评价)、班级监控、课堂实录、"]
[2,"手机APP","信息数据","学校通知公告中、学校老师通讯录、学生考勤、课程表、学生作业、学生成绩详细信息(卷面情况）、学生学校表现情况(老师评价)、班级监控、课堂实录",null,null,null,"套",1]
[null,null,"信息交流","学校内部邮件、考勤短信、老师评价短信、成绩预警短信、班级交流群、学校班级圈、班级空间、讨论区、中英文切换",null,null,null,"套",1]
[null,null,"微信绑定","微信绑定，直接推送学生相关信息到微信上，直接微信开通其它增值项目",null,null,null,"套",1]
["五、智慧课堂 "]
[1,"电子书包（教师端）","作业中心","(1) 、课堂互动：教师可在平台中发布课堂练习，可选择随机或手动点名与学生进行互动，便于学生及时将学到的知识进行反馈。 (2) 、班级作业：教师可在平台中发布课后作业给学生， 便于掌握学生的课堂学习情况以及课后对作业的完成习惯。(3) 、作业批改：教师可在平台中对学生完成后的作业进行阅览，节约的时间可用于学习更多的知识。 ",null,null,null,"套",1]
[null,null,"教学中心","（1）、学生评价：老师可对每一位学生近期的课堂表 现进行评价，评价会及时的以短信的形式下发到家长的手机，便于及时的为学生做数据上的收集，也为平台积累很多大数据。 \n（2）、成绩录入：可按考场对学生成绩分主观题、客 观题进行分开导入。 \n（3）、分组得分：对学生进行分组管理，及时了解每 个小组的成员及得分情况。 \n（4）、班务日志：及时将必要的通知，包括作业批评表\n扬等学生需要了解的信息进行录入发布。 ",null,null,null,"套",1]
[null,null,"资源中心","备课课件：教师可以前把课件上传至平台，同时可使用其他名师的课件，便于自我学习和课程展开。",null,null,null,"套",1]
[2,"电子书包\n（ 学 生端）","互动中心","（1） 、课堂互动答题：教师在平台中发布题目，学生 可用电子书包进行课堂互动，更好地融入到课堂中，带动课堂氛围。 （2） 、课堂互动记录：电子书包能够把学生与教师的 课堂互动记录的数据完整保存，便于教师和学生进行回顾和反思。 （3） 、课后作业：学生能在电子书包中及时收到教师发布的课后作业，及时完成作业并上传作业。（4）、分组加分：学生可用电子书包查询上课时的每 一个小组的加分情况，更好地了解课堂中的内容，积极参与课堂活动。 \n（5）、错题本：每位学生做错的题目会自动进入到自 己的电子错题本，学生可用于课后回顾，找到相关题目并进行练习。 \n（6）、作业记录：电子书包能完整保存学生完成作业的\n情况，便于教师对学生的课堂反馈进行数据上的分析。",null,null,null,"套",1]
[null,null,"\n个人信息中心 ","（1）、成长记录：可以完整保存学生的成长过程记录， 对学生的数据做到详细分析，综合测评。 \n（2）、评价记录：完整保存教师对学生的每一条评价， 便于对学生的未来的学习方向做参考。 \n（3）、成绩查询：便于对每一个学生对自己的成绩进行\n查询，更加了自己的学习情况",null,null,null,"套",1]
[3,"学生空间","学生学习","在线作业、测练、在线考试、互动讨论、课堂表现、错题本、成长记录、个人综合素质评价",null,null,null,"套",1]
[null,null,"学生资源","精品课堂直播（智慧校园平台内优质教师上课同步直播）；课件、教案、精品课程视频在线下载和播放",null,null,null,"套",1]
[null,null,"学生数据","根据个人偏好，通过应用中心收藏的个性化应用。",null,null,null,"套",1]
[4,"老师空间","教师教学","电子备课、布置作业、在线组卷、智能批阅、互动答疑、课堂表现、测练报告 ",null,null,null,"套",1]
[null,null,"教师资源","精品课堂直播（智慧校园平台内优质教师上课同步直 播）；课件、教案、精品课程视频在线下载和播放；题库中心（精品试题、试卷资源、智慧平台题库）；本地资源",null,null,null,"套",1]
[null,null,"教师办公","周工作计划、场馆使用、问卷调查、资产管理、工资条、考勤管理 ",null,null,null,"套",1]
[null,null,"教师数据","班级通知、查询课表、班级空间（入口）、班级与成员列表、学生成绩分析、错题分析、学生成长",null,null,null,"套",1]
[null,null,"教师个人应用","个人偏好，通过应用中心配置教师的个性化应用；（可配置）",null,null,null,"套",1]
[null,null,"操作日志","操作记录、查询、统计、维护、汇总",null,null,null,"套",1]
[null,null,"设置","留言板、文章、相册、分享、朋友圈等",null,null,null,"套",1]
["六、阅卷系统 "]
[2,"阅卷系统",null,"1.提供在线阅卷、考试数据分析、卷面情况查看和生成考试错题本、阅卷反扫。 \n2.试卷扫描完成，生成评卷任务，分配教师权限，教师即可点击“在线阅卷系统”批改试卷 ；试卷批改完毕， 系统会智能生成每位学生的单科班级排名、单科年级排名、总分班级排名、总分年级排名，班级、年级的平均分分析、排名分数段分析、单科分数段分析、年级三率分析、班级间成绩对比分析，学生成绩排名波动曲线、成绩变化预警； \n3.提供电子试卷痕迹还原，精准到每一道题的卷面得分情况； \n4.从阅卷系统读取错题内容，生成电子错题本。 ",null,null,null,"套",1]
["智慧校园管理平台总体报价（包含 20%定制开发）"]

{"sheet":"12、电子班牌系统","index":11,"n_rows":6,"n_cols":23,"rows_kept":6,"cut":false,"hidden":false,"merged":[[3,21,4,21],[3,22,4,22],[0,0,0,12],[1,1,1,2],[2,0,2,2],[3,1,3,2],[4,1,4,2]]}
["12、电子班牌系统"]
["序号","设备名称",null,"招标参数","厂家参数","偏离项","型号","单位","数量","单价","总价","品牌","备注",null,null,"设备名称","厂家参数","品牌","型号","数量","单位","单价","总价"]
["一、电子班牌"]
[1,"电子电子班牌终端 ",null,"1、屏幕：采用电容式触摸屏，支持≥10 点触控。分辨率≥1920*1080，\n显示比例 16：9。尺寸≤21.5 英寸。屏幕透光率≥90%。屏幕能抗强光干扰，在照度≥100K lx 环境下可以正常工作。屏幕等级：采用 A+级别屏\n幕； \n2、配置：Android 智能操作系统≥6.0，稳定可靠；系统内存：≧2G 内\n存保证系统最优性能；系统 CPU：四核 1.8GHZ 主频保证系统快速运行； 系统存储空间：内置≥16G emmc； \n3、扬声器：内置≥2W*2 扬声器立体声输出； \n4、麦克风：内置全向麦克风，拾音半径不小于 1 米； \n5、内置天线：整机采用内置天线设计，无任何天线外露接口； \n6、宽电源电压供电：支持 100V-240V 交流供电； \n7、远程维护：产品支持远程开关机，定时开关机。支持通过 Web 端和\nUSB 端口进行软件升级，升级后保留原有配置，无需重新进行参数配置； \n8、安全性：屏幕防暴力破坏、四角采用圆角设计、接口外部有防护盖； \n9、亮度：屏幕亮度≥450cd/m²； \n10、刷脸考勤：支持不小于 10 人同时做人脸识别及活体检测，单张人脸\n识别时间≤1 秒。支持人脸跟踪功能，可以辅助相关人员判断人脸是否识别到。内置智能补光模块，辅助人脸识别。； \n11、防护等级：产品防尘防水等级：IP65。 \n12、IPC 显示：可解码显示主流 IPC，查看教室内画面。 ",null,"屏幕尺寸正偏离","DH-ECH22-SAI200T","台",146,2397,{"$f":"I4*J4","v":349962},"浙江大华",null,null,null,"电子班牌终端","产品介绍\n是基于安卓系统开发的一款21.5英寸智能壁挂终端。可应用于电子班牌一体触摸终端可展示班级信息、日常信息、倒计时事件信息、学校通知公告、课表安排、考勤签到记录。\n\n\n技术参数\n1.电源:100V~240V,50-60Hz，功耗≤30W\n2.操作系统:Android6.0,支持本地USB升级\n3.CPU:RK3288四核1.8GHz Cortex-A17\n4.内存:2GB DDR3\n5.存储器:16GB\n6.显示屏:21.5英寸LED光源,分辨率1920x1080/60Hz 亮度≥350cd/m²\n7.触摸屏:G+G电容屏，支持10点触模，响应时间≤10ms\n8.摄像头:内置500万高清摄像头\n9.读卡器:内置IC读卡器，支持Mifare1 /typea/14443a\n10.WIFI:内置高性能SDIO接口WiFi模块，支持IEEE 802.11 b/g/n\n11.RTC实时时钟：支持 Support支持定时开关机\n12.视频格式:支持wmv、avi、flv、rm、rmvb、mpeg 、ts、mp4等\n13.机身接口:USB2.0*2，HDMI*1,RJ45*1，DC12V*2 耳机*1，TF卡槽（最高支持128GB TF卡）\n14.喇叭:2W×2立体声喇叭\n15.蓝牙:选配\n16.尺寸（L*H*D）mm:523.4×393.4×19.5mm\n17.材料:阳极氧化边框+钢化玻璃+喷漆五金背板\n18.重量:7kg\n19.颜色:枪灰","itc","TZ-09246",146,"台",4878,{"$f":"V4*T4","v":712188}]
[2,"班牌软件",null,"1、支持多模式智能自动切换：其中包含普通模式、上课模式、考试模式、\n紧急通知模式、校宣模式、考勤模式等； \n2、普通模式：支持展示班级基本信息、班级课表、班级相册、班级视频、班级资讯、班级通知、班级荣誉、班级评价、班级值日等信息； \n3、上课模式，依据班级课表，上课时段自动从普通模式切换至上课模式， 主要展现本节课程的详细信息，包括当前课程，授课教师，授课时间等\n内容； \n4、紧急通知模式：根据学校需要，由相应的管理员指定部分或全部班牌\n即时播放文字、图片或视频内容，可用于各项紧急通知，接待欢迎图文， 安全讲座视频，主题活动配套图文等场景； \n5、考试模式：当学校安排考试时，通过班牌后台发布考试安排，智慧校\n园班牌即可根据考试安排进入考试模式。主要展现当前考试科目，剩余\n考试时间和监考教师等内容； \n6、校宣模式：校宣模式是学校展示统一校园文化的窗口，支持全校统一\n展示文章、图文、视频内容，并且支持在指定时间每天循环重复播放； 7、考勤模式：考勤模式是针对没有考勤设备的学校可以把班牌当做考勤\n机使用，学生进入考勤模式，通过校园一卡通便可以完成刷卡考勤数据采集，然后将采集的考勤数据传给智慧校园做判断并储存在数据库中，\n班牌上使用考勤模式需要具备智慧校园。另外记录考勤时刷的卡，不属于班牌配套设施，需在智慧校园整体解决方案里进行提供；8、功能教室模式：功能教室模式班牌的展示内容与普通教室班牌的展示内容有所不同，功能教室主要展示功能教室的课表和考勤信息、教室文章、教室通知、教室图片和教室视频等内容； \n9、班牌支持展示该地区天气、温度、时间、日期等内容； \n10、能够显示本班班主任、班长、班级人数、班级口号及班级介绍等班级概况内容；成员信息里面包含班级所有的任课老师头像、姓名、任教科目以及本班所有的学生信息； \n11、班级考勤实时呈现：能够实时展示班级考勤数据，显示每一堂课的到勤率，显示迟到和缺勤学生信息； \n12、与人人通空间以及用户手机端业务深度融合互通：支持学校、班级的资讯、通知等内容可以一键同步到班牌；支持手机端一键同步文章、相册、资源内容到班牌；支持班牌个人查询消息与平台互通； \n13、同步展示课堂实录和班级资源库：支持同步展示班级在互动课堂中所产生的课堂实录和课堂板书文件，学生可直接通过班牌复习课堂内容； 同时提供班级资源库展示功能，学生可以很方便地通过班牌学习知识内容； \n14、德育评价实时打分：支持学校管理者直接通过班牌对班级卫生、纪律、眼保健操等可自定义的德育评价项直接在班牌上进行实时评分，并立即产生对应的年级日排名和周排名； \n15、班级管理员能在后台对纪律、黑板报、清洁等值日项进行管理，支持班级值日人员按周模式进行添加，在周模式中添加一周值日人员，以后不用进行重复添加值日人员的操作； \n16、教师学生可以查询个人信息：支持教师和学生通过班牌查询个人信息、个人课表、个人消息以外，还可以查看个人主页和工作空间/学习空间； \n17、管理员可以通过密码进入班牌设置界面进行班牌网络设置及主题色设置； \n18、班牌具备开放性，支持学校接入第三方应用或添加网页地址，满足学校对班牌的个性化需求； \n19、支持定时开关机：学校管理员可通过班牌管理后台批量设置班牌的开关机时间，也可根据需要选择性的设置班牌开关机时间； \n20、支持软件自动升级：当班牌软件版本有更新的时候，系统可自行检测到最新版本进行自动升级，无需人为操作； \n21、支持封闭式操作系统：支持班牌只能使用电子班牌应用，禁止学生通过班牌使用其他无关应用；  ",null,"无偏离","DH-ECS-U8200-lIC","套",146,720,{"$f":"I5*J5","v":105120},"浙江大华",null,null,null,"电子门牌软件","软件内嵌于电子班牌终端，支撑设备各项基本功能运行；具备接收电子班牌系统信息功能，可展示班级信息、日常信息、倒计时事件信息、学校通知公告、课表安排、考勤签到记录。","itc","V1.7",146,"套"]
[{"$nulls":10},{"$f":"SUM(K4:K5)","v":455082}]

{"sheet":"13、云桌面及云运维智能管理平台软件系统","index":12,"n_rows":16,"n_cols":12,"rows_kept":16,"cut":false,"hidden":false,"merged":[[0,0,0,11],[2,0,2,11]]}
["13、云桌面及云运维智能管理平台软件系统"]
["序号","设备名称","招标参数","厂家参数","偏离项","型号","单位","数量","单价","总价","品牌","备注"]
["贵师大附中桌面云部分建设"]
[1,"桌面云服务器 1 ","1、2U 机架式服务器 \n2、处理器：实配≥2 颗 6226R \n3、内 存：实配≥288GB DDR4 \n4、硬 盘：实配≥1 * 4T SATA + 1 * 512GB PCI-E SSD \n5、RAID：支持 RAID0、1、10 \n6、网络 I/O：4 * 1000M，带独立的管理网口，支持远程\nWeb 管理功能 \n7、导 轨：便捷滑动免工具安装上架导轨 8.I/O： ≥ 3 个 PCI-E 扩展插槽，2 个 USB 端口，1 个 VGA\n端口； \n9.电源：高效节能服务器专用电源 \n10.IPMI：支持 IPMI2.0，对外提供 1 个 100/1000 Mbps RJ45\n管理网口，支持远程管理 \n11.支持控制节点 HA，配置两台主控时采用主备模式，当主控服务器故障，备控服务器自动完成接管，虚拟桌面零中断，执行 HA 切换前后，所有终端连接服务器的网络配置无需更改；HA 触发的敏感时间可精细化到秒并可配置； 12．可过 WEB 管理平台上的控制台直接进入服务器底层操作系统，实现底层系统编辑和维护； \n13．WEB 管理平台上可支持多网卡绑定，支持 activebackup、 broadcast、roundrobin、random、loadbalance 等 5 种常用的 bond 模式； 也可支持管理网络、数据网络、镜像网络分离，将三种网络分别绑定到不同的服务器物理网卡， 实现网络分流，上述操作均无需采用命令行操作； \n 14．支持在 WEB 管理平台上直接对服务器 SSD 硬盘进行性能测试，可获取 SSD 硬盘 16K 随机读、顺序写数值，便于管理员定位系统故障； \n 15. 为保证系统兼容性和稳定性，要求桌面云服务器，管理服务器、学生一体机、教师一体机、教育桌面云软件， 桌面云运维管理系统，配套管理系统、多媒体教学软件为同一品牌； \n16．通过国家强制 CCC 认证以及节能认证；",null,"无偏离","PR2718-J92","台 ",2,45300,{"$f":"I4*H4","v":90600},"宝德"]
[2,"桌面云服务器 2","1、2U 机架式服务器 \n2、处理器：实配≥2 颗 6226R \n3、内 存：实配≥288GB DDR4 \n4、硬 盘：实配≥1 * 4T SATA + 1 * 512GB PCI-E SSD \n5、RAID：支持 RAID0、1、10 \n6、网络 I/O：4 * 1000M，带独立的管理网口，支持远程Web 管理功能 \n7、导 轨：便捷滑动免工具安装上架导轨 \n8.I/O： ≥ 3 个 PCI-E 扩展插槽，2 个 USB 端口，1 个 VGA\n端口； \n9.电源：高效节能服务器专用电源 \n10.IPMI：支持 IPMI2.0，对外提供 1 个 100/1000 Mbps RJ45\n管理网口，支持远程管理 \n11.支持控制节点 HA，配置两台主控时采用主备模式，当主控服务器故障，备控服务器自动完成接管，虚拟桌面零中断，执行 HA 切换前后，所有终端连接服务器的网络配置无需更改；HA 触发的敏感时间可精细化到秒并可配置； 12．可过 WEB 管理平台上的控制台直接进入服务器底层操作系统，实现底层系统编辑和维护； \n13．WEB 管理平台上可支持多网卡绑定，支持 activebackup、 broadcast、roundrobin、random、loadbalance 等 5 种常用的 bond 模式； 也可支持管理网络、数据网络、镜像网络分离，将三种网络分别绑定到不同的服务器物理网卡， 实现网络分流，上述操作均无需采用命令行操作； 14．支持在 WEB 管理平台上直接对服务器 SSD 硬盘进行性能测试，\n可获取 SSD 硬盘 16K 随机读、顺序写数值，便于管理员定位系统故障； 15. 为保证系统兼容性和稳定性，要求桌面云服务器，管理服务器、学生一体机、教师一体机、教育桌面云软件， 桌面云运维管理系统，配套管理系统、多媒体教学软件为同一品牌； \n16．通过国家强制 CCC 认证以及节能认证；  \n ",null,"无偏离","PR2718-J92","台 ",3,45300,135900,"宝德"]
[3,"管理服务器","1、2U 机架式服务器 \n2、处理器：实配≥1 颗 E3-1230V5 \n3、内 存：实配≥64GB DDR4 \n4、硬 盘：实配≥2 * 4T SATA + 2 * 1.9TB SSD \n5、RAID：支持 RAID0、1、10 \n6、网络 I/O：4 * 1000M，带独立的管理网口，支持远程Web 管理功能 \n7、导 轨：便捷滑动免工具安装上架导轨 \n8.I/O： ≥ 3 个 PCI-E 扩展插槽，2 个 USB 端口，1 个 VGA\n端口； \n9.电源：高效节能服务器专用电源 \n10.IPMI：支持 IPMI2.0，对外提供 1 个 100/1000 Mbps RJ45\n管理网口，支持远程管理 \n11.支持控制节点 HA，配置两台主控时采用主备模式，当主控服务器故障，备控服务器自动完成接管，虚拟桌面零中断，执行 HA 切换前后，所有终端连接服务器的网络配置无需更改；HA 触发的敏感时间可精细化到秒并可配置； 12．可过 WEB 管理平台上的控制台直接进入服务器底层操作系统，实现底层系统编辑和维护； \n13．WEB 管理平台上可支持多网卡绑定，支持 activebackup、 broadcast、roundrobin、random、loadbalance 等 5 种常用的 bond 模式； 也可支持管理网络、数据网络、镜像网络分离，将三种网络分别绑定到不同的服务器物理网卡， 实现网络分流，上述操作均无需采用命令行操作； 14．支持在 WEB 管理平台上直接对服务器 SSD 硬盘进行性能测试， 可获取 SSD 硬盘 16K 随机读、顺序写数值，便于管理员定位系统故障； \n15.为保证系统兼容性和稳定性，要求桌面云服务器，管理服务器、学生一体机、教师一体机、教育桌面云软件， 桌面云运维管理系统，配套管理系统、多媒体教学软件为同一品牌； \n通过国家强制 CCC 认证以及节能认证",null,"无偏离","PR2285S-J44","台 ",1,19500,19500,"宝德"]
[4,"学生一体机 ","为保证教学软件及考试系统运行的兼容稳定，所有云终端硬件均采用 X86 架构，单台配置要求： \n1、CPU:intel J1900 四核四线程 CPU，2.0GHZ \n2、内存：4G  \n3、硬盘：64G \n4、网络：1000Mb \n5 、 USB:1*USB 3.0 3*USB2.0 \n6、显示接口： \n1*VGA 2560 x 1600 @24Hz 1*HDMI1920 x 1080 @60Hz  显示器：21.5 寸高清显示器 \n7、硬盘指示灯、网卡指示灯、电源指示灯 \n8、支持上电自启，支持冷/热唤醒\n9.可靠性：整机防腐、防尘、防潮、阻燃、防静电、防浪涌； \n10.环境：工作温度 0-45℃（10%-90%非凝霜），存储温度\n-10-60℃（5%-95%非凝霜）； \n11.散热：0dB 无噪音散热片被动散热；   \n12.登录方式：虚拟桌面支持免账号密码直接登录和通过账号密码验证性登录两种桌面登录使用方式； \n13.课表切换：支持根据虚拟化平台上的课表时间自动切换教学桌面场景； \n14.终端虚拟桌面支持应急预案，拔掉终端网线后，确认VDI 桌面中断连接，无任何操作，终端可自动重启进入本地实系统，可在管理平台中设置自动切换时间； \n15.支持预设终端起始和结束 IP，可根据终端设备 IP 地址自动将终端纳入到不同的教室进行统一管理； \n16.支持在一个终端上通过一个账号密码，同时登录多个个人桌面，桌面可窗口化显示，可以拖动缩放,无需桌面切换即可满足用户同时使用不同桌面的场景；  \n17.为保证系统兼容性和稳定性，要求桌面云服务器，管理服务器、学生一体机、教师一体机、教育桌面云软件， 桌面云运维管理系统，配套管理系统、多媒体教学软件为同一品牌； \n18.认证：通过国家强制 CCC 认证以及节能认证；",null,null,"PL2103","台 ",170,2000,340000,"宝德"]
[5,"教师一体机 ","为保证教学软件及考试系统运行的兼容稳定，所有云终端硬件均采用 X86 架构，单台配置要求： \n1、CPU：intel i5-9400 主频 3.0GHz ，八核心八线程 ， 三级缓存 12MB， \n2、内存：8 GDDR4 内存， \n3、存储：256G SSD 固态盘（M.2 规格） \n4、接口：2*USB2.0，4*USB3.0，1*耳机输入输出，1*SD 读卡器，1*HDMI 输出接口 \n5、网络：1*RJ45 网卡(1000M) \n6、显示器：21.5 寸显示屏，分辨率 1920*1080 @60Hz \n7、支持上电自启，支持冷/热唤醒\n8、登录方式：虚拟桌面支持免账号密码直接登录和通过账号密码验证性登录两种桌面登录使用方式；\n9、课表切换：支持根据虚拟化平台上的课表时间自动切换教学桌面场景；\n10、终端虚拟桌面支持应急预案，拔掉终端网线后，确认VDI 桌面中断连接，无任何操作，终端可自动重启进入本地实系统，可在管理平台中设置自动切换时间；\n11、支持预设终端起始和结束 IP，可根据终端设备 IP 地址自动将终端纳入到不同的教室进行统一管理；\n12、支持在一个终端上通过一个账号密码，同时登录多个个人桌面，桌面可窗口化显示，可以拖动缩放,无需桌面切换即可满足用户同时使用不同桌面的场景；\n13、认证：通过国家强制 CCC 认证以及节能认证；\n14、14.为保证系统兼容性和稳定性，要求桌面云服务器，管理服务器、学生一体机、教师一体机、教育桌面云软件， 桌面云运维管理系统，配套管理系统、多媒体教学软件为\n同一品牌；",null,"\n硬盘：正偏离\n","PL1060","台 ",2,3500,7000,"宝德"]
[6,"键鼠 ","USB 键盘鼠标 ",null,null,null,"套",170,70,11900,"宝德"]
[7,"教育桌面云软件","1、采用裸金属架构，虚拟化软件可直接安装在物理服务器上，通过一个安装包即可实现 VDI/VOI/IDV 三种架构云桌面服务端的统一安装，并立即生效使用，无需部署其他组件； \n2、在一个视图页面通过图报表可视化的方式，集中展示桌面云整体建设使用情况，至少包含物理服务器集群资源， VDI/VOI/IDV 教室总数、终端总数及在线占比、桌面总数、桌面在线/离线数量、场景总数及激活状态、不同类型的桌面模板数量及总数、排名 TOP5 教室的使用信息；\n3、单个平台可交付多种类型桌面，至少包括 VDI 桌面、VOI 桌面、IDV 桌面、漫游桌面、个人桌面，满足教学、实训、科研、办公等场景需求；\n4、支持系统环境的批量部署，可根据不同专业的教学、考试要求，快速创建多套教学环境，使用时开放，不使用时随时回收；\n5、支持软件课间差异快速更新，更新系统模板时采用差异化方式，更新 1GB 大小的软件可在课间 10 分钟内完成；\n6、支持多种考试场景，包括但不限于全国计算机等级考试、ATA 考试、会计类考试，在考试场景下，终端出现断网、断电等故障保证考试数据不丢失，更换终端可以正常恢复考试，保证考试正常进行；\n7、支持控制节点 HA，配置两台主控时采用主备模式，当主控服务器故障，备控服务器自动完成接管，虚拟桌面零中断，执行 HA 切换前后，所有终端连接服务器的网络配置无需更改；HA   触发的敏感时间可精细化到秒并可配置； \n8、支持在 WEB 管理平台上直接对服务器 SSD 硬盘进行性能测试，可获取 SSD 硬盘 16K 随机读、顺序写数值，便于管理员定位系统故障； \n9、为保证系统网络安全性与稳定性，WEB 管理平台上可支持多网卡 绑定， 支 持 activebackup 、 broadcast 、roundrobin、random、loadbalance 等 5 种常用的bond 模式； 也可支持管理网络、数据网络、镜像网络分离，将三种网络分别绑定到不同的服务器物理网卡，实现网络分流， 上述功能均无需采用命令行操作；\n10、单个终端可同时支持教学桌面和个人桌面两种使用方式，教学桌面开机无需账号直接进入桌面，个人桌面开机须输入账号密码进入桌面；管理台可控制允许终端进入的桌面类型，包括仅使用教学桌面，仅使用个人桌面，混合登录三种方式；\n11、支持服务计划，以日程表的形式展现各时段资源使用情况，可根据预设好的服务内容添加相应的计划，包括计划时长、执行方式、按周次/月次循环、开始时间、时间段、使用状况等内容；\n12、支持桌面还原属性修改，桌面创建完成后，可随时在管理平台根据教学需求修改教学桌面还原属性，可单独分别为系统盘和数据盘设置每次还原，每天还原，每周还原、每月还原或不还原，也可对场景中的任意桌面实现立即还原，满足教学桌面还原和考试环境数据保存等需求；\n13、支持个人桌面池和教学桌面池功能，个人桌面池中，用户可通过账号随机获取要使用的桌面资源；教学桌面池中，用户无需账号密码可在任意终端上随机获取桌面资源， 满足开放型实验、公共学习等要求；\n14、支持在一个终端上通过一个账号密码，同时登录多个个人桌面，桌面可窗口化显示，可以拖动缩放,无需桌面切换即可满足用户同时使用不同桌面的场景；  \n15、 平台支持对服务平台提供的桌面资源进行服务模板配置，将虚拟硬件资源与操作系统进行绑定，形成桌面资源向用户提供服务，并以列表形式展现，展现内容包括服务资源名称、虚拟硬件配置、操作系统类型、版本、状态、创建时间等内容；\n16、个人桌面支持账号密码和人脸识别登录，可在终端登录界面进行人脸注册，注册完成后即可通过人脸识别登录虚拟桌面，提升桌面登录的安全性和智能化；\n17、支持 windows 系统下的屏幕水印功能，进入系统后，桌面右上角可置顶显示（可不被其他窗口覆盖）当前桌面信息水印，包括桌面计算机名，终端序号，桌面 IP 等信息，便于管理员维护时快速查找对应的终端；\n18、支持个人桌面回收站功能，防止因个人桌面误删除造成的数据丢失，可设置回收站文件保存天数，超期的文件将被自动删除，也可彻底删除或还原虚拟桌面；\n19、支持本地 VOI 桌面漫游到云端服务器，在任意终端可通过浏览器或 VDI 客户端访问该桌面，实现本地 VOI 桌面的漫游使用；\n20、 管理人员针对组织用户可以设定组织资源配额，包括服务桌面数量、服务模板数量、虚拟核心、虚拟内存、显卡资源、虚拟网络等内容；\n21、支持硬件虚拟化功能，开启后针对硬件识别码的软件如 3DMAX、Autocad、Maya 等，可实现软件统一注册，大幅度降低激活软件带来的工作量；\n22、支持模板管理，VDI/VOI/IDV 三种架构桌面均可针对不同的教学要求提供 windows、linux 等多套教学模板，支持模板的新增，编辑，注册，删除等功能；\n23、支持融合模板功能，可基于单个融合模板创建对应的VDI/VOI/IDV 桌面，节省多个模板对空间的占用，实现VDI/VOI/IDV 模板镜像统一管理；\n24、支持模板的共享和转让，管理用户可将所属权限下的模板共享给其他管理员，便于其他管理员编辑使用，也可直接转让模板，让被转让的管理员拥有模板所有操作权限，从而实现模板的分权管理；\n25、支持模板分享链接，管理员可以将编辑模板的链接分享给需要编辑模板的用户，在浏览器中直接输入链接地址即可对模板进行编辑，支持分享日期、分享链接的失效期设置。\n26、支持云终端联动关机设置策略，可实现虚拟桌面正常关机时，终端设备自动关机；终端设备按电源键时虚拟桌面自动关机，终端异常断电时可根据策略实现虚拟机自动关机或挂起；\n27、至少支持 windows 客户端和 linux 客户端，windows 客户端支持窗口模式和全屏模式并可设置开机自启；linux 客户端支持虚实双系统断网切换，虚拟桌面连接中断时，无需人工干预，平台自动将虚拟桌面切换至终端本地系统；\n28、支持终端的快速筛选，如在隔位考试的情况下，可通过单双号方式，快速筛选定位所要查看的终端；\n29、针对 VDI/VOI/IDV 三种桌面终端均可设置定时开关机计划，可按周期在固定时间唤醒和关闭对应的教学桌面终端，日期精确到天、时间精确到分钟，并可以指定开机的虚拟桌面范围；\n30、支持在虚拟化平台上查看服务器和虚拟机的运行详细情况，包括服务器和虚拟桌面的 CPU 占用率、内存占用率、磁盘读写速度、网络流量、进程资源占用率；\n31、支持用户的批量导入和导出，通过表格导入方式批量创建的用户可用于登录虚拟桌面；\n32、可针对不同的功能模块和教室范围进行权限角色的划分，可授权管理员能操作的管理平台能，权限细分到每一个功能菜单操作；可授权管理员可管理的教室范围；\n33、桌面云平台支持教学网盘功能，无需第三方组件，创建桌面账户时可同步生成网盘账号，启用网盘后可通过该账号直接登录网盘，用于上传并保存个人数据，无需使用时可关闭网盘回收资源； \n34、无需依赖第三方软件或脚本，即可在管理台编辑学期课表，可设置学期开始和结束时间、单双周安排、每节课起始时间，可直接将不同桌面拖拽到课表中，与各个课程时间对应，桌面环境根据课表时间自动启动；\n35、提供系统操作日志功能，可独立查看管理日志和用户日志（包括操作内容，操作者，操作时间，登录主机 IP， 操作对象等），便于管理员精确定位操作记录，可设置日志的保留时间，如一个月，一年，永久等，支持对日志文件的备份，包括立即备份和自动备份，可设置自动备份周期、备份时间、备份文件保留数量；\n36、支持显卡虚拟化技术，兼容 AMD 和 NVIDIA 显卡，每个虚拟机可获得独立的显卡资源，满足 3D 机房大型图形图像软件的运行使用；\n37、支持主流服务器、存储、网络设备厂商，支持主流 PC 厂商，不绑定终端设备；兼容多种架构和类型的终端，包括:X86 云终端、ARM 云终端等，可根据实际应用灵活选择终端配置；\n38、兼容旧 PC，可将老旧 PC 接入平台进行统一管理，可同时给新旧终端批量下发操作系统、统一更新软件\n39、云桌面保留与 PC 完全一致的使用习惯，学生禁用网卡、修改网卡 IP，桌面连接不会中断；\n40、终端支持无线连接 VDI 桌面，可在管理平台批量设置终端无线网络（无需逐一设置），支持“WEP”，“WPA”、“WPA2”、“WPA/WPA2”等多种认证模式；\n41、提供独立的桌面云系统检测工具，可检测服务器、终端连接状态，集群网络状态，数据库状态，文件系统状态，模板状态，桌面状态等内容，可提供体检分数和检测结果详情展示，并可生成检测报告，也可对检测的问题进行一键恢复，便于系统的日常运维；\n42、提供 VDI 虚拟桌面检测工具，可检测桌面基本配置信息，可检测操作系统计算机名、IP 地址配置是否正常、视频重定向是否可用等，便于迅速排查桌面故障；\n43、提供 VOI 桌面自维护工具，包括 IP 查看、防火墙设置、网络检测、快速调整最佳分辨率、重启打印机、清除无效快捷方式等，便于用户快速自主解决桌面问题；\n44、要求软件具有软件著作权，非 OEM 产品，为保证系统兼容性和稳定性，要求桌面云服务器，管理服务器、学生一体机、教师一体机、教育桌面云软件，桌面云运维管理系统，配套管理系统、多媒体教学软件为同一品牌；",null,null,null,"点",1000,600,600000]
[8,"配套管理系统","1.兼容桌面云软件，可实现虚实双系统设计，当服务器故障（如拔掉服务器端网线），终端可自动切换到本地系统， 且自动切换时间可在管理平台设置； \n2.支持 B /S 管理架构，可用手机、平板等设备远程管理教室电脑 \n3.支持电脑本地硬盘操作系统（xp\\win7 \\win10）的立即还原和还原点瞬间创建； \n4.支持多块硬盘的保护和数据同传，并且兼容固态硬盘结合机械硬盘的混合模式。 \n5.支持 SSD 硬盘和机械硬盘双硬盘保护模式和同传； \n6.支持从 WINDOWS 界面对 500 台以上的电脑进行数据差异拷贝； \n7.支持在 Windows 下，对磁盘分区大小、数量、属性、分区格式和还原方式进行调整。 \n8.支持多个管理员账号自定义权限分级管理,可分配不同的管理员管理不同的操作权限 \n9.管理员可给教师单独分配用户名和密码，教师可凭此用户名和密码在教学的电脑上瞬间创建自己独立的备课系统，其他人员不可见，也不影响正常的教学系统； \n10.支持用户自定义开机界面，如某某大学计算机实训中心等。 \n11.支持批量修改 Windows 用户登录名、计算机名和 IP 地址； \n12.要求软件具有软件著作权，非 OEM 产品，为保证系统兼容性和稳定性，要求桌面云服务器，管理服务器、学生一体机、教师一体机、教育桌面云软件，桌面云运维管理系统，配套管理系统、多媒体教学软件为同一品牌； \n15.软件必须为正版授权软件非 OEM 产品 ",null,null,null,"点",170,200,34000]
[9,"桌面云运维管理系统 ","1.系统采用 B/S 架构，通过浏览器访问服务器对机房的桌面进行管理，能够实现管理员账号与桌面云平台账号自动同步，无需手动同步； \n2.支持终端的批量唤醒、关闭、重启。能够自动同步桌面云平台中的教学场景，实现对终端桌面场景的切换； \n3.可远程锁定虚拟桌面的屏幕、键盘，管理员手动可批量解锁，也可在服务器上算出解锁密码，学生可在桌面上使用快捷键输入解锁密码进行自助解锁； \n4.支持对学生桌面发送文件到指定的路径下，最大可发送\n4G 大小的文件，学生把需要提交的文件上传到教师管理端， 教师可将学生提交的作业进行下载批改； \n5.支持对单个桌面执行远程监看和协助，可批量的对多个桌面进行监看，支持四屏、九屏、十六屏的方式同时监看，在监看过程中还可以选择单屏进行远程协助，协助过程中终端无需做任何操作； \n6.能够实现对设备、程序、流量、网络的限制分别设置策略，并能够通过开关一键解除所有策略；\n7.针对设备限制策略，至少包含内置光驱、虚拟光驱、移动光驱、U 盘、移动硬盘、USB 外接设备类别，并设置生效时间区间，能够精确到秒，支持按天执行、按周执行、按月执行； \n8.针对程序限制策略，支持黑名单、白名单两种模式，能够根据手动添加、游戏进程、应用进程、系统自带进程镜像设置，并能够通过客户端实时识别操作系统进程进行控制，并设置生效时间区间，能够精确到秒，支持按天执行、按周执行、按月执行；  \n9、能够记录日常教师授课的桌面截图，能够通过时间轴形式对历史截屏进行查询，形成历史教学数据截图记录。 \n10. 针对流量限制策略，能够设定上行流量、下行流量， 并设置生效时间区间，能够精确到秒，支持按天执行、按周执行、按月执行； \n11. 针对网络限制策略，能够设定禁用外网或禁用全部网络，并支持设置例外，例外类型包括 ip 地址、网址、端口， 并设置生效时间区间，能够精确到秒，支持按天执行、按周执行、按月执行； \n12 为了更好地形成校级自助资产管理模式，能够在校级平台实现校园内所有信息化资产的生命周期管理，包括新增、维修、报废等。所有数据统一汇聚到区县级服务器以便实时查看 \n13.能够针每台虚拟机安装的应用识别并记录，至少包括软件应用名称、版本号、应用大小、应用厂商，并支持表格导出。当有软件应用新增、卸载时，能够记录软件变更信息，至少包含软件所在的计算机名称、ip 地址、变更软件、变更次数等信息，并予以提醒 \n14.能够针对软件使用、上网操作进行记录，并支持按照应用、访问网址进行查询，能够根据时间段进行搜索，搜索时间精确到秒，针对上网操作，能够展示网址及网站标题信息，支持表格导出； \n15 为了保证数据记录的完整性，形成完整的历史记录，平台能够记录教室使用记录的信息，可以实时查看辖区范围内各中心校使用中的班班通终端的使用图片，包括授课教师、课程、班级、节次等信息；并按照时间轴进行存档， 图片保证可进行 4 个月内的回顾查询 \n16. 要求软件具有软件著作权，非 OEM 产品，为保证系统兼容性和稳定性，要求桌面云服务器，管理服务器、学生一体机、教师一体机、教育桌面云软件，桌面云运维管理系统，配套管理系统、多媒体教学软件为同一品牌；",null,null,null,"点",1000,180,180000]
[10,"多媒体教学软件","1.支持屏幕广播功能，能够实现两种接收模式，包括学生全屏/窗口模式接收教师机广播的画面，全屏状态锁定学生鼠标和键盘； \n2.支持影音广播，即使在终端未进入桌面的状态，也能够实现全体学生的影音广播； \n3.在屏幕广播之后连接上来的终端可直接接收屏幕广播内容，用户终端关闭虚拟桌面仍可同步广播教师机屏幕和视频，不会中断教学； \n4.教师可选定一个学生操作本机或操作教师机进行教学演示，并将该学生演示的画面广播给每一个学生；被广播的学生将全屏/窗口接收演示学生的画面，全屏状态键盘和鼠标被锁定。\n5.教师可指定操作某台学生机，并将其画面广播给其他的学生；被广播的学生端画面可全屏/窗口显示,全屏状态鼠标键盘被锁定。 \n6.教师可以给学生布置课堂作业，学生在收到教师布置的作业后，必须在规定的时间内完成并提交，教师再对学生提交的作业进行批改，并将评为优秀的作业作为范本共享给其他学生，学生们可对优秀作业进行查看、点赞和评论； \n7. 教师机可以连续监看所选学生机屏幕。每屏可监视多个学生,可设置每屏学生机的数量以及学生机屏幕轮循的时间间隔； \n8.教师机可以将本地的操作和讲解过程录制成视频，用Windows 自带的 Media Player 直接播放； \n9.支持考试功能，包括试题编辑、下发试卷、考试监控、成绩统计。可添加单选题、多选题、判断题、填空题、问答题；可设置考试时长，倒计时结束后自动结束考试。阅卷时，单选题、多选题、判断题支持自动评分和统计正确率。 \n10.支持电子白板功能，能够在屏幕广播时实现注解讲解、注释，辅助教学； \n11.支持与桌面云软件融合打通，通过教学软件即可识别终端开放的系统，并能够实现操作系统一键切换，下课后可一键关闭所有学生机； \n12.支持上课终端锁定，能够锁定全部学生机，能够自定义提示信息并禁止学生进行操作，支持手动解锁、定时解锁、锁定时长三种模式，时间设定精确到秒级； \n13.系统要带有一定的数据统计及分析功能，可自动对教师应用信息化手段教学的整体情况进行学科、年级、周次维度的细致分析；即可直观查看辖区范围内各学科的授课次数及占比、各年级的授课次数及年级授课平均次数、每周的授课次数。 \n14.能实现对教室及校园信息化硬件资产的统计管理（包括种类、数量、批次等内容）以及硬件资产生命周期监测， 通过日志记录检查国有资产是否流失，包括新增、维修、报废等。 \n15.要求软件具有软件著作权，非 OEM 产品，为保证系统兼容性和稳定性，要求桌面云服务器，管理服务器、学生一体机、教师一体机、教育桌面云软件，桌面云运维管理系统，配套管理系统、多媒体教学软件为同一品牌；",null,null,null,"套",5,3000,15000]
[11,"24 口交换机 ","端口：24 个 10/100/1000Base-T 端口，4 个 1000Base-X SFP\n端口 \n交换容量：256Gbps \n包转发率：42Mpps 带一个千兆光模块 ","端口：24个10/100/1000Base-T端口，4个1000Base-X SFP端口 \n交换容量：336Gbps \n包转发率：51Mpps \n带一个千兆光模块","无偏离","H3C S5130S-28P-EI","台 ",6,{"$f":"[2]价格明细清单!$J$15/6","v":1793},{"$f":"I14*H14","v":10758},"新华三"]
[12,"48 口交换机 ","端口：48 个 10/100/1000Base-T 端口，4 个 1000Base-X SFP\n端口 \n交换容量：256Gbps 包转发率：78Mpps \n带一个千兆光模块 ","端口：48个10/100/1000Base-T端口，4个1000Base-X SFP端口 \n交换容量：432Gbps \n包转发率：87Mpps \n带一个千兆光模块","无偏离","H3C S5130S-52P-EI","台 ",5,{"$f":"[2]价格明细清单!$J$19/5","v":3017.3},{"$f":"I15*H15","v":15086.5},"新华三"]
[13,"服务器机柜 ","42U 机柜，尺寸 600*1000*2000mm ",null,null,null,"台 ",3]

{"sheet":"14、校园 LED 屏终端显示系统","index":13,"n_rows":46,"n_cols":12,"rows_kept":46,"cut":false,"hidden":false,"merged":[[0,0,0,11],[2,0,2,1],[13,0,13,1],[44,0,44,1],[45,0,45,1]]}
["14、校园 LED 屏终端显示系统"]
["序号","设备名称","招标参数","厂家参数","偏离项","型号","单位","数量","单价","总价","品牌","备注"]
["LED室外屏P6（大门1块）"]
[1,"户外PH6","1、显示面积：约 20m2；                                                      2、屏体分辨率：1056（长）x544（高）=574464点 ； 单元板技术参数: 1、像素间距：6mm 2、点密度：27777Dots/㎡ 3、灯管封装：SMD2525 4、模组尺寸：192mm×192mm×18mm 5、亮度：≥4200cd/m2可调 6、视角：140±10°/130±10°（水平视角/垂直） 7、平整度：≤0.1mm 8、盲点率：＜0.0003，出厂时为0 9、亮度均匀性：≥95% 10、色度均匀性：±0.003 Cx,Cy之内 11、对比度：5000:1 12、防护等级：IP67 13、信号颜色处理位数：红、绿、蓝在12-14bit 14、驱动方式：恒流驱动 15、扫描方式：1/8扫描 16、刷新率：≥1920Hz\n17、宽色域：NTSC色域在110%-115%之间\n18、屏体色温：3000K～18000K可调\n19、每平方单元板最大功率：≤946W/㎡                         20、平均无故障工作时间：LED显示屏需满足MTBF≥10000H\n21、低灰高亮：亮度为20%时，信号处理等级达到14bit 22、离散失控率＜0.0001，出厂时为0 23、运行环境温度：-20℃～40℃ 24、防火阻燃功能：防火阻燃必须达到V-0等级\n25、电磁兼容功能：LED显示屏的电源端子传到骚扰电压平均值不得超过60dBμV,其骚扰辐射的极限值不得超过40dB（μV/M），达到A级标准\n26、噪音标准：LED显示屏NR-10在60Hz的时候，噪声标准为≤35dB,达到NR-10的标准 27、抗电强度标准：对在电源插输入端与外壳裸露金属部件之间施加AC1500V，1min时间不出现电弧击穿和飞弧现象","1、显示面积：约 20m2；                                                      2、屏体分辨率：1056（长）x544（高）=574464点 ； 单元板技术参数: 1、像素间距：6mm 2、点密度：27777Dots/㎡ 3、灯管封装：SMD1921 4、模组尺寸：192mm×192mm×18mm 5、亮度：≥4200cd/m2可调 6、视角：140±10°/130±10°（水平视角/垂直） 7、平整度：≤0.1mm 8、盲点率：＜0.0003，出厂时为0 9、亮度均匀性：≥95% 10、色度均匀性：±0.003 Cx,Cy之内 11、对比度：5000:1 12、防护等级：IP67 13、信号颜色处理位数：红、绿、蓝在12-14bit 14、驱动方式：恒流驱动 15、扫描方式：1/8扫描 16、刷新率：≥1920Hz\n17、宽色域：NTSC色域在110%-115%之间\n18、屏体色温：3000K～18000K可调\n19、每平方单元板最大功率：≤946W/㎡                         20、平均无故障工作时间：LED显示屏需满足MTBF≥10000H\n21、低灰高亮：亮度为20%时，信号处理等级达到14bit 22、离散失控率＜0.0001，出厂时为0 23、运行环境温度：-20℃～40℃ 24、防火阻燃功能：防火阻燃必须达到V-0等级\n25、电磁兼容功能：LED显示屏的电源端子传到骚扰电压平均值不得超过60dBμV,其骚扰辐射的极限值不得超过40dB（μV/M），达到A级标准\n26、噪音标准：LED显示屏NR-10在60Hz的时候，噪声标准为≤35dB,达到NR-10的标准 27、抗电强度标准：对在电源插输入端与外壳裸露金属部件之间施加AC1500V，1min时间不出现电弧击穿和飞弧现象","灯管封装：SMD1921","PH6","㎡",20,4000,{"$f":"H4*I4","v":80000},"贵州腾宇科技有限公司"]
[2,"视频处理器","集成发送卡、视频处理、U盘播放功能于一体； 支持1路DVI/HDMI/VGA/CVBS输入，1路USB播放； 支持2路网口输出，130万像素带载； 支持画面全屏缩放、点对点显示、自定义缩放三种缩放模式； 支持窗口位置、大小调整及窗口截取功能 支持6个预设场景","集成发送卡、视频处理、U盘播放功能于一体； 支持1路DVI/HDMI/VGA/CVBS输入，1路USB播放； 支持2路网口输出，130万像素带载； 支持画面全屏缩放、点对点显示、自定义缩放三种缩放模式； 支持窗口位置、大小调整及窗口截取功能 支持6个预设场景","无","X6","台",1,4500,4500,"贵州腾宇科技有限公司"]
[3,"全彩接收卡","单卡最大带载能力 256×256 像素，最多支持 16 组 RGB 并行数据。采用8 个标准的 HUB75 接口，具有高稳定性和高可靠性，适用于多种环境的搭建。DS-D43R08 的硬件设计和软件设计充分考虑用户部署、运行和维护时的场景，使部署更容易，运行更稳定、维护更高效。 集成8个标准HUB75接口，免接HUB板 采用千兆网口通信，可以连接PC 支持亮色度逐点校正 支持接收卡预存画面设置。 支持温度、电压、网线通讯和视频源信号状态检测。 支持 5Pin 液晶模块","单卡最大带载能力 256×256 像素，最多支持 16 组 RGB 并行数据。采用8 个标准的 HUB75 接口，具有高稳定性和高可靠性，适用于多种环境的搭建。DS-D43R08 的硬件设计和软件设计充分考虑用户部署、运行和维护时的场景，使部署更容易，运行更稳定、维护更高效。 集成8个标准HUB75接口，免接HUB板 采用千兆网口通信，可以连接PC 支持亮色度逐点校正 支持接收卡预存画面设置。 支持温度、电压、网线通讯和视频源信号状态检测。 支持 5Pin 液晶模块","无","I5","张",28,145,4060,"贵州腾宇科技有限公司"]
[4,"控制系统软件","1. 支持多种视频格式、图片、动画、Office文件、文字、时钟、走马灯、天气、计时、温湿度、流媒体、网页、采集卡、摄像头、Rss简讯； 2.丰富的媒体属性：包括透明、背景颜色、背景图片、透明度、音量、显示比例、出入场特效、特效速度、文字颜色、炫彩效果、字体、风格等； 3. 页面支持一个或多个窗口； 4. 支持多个窗口个数不同的页面按次数或播放时长切换播放，且切换过程平滑无黑帧； 5. 可设置不同的日期和时间播放不同的节目页； 6. 可实现多台异地显示屏同步播放；","1. 支持多种视频格式、图片、动画、Office文件、文字、时钟、走马灯、天气、计时、温湿度、流媒体、网页、采集卡、摄像头、Rss简讯； 2.丰富的媒体属性：包括透明、背景颜色、背景图片、透明度、音量、显示比例、出入场特效、特效速度、文字颜色、炫彩效果、字体、风格等； 3. 页面支持一个或多个窗口； 4. 支持多个窗口个数不同的页面按次数或播放时长切换播放，且切换过程平滑无黑帧； 5. 可设置不同的日期和时间播放不同的节目页； 6. 可实现多台异地显示屏同步播放；","无","播放软件（赠送）","套",1,0,0,"贵州腾宇科技有限公司"]
[5,"单立柱+钢结构框架+外装饰包边","单立柱、立柱高2.5-3米、钢结构框架，钢结构边框100*100mm镀锌方管边框，含60公分检修通道、4020镀锌方管背条，现场焊制；防风等级≥8级；外装饰包边铝塑板或不锈钢包边具体用量以项目现场实际需求为准、颜色可选，根据客户要求或现场环境匹配选定颜色。","单立柱、立柱高2.5-3米、钢结构框架，钢结构边框100*100mm镀锌方管边框，含60公分检修通道、4020镀锌方管背条，现场焊制；防风等级≥8级；外装饰包边铝塑板或不锈钢包边具体用量以项目现场实际需求为准、颜色可选，根据客户要求或现场环境匹配选定颜色。","无","定制","㎡",20,1800,36000,"贵州腾宇科技有限公司"]
[6,"控制电脑","I3处理器、内存4G、 硬盘1T DVDRW带独立显卡、win10 ；2、显示器21.5LED。","I3处理器、内存4G、 硬盘1T DVDRW带独立显卡、win10 ；2、显示器21.5LED。","无","联想","台",1,4800,4800,"贵州腾宇科技有限公司"]
[7,"配电箱","网口/RS485、一键安装、中控控制、语音提示、消防报警（650*500*200）含PLC智能控制。","网口/RS485、一键安装、中控控制、语音提示、消防报警（650*500*200）含PLC智能控制。","无","25KW","套",1,2600,2600,"贵州腾宇科技有限公司"]
[8,"散热空调","1.5P空调、开电自动自冷，根据温度自动调控；","1.5P空调、开电自动自冷，根据温度自动调控；","无","格力","套",1,4000,4000,"贵州腾宇科技有限公司"]
[9,"功放音柱","功放：1、标准2U高度机柜式设计，安装铝把手后，适合安装在标准的吋机柜内。 2、内置高品质的MP3蓝牙播放器，带SD卡槽和USB接口，并带Bluetooth（蓝牙）和FM收音机功能，LCD显示屏并带遥控器；遥控器功能：播放/暂停、上一曲、下一曲、音量增减、静音、模式选择、场景模式、自动搜台等。 3、2路话筒/线路输入，输入灵敏度可调，每一路带+48V幻象电源和优先权限（第二级）选择开关，单独的高低音音调调节，并带混音后的音量控制旋钮。 4、三路AUX线路输入并带独立音量控制；话筒和线路带独立的高低音音调控制。 1、外壳采用铝合金材料， 2、专业的表面处理工艺，防水防锈，全天候设计， 3、选用防水单元，室内外均宜，寿命长，灵敏度高，声音清晰、明亮。 4、配有安装支架，安装便捷。 5、扬声器单元通过IP56防水等级认证。 6、额定功率：50W。 7、输入电压：100V。 8、灵敏度：89dB， 9、频率响应：110Hz-18KHz。 10、喇叭单元：LF:4\"×3；HF:3\"×1。","功放：1、标准2U高度机柜式设计，安装铝把手后，适合安装在标准的吋机柜内。 2、内置高品质的MP3蓝牙播放器，带SD卡槽和USB接口，并带Bluetooth（蓝牙）和FM收音机功能，LCD显示屏并带遥控器；遥控器功能：播放/暂停、上一曲、下一曲、音量增减、静音、模式选择、场景模式、自动搜台等。 3、2路话筒/线路输入，输入灵敏度可调，每一路带+48V幻象电源和优先权限（第二级）选择开关，单独的高低音音调调节，并带混音后的音量控制旋钮。 4、三路AUX线路输入并带独立音量控制；话筒和线路带独立的高低音音调控制。 1、外壳采用铝合金材料， 2、专业的表面处理工艺，防水防锈，全天候设计， 3、选用防水单元，室内外均宜，寿命长，灵敏度高，声音清晰、明亮。 4、配有安装支架，安装便捷。 5、扬声器单元通过IP56防水等级认证。 6、额定功率：50W。 7、输入电压：100V。 8、灵敏度：89dB， 9、频率响应：110Hz-18KHz。 10、喇叭单元：LF:4\"×3；HF:3\"×1。","无","120W","套",1,4500,4500,"贵州腾宇科技有限公司"]
[10,"电缆及通讯电缆","主电缆线4*10+1*6平方主电缆线，三相五线制；控制网线：2根超六类网线；2.*15平方音频线一组；","主电缆线4*10+1*6平方主电缆线，三相五线制；控制网线：2根超六类网线；2.*15平方音频线一组；","无","主电缆线4*10+1*6平方主电缆线","项",1,4000,4000,"贵州腾宇科技有限公司"]
["LED室外屏P6（足球场1块）"]
[1,"户外PH6","1、显示面积：约80m2； 2、屏体分辨率：1984（长）x1120（高）=2222080点 单元板技术参数: 1、像素间距：6mm 2、点密度：27777Dots/㎡ 3、灯管封装：SMD2525 4、模组尺寸：192mm×192mm×18mm 5、亮度：≥4200cd/m²可调 6、视角：140±10°/130±10°（水平视角/垂直） 7、平整度：≤0.1mm 8、盲点率：＜0.0003，出厂时为0 9、亮度均匀性：≥95% 10、色度均匀性：±0.003 Cx,Cy之内 11、对比度：5000:1 12、防护等级：IP67 13、信号颜色处理位数：红、绿、蓝在12-14bit 14、驱动方式：恒流驱动 15、扫描方式：1/8扫描             16、刷新率：≥1920Hz\n17、宽色域：NTSC色域在110%-115%之间\n18、屏体色温：3000K～18000K可调\n19、每平方单元板最大功率：≤946W/㎡ 20、平均无故障工作时间：LED显示屏需满足MTBF≥10000H\n21、低灰高亮：亮度为20%时，信号处理等级达到14bit 22、离散失控率＜0.0001，出厂时为0 23、运行环境温度：-20℃～40℃ 24、防火阻燃功能：防火阻燃必须达到V-0等级\n25、电磁兼容功能：LED显示屏的电源端子传到骚扰电压平均值不得超过60dBμV,其骚扰辐射的极限值不得超过40dB（μV/M），达到A级标准\n26、噪音标准：LED显示屏NR-10在60Hz的时候，噪声标准为≤35dB,达到NR-10的标准 27、抗电强度标准：对在电源插输入端与外壳裸露金属部件之间施加AC1500V，1min时间不出现电弧击穿和飞弧现象","1、显示面积：约 20m2；                                                      2、屏体分辨率：1056（长）x544（高）=574464点 ； 单元板技术参数: 1、像素间距：6mm 2、点密度：27777Dots/㎡ 3、灯管封装：SMD1921 4、模组尺寸：192mm×192mm×18mm 5、亮度：≥4200cd/m2可调 6、视角：140±10°/130±10°（水平视角/垂直） 7、平整度：≤0.1mm 8、盲点率：＜0.0003，出厂时为0 9、亮度均匀性：≥95% 10、色度均匀性：±0.003 Cx,Cy之内 11、对比度：5000:1 12、防护等级：IP67 13、信号颜色处理位数：红、绿、蓝在12-14bit 14、驱动方式：恒流驱动 15、扫描方式：1/8扫描 16、刷新率：≥1920Hz\n17、宽色域：NTSC色域在110%-115%之间\n18、屏体色温：3000K～18000K可调\n19、每平方单元板最大功率：≤946W/㎡                         20、平均无故障工作时间：LED显示屏需满足MTBF≥10000H\n21、低灰高亮：亮度为20%时，信号处理等级达到14bit 22、离散失控率＜0.0001，出厂时为0 23、运行环境温度：-20℃～40℃ 24、防火阻燃功能：防火阻燃必须达到V-0等级\n25、电磁兼容功能：LED显示屏的电源端子传到骚扰电压平均值不得超过60dBμV,其骚扰辐射的极限值不得超过40dB（μV/M），达到A级标准\n26、噪音标准：LED显示屏NR-10在60Hz的时候，噪声标准为≤35dB,达到NR-10的标准 27、抗电强度标准：对在电源插输入端与外壳裸露金属部件之间施加AC1500V，1min时间不出现电弧击穿和飞弧现象","灯管封装：SMD1921","PH6","㎡",80,4000,{"$f":"H15*I15","v":320000},"贵州腾宇科技有限公司"]
[2,"视频处理器","集成发送卡、视频处理、U盘播放功能于一体；\n支持1路DVI/HDMI/VGA/CVBS输入，1路USB播放；\n支持4路网口输出，260万像素带载；\n支持画面全屏缩放、点对点显示、自定义缩放三种缩放模式；\n支持窗口位置、大小调整及窗口截取功能\n支持6个预设场景","集成发送卡、视频处理、U盘播放功能于一体；\n支持1路DVI/HDMI/VGA/CVBS输入，1路USB播放；\n支持4路网口输出，260万像素带载；\n支持画面全屏缩放、点对点显示、自定义缩放三种缩放模式；\n支持窗口位置、大小调整及窗口截取功能\n支持6个预设场景","无","X16","台",1,16500,16500,"贵州腾宇科技有限公司"]
[3,"全彩接收卡","单卡最大带载能力 256×256 像素，最多支持 16 组 RGB 并行数据。采用8 个标准的 HUB75 接口，具有高稳定性和高可靠性，适用于多种环境的搭建。DS-D43R08 的硬件设计和软件设计充分考虑用户部署、运行和维护时的场景，使部署更容易，运行更稳定、维护更高效。 集成8个标准HUB75接口，免接HUB板 采用千兆网口通信，可以连接PC 支持亮色度逐点校正 支持接收卡预存画面设置。 支持温度、电压、网线通讯和视频源信号状态检测。 支持 5Pin 液晶模块","单卡最大带载能力 256×256 像素，最多支持 16 组 RGB 并行数据。采用8 个标准的 HUB75 接口，具有高稳定性和高可靠性，适用于多种环境的搭建。DS-D43R08 的硬件设计和软件设计充分考虑用户部署、运行和维护时的场景，使部署更容易，运行更稳定、维护更高效。 集成8个标准HUB75接口，免接HUB板 采用千兆网口通信，可以连接PC 支持亮色度逐点校正 支持接收卡预存画面设置。 支持温度、电压、网线通讯和视频源信号状态检测。 支持 5Pin 液晶模块","无","I5","张",84,145,12180,"贵州腾宇科技有限公司"]
[4,"控制系统软件","1. 支持多种视频格式、图片、动画、Office文件、文字、时钟、走马灯、天气、计时、温湿度、流媒体、网页、采集卡、摄像头、Rss简讯； 2.丰富的媒体属性：包括透明、背景颜色、背景图片、透明度、音量、显示比例、出入场特效、特效速度、文字颜色、炫彩效果、字体、风格等； 3. 页面支持一个或多个窗口； 4. 支持多个窗口个数不同的页面按次数或播放时长切换播放，且切换过程平滑无黑帧； 5. 可设置不同的日期和时间播放不同的节目页； 6. 可实现多台异地显示屏同步播放；","1. 支持多种视频格式、图片、动画、Office文件、文字、时钟、走马灯、天气、计时、温湿度、流媒体、网页、采集卡、摄像头、Rss简讯； 2.丰富的媒体属性：包括透明、背景颜色、背景图片、透明度、音量、显示比例、出入场特效、特效速度、文字颜色、炫彩效果、字体、风格等； 3. 页面支持一个或多个窗口； 4. 支持多个窗口个数不同的页面按次数或播放时长切换播放，且切换过程平滑无黑帧； 5. 可设置不同的日期和时间播放不同的节目页； 6. 可实现多台异地显示屏同步播放；","无","播放软件（赠送）","套",1,0,0,"贵州腾宇科技有限公司"]
[5,"单立柱+钢结构框架+外装饰包边","单立柱、立柱高2.5-3米、钢结构框架，钢结构边框100*100mm镀锌方管边框，含60公分检修通道、4020镀锌方管背条，现场焊制；防风等级≥8级；外装饰包边铝塑板或不锈钢包边具体用量以项目现场实际需求为准、颜色可选，根据客户要求或现场环境匹配选定颜色。","单立柱、立柱高2.5-3米、钢结构框架，钢结构边框100*100mm镀锌方管边框，含60公分检修通道、4020镀锌方管背条，现场焊制；防风等级≥8级；外装饰包边铝塑板或不锈钢包边具体用量以项目现场实际需求为准、颜色可选，根据客户要求或现场环境匹配选定颜色。","无","定制","㎡",80,1800,144000,"贵州腾宇科技有限公司"]
[6,"配电箱","网口/RS485、一键安装、中控控制、语音提示、消防报警（650*500*200）含PLC智能控制。","网口/RS485、一键安装、中控控制、语音提示、消防报警（650*500*200）含PLC智能控制。","无","80KW","套",1,8000,8000,"贵州腾宇科技有限公司"]
[7,"散热空调","1.5P空调、开电自动自冷，根据温度自动调控；","1.5P空调、开电自动自冷，根据温度自动调控；","无","格力","套",1,4000,4000,"贵州腾宇科技有限公司"]
[8,"功放音柱","功放：1、标准2U高度机柜式设计，安装铝把手后，适合安装在标准的吋机柜内。 2、内置高品质的MP3蓝牙播放器，带SD卡槽和USB接口，并带Bluetooth（蓝牙）和FM收音机功能，LCD显示屏并带遥控器；遥控器功能：播放/暂停、上一曲、下一曲、音量增减、静音、模式选择、场景模式、自动搜台等。3、2路话筒/线路输入，输入灵敏度可调，每一路带+48V幻象电源和优先权限（第二级）选择开关，单独的高低音音调调节，并带混音后的音量控制旋钮。 4、三路AUX线路输入并带独立音量控制；话筒和线路带独立的高低音音调控制。 1、外壳采用铝合金材料， 2、专业的表面处理工艺，防水防锈，全天候设计， 3、选用防水单元，室内外均宜，寿命长，灵敏度高，声音清晰、明亮。 4、配有安装支架，安装便捷。 5、扬声器单元通过IP56防水等级认证。 6、额定功率：50W。 7、输入电压：100V。 8、灵敏度：89dB， 9、频率响应：110Hz-18KHz。 10、喇叭单元：LF:4\"×3；HF:3\"×1。","功放：1、标准2U高度机柜式设计，安装铝把手后，适合安装在标准的吋机柜内。 2、内置高品质的MP3蓝牙播放器，带SD卡槽和USB接口，并带Bluetooth（蓝牙）和FM收音机功能，LCD显示屏并带遥控器；遥控器功能：播放/暂停、上一曲、下一曲、音量增减、静音、模式选择、场景模式、自动搜台等。3、2路话筒/线路输入，输入灵敏度可调，每一路带+48V幻象电源和优先权限（第二级）选择开关，单独的高低音音调调节，并带混音后的音量控制旋钮。 4、三路AUX线路输入并带独立音量控制；话筒和线路带独立的高低音音调控制。 1、外壳采用铝合金材料， 2、专业的表面处理工艺，防水防锈，全天候设计， 3、选用防水单元，室内外均宜，寿命长，灵敏度高，声音清晰、明亮。 4、配有安装支架，安装便捷。 5、扬声器单元通过IP56防水等级认证。 6、额定功率：50W。 7、输入电压：100V。 8、灵敏度：89dB， 9、频率响应：110Hz-18KHz。 10、喇叭单元：LF:4\"×3；HF:3\"×1。","无","120W","套",1,4500,4500,"贵州腾宇科技有限公司"]
[9,"电缆及通讯电缆","主电缆线4*10+1*6平方主电缆线，三相五线制；控制网线：2根超六类网线；2.*15平方音频线一组；","主电缆线4*10+1*6平方主电缆线，三相五线制；控制网线：2根超六类网线；2.*15平方音频线一组；","无","主电缆线4*10+1*6平方主电缆线","项",1,4000,4000,"贵州腾宇科技有限公司"]
["室内Q2.5全彩大屏配置清单（300人会议室1块）"]
[1,"LED显示屏","室内Q2.5高清LED大屏幕显示尺寸为（约20㎡）,整屏分辨率：2048*1152=2359296 1、像素间距：2.5mm 2、点密度：160000点/ m² 3、像素点组成：1R1G1B 4、模组尺寸：320mm×160mm×15mm 5、亮度：≥600cd/m²可调 6、视角：140°/130°（水平视角/垂直） 7、平整度：≤0.1mm 8、盲点率：＜0.0003，出厂时为0 9、亮度均匀性：≥95% 10、色度均匀性：±0.003 Cx,Cy之内 11、对比度：5000:1 12、防护等级：IP50 13、信号颜色处理位数：红、绿、蓝在12-14bit 14、驱动方式：恒流驱动 15、扫描方式：1/32扫描 16、刷新率：≥1920Hz 17、换帧频率：≥60Hz 18、屏体色温：3000K～18000K可调 19、每平方单元板最大功率：≤457W/㎡ 20、平均无故障工作时间：≥10000小时 21、低灰高亮：亮度为20%时，信号处理等级达到14bit\n22、离散失控率＜0.0001，出厂时为0 23、运行环境温度：-20℃～40℃ 24、防火阻燃功能：防火阻燃必须达到V-0等级，\n25、电磁兼容功能：LED显示屏的电源端子传到骚扰电压平均值不得超过60dBμV,其骚扰辐射的极限值不得超过40dB（μV/M），达到A级标准 26、噪音标准：LED显示屏NR-10在60Hz的时候，噪声标准为≤35dB,达到NR-10的标准 27、抗电强度标准：对在电源插输入端与外壳裸 露金属部件之间施加AC1500V，1min时间不出现电弧击穿和飞弧现象","室内Q2.5高清LED大屏幕显示尺寸为（约20㎡）,整屏分辨率：2048*1152=2359296 1、像素间距：2.5mm 2、点密度：160000点/ m² 3、像素点组成：1R1G1B 4、模组尺寸：320mm×160mm×15mm 5、亮度：≥600cd/m²可调 6、视角：140°/130°（水平视角/垂直） 7、平整度：≤0.1mm 8、盲点率：＜0.0003，出厂时为0 9、亮度均匀性：≥95% 10、色度均匀性：±0.003 Cx,Cy之内 11、对比度：5000:1 12、防护等级：IP50 13、信号颜色处理位数：红、绿、蓝在12-14bit 14、驱动方式：恒流驱动 15、扫描方式：1/32扫描 16、刷新率：≥1920Hz 17、换帧频率：≥60Hz 18、屏体色温：3000K～18000K可调 19、每平方单元板最大功率：≤457W/㎡ 20、平均无故障工作时间：≥10000小时 21、低灰高亮：亮度为20%时，信号处理等级达到14bit\n22、离散失控率＜0.0001，出厂时为0 23、运行环境温度：-20℃～40℃ 24、防火阻燃功能：防火阻燃必须达到V-0等级，\n25、电磁兼容功能：LED显示屏的电源端子传到骚扰电压平均值不得超过60dBμV,其骚扰辐射的极限值不得超过40dB（μV/M），达到A级标准 26、噪音标准：LED显示屏NR-10在60Hz的时候，噪声标准为≤35dB,达到NR-10的标准 27、抗电强度标准：对在电源插输入端与外壳裸 露金属部件之间施加AC1500V，1min时间不出现电弧击穿和飞弧现象","无","PH2.5","㎡",20,5500,{"$f":"H25*I25","v":110000},"贵州腾宇科技有限公司"]
[2,"视频处理器","具备强大的视频信号接收和处理能力，最大可接收1920×1200像素的高清数字信号；支持HDMI和DVI高清数字接口，多路信号间无缝切换；支持视频源任意缩放和裁剪。具备4个千兆网口输出，单机可支持最宽4096像素或最高2560像素的LED显示屏。同时，具备一系列丰富实用的功能，提供灵活的屏幕控制和高品质的图像显示，在LED媒体应用领域有显著优势。 具有2类视频输入接口，包括1路HDMI和2路DVI； 最大输入分辨率1920×1200@60Hz，支持分辨率任意设置； 最大带载260万像素，最宽可达4096点，或最高可达2560点； 支持视频源任意切换，缩放和裁剪； 支持画面偏移； 双USB 2.0高速通讯接口，用于电脑调试和主控间任意级联； 支持亮度和色温调节； 支持低亮高灰； 支持HDCP 1.4； 视频控制设备可支持250N恒定作用力，外部防护罩可承受250N+10N的恒定作用力持续5S\n通过该发送卡可调试显示屏的色域坐标显 示不同坐标值色温，进行精确颜色管理;可 任意改变 0-255 灰阶不同灰度值的亮度显示 并进行任意调节;色温调整精度在 100K 以 内","具备强大的视频信号接收和处理能力，最大可接收1920×1200像素的高清数字信号；支持HDMI和DVI高清数字接口，多路信号间无缝切换；支持视频源任意缩放和裁剪。具备4个千兆网口输出，单机可支持最宽4096像素或最高2560像素的LED显示屏。同时，具备一系列丰富实用的功能，提供灵活的屏幕控制和高品质的图像显示，在LED媒体应用领域有显著优势。 具有2类视频输入接口，包括1路HDMI和2路DVI； 最大输入分辨率1920×1200@60Hz，支持分辨率任意设置； 最大带载260万像素，最宽可达4096点，或最高可达2560点； 支持视频源任意切换，缩放和裁剪； 支持画面偏移； 双USB 2.0高速通讯接口，用于电脑调试和主控间任意级联； 支持亮度和色温调节； 支持低亮高灰； 支持HDCP 1.4； 视频控制设备可支持250N恒定作用力，外部防护罩可承受250N+10N的恒定作用力持续5S\n通过该发送卡可调试显示屏的色域坐标显 示不同坐标值色温，进行精确颜色管理;可 任意改变 0-255 灰阶不同灰度值的亮度显示 并进行任意调节;色温调整精度在 100K 以 内","无","结婚","台",1,4500,4500,"贵州腾宇科技有限公司"]
[3,"接收卡","集成HUB75； 支持常规芯片实现高刷新、高灰度、高亮度； 全新灰度引擎，低灰度表现更佳； 可消除单元板设计引起的某行偏暗、低灰偏红、鬼影等细节问题； 支持14bit精度逐点校正； 支持所有常规芯片、PWM芯片和灯饰芯片； 支持静态屏、1/2~1/32扫之间的任意扫描类型； 支持任意抽点，支持数据偏移，可轻松实现各种异型屏、球形屏、创意显示屏； 单卡支持32组RGB信号输出； 支持超大带载面积,单卡带载128*1024，256*512； 先进设计，优质元器件，全自动高低温老化测试，零故障出厂； 支持DC 3.3V~6V超宽工作电压，有效减弱电压波动带来的影响； 支持电源反接保护电路","集成HUB75； 支持常规芯片实现高刷新、高灰度、高亮度； 全新灰度引擎，低灰度表现更佳； 可消除单元板设计引起的某行偏暗、低灰偏红、鬼影等细节问题； 支持14bit精度逐点校正； 支持所有常规芯片、PWM芯片和灯饰芯片； 支持静态屏、1/2~1/32扫之间的任意扫描类型； 支持任意抽点，支持数据偏移，可轻松实现各种异型屏、球形屏、创意显示屏； 单卡支持32组RGB信号输出； 支持超大带载面积,单卡带载128*1024，256*512； 先进设计，优质元器件，全自动高低温老化测试，零故障出厂； 支持DC 3.3V~6V超宽工作电压，有效减弱电压波动带来的影响； 支持电源反接保护电路","无","I5","张",48,145,6960,"贵州腾宇科技有限公司"]
[4,"控制系统软件","1. 支持多种视频格式、图片、动画、Office文件、文字、时钟、走马灯、天气、计时、温湿度、流媒体、网页、采集卡、摄像头、Rss简讯； 2.丰富的媒体属性：包括透明、背景颜色、背景图片、透明度、音量、显示比例、出入场特效、特效速度、文字颜色、炫彩效果、字体、风格等； 3. 页面支持一个或多个窗口； 4. 支持多个窗口个数不同的页面按次数或播放时长切换播放，且切换过程平滑无黑帧； 5. 可设置不同的日期和时间播放不同的节目页； 6. 可实现多台异地显示屏同步播放； 7. 可通过一台计算机的NovaStudio远程控制和发布播放方案到其它显示屏的","1. 支持多种视频格式、图片、动画、Office文件、文字、时钟、走马灯、天气、计时、温湿度、流媒体、网页、采集卡、摄像头、Rss简讯； 2.丰富的媒体属性：包括透明、背景颜色、背景图片、透明度、音量、显示比例、出入场特效、特效速度、文字颜色、炫彩效果、字体、风格等； 3. 页面支持一个或多个窗口； 4. 支持多个窗口个数不同的页面按次数或播放时长切换播放，且切换过程平滑无黑帧； 5. 可设置不同的日期和时间播放不同的节目页； 6. 可实现多台异地显示屏同步播放； 7. 可通过一台计算机的NovaStudio远程控制和发布播放方案到其它显示屏的","无","播放软件（赠送）","套",1,0,0,"贵州腾宇科技有限公司"]
[5,"挂墙钢结构","钢结构挂墙 ，具体用量以项目现场实际需求为准，现场焊接.颜色及样式可由采购方确认","钢结构挂墙 ，具体用量以项目现场实际需求为准，现场焊接.颜色及样式可由采购方确认","无","定制","㎡",20,600,12000,"贵州腾宇科技有限公司"]
[6,"LED包边","不锈钢包边 客户确定包边颜色","不锈钢包边 客户确定包边颜色","无","不锈钢包边","㎡",20,150,3000,"贵州腾宇科技有限公司"]
["室内Q2.5全彩大屏配置清单（50人会议室1块）"]
[1,"LED显示屏","室内Q2.5高清LED大屏幕显示尺寸为（约10㎡）,整屏分辨率：2048*1152=2359296 1、像素间距：2.5mm 2、点密度：160000点/ m² 3、像素点组成：1R1G1B 4、模组尺寸：320mm×160mm×15mm 5、亮度：≥600cd/m²可调 6、视角：140°/130°（水平视角/垂直） 7、平整度：≤0.1mm 8、盲点率：＜0.0003，出厂时为0 9、亮度均匀性：≥95% 10、色度均匀性：±0.003 Cx,Cy之内 11、对比度：5000:1   12、防护等级：IP50  13、信号颜色处理位数：红、绿、蓝在12-14bit  14、驱动方式：恒流驱动   15、扫描方式：1/32扫描  16、刷新率：≥1920Hz 17、换帧频率：≥60Hz 18、屏体色温：3000K～18000K可调 19、每平方单元板最大功率：≤457W/㎡ 20、平均无故障工作时间：≥10000小时 21、低灰高亮：亮度为20%时，信号处理等级达到14bit\n22、离散失控率＜0.0001，出厂时为0 23、运行环境温度：-20℃～40℃ 24、防火阻燃功能：防火阻燃必须达到V-0等级，\n25、电磁兼容功能：LED显示屏的电源端子传到骚扰电压平均值不得超过60dBμV,其骚扰辐射的极限值不得超过40dB（μV/M），达到A级标准 26、噪音标准：LED显示屏NR-10在60Hz的时候，噪声标准为≤35dB,达到NR-10的标准 27、抗电强度标准：对在电源插输入端与外壳裸露金属部件之间施加AC1500V，1min时间不出现电弧击穿和飞弧现象","室内Q2.5高清LED大屏幕显示尺寸为（约10㎡）,整屏分辨率：2048*1152=2359296 1、像素间距：2.5mm 2、点密度：160000点/ m² 3、像素点组成：1R1G1B 4、模组尺寸：320mm×160mm×15mm 5、亮度：≥600cd/m²可调 6、视角：140°/130°（水平视角/垂直） 7、平整度：≤0.1mm 8、盲点率：＜0.0003，出厂时为0 9、亮度均匀性：≥95% 10、色度均匀性：±0.003 Cx,Cy之内 11、对比度：5000:1   12、防护等级：IP50  13、信号颜色处理位数：红、绿、蓝在12-14bit  14、驱动方式：恒流驱动   15、扫描方式：1/32扫描  16、刷新率：≥1920Hz 17、换帧频率：≥60Hz 18、屏体色温：3000K～18000K可调 19、每平方单元板最大功率：≤457W/㎡ 20、平均无故障工作时间：≥10000小时 21、低灰高亮：亮度为20%时，信号处理等级达到14bit\n22、离散失控率＜0.0001，出厂时为0 23、运行环境温度：-20℃～40℃ 24、防火阻燃功能：防火阻燃必须达到V-0等级，\n25、电磁兼容功能：LED显示屏的电源端子传到骚扰电压平均值不得超过60dBμV,其骚扰辐射的极限值不得超过40dB（μV/M），达到A级标准 26、噪音标准：LED显示屏NR-10在60Hz的时候，噪声标准为≤35dB,达到NR-10的标准 27、抗电强度标准：对在电源插输入端与外壳裸露金属部件之间施加AC1500V，1min时间不出现电弧击穿和飞弧现象","无","PH2.5","㎡",10,5500,{"$f":"H32*I32","v":55000},"贵州腾宇科技有限公司"]
[2,"视频处理器","具备强大的视频信号接收和处理能力，最大可接收1920×1200像素的高清数字信号；支持HDMI和DVI高清数字接口，多路信号间无缝切换；支持视频源任意缩放和裁剪。具备4个千兆网口输出，单机可支持最宽4096像素或最高2560像素的LED显示屏。同时，具备一系列丰富实用的功能，提供灵活的屏幕控制和高品质的图像显示，在LED媒体应用领域有显著优势。 具有2类视频输入接口，包括1路HDMI和2路DVI； 最大输入分辨率1920×1200@60Hz，支持分辨率任意设置； 最大带载260万像素，最宽可达4096点，或最高可达2560点； 支持视频源任意切换，缩放和裁剪； 支持画面偏移； 双USB 2.0高速通讯接口，用于电脑调试和主控间任意级联；支持亮度和色温调节； 支持低亮高灰； 支持HDCP 1.4； 视频控制设备可支持250N恒定作用力，外部防护罩可承受250N+10N的恒定作用力持续5S\n通过该发送卡可调试显示屏的色域坐标显 示不同坐标值色温，进行精确颜色管理;可 任意改变 0-255 灰阶不同灰度值的亮度显示 并进行任意调节;色温调整精度在 100K 以 内","具备强大的视频信号接收和处理能力，最大可接收1920×1200像素的高清数字信号；支持HDMI和DVI高清数字接口，多路信号间无缝切换；支持视频源任意缩放和裁剪。具备4个千兆网口输出，单机可支持最宽4096像素或最高2560像素的LED显示屏。同时，具备一系列丰富实用的功能，提供灵活的屏幕控制和高品质的图像显示，在LED媒体应用领域有显著优势。 具有2类视频输入接口，包括1路HDMI和2路DVI； 最大输入分辨率1920×1200@60Hz，支持分辨率任意设置； 最大带载260万像素，最宽可达4096点，或最高可达2560点； 支持视频源任意切换，缩放和裁剪； 支持画面偏移； 双USB 2.0高速通讯接口，用于电脑调试和主控间任意级联；支持亮度和色温调节； 支持低亮高灰； 支持HDCP 1.4； 视频控制设备可支持250N恒定作用力，外部防护罩可承受250N+10N的恒定作用力持续5S\n通过该发送卡可调试显示屏的色域坐标显 示不同坐标值色温，进行精确颜色管理;可 任意改变 0-255 灰阶不同灰度值的亮度显示 并进行任意调节;色温调整精度在 100K 以 内","无","X6","台",1,4500,4500,"贵州腾宇科技有限公司"]
[3,"接收卡","集成HUB75； 支持常规芯片实现高刷新、高灰度、高亮度； 全新灰度引擎，低灰度表现更佳； 可消除单元板设计引起的某行偏暗、低灰偏红、鬼影等细节问题； 支持14bit精度逐点校正； 支持所有常规芯片、PWM芯片和灯饰芯片； 支持静态屏、1/2~1/32扫之间的任意扫描类型； 支持任意抽点，支持数据偏移，可轻松实现各种异型屏、球形屏、创意显示屏； 单卡支持32组RGB信号输出； 支持超大带载面积,单卡带载128*1024，256*512； 先进设计，优质元器件，全自动高低温老化测试，零故障出厂； 支持DC 3.3V~6V超宽工作电压，有效减弱电压波动带来的影响； 支持电源反接保护电路","集成HUB75； 支持常规芯片实现高刷新、高灰度、高亮度； 全新灰度引擎，低灰度表现更佳； 可消除单元板设计引起的某行偏暗、低灰偏红、鬼影等细节问题； 支持14bit精度逐点校正； 支持所有常规芯片、PWM芯片和灯饰芯片； 支持静态屏、1/2~1/32扫之间的任意扫描类型； 支持任意抽点，支持数据偏移，可轻松实现各种异型屏、球形屏、创意显示屏； 单卡支持32组RGB信号输出； 支持超大带载面积,单卡带载128*1024，256*512； 先进设计，优质元器件，全自动高低温老化测试，零故障出厂； 支持DC 3.3V~6V超宽工作电压，有效减弱电压波动带来的影响； 支持电源反接保护电路","无","I5","张",24,145,3480,"贵州腾宇科技有限公司"]
[4,"控制系统软件","1. 支持多种视频格式、图片、动画、Office文件、文字、时钟、走马灯、天气、计时、温湿度、流媒体、网页、采集卡、摄像头、Rss简讯； 2.丰富的媒体属性：包括透明、背景颜色、背景图片、透明度、音量、显示比例、出入场特效、特效速度、文字颜色、炫彩效果、字体、风格等； 3. 页面支持一个或多个窗口； 4. 支持多个窗口个数不同的页面按次数或播放时长切换播放，且切换过程平滑无黑帧； 5. 可设置不同的日期和时间播放不同的节目页； 6. 可实现多台异地显示屏同步播放； 7. 可通过一台计算机的NovaStudio远程控制和发布播放方案到其它显示屏的","1. 支持多种视频格式、图片、动画、Office文件、文字、时钟、走马灯、天气、计时、温湿度、流媒体、网页、采集卡、摄像头、Rss简讯； 2.丰富的媒体属性：包括透明、背景颜色、背景图片、透明度、音量、显示比例、出入场特效、特效速度、文字颜色、炫彩效果、字体、风格等； 3. 页面支持一个或多个窗口； 4. 支持多个窗口个数不同的页面按次数或播放时长切换播放，且切换过程平滑无黑帧； 5. 可设置不同的日期和时间播放不同的节目页； 6. 可实现多台异地显示屏同步播放； 7. 可通过一台计算机的NovaStudio远程控制和发布播放方案到其它显示屏的","无","播放软件（赠送）","套",1,0,0,"贵州腾宇科技有限公司"]
[5,"挂墙钢结构","钢结构挂墙 ，具体用量以项目现场实际需求为准，现场焊接.颜色及样式可由采购方确认","钢结构挂墙 ，具体用量以项目现场实际需求为准，现场焊接.颜色及样式可由采购方确认","无","定制","㎡",10,600,6000,"贵州腾宇科技有限公司"]
[6,"ED包边","不锈钢包边 客户确定包边颜色","不锈钢包边 客户确定包边颜色","无","不锈钢包边","㎡",10,150,1500,"贵州腾宇科技有限公司"]
["室内Q2.5全彩大屏配置清单（体育馆内场1块）"]
[1,"LED显示屏","室内Q2.5高清LED大屏幕显示尺寸为（约10㎡）,整屏分辨率：2048*1152=2359296 1、像素间距：2.5mm 2、点密度：160000点/ m² 3、像素点组成：1R1G1B 4、模组尺寸：320mm×160mm×15mm 5、亮度：≥600cd/m²可调 6、视角：140°/130°（水平视角/垂直） 7、平整度：≤0.1mm 8、盲点率：＜0.0003，出厂时为0 9、亮度均匀性：≥95% 10、色度均匀性：±0.003 Cx,Cy之内 11、对比度：5000:1 12、防护等级：IP50 13、信号颜色处理位数：红、绿、蓝在12-14bit 14、驱动方式：恒流驱动 15、扫描方式：1/32扫描 16、刷新率：≥1920Hz 17、换帧频率：≥60Hz 18、屏体色温：3000K～18000K可调       19、每平方单元板最大功率：≤457W/㎡ 20、平均无故障工作时间：≥10000小时 21、低灰高亮：亮度为20%时，信号处理等级达到14bit\n22、离散失控率＜0.0001，出厂时为0 23、运行环境温度：-20℃～40℃ 24、防火阻燃功能：防火阻燃必须达到V-0等级，\n25、电磁兼容功能：LED显示屏的电源端子传到骚扰电压平均值不得超过60dBμV,其骚扰辐射的极限值不得超过40dB（μV/M），达到A级标准 26、噪音标准：LED显示屏NR-10在60Hz的时候，噪声标准为≤35dB,达到NR-10的标准 27、抗电强度标准：对在电源插输入端与外壳裸露金属部件之间施加AC1500V，1min时间不出现电弧击穿和飞弧现象","室内Q2.5高清LED大屏幕显示尺寸为（约10㎡）,整屏分辨率：2048*1152=2359296 1、像素间距：2.5mm 2、点密度：160000点/ m² 3、像素点组成：1R1G1B 4、模组尺寸：320mm×160mm×15mm 5、亮度：≥600cd/m²可调 6、视角：140°/130°（水平视角/垂直） 7、平整度：≤0.1mm 8、盲点率：＜0.0003，出厂时为0 9、亮度均匀性：≥95% 10、色度均匀性：±0.003 Cx,Cy之内 11、对比度：5000:1 12、防护等级：IP50 13、信号颜色处理位数：红、绿、蓝在12-14bit 14、驱动方式：恒流驱动 15、扫描方式：1/32扫描 16、刷新率：≥1920Hz 17、换帧频率：≥60Hz 18、屏体色温：3000K～18000K可调       19、每平方单元板最大功率：≤457W/㎡ 20、平均无故障工作时间：≥10000小时 21、低灰高亮：亮度为20%时，信号处理等级达到14bit\n22、离散失控率＜0.0001，出厂时为0 23、运行环境温度：-20℃～40℃ 24、防火阻燃功能：防火阻燃必须达到V-0等级，\n25、电磁兼容功能：LED显示屏的电源端子传到骚扰电压平均值不得超过60dBμV,其骚扰辐射的极限值不得超过40dB（μV/M），达到A级标准 26、噪音标准：LED显示屏NR-10在60Hz的时候，噪声标准为≤35dB,达到NR-10的标准 27、抗电强度标准：对在电源插输入端与外壳裸露金属部件之间施加AC1500V，1min时间不出现电弧击穿和飞弧现象","无","PH2.5","㎡",10,5500,{"$f":"H39*I39","v":55000},"贵州腾宇科技有限公司"]
[2,"视频处理器","具备强大的视频信号接收和处理能力，最大可接收1920×1200像素的高清数字信号；支持HDMI和DVI高清数字接口，多路信号间无缝切换；支持视频源任意缩放和裁剪。具备4个千兆网口输出，单机可支持最宽4096像素或最高2560像素的LED显示屏。同时，具备一系列丰富实用的功能，提供灵活的屏幕控制和高品质的图像显示，在LED媒体应用领域有显著优势。 具有2类视频输入接口，包括1路HDMI和2路DVI； 最大输入分辨率1920×1200@60Hz，支持分辨率任意设置； 最大带载260万像素，最宽可达4096点，或最高可达2560点； 支持视频源任意切换，缩放和裁剪； 支持画面偏移； 双USB 2.0高速通讯接口，用于电脑调试和主控间任意级联； 支持亮度和色温调节； 支持低亮高灰； 支持HDCP 1.4； 视频控制设备可支持250N恒定作用力，外部防护罩可承受250N+10N的恒定作用力持续5S 通过该发送卡可调试显示屏的色域坐标显 示不同坐标值色温，进行精确颜色管理;可 任意改变 0-255 灰阶不同灰度值的亮度显示 并进行任意调节;色温调整精度在 100K 以 内","具备强大的视频信号接收和处理能力，最大可接收1920×1200像素的高清数字信号；支持HDMI和DVI高清数字接口，多路信号间无缝切换；支持视频源任意缩放和裁剪。具备4个千兆网口输出，单机可支持最宽4096像素或最高2560像素的LED显示屏。同时，具备一系列丰富实用的功能，提供灵活的屏幕控制和高品质的图像显示，在LED媒体应用领域有显著优势。 具有2类视频输入接口，包括1路HDMI和2路DVI； 最大输入分辨率1920×1200@60Hz，支持分辨率任意设置； 最大带载260万像素，最宽可达4096点，或最高可达2560点； 支持视频源任意切换，缩放和裁剪； 支持画面偏移； 双USB 2.0高速通讯接口，用于电脑调试和主控间任意级联； 支持亮度和色温调节； 支持低亮高灰； 支持HDCP 1.4； 视频控制设备可支持250N恒定作用力，外部防护罩可承受250N+10N的恒定作用力持续5S 通过该发送卡可调试显示屏的色域坐标显 示不同坐标值色温，进行精确颜色管理;可 任意改变 0-255 灰阶不同灰度值的亮度显示 并进行任意调节;色温调整精度在 100K 以 内","无","X6","台",1,4500,4500,"贵州腾宇科技有限公司"]
[3,"接收卡","集成HUB75； 支持常规芯片实现高刷新、高灰度、高亮度； 全新灰度引擎，低灰度表现更佳； 可消除单元板设计引起的某行偏暗、低灰偏红、鬼影等细节问题； 支持14bit精度逐点校正； 支持所有常规芯片、PWM芯片和灯饰芯片； 支持静态屏、1/2~1/32扫之间的任意扫描类型； 支持任意抽点，支持数据偏移，可轻松实现各种异型屏、球形屏、创意显示屏； 单卡支持32组RGB信号输出； 支持超大带载面积,单卡带载128*1024，256*512； 先进设计，优质元器件，全自动高低温老化测试，零故障出厂； 支持DC 3.3V~6V超宽工作电压，有效减弱电压波动带来的影响； 支持电源反接保护电路","集成HUB75； 支持常规芯片实现高刷新、高灰度、高亮度； 全新灰度引擎，低灰度表现更佳； 可消除单元板设计引起的某行偏暗、低灰偏红、鬼影等细节问题； 支持14bit精度逐点校正； 支持所有常规芯片、PWM芯片和灯饰芯片； 支持静态屏、1/2~1/32扫之间的任意扫描类型； 支持任意抽点，支持数据偏移，可轻松实现各种异型屏、球形屏、创意显示屏； 单卡支持32组RGB信号输出； 支持超大带载面积,单卡带载128*1024，256*512； 先进设计，优质元器件，全自动高低温老化测试，零故障出厂； 支持DC 3.3V~6V超宽工作电压，有效减弱电压波动带来的影响； 支持电源反接保护电路","无","I5","张",24,145,3480,"贵州腾宇科技有限公司"]
[4,"控制系统软件","1. 支持多种视频格式、图片、动画、Office文件、文字、时钟、走马灯、天气、计时、温湿度、流媒体、网页、采集卡、摄像头、Rss简讯； 2.丰富的媒体属性：包括透明、背景颜色、背景图片、透明度、音量、显示比例、出入场特效、特效速度、文字颜色、炫彩效果、字体、风格等； 3. 页面支持一个或多个窗口； 4. 支持多个窗口个数不同的页面按次数或播放时长切换播放，且切换过程平滑无黑帧； 5. 可设置不同的日期和时间播放不同的节目页； 6. 可实现多台异地显示屏同步播放； 7. 可通过一台计算机的NovaStudio远程控制和发布播放方案到其它显示屏的","1. 支持多种视频格式、图片、动画、Office文件、文字、时钟、走马灯、天气、计时、温湿度、流媒体、网页、采集卡、摄像头、Rss简讯； 2.丰富的媒体属性：包括透明、背景颜色、背景图片、透明度、音量、显示比例、出入场特效、特效速度、文字颜色、炫彩效果、字体、风格等； 3. 页面支持一个或多个窗口； 4. 支持多个窗口个数不同的页面按次数或播放时长切换播放，且切换过程平滑无黑帧； 5. 可设置不同的日期和时间播放不同的节目页； 6. 可实现多台异地显示屏同步播放； 7. 可通过一台计算机的NovaStudio远程控制和发布播放方案到其它显示屏的","无","播放软件（赠送）","套",1,0,0,"贵州腾宇科技有限公司"]
[5,"挂墙钢结构","钢结构挂墙 ，具体用量以项目现场实际需求为准，现场焊接.颜色及样式可由采购方确认","钢结构挂墙 ，具体用量以项目现场实际需求为准，现场焊接.颜色及样式可由采购方确认","无","定制","㎡",10,600,6000,"贵州腾宇科技有限公司"]
[6,"LED包边","不锈钢包边 客户确定包边颜色","不锈钢包边 客户确定包边颜色","无","不锈钢包边","㎡",10,150,1500,"贵州腾宇科技有限公司"]
["小计"]
["合计",{"$nulls":8},{"$f":"SUM(J4:J45)","v":935060}]

{"sheet":"15、办公终端设备配置","index":14,"n_rows":7,"n_cols":12,"rows_kept":7,"cut":false,"hidden":false,"merged":[[0,0,0,11],[5,0,5,1],[6,0,6,1]]}
["15、办公终端设备配置"]
["序号","设备名称","招标参数","厂家参数","偏离项","型号","单位","数量","单价","总价","品牌","备注"]
[1,"办公终端电脑","1.处理器：≥6核处理器，主频≥3.4GHz，缓存≥12MB 2.主板：B300及以上芯片组 3.内存：8G DDR4 2400MHz 内存，最大支持32G内存容量； 4.硬盘：256G NVME M.2接口固态硬盘 5.显卡：2G GDDR5独立显卡 6.显示器： 21.5寸广视角全高清FHD液晶显示屏(1920x1080)，窄边框设计，具备亮度调节物理按键，带低蓝光护眼功能； 7.接口：≥6个USB 3.2接口、HDMI视频接口 8.电源：功耗≥150W 节能电源 9.安全：USB屏蔽技术，仅识别USB键盘、鼠标，无法识别其他USB读取设备，有效防止数据泄露 10.键鼠：原厂键鼠，支持键盘开机 11.系统：原厂正版win 10操作系统 12.质保：原厂3年免费上门服务 13.机箱：商用一体机，顶置提手，方便移动，侧置物理按钮，方便使用 14.网卡：千兆网卡 15.带网络同传功能 16.可靠性：提供3C、节能认证。",null,null,"联想天逸510Pro","台",400,6599,{"$f":"I3*H3","v":2639600}]
[2,"打印复印扫描一体机","基础信息 产品定位 多功能家用一体机 产品类型 喷墨多功能一体机 涵盖功能 打印/复印/扫描/传真 最大处理幅面 A3 双面功能 自动 网络功能 支持无线/有线网络打印 打印功能 黑白打印速度 35ppm 彩色打印速度 27ppm 其它打印速度 双面打印速度：黑白：12，彩色：11ipm 打印分辨率 1200×4800dpi                                                       复印功能        复印速度 黑白：15ipm，彩色：11ipm 复印分辨率 1200×600dpi N合1复印 将2页或4页内容缩小复印到1页上 缩放范围 25-400%（最小调整量为1%） 复印其它性能 支持海报复印，支持水印复印，支持自动歪斜调整 扫描功能 扫描控制器 标准配置 扫描速度 18ipm 光学分辨率 1200×2400dpi（平板扫描器） 600×600dpi（自动进稿器） 最大分辨率 19200×19200dpi 灰度等级 256级 扫描其它性能 扫描到：图像，文件，电子邮件附件，OCR，USB，网络，FTP，电子邮件服务器 传真功能 传真控制器 标准配置 传真类型 黑白 调制解调器速度 33.6kbps PC-FAX PC-FAX发送和接收双向 传真内存 最多180页 介质规格 介质类型 普通纸，喷墨专用纸，相片纸，再生纸 介质尺寸 A4，LTR，EXE，B5，A3，LGR，LGL，Folio，B4，B6，A5，A6，相片纸，索引卡片，信封 供纸盒容量 250页 输出容量 100页 自动供纸器 50页以上自动进稿器：支持，达到50页 其它参数 显示屏 2.7英寸彩色液晶触摸屏 内存 128MB 系统平台 Windows：7 SP1/8/8.1/10 Server 2008/2008 R2/2012/2012 R2/2016；Macintosh：macOS v10.11.6/10.12.x/10.13.x 接口类型 USB2.0，有线网络，无线网络，Wi-Fi Direct，USB（闪存盘） 打印引擎：微压电喷墨",null,null,"佳能TS9580","台",6,2780,{"$f":"H4*I4","v":16680}]
[3,"A4激光打印复印扫描机","功能 打印；复印；扫描 打印机类型 黑白打印机 接口 高速USB 2.0端口；内置Wifi 802.11b/g/n 电源 电源类型：内置电源；电源要求：220V-240V额定值，+/-10%(最小198V，最大264V)；50-60Hz额定值，+/-3Hz(最小47 Hz，最大63 Hz)； 噪音水平 声能排放(打印)：6.5B(A)；声能排放(就绪)：2.6B(A)；旁观者位置声压排放(打印)：51dB(A)；旁观者位置声压排放(就绪)：26dB(A) 内存 标配：64MB；最大：64MB 耗电量 功耗：325瓦(打印)，3.2瓦(就绪)， 0.6瓦(睡眠)，0.1瓦(手动关机)；典型用电量：ES：0.721千瓦时/周",null,null,"佳能MF232W","台",15,1350,{"$f":"H5*I5","v":20250}]
["小计",{"$nulls":8},{"$f":"SUM(J3:J5)","v":2676530}]
["合计"]

{"sheet":"16、300 人会议室（扩音系统）","index":15,"n_rows":18,"n_cols":22,"rows_kept":18,"cut":false,"hidden":false,"merged":[[0,0,0,11],[2,0,2,11]]}
["16、300 人会议室（扩音系统）"]
["序号","设备名称","招标参数","厂家参数","偏离项","型号","单位","数量","单价","总价","品牌","备注",null,"厂家参数","偏离项","型号","单位","数量","单价","总价","品牌","备注"]
["300 人会议室（扩音系统）"]
[1,"主扩声音箱","1、配置 80°×60°宽指向性号角, 2、箱体采用多层复合夹板,水性环保喷涂制作，\n3、高质量单元配置，高密度板构造，\n4、多种吊挂点，操作简易快捷，\n5、用于语言会议系统、全频扩声，多功能厅、高级酒店会所等\n扩声场所。\n6、小体积大声压大动态、语言清晰，可以满足不同的扩声场所。\n7、中低音喇叭 : 1×15\" (190 磁Φ75mm) \n8、高音喇叭 : 1×1.73\" (Φ44mm) \n9、频响 (±3dB) : 48Hz-18kHz \n10、额定/峰值功率：500W /1000W\n11、阻抗：8 欧\n12、灵敏度 : 100dB \n13、最大声压 SPL: 132dB \n14、产品尺寸约（W*D*H）:440W×480D×730H",null,null,null,"只",2,{"$nulls":5},"1.频率范围(-10 dB)1:45 Hz - 20 KHz\n2.频率响应(±3 dB)1:75 Hz - 20 KHz\n3.灵敏度(1w @ 1m)1:99 dB\n4.额定阻抗:8 ohms\n5.最大声压级输出:127 dB(峰值:133 dB)\n6.额定输入功率2:(连续/音乐信号/峰值)400 W/800 W/1600 W\n7.覆盖角:70° x 100°(H x V)\n8.外型尺寸(H x W x D):680 mm x 410 mm x 440 mm\n9.净重:23KG",null,"PS-15",2,"只",2220,{"$f":"S4*Q4","v":4440},"TF-AUDIO(天峰)"]
[2,"主扩声音箱功放","1、输出功率（单声道测试）（EIA 1KHz,1%THD) 8Ω 800W 4Ω 1200W\n2、Class AB/H 阻尼系数（8Ω，100Hz) ≥400\n3、频率响应 20Hz-20KHz(±0.5dB,1Vrms 输入信号，1%输出功率） \n4、输入阻抗 20KΩ（平衡输入，立体声模式）/100KΩ（平衡输入，并联模式） \n5、输入灵敏度 44dB 0.56V 41dB 0.8V 38dB 1.13V 35dB 1.59V 32dB 2.25V 29dB 3.17V 26dB 4.47V\n6、信噪比（A 计权） ≥100dB \n7、总谐波失真（THD+N） ≤0.06%(8Ω，1KHz,1%输出功率) \n8、互调失真（IMD） ≤0.05%(8Ω，1%输出功率) \n9、转换速率（8Ω，10KHz) ≥20V/μs \n10、通道隔离 ≥80dB \n11、输入共模抑制比（CMR） ≥70dB(20Hz-1KHz) \n12、保护系统 开机交流软启动：抑制启动电流，不影响其它设备工作，保护内部线路免受冲击； 开机延时接载：保护扬声器免受冲击，无声开机； 直流输出断载保护：中点漂移和有直流输出时，防止扬声器受冲击而损坏； 输出限流软保护：当负载阻抗过低和输入信号过激时，对功放和扬声器保护； 削波压缩保护：当输入信号过大功放削峰时，保护系统自动检测并压缩信号，保护扬声器； 负载短路保护：当输出短路时，自动切断输出，保护功放；当短路解除后自动恢复工作； 过热保护：当功放温度过高时，自动切断负载；温度降低后功放自动恢复工作； 关机保护：关机时先切断负载，实现无声关机，保护扬声器避免受冲击； \n13、输入/输出接口 输入接口：信号输入接口×2 个通道（三针 XLR，平衡式，每个通道有两个并联输入接口，一公一母）； \n14、输出接口：扬声器输出接口×2 个通道（SPEAKON）； \n15、控制方式 电平控制：旋钮式电平控制器×2 个（前面板）； \n16、电源：前面板开关，ON 为开机状态； \n17 、整机增益可根据输入信号选择：26dB/29dB/32dB/35dB/38dB/41dB/44dB(只限部分机型）； \n18、工作模式调节：立体声模式/并联模式（只限部分机型）； \n19、指示灯 电源指示灯（ON）：蓝色，指示功放处于开机状态； 并联指示灯（B/P）：黄色，指示功放当前输入信号的模式； 信号指示灯（SIGNAL）： 绿色，指示当前信号正常； 压限指示（LIMIT）： 黄色，指示当前输入功放的信号已经过大； 保护指示（PROTECT）： 红色，指示功放处于保护状态； \n20、电源电压和频率 ～220V（±10%），50Hz",null,null,null,"台",1,{"$nulls":5},"主输入电压AC/220V;\n阻尼系数在8Ω负载\n输出功率800W*2通道\n阻尼系数在4Ω负载\n输出功率1100W*2通道\n输入阻抗20KΩ;\n阻尼系数≈223\n频响20HZ-20KHZ，30KHZ±3dB\n总谐波失真<0.05%;\n信噪比>98dB;\n输入共模抑制比在1KHz ＞80dB \n通道分离度(串音)在1KHz ＞80dB \n保护功能：过流、短路、过温保护等等\n面板工艺：铝材金属拉丝工艺\n产品尺寸(宽×深×高) 485X490X100mm\n运输尺寸(宽×深×高)575X555X175mm",null,"S-1400e",1,"台",2609,{"$f":"S5*Q5","v":2609},"TF-AUDIO(天峰)"]
[3,"辅助扩声音箱","1、配置 120°×60°宽指向性号角, 2、箱体采用多层复合夹板,水性环保喷涂制作，\n3、高质量单元配置，高密度板构造，\n4、多种吊挂点，操作简易快捷，\n5、用于语言会议系统、全频扩声，多功能厅、高级酒店会所等扩声场所。\n6、小体积大声压大动态、语言清晰，可以满足不同的扩声场所，\n7、中低音喇叭 : 1×10\" (190 磁Φ75mm) \n8、高音喇叭 : 1×1.34\" (Φ44mm) \n9、频响 (±3dB) : 75Hz-18kHz \n10、额定/峰值功率：300W /600W\n11、阻抗：8 欧\n12、灵敏度 : 97dB \n13、最大声压 SPL: 122dB \n14、产品尺寸约（W*D*H）:300W×340D×530H",null,null,null,"只",6,{"$nulls":5},"1.系统类型：10英寸，2分频，低频反射式\n2.频率范围(-10 dB)1：50 Hz - 20 KHz\n3.频率响应(±3 dB)1：85 Hz - 20 KH\n4.灵敏度(1w/1m)1：95 dB\n5.额定阻抗：8 Ohms\n6.最大声压级输出：122 dB(峰值:128 dB)\n7.额定输入功率2：250 W/600 W/1200 W (连续/音乐信号/峰值)\n8.覆盖角：70°x 100°(H x V)               \n9.尺寸(高×宽×深)：475 mm x 240mm x 250mm\n10.体重：10KG",null,"PS-10",6,"只",1176,7056,"TF-AUDIO(天峰)"]
[4,"辅助扩声音箱功放","1、输出功率（单声道测试）（EIA 1KHz,1%THD) 8Ω 650W 4Ω 950W\n2、Class AB/H 阻尼系数（8Ω，100Hz) ≥400\n3、频率响应 20Hz-20KHz(±0.5dB,1Vrms 输入信号，1%输出功率） \n4、输入阻抗 20KΩ（平衡输入，立体声模式）/100KΩ（平衡输入，并联模式） \n5、输入灵敏度 44dB 0.56V 41dB 0.8V 38dB 1.13V 35dB 1.59V 32dB 2.25V 29dB 3.17V 26dB 4.47V\n6、信噪比（A 计权） ≥100dB\n7、总谐波失真（THD+N） ≤0.06%(8Ω，1KHz,1%输出功率) \n8、互调失真（IMD） ≤0.05%(8Ω，1%输出功率) \n9、转换速率（8Ω，10KHz) ≥20V/μs \n10、通道隔离 ≥80dB \n11、输入共模抑制比（CMR） ≥70dB(20Hz-1KHz) \n12、保护系统 开机交流软启动：抑制启动电流，不影响其它设备工作，保护内部线路免受冲击； 开机延时接载：保护扬声器免受冲击，无声开机； 直流输出断载保护：中点漂移和有直流输出时，防止扬声器受冲击而损坏； 输出限流软保护：当负载阻抗过低和输入信号过激时，对功放和扬声器保护； \n削波压缩保护：当输入信号过大功放削峰时，保护系统自动检测并压缩信号，保护扬声器； 负载短路保护：当输出短路时，自动切断输出，保护功放；当短路解除后自动恢复工作； 过热保护：当功放温度过高时，自动切断负载；温度降低后功放自动恢复工作； 关机保护：关机时先切断负载，实现无声关机，保护扬声器避免受冲击； \n13、输入/输出接口 输入接口：信号输入接口×2 个通道（三针 XLR，平衡式，每个通道有两个并联输入接口，一公一母）； \n14、输出接口：扬声器输出接口×2 个通道（SPEAKON）； \n15、控制方式 电平控制：旋钮式电平控制器×2 个（前面板）； \n16、电源：前面板开关，ON 为开机状态； \n17 、整机增益可根据输入信号选择：26dB/29dB/32dB/35dB/38dB/41dB/44dB(只限部分机型）； \n18、工作模式调节：立体声模式/并联模式（只限部分机型）； \n19、指示灯 电源指示灯（ON）：蓝色，指示功放处于开机状态； 并联指示灯（B/P）：黄色，指示功放当前输入信号的模式； 信号指示灯（SIGNAL）： 绿色，指示当前信号正常； 压限指示（LIMIT）： 黄色，指示当前输入功放的信号已经过大； 保护指示（PROTECT）： 红色，指示功放处于保护状态； \n20、电源电压和频率 ～220V（±10%），50Hz",null,null,null,"台",3,{"$nulls":5},"1.阻尼系数在8Ω负载,输出功率500W*2通道,阻尼系数在4Ω负载,输出功率700W*2通道\n2.输入阻抗20KΩ;\n3.阻尼系数≈223\n4.频响20HZ-20KHZ，30KHZ±3dB\n5.总谐波失真<0.05%;\n6.信噪比>98dB;\n7.输入共模抑制比在1KHz ＞80dB \n8.通道分离度(串音)在1KHz ＞80dB \n9.保护功能：过流、短路、过温保护等等\n10.面板工艺：铝材金属拉丝工艺\n产品尺寸(宽×深×高) 485X490X100mm\n运输尺寸(宽×深×高)575X555X175mm",null,"S-1000e",3,"台",1500,4500,"TF-AUDIO(天峰)"]
[5,"音箱处理器","特点：\n1. 4 输入/8 输出数字信号处理器。\n2. 面板调试快捷旋钮；\n3. 配置网络级联接口，可级联多台；\n4. 可通过面板按键任意切换输入输出及静音；\n5. 配置 RS-232 接口，可连接中控；\n6. 兼容 Windows 系统调试 ；\n7. 每一路输出都带有 31 段图示均衡器；\n8. 设置密码一键锁定功能；\n9. 输入通道具备输入增益，8 频段参量均衡器\n10. 输出通道具备输出增益及选择，8 频段参量均衡器\n11. 编程，保存，读取，复制功能；\n12. DSP 多功能处理，24 组场景保存；\n参数：\n13. 频响：20Hz-20kHz,+/-0.5dB\n14. 总谐波失真：<0.01% at 0dBu 1kHz\n15. 讯噪比：>110dBu\n16. 最大输入电平：+20dBu\n17. 最大输出电平（辅助）：+20dBu\n18. 串音：﹣87dBu\n19. 噪声门：\n20. 范围：-84dBu——0dBu\n21. 抑制时间：0.5ms——200ms\n22. 释放时间：5ms——2s\n23. 压缩限幅器：\n24. 范围：-30dBu——﹢20dBu\n25. 抑制时间：10ms——150ms\n26. 释放时间：10ms——1s\n27. 比例：1：1——24：1\n28. 增益：0dBu——﹢24dBu\n29. 均衡器：\n30. 低音：21Hz——19.2KHz +/- 24dB\n31. 中低音：21Hz——19.2KHz +/- 24dB\n32. 中高音：21Hz——19.2KHz +/- 24dB\n33. 高音：21Hz——19.2KHz +/- 24dB\n34. 数字音频：\n35. ADC 动态范围：114dB\n36. DAC 动态范围：114dB\n37. 处理器：32bit，sigma-delta 转换器\n38. 48KHz 的采样率\n39. 输入:8 通道模拟\n40. 1MΩ/立体声,500kΩ/单声道\n41. 输出:8 通道模拟\n42. 阻抗：<500Ω\n43. 电源:AC220-240V,50/60Hz\n44. 实物尺寸约(深×宽×高):350×480×40mm",null,null,null,"台",1,{"$nulls":5}," *1机架空间\n *4输入-8输出\n *直观的用户界面，出众的音质\n *具有分频、均衡、延时和限幅功能\n *输入可分配到任意输出\n *通过前面板或PC设计控制\n *USB与RS-232界面\n *可第三方控制\n *XLR音频信号连接器，平衡式输入和输出\n *通过参量均衡和压缩限幅控制反馈\n *具有Linkwitz-Riley,Bessel和Butterworth滤波器\n *滤波器斜率分别为12，18，24和48Db/倍频程\n *参数式均衡器：1/64th至4倍频程范围\n *682毫秒输入和输出延时\n *每个辅出都有限幅器，独立的辅入，输出表头\n *4级保护\n频率响应：20Hz-20kHz,±0.25dB\n失真：＜0.01%，在1kHz，+20dBu\n动态范围：>110dB(20Hz-20kHz)未加权\n输出噪声：＜-90dBu未加权\n电源工作电压：80-240VAC，60/50Hz,30W(最大功率)\n环境温度：40-120 deg.F(4-49deg.C)\n尺寸：（长*高*宽）482.6*44.4*216MM\n重量：5.9kg",null,"DSP0404",1,"台",3285,3285,"TF-AUDIO(天峰)"]
[6,"移频反馈抑制器","1.96KHz 采样频率，32-bit DSP 处理器，24-bit A/D 及 D/A 转换；\n2.独立 24 个滤波器每通道，自动抑制啸叫点。 \n3.数字信号输入输出通道提供 coaxial，AES 及光纤接口\n4.每通道 24 个 led 灯可显示啸叫点数量\n5.可切换工作模式为直通或反馈抑制\n6.可一键清除找到的啸叫点\n7.单机可存储 30 组用户程序\n8.采用 LCD 显示屏显示功能设定 144*32，提供 6 段 led 显示输出电平\n9.每通道提供压缩、限幅、噪声门、功能设置",null,null,null,"台",1,{"$nulls":5},"1.96KHz 采样频率，32-bit DSP 处理器，24-bit A/D 及 D/A转换；  独立 24 个滤波器每通道，自动抑制啸叫点。    数字信号输入输出通道提供 coaxial，AES 及光纤接口  每通道 24 个 led 灯可显示啸叫点数量  可切换工作模式为直通或反馈抑制  可一键清除找到的啸叫点  单机可存储 30 组用户程序 采用 LCD 显示屏显示功能设定 144*32，提供 6 段 led 显示输出电平  每通道提供压缩、限幅、噪声门、功能设置 ",null,"AFS226",1,"台",1296,1296,"TF-AUDIO(天峰)"]
[7,"调音台","1、低噪音通道\n2、4 编组通道哑音功能 \n3、4 辅助并可灵活推子前后选择 \n4、24Bit DSP 效果器 \n5、2 路立体声返回 \n6、DJ 灯 7、48V 幻像电源",null,null,null,"台",1,{"$nulls":5},"  8路MIC单声通道+ 4路立体声输入\n  带4编组输出+4组AUX母线辅助输出（包括EFF),\n 1组立体声返回（可分配主输出或编组输出）\n 一组监听耳机输出\n 来自立体声的LPF低通滤波器输出（60-150HZ可调），\n 内置24种DSP数字效果器,，\n 内置USB播放器，MP3播放，USB直插录音\n 内置蓝牙5.0接收播放\n USB音频声卡（连接电脑)将电脑播放的声音传输到调音台；\n 内置48V幻象电源供电；每个通道带独立开关\n 主输出9段立体声图示均衡器\n USB可与一路立体声切换，USB可独立调节\n 单声通道100HZ低频衰减开关（高通滤波器）;\n XLR输入晶体管双差分话放\n 每通道3段参量均衡，80Hz.\n 单声通道带（350Hz-3.5K中音扫频）.12KHz\n 每输入通道MUTE静音开关，PFL耳机开关，平滑100MM行程推子器\n 12段精准三色LED电平灯显示信号状态;\n 12V (LAMP) DJ灯卡侬接口\n 适用全球供电电压,功率30瓦；使用灵活。\n 产品尺寸：400 x 500 x190MM     净重：7.1KG\n 包装尺寸（内箱）：570x475x258MM        毛重：10KG\n     外箱尺寸：585x565x278MM",null,"ME-1200",1,"台",2062,2062,"TF-AUDIO(天峰)"]
[8,"无线话筒","接收机技术参数\n1.工作频率：500-980MHz\n2.红外对频，频率同频技术\n3.显示屏显示发射器电池电量\n4.S/N 信噪比：>105dB\n5.T.H.D 失真:<0.5%\n6.频率响应:40Hz-18KHz\n7.杂讯锁定静噪控制+音频导航锁定静噪\n8.真分集远距离线路设计,空阔地方使用距离可达 300 米\n发射器技术参数\n1.频道:200 频道\n2.频带宽度:50MHz\n3.频道间隔:250KHz\n4.频率稳定度:±0.005%\n5.使用电池:2 节 AA 电池/5 号电池\n6.发射功率：\n7.出厂设置为低功率 150-200 米,\n8.可手动设置高功率可达 300 米",null,null,null,"套",2,{"$nulls":5},"接收机技术参数 1.工作频率：500-980MHz 红外对频，频率同频技术 显示屏显示发射器电池电量 S/N 信噪比：>105dB 5.T.H.D 失真:<0.5% 频率响应:40Hz-18KHz 杂讯锁定静噪控制+音频导航锁定静噪 真分集远距离线路设计,空阔地方使用距离可达 300 米发射器技术参数 1.频道:200 频道 频带宽度:50MHz 频道间隔:250KHz 4.频率稳定度:±0.005% 使用电池:2 节 AA 电池/5 号电池 发射功率： 出厂设置为低功率 150-200 米, 可手动设置高功率可达 300 米 ",null,"VR-3D",2,"套",1620,3240,"TF-AUDIO(天峰)"]
[9,"8 路智能电源控制器(带滤波)","1.顺序开启逆序关闭\n2.PASS 键可全通道同时打开\n3.COM/WIFI/WAN 以太网口接入中控控制（指令控制）或自带软件控制\n4.时间间隔可调\n5.自由通道关闭\n6.级联叠机 ID:0-255 \n7.中控外控\n8.精准电压显示\n9.过流保护\n10.面板通道独立关闭 \n11：APP 手机软件控制\n12：带滤波",null,null,null,"台",2,{"$nulls":5},"用于公共演播，小型酒吧，小型户外演出，学校演讲室，多媒体会议厅，多功能厅，培训中心，高级别墅，酒店，家居等等\n 1 面板颜色：铁墨绿与黑色面板\n 2 电力输入条件(单相3线)：AC90-260V 50-60HZ两相（三线：零，火，地）\n 3 通道数量：8路万用插座继电器受控与2路万用插座直接输出\n 4 继电器受控输出最大承受单路功率/总功率(无功功率）：1500W/6000W最大承受无功功率\n 5 输出电源插座规格：阻燃ABS材料，最大可承受13A电流磷铜材质，标准万用插座\n 6 功能特点：1.顺序开启逆序关闭 2.PASS键可全通道同时打开 3.精准电压显示\n 7 每路开关间隔时间/定时时间：1秒\n 8 输出继电器触点电流：30A 277VAC\n 9 电路板规格：双面纤维板，主电源走线二次加厚加粗处理\n10 供电规格：内置开关电源，适用全球电压AC90-260V 50-60HZ\n11 主电缆线规格：3*4平方电缆线，总长度为1.2米（无配电源输入插头）\n12 开启类型：方船型开关\n13 功能显示电压显示表类型：红色数码管显示电压表\n14 叠机级联功能：有（可选配）\n15 电源净化功能（EMI专业电网滤波器）：无（可选配单独或每路带滤波器）\n16 机身尺寸：长480MM * 宽185MM * 高48MM（非标准1U）\n17 单机包装尺寸：长510MM * 宽260MM * 高10MM(美牛硬纸盒）\n18 数量总重量与外包装尺寸：1件5台装共19KG，外包装尺寸：长530MM * 宽280MM * 高550MM\n19 总重量（含包装）：3.8KG",null,"SC8008",2,"台",771,1542,"TF-AUDIO(天峰)"]
[10,"数字会议主机","1.数字会议主机最多可连接 128 台会议单元，通过会议扩展主机，一套会议系统最多可接入 4096 台会议单元。\n2.前面板配置有 5 寸触摸液晶显示屏，具有显示万年历、时钟功能，内置功能菜单，可进行会议管理功能。\n3.支持 FIFO、NORMAL、FREE、APPLY、LIMIT 五种发言模式，发言人数限制 1/2/4/6 可调，主席单元不受限制。\n4.采用数字均衡音频处理模块，支持低音、高音、总音量五段增益调节。\n5.1 路 USB 会议录音接口，具有开启录音和停止录音按键，可直插 U 盘开启录音自动生成 MP3 格式文件并保存，最大支持 32G的 U 盘。\n6.2 路 8 芯航空插头会议单元接口，2 路 RJ45 会议单元接口，支持会议单元“手拉手”、“环形手拉手”、“T 型”三种连接方式。\n7.1 路 8 芯航空插头翻译单元接口，最大支持连接 36 台翻译单元。\n8.1 路 8 芯航空插头扩展主机接口，最大支持连接 32 台扩展主机。\n9.1 组 RCA 外部音频输入接口，支持外部消防报警音频及背景音乐输入。\n10.1 组 RCA 音频输出接口，支持会议音频与外部音频混合输出；1 路 XLR 纯会议音频输出接口。\n11.12 路 RCA 译员音频输出接口，支持“11+1”种语言同声传译功能。\n12.1 路 PC 独立控制接口，支持 PC 端控制会议模式、发言人数限制、增益调节、签到、表决及数据管理功能。\n13.1 路 RS-232 协议控制接口，支持中控主机控制发言模式、发言人数限制等功能。\n14.1 路 RS-485 协议控制接口，内置独立摄像跟踪功能，支持PELCO-D、VISCA、SAMSUNG 等协议，最大支持 16 台高清云球摄像机进行预置位跟踪。\n15.可设置会议单元独立 ID-II 码，同时支持搭配中控系统实现自动摄像跟踪功能。\n16.支持选配“4 进 1+1 出”视频自动切换卡，支持 4 路SDI/HD-SDI/3G-SDI 信号输入，1 路 HD-SDI 和 1 路 HDMI 同时输出，最大支持分辨率：1920x1080P@60Hz。\n17.支持选配具有 PELCO-D 协议的摄像机控制键盘，实现临时摄像跟踪位置调整。\n18.可配置视频会议、电话会议的音频输入与输出，与远程会议系统对接。\n19.会议主机支持双机热备份功能。\n20.工作电压：AC100-240V。\n21.2U 机箱设计，可安装在 19 寸标准机柜中。",null,null,"HCS-4100MC/52","台",1,7685,{"$f":"I13*H13","v":7685},"TAIDEN",null,null,"*国际标准2U面板尺寸，可安装于19英寸标准机柜,弧形立体加工与有机玻璃搭配设计；\n*具有断电自动记忆功能，通电后不需再次设置即可使用,并可还原出厂设置；\n*具备声控启动话筒功能及门限级别可调节；\n*可与中控控制主机实现，中控控制话筒开与关、切换会议模式语音转文字记录等，工业RS232接口；\n*采用高清彩色3.5英寸显示屏，具备中、英文菜单语言显示选择；\n*内置高、中、低音均衡调节，话筒总音量控制，可统一关闭话筒内置喇叭声音；\n*所有话筒具备实时显示使用状态，指示灯亮起情况下，话筒即可打开或者申请发言；\n*具备多路话筒连接口可备份环形连接，四路8芯专用会议单元连接端口，四路RJ45网线连接口，最多可连接60支会议系统单元，可连接扩展主机、电源中继器，可同时使用250支会议系统单元；\n*面板采用坚固耐用的铝合金，CNC数字化精准加工，表面硬质阳极氧化工艺，更坚硬耐磨、耐腐蚀；\n*内置MP3录音最大可支持32G USB存储，约连续14天录音时长的高音质录音，具备多路音频输出，可同时连接红外翻译系统、电话耦合器、本地扩声系统、外部录音设备、远程多媒体终端；\n*可设置与会者限时发言时间15秒～60分钟, 量化会议进程, 提高会议效率；\n*会议主机最多可接入4个高清摄像头，内置4进1出HDMI高清无缝切换矩阵，单画面不黑屏切换，四画面同屏显示，最高支持1080P60Hz分辨率，具备多组RS-485摄像头控制接口，通讯距离最远可达1公里；\n*内置多种控制摄像头协议，PELCO-D,PELCO-P, VISCA，无需电脑就可直接在主机面板完成设置预置点；\n*智能会议发言模式,适应不同类型会议需求：\n1: 智能限制:（i-LIMIT）允许同时打开的单元数量可设置为1～6个，达到限制数量后，允许一人申请等待倒计时30秒，当有打开话筒关闭，申请中话筒自动进入。\n2: 先进先出：（FIFO）发言单元数量1～6个，达到设置发言人数后，后来打开话筒覆盖最早打开的话筒；\n3: 智能申请：（i-APPLY）当申请人按下话筒发言按键时，申请发言30秒倒计时，同时话筒咪杆灯和话筒指示灯闪烁,由主席短按优先键是否给予批准申话筒打开，短按一次批准一人，打开顺序由申请先后决定，达到发言人数后，允许1话筒进入申请状态，最后开启话筒自动覆盖最早打开单元(此模式下主席话筒无临时静音代表插话功能)\n4: 开放模式：（FREE）同时打开的单元数量不受限制（请不要长时间同时打开数量大于20个单元）\n5. 限时发言：（SPEECH TIME）可设置与会者发言时间限时为15秒～60分钟，时间达到自动关闭话筒\n6: 主席专用：（C-ONLY） 只允许主席话筒打开发言，所有代表单元都不能打开\n  7: 声控启动: 以声音控制开启单元,可由主机调节声控门限.\n  8: 自动测试: 设置需测试单元数量, 确认测试后按顺序每个话筒指示及咪杆指示灯闪烁2秒, 完成测试自动复位原状态\n\n\n",null,"T-600M",1,"台",3360,3360,"TF-AUDIO(天峰)"]
[11,"桌面式主席发言单元","1.支持桌面式安装，采用专用 8 芯高密航空接头，单元自带 2 米 8 芯连接线，支持“手拉手”及“T 型”连接模式。\n2.主席单元具备会议控制功能，可批准代表单元的发言申请，可强行关闭正在发言的代表单元。\n3.电容式心型指向性拾音器，带双色指示灯，有效拾音距离≥30cm。\n4.具有 3.5mm 立体声耳机插口，支持音量大小调节。\n5.支持按键签到功能。\n6.支持自动摄像跟踪功能。\n7.采用数字音频流处理技术，内置全频压限电路，音质清晰浑厚。\n8. 咪杆长度： 420mm ，支持选配185mm/215mm/315mm/480mm/650mm 等规格。\n9.工作电压：DC24V，由会议主机直接供电。",null,null,"HCS-4338NC_D/50","支",1,2696,{"$f":"I14*H14","v":2696},"TAIDEN",null,null,"*选配鹅颈长杆话筒带红色发言指示光环\n*话筒表面为高强度阳极氧化铝合金面板喷砂工艺，美观、大方、耐用。\n*话筒单元使用2.4寸彩色显示屏，可实时显示当前会议模式、话筒ID号、话筒发言状态、发言计时、发言倒计时,方便与会者掌握时间,提高会议效率。\n*话筒单元使用感应式触摸式开关，无机械声、无惧灰尘，开关具备蓝色待机灯，当指示灯亮起情况下，话筒即可打开，熄灭则话筒是处于不能打开；\n*专业会议高保真、单一高指向性电容咪芯，发言距离可达到10-40cm时声音清晰,配备高速反馈抑制器可进一步增加拾音距离到50CM-80CM；\n*话筒支持第三方中控实现视频跟踪、打开关闭，中控与会议系统主机使用工业RS232通讯协议代码；\n*话筒单元供电统一由系统主机提供DC24V安全的低压供电，话筒支持热插拔,单元之间可接入小型扩展电源，达到单线长距离分段式供电；\n*话筒单元具备3.5MM监听耳机插孔，可随时调节音量大小，可连接录音设备或监听耳机；\n*话筒自带RJ45母座和8P母座，单元之间可选择RJ45网线和三通连接或8芯T型专会议线；\n*主席单元不受会议模式限制，并可置于任意位置，具全权控制会议秩序的优键功能，可关闭所有打开的代表单元，按住优先键可临时静音代表进行插话发言功能，松手恢复代表原状态（申请模式下无临时插话功能，申请模式下优先键可短按批准申请发言代表打开，长按优先键可以切断发言中代表单元和申请中单元）\n",null,"T-600C",1,"台",900,900,"TF-AUDIO(天峰)"]
[12,"桌面式代表发言单元","1.支持桌面式安装，采用专用 8 芯高密航空接头，单元自带 2 米 8 芯连接线，支持“手拉手”及“T 型”连接模式。\n2.电容式心型指向性拾音器，带双色指示灯，有效拾音距离≥30cm。\n3.具有 3.5mm 立体声耳机插口，支持音量大小调节。\n4.支持按键签到功能。\n5.支持自动摄像跟踪功能。\n6.采用数字音频流处理技术，内置全频压限电路，音质清晰浑厚。\n7. 咪杆长度： 420mm ，支持选配185mm/215mm/315mm/480mm/650mm 等规格。\n8.工作电压：DC24V，由会议主机直接供电。",null,null,"HCS-4338ND_D/50","支",8,2532,{"$f":"I15*H15","v":20256},"TAIDEN",null,null,"*选配鹅颈长杆话筒带红色发言指示光环\n*话筒表面为高强度阳极氧化铝合金面板喷砂工艺，美观、大方、耐用。\n*话筒单元使用2.4寸彩色显示屏，可实时显示当前会议模式、话筒ID号、话筒发言状态、发言计时、发言倒计时,方便与会者掌握时间,提高会议效率。\n*话筒单元使用感应式触摸式开关，无机械声、无惧灰尘，开关具备蓝色待机灯，当指示灯亮起情况下，话筒即可打开，熄灭则话筒是处于不能打开；\n*专业会议高保真、单一高指向性电容咪芯，发言距离可达到10-40cm时声音清晰,配备高速反馈抑制器可进一步增加拾音距离到50CM-80CM；\n*话筒支持第三方中控实现视频跟踪、打开关闭，中控与会议系统主机使用工业RS232通讯协议代码；\n*话筒单元供电统一由系统主机提供DC24V安全的低压供电，话筒支持热插拔,单元之间可接入小型扩展电源，达到单线长距离分段式供电；\n*话筒单元具备3.5MM监听耳机插孔，可随时调节音量大小，可连接录音设备或监听耳机；\n*话筒自带RJ45母座和8P母座，单元之间可选择RJ45网线和三通连接或8芯T型专会议线；\n*主席单元不受会议模式限制，并可置于任意位置，具全权控制会议秩序的优键功能，可关闭所有打开的代表单元，按住优先键可临时静音代表进行插话发言功能，松手恢复代表原状态（申请模式下无临时插话功能，申请模式下优先键可短按批准申请发言代表打开，长按优先键可以切断发言中代表单元和申请中单元）\n",null,"T-600D",8,"台",900,7200,"TF-AUDIO(天峰)"]
[13,"高清会议录播主机","1、纯嵌入一体式内置存储架构，确保系统稳定可靠，集视音频编码、录制、存储、导播、直播、点播、切换、管理等功能于一台主机内，不需配合编码盒使用,非服务器或 PC 架构。\n2、视频输入接口不少于 4 个 HDMI,1 个 VGA； \n3、支持对 5 路 1080P/25/30/50/60 高清视频输入信号进行无缝切换、叠加、拼接等处理功能；其中包括 4 路高清 1080 视频和1 路计算机信号；\n4、至少支持 2 个 HDMI 电影画面输出接口，其中一个可以直接将导播画输出到投影、大屏显示器、非编等设备中，无延迟、非网络接口；最佳分辨率为 1920*1080@60HZ；另一个为用于显示导播本地操作界面；\n5、至少支持 1 个 HDMI 计算机画面环出接口，即使录播设备未开机情况下，还能将从 HDMI 和 VGA 输入的计算机信号进行环路输出。\n6、1000Base-T 千兆网络接口不少于 1 个,且支持网络管理功能，在关机状态（主处理器彻底断电）的情况下,可配合教学视频资源应用服务平台在资源服务器空闲时自动远程唤醒主机以实现FTP 自动上传所录制的视频资源文件等功能；\n7、机箱前面板上具有 3.2 寸液晶屏，可显示录播状态及相关参数,并可通过面板按键快速设置 IP、录播参数；开启/结束录制等。\n8、音频编码采用 AAC 高清编码方式，音频输入接口支持不少于1 组 3.5mm 音频接口，音频输出接口支持不少于 2 个 3.5mm 接口；其中一组可用于现场监听；\n9、主机自带音频处理模块，提供 2 路 48V 幻象 MIC 输入，提供1 路 12V 单端 MIC 输入接口，支持自动降噪处理；\n10、提供不少于 4 个 USB 接口,其中两个为 USB3.0；支持不少于 4 路 RS-232 控制接口，其中两路可以用于控制云台摄像机，另外两路可用于外接控制面板、外置跟踪设备等；\n11、支持接入 ONVIF、RTSP 网络视频流，支持自动搜寻网络中存在的 ONVIF 设备并显示供用户认证添加。\n12、标准流媒体文件格式，视频 MP4，音频 AAC，符合国家精品课程标准；编码码流：48Kbps～10Mbps 可调；\n13、主机内置至少 2TB 硬盘空间；\n14、主机内置图像识别跟踪模块，可以自动识别目标位置、动态控制摄像机跟踪拍摄，实现教师学生跟踪定位；(TO 支持，N0 不支持)\n15、设备高度 1U 标准机架式；\n16、可支持升级远程音视频交互功能，支持 1 拖 180 方远程交互互动课堂；\n17、设备需通过国家 CCC 认证",null,null,null,"台",1,{"$nulls":11},{"$f":"SUM(T4:T15)","v":41490}]
[14,"视频会议摄像机","1、最高支持 HD 1080P 50/60，并向下兼容所有格式\n2、240 倍放大（20 倍光学变焦，12 倍数码变焦）\n3、1/2.8” ExmorCMOS，327 万像素\n4、HD-SDI 数字非编码、YPbPr 高清分量、DVI 数字高清接口，IP 网络接口等输出接口可选\n5、内置多语言 OSD 菜单，方便用户使用\n6、机身自带 OLED 显示屏和机身独创触摸按键，能通过机身面板上的触摸按键\n7、调节摄像机参数信息，与传统拨码方式相比操作更加直观明了，简易维护\n8、支持 RS232 接口远程升级维护功能，可通过升级包远程对摄像机固件升级\n9、行业领先的超静音云台转动技术，使摄像机转动无任何声音，让用户在使用中完全不被打扰\n10、内置 RJ45 网口，支持 10M/100M 网络数据，支持 3.5 音频输入输出(可选)\n11、高端合金底部结构，降低摄像机温度，使图像效果更稳定\n12、在 1080P/60 的情况下，支持高、标清信号同时输出\n13、350 个预置位可编程功能，可设置 254 地址,可自动识别协议等信息(255 以后的预置位需使用我司专用控制软件实现) \n14、RS232 和 RS485 控制信号为不同接口，可同时使用，无须拨码调节",null,null,null,"只",4]
[15,"智能升降会议报告台","能升降\\触摸屏等",null,null,null,"套",1]

{"sheet":"17、50 人会议室（20 人升降屏幕）","index":16,"n_rows":21,"n_cols":22,"rows_kept":21,"cut":false,"hidden":false,"merged":[[0,0,0,11],[2,0,2,11]]}
["17、50 人会议室（20 人升降屏幕）"]
["序号","设备名称","招标参数","厂家参数","偏离项","型号","单位","数量","单价","总价","品牌","备注",null,"厂家参数","偏离项","型号","单位","数量","单价","总价","品牌","备注"]
["50 人会议室（20 人升降屏幕）"]
[1,"专业音箱","1、烤漆箱体\n2、低音 140 磁 51 芯(铁)，高音 90 磁 34 芯 3、音质柔和中带刚,低频圆润饱懑有弹性,真实自然,高音细腻.新型耐高温的音圈保证单元长期工作。\n4、频率范围;57HZ-18KHZ \n5、单元配置 ;LF:10\"×1 HF:1.5\"×1 \n6、阻抗;8Ω \n7、灵敏度;95DB \n8、额定功率 ; 200W 峰值功率 ;800W \n9、最大声压;124DB \n10、分频模式 ;Mode 内置分频 \n11、吊装/安装 ;多点吊挂/支架（可旋转调整）\n12、表面处理;黑色催化聚亚安酯漆\n13、外型尺寸;351L×320D×533H \n14、覆盖角度 80°×60°",null,null,"PS-10","只",4,1176,{"$f":"I4*H4","v":4704},"TF-AUDIO(天峰)",{"$nulls":5},"只",4]
[2,"专业音箱功放","1、输出功率（单声道测试）（EIA 1KHz,1%THD) 8Ω 300W 4Ω 480W\n2、Class AB/H 阻尼系数（8Ω，100Hz) ≥400\n3、频率响应 20Hz-20KHz(±0.5dB,1Vrms 输入信号，1%输出功率） \n4、输入阻抗 20KΩ（平衡输入，立体声模式）/100KΩ（平衡输入，并联模式） \n5、输入灵敏度 44dB 0.56V 41dB 0.8V 38dB 1.13V 35dB 1.59V 32dB 2.25V 29dB 3.17V 26dB 4.47V\n6、信噪比（A 计权） ≥100dB \n7、总谐波失真（THD+N） ≤0.06%(8Ω，1KHz,1%输出功率) \n8、互调失真（IMD） ≤0.05%(8Ω，1%输出功率) \n9、转换速率（8Ω，10KHz) ≥20V/μs \n10、通道隔离 ≥80dB\n11、输入共模抑制比（CMR） ≥70dB(20Hz-1KHz) \n12、保护系统 开机交流软启动：抑制启动电流，不影响其它设备工作，保护内部线路免受冲击； 开机延时接载：保护扬声器免受冲击，无声开机； 直流输出断载保护：中点漂移和有直流输出时，防止扬声器受冲击而损坏； 输出限流软保护：当负载阻抗过低和输入信号过激时，对功放和扬声器保护； 削波压缩保护：当输入信号过大功放削峰时，保护系统自动检测并压缩信号，保护扬声器； 负载短路保护：当输出短路时，自动切断输出，保护功放；当短路解除后自动恢复工作； 过热保护：当功放温度过高时，自动切断负载；温度降低后功放自动恢复工作； 关机保护：关机时先切断负载，实现无声关机，保护扬声器避免受冲击； \n13、输入/输出接口 输入接口：信号输入接口×2 个通道（三针 XLR，平衡式，每个通道有两个并联输入接口，一公一母）； \n14、输出接口：扬声器输出接口×2 个通道（SPEAKON）； \n15、控制方式 电平控制：旋钮式电平控制器×2 个（前面板）； \n16、电源：前面板开关，ON 为开机状态； \n17、整机增益可根据输入信号选择：26dB/29dB/32dB/35dB/38dB/41dB/44dB(只限部分机型）； \n18、工作模式调节：立体声模式/并联模式（只限部分机型）； \n19、指示灯 电源指示灯（ON）：蓝色，指示功放处于开机状态； 并联指示灯（B/P）：黄色，指示功放当前输入信号的模式； 信号指示灯（SIGNAL）： 绿色，指示当前信号正常； 压限指示（LIMIT）： 黄色，指示当前输入功放的信号已经过大； 保护指示（PROTECT）： 红色，指示功放处于保护状态； \n20、电源电压和频率 ～220V（±10%），50Hz",null,null,"S-1000e","台",2,1500,{"$f":"I5*H5","v":3000},"TF-AUDIO(天峰)",{"$nulls":5},"台",2]
[3,"音箱处理器","特点：\n1. 4 输入/8 输出数字信号处理器。\n2. 面板调试快捷旋钮；\n3. 配置网络级联接口，可级联多台；\n4. 可通过面板按键任意切换输入输出及静音；\n5. 配置 RS-232 接口，可连接中控；\n6. 兼容 Windows 系统调试 ；\n7. 每一路输出都带有 31 段图示均衡器；\n8. 设置密码一键锁定功能；\n9. 输入通道具备输入增益，8 频段参量均衡器\n10. 输出通道具备输出增益及选择，8 频段参量均衡器\n11. 编程，保存，读取，复制功能；\n12. DSP 多功能处理，24 组场景保存；\n参数：\n13. 频响：20Hz-20kHz,+/-0.5dB\n14. 总谐波失真：<0.01% at 0dBu 1kHz\n15. 讯噪比：>110dBu\n16. 最大输入电平：+20dBu\n17. 最大输出电平（辅助）：+20dBu\n18. 串音：﹣87dBu\n19. 噪声门：\n20. 范围：-84dBu——0dBu\n21. 抑制时间：0.5ms——200ms\n22. 释放时间：5ms——2s\n23. 压缩限幅器：\n24. 范围：-30dBu——﹢20dBu\n25. 抑制时间：10ms——150ms\n26. 释放时间：10ms——1s\n27. 比例：1：1——24：1\n28. 增益：0dBu——﹢24dBu\n29. 均衡器：\n30. 低音：21Hz——19.2KHz +/- 24dB\n31. 中低音：21Hz——19.2KHz +/- 24dB\n32. 中高音：21Hz——19.2KHz +/- 24dB\n33. 高音：21Hz——19.2KHz +/- 24dB\n34. 数字音频：\n35. ADC 动态范围：114dB\n36. DAC 动态范围：114dB\n37. 处理器：32bit，sigma-delta 转换器\n38. 48KHz 的采样率\n39. 输入:8 通道模拟\n40. 1MΩ/立体声,500kΩ/单声道\n41. 输出:8 通道模拟\n42. 阻抗：<500Ω\n43. 电源:AC220-240V,50/60Hz\n44. 实物尺寸约(深×宽×高):350×480×40mm",null,null,"DSP0404","台",1,3285,3285,"TF-AUDIO(天峰)",{"$nulls":5},"台",1]
[4,"移频反馈抑制器","1. 96KHz 采样频率，32-bitDSP 处理器，24-bitA/D 及 D/A 转换\n2.可切换工作模式为直通或反馈抑制\n3. 可一键清除找到的啸叫点\n4.带 16 级噪声门控制\n5.输入通道及插座 2 路 XLR 母卡侬座、输入阻抗 平衡：2 0 KΩ\n6.输出通道及插座 2 路 XLR 公卡侬座、输出阻抗 平衡：1 0 0Ω\n7.共模拟制比 >70dB(1KHz)、输入范围 ≤+ 2 5 d B u\n8.频率响应 20Hz-20KHz(-0.5dB)、信噪比 >110dB\n9.失真度 <0.01% OUTPUT=0dBu/1KHz、通道分离度 > 110dB(1KHz)\n10.啸叫寻找与抑制方式 全自动式陷波\n11.信号输入频率响应 20Hz-30kHz ±0.5dB\n12.滤波器 独立 24 个每通道\n13.最小带宽 1/27th Octave、最大带宽 1/14th Octave\n14.频率分辨率 0.5 Hz、啸叫寻找时间 0.1--0.5S\n15.FFT 长度 2048\n16.传声增益 6--10 dB、系统增益 0dB\n17.处理器 96KHz 采样频率，32-bitDSP 处理器，32-bitA/D 及 D/A转换\n18.电源 AC110V~240V 50/60Hz、功耗 <12W\n19.机箱适配器高度 1U、\n20.产品尺寸约(W×D×H) 480×150×45mm、",null,null,"AFS226","台",1,1296,1296,"TF-AUDIO(天峰)",{"$nulls":5},"台",1]
[5,"调音台","1、8-16 路低噪音通道\n2、24Bit 100 种选择 DSP 效果器\n3、2 辅助输出\n4、4 路立体声返回\n5、灵活的 ALT 转换输出\n6、48V 幻象电源\n7、8 路 8、4 路单声道\n9、2 路立休声\n10、带 USB",null,null,"ME-1200","台",1,2062,2062,"TF-AUDIO(天峰)",{"$nulls":5},"台",1]
[6,"无线话筒","1、U 段真分集 \n2、具有红外线自动对频、导频功能（受到外界干扰时，不会有杂音）金属面板，高档、大气、操作简单。\n3、接收机和发射器具有距离控制键，（主机后面 SQ 调节，手持电池架上有 H 大功率、L 小功率调整）。\n4、高保真声音传输电路，确保声音的清晰度和还原性，配专用演出咪芯，使演出效果更好。\n5、手咪采用目前最先进的升压电路，有效延长了电池的使用时间，4-6 小时。\n6、在接收机上使用多重静噪控制电路，有效防止外部信号干扰。\n7、300 个信道（A 通道 1-150，B 通道 151-300），多套使用时不串频、不掉频。可在同一场合同时叠机使用 4 套，特别适用学校工程，大型、小型演出等场合。\n8、没有开关冲击声，确保后级功放及扬声器的安全。\n9、发射手咪与接收机均带液晶显示，手持带电池用电量显示。\n10、接收机 频率范围:600-900MHZ 最大频道数: 300 频带宽度:50MHz 接收灵敏度:-105 信噪比:>105dB(A) 失真度:<1% 音频输出电平:8dBu max 电源要求:12-16V 直流,电流 500MA,由外接电源供电\n11、手持式发射机: 频率范围:600-900MHZ 频带宽度:50MHZ 谐波抑制:>55dBc 最大频偏:+_48KHZ 频率响应:50Hz-15KHz(-3dB) 信噪比:>105dB(A) 失真度:<1% 电源要求:2 节 AA 型碱性或可充电电池电池使用时间:>8H(碱性) \n12、腰包式发射机: 频率范围:600-900MHZ 频带宽度:50MHz 谐波抑制:>55dBc 最大频偏:+_48KHz 频率响应:50Hz-15KHz(-3dB) 信噪比:>105dB(A) 失真度:<1% 电源要求:2 节 AA 型碱性或可充电电池 电池使用时间:>8H(碱性) \n13、使用距离: ≥ 300 米",null,null,"VR-3D","套",1,1620,1620,"TF-AUDIO(天峰)",{"$nulls":5},"套",1]
[7,"8 路智能电源控制器(带滤波)","1.顺序开启逆序关闭\n2.PASS 键可全通道同时打开\n3.COM/WIFI/WAN 以太网口接入中控控制（指令控制）或自带软件控制\n4.时间间隔可调\n5.自由通道关闭\n6.级联叠机 ID:0-255 \n7.中控外控\n8.精准电压显示\n9.过流保护\n10.面板通道独立关闭 \n11：APP 手机软件控制\n12：带滤波",null,null,"SC8008","台",1,771,771,"TF-AUDIO(天峰)",{"$nulls":5},"台",1]
[8,"有线讨论型会议控制系统主机","功能特点\n1.采用数字集成电路技术，低功耗、高保真、极稳定。\n2.七种发言模式：主席专用、先进先出、后进先出、限制发言、自由讨论、压倒轮替 、申请发言；\n3.七种发言人数:：1-6（人任选 ）、N（全开放）；\n4.开机自检功能，连接状态不正常时主机产生蜂鸣；\n5.断电智能记忆功能，可记忆程序原运行状态。若意外断电后，通电即恢复最后一次设置；\n6.具有中/英文语言切换功能；\n7.2.4 寸彩屏菜单显示工作内容，直观明了；\n8.自带防啸叫功能，开启移频功能可以有效地抑制啸叫、扩展音量，增加拾音距离，保证语音的传送质量，保真度高，声音清晰。\n9.采用轻触式开关按键控制菜单功能，设有音量调节、电话输入和总音量输出调节器；\n10.主机最少可连接 60 个会议话筒单元,具四路并联输出，每路可连接 20 个单元,可无限增加电源扩展或数据扩展；\n11.内置电话偶合器输入和输出端口,可用来召开远程电话会议；\n12.RS232 端口可外接 PC 设置结合加密型软件同步连动操作，实现计算机管理系统功能；也可连接中控，令会议设备智能化。\n技术参数\n1.电源供应：AC 100-240V～50/60Hz\n2.额定电压：100Hz-12.5Hz\n3.输出阻抗：REC:200Ω LINE:200Ω\n4. BALANCE: 300Ω\n5. UNBALANCE: 400Ω\n6.输入阻抗：LINE:50KΩ PBIN:50KΩ\n7.信噪比：90dB (1KHz THD1%)\n8.机箱尺寸约：480×220×50mm\n9.附件：10m 8P 屏蔽线",null,null,"T-100M","台",1,1620,1620,"TF-AUDIO(天峰)",{"$nulls":4},"HCS-4100MC/52","台",1,7685,{"$f":"R11*S11","v":7685},"TAIDEN"]
[9,"有线讨论型主席单元","功能特点\n1.高保真单指向性电容咪芯，使声音还原好、清晰度高、噪音小、超强拾音效果。\n2.360 度全向弯折会议咪管采用软管加硬管连体式设计，灵活调节以配合不同人员使用。\n3.主席单元优先按键，可关闭正在发言的代表单元，便于控制会场秩序，主席之间不受限制。\n4.话筒开关按键 ON/OFF 和优先按键采用高静噪轻触开关，LED 灯指示开关机状态，鹅颈与底座不可分开式；\n5.全金属座底、经久耐用，外形美观、时尚，不褪色、不变形。\n6.会议单元支持“热插拔”可及时恢复工作能力；2.1 米 8P 单出线,手拉手一线式“T”型连接\n技术参数\n1.类型：电容式\n2.指向性：单一指向性\n3.频率响应：40Hz-16KHz\n4.灵敏度(：-43±2dB@1KHz\n5.输入电压：DC 9V(主机供电) \n6.最小输入阻抗 ：1KΩ\n7.信噪比：90dB(A)\n8.输出插座：2.0M 8P 端子座\n9.输入导线：2.0m 8P 屏蔽线\n10.附件：防风海绵",null,null,"T-100C","台",1,522,522,"TF-AUDIO(天峰)",{"$nulls":4},"HCS-48U6CMICM","台",1,2644,{"$f":"R12*S12","v":2644},"TAIDEN"]
[10,"有线讨论型代表单元","功能特点\n1.高保真单指向性电容咪芯，使声音还原好、清晰度高、噪音小、超强拾音效果。\n2.360 度全向弯折会议咪管采用软管加硬管连体式设计，灵活调节以配合不同人员使用。\n3.主席单元优先按键，可关闭正在发言的代表单元，便于控制会场秩序，主席之间不受限制。\n4.话筒开关按键 ON/OFF 和优先按键采用高静噪轻触开关，LED 灯指示开关机状态，鹅颈与底座不可分开式；\n5.全金属座底、经久耐用，外形美观、时尚，不褪色、不变形。\n6.会议单元支持“热插拔”可及时恢复工作能力；2.1 米 8P 单出线,手拉手一线式“T”型连接\n技术参数\n1.类型：电容式\n2.指向性：单一指向性\n3.频率响应：40Hz-16KHz\n4.灵敏度(：-43±2dB@1KHz\n5.输入电压：DC 9V(主机供电) \n6.最小输入阻抗 ：1KΩ\n7.信噪比：90dB(A)\n8.输出插座：2.0M 8P 端子座\n9.输入导线：2.0m 8P 屏蔽线\n10.附件：防风海绵",null,null,"T-100D","台",19,522,9918,"TF-AUDIO(天峰)",{"$nulls":4},"HCS-48U6DMICM","台",19,2480,{"$f":"S13*R13","v":47120},"TAIDEN"]
[11,"智慧无纸化系统软件","1.支持会前准备（设置主席机与代表机、添加参会人员、设置欢迎词、设置会议主题、安排参会人员座位、上传会议资料并设置文件权限、添加投票并选择参与投票人员）；会中控制（支持签到、文件智能分发、会议同屏互动演示、外部信号到终端显示、终端任意画面上大屏幕、会议服务、会议投票、会议交流、交互式电子白板）、会后保存功能；\n2.支持客户端访问模式、WEB 访问模式，支持高级管理员登陆、普通管理人员登录，支持参会人会前预览会议资料，支持在线编辑批注会议资料并在线上传更新。支持历史会议资料检索归档。\n3.支持多管理员和超级管理员，不同管理员创建的会议互相保密，不同的管理员有不同的默认会议模板。超级管理员有管理所有会议的权限。",null,null,"MS9X","套",1,9000,9000,"TF-AUDIO(天峰)",{"$nulls":5},"套",1,null,0]
[12,"智能无纸化会议文件管理主机","功能参数：\n1、 19”标准机架式服务器机柜安装，尺寸不超过 19”标准机柜 4U高度；\n2、支持会前准备：（设置主席机与代表机、添加参会人员、设置欢迎词、设置会议主题、安排参会人员座位、上传会议资料并设置文件权限、添加投票并选择参与投票人员）；\n3、会中控制：（支持签到、文件智能分发、会议同屏互动演示、外部信号到终端显示、终端任意画面上大屏幕、会议服务、会议投票、会议交流、交互式电子白板）\n4、会后支持保存功能；\n5、支持客户端访问模式、WEB 访问模式，支持高级管理员登陆、普通管理人员登录，支持参会人会前预览会议资料，支持在线编辑批注会议资料并在线上传更新。支持历史会议资料检索归档。\n6、支持多管理员和超级管理员，不同管理员创建的会议互相保密，不同的管理员有不同的默认会议模板。超级管理员有管理所有会议的权限。\n设备参数：\n1 主板 华硕 H110M-F 全新,集成千兆集成网卡 \n2 显卡 七彩虹 710/2g 黄金版(2G 独显) \n3 中央处理器 I5-7400 散片（4 核） \n4 内存 金士顿 4G/DDR4 代 2400 \n5 电脑光驱 联想 dvd 光驱 \n6 CPU 风扇 超频 3（PCCOOLER），红海 mini \n7 硬盘 希捷 ST1000DM010，机械硬盘 1TG \n8 电脑电源 长城 BTX-500SE，额定 400W \n9 线材 主板串口线，com 口转 9 针串口",null,null,"CMS V1.0","台",1,9600,9600,"TF-AUDIO(天峰)",{"$nulls":5},"台",1,null,0]
[13,"24 口+2 口千兆交换机(SFP 光纤模块*2)","1.24 个 10/100/1000M 自适应 RJ45 端口和 2 个独立千兆 SFP 光纤模块扩展插槽\n2.24 个千兆 RJ45 端口支持 IEEE 802.3af/at 标准 PoE 供电，单口最大供电功率达 30W，供电总功率达 185W \n3.支持视频监控、VLAN 隔离、标准交换三种工作模式\n4.支持 IEEE802.3X 全双工流控与 Backpressure 半双工流控\n5.支持端口自动翻转（Auto MDI/MDIX）功能\n6.所有端口均具备线速转发能力",null,null,"另购","台",1,"另购",{"$nulls":4},"1.24个10/100/1000M自适应 RJ45 端口和4个独立千兆SFP光纤模块扩展插槽  \n2.24个千兆RJ45端口支持 IEEE 802.3af/at标准PoE供电，单口最大供电功率达30W，供电总功率达379W  \n3.支持视频监控、VLAN 隔离、标准交换三种工作模式  \n4.支持 IEEE802.3X全双工流控与 Backpressure半双工流控\n5.支持端口自动翻转（Auto MDI/MDIX）功能  \n6.所有端口均具备线速转发能力","无偏离","H3C S5130S-28P-HPWR-EI","台",1,{"$f":"[2]价格明细清单!$J$22","v":2988.7},2988.7,"新华三"]
[14,"编解码器","设备性能\n1、 19”标准机架式服务器机柜安装，尺寸 19”标准机柜 2U 高度；\n2、 支持与会场同步信号跟踪功能，当会场有同步信号时保持实时跟踪并同步输出到输出接口，当会场无同步信号时，输出接口无任何画面输出；\n3、 支持 HDMI、VGA 信号输出，任何终端画面通过此接口输出至大屏幕或其他信号显示设备；\n4、支持 HDMI 信号输入，大屏幕显示的画面或者外部信号（外部信号包括：矩阵送来的视频信号、计算机信号、笔记本信号、摄像头信号、DVD 信号等）通过此接口实时广播画面到所有会议终端并同步显示。\n5、支持信号格式自动转换功能，网络数据信号转换成数字信号，数字信号自动转换成网络信号传输\n设备参数\n1、操作系统 windows7\n2、内存容量 4G DDR3\n3、输出接口 VGA、HDMI、DVI 6*USB 电源 音频 网口\n4、输入接口 HDMI\n5、硬盘容量 32GB ROM(固态硬盘）\n6、网络支持 1000M Ethernet\n7、通信协议 TCP/IP\n8、工作环境温度 0 一 55 度 \n9、存储环境温度 -20 一 70 度\n10、最大供耗 100W\n11、供电方式 适配器\n12、颜色 黑色\n13、输入电压交流 50-60HZ，220V±10%V",null,null,"H100-I O","台",1,9840,9840,"TF-AUDIO(天峰)",{"$nulls":5},"台",1]
[15,"一键同屏软件","1.支持会议文件智能推送功能，后台文件按会议进程自动按权限推送到前端会议终端，支持文件推送权限设定，无权显示的会议终端自动屏蔽该文件显示；\n2.支持兼容常用办公软件与文件格式；\n3.支持会议签到、投票表决、交互式电子白板、电子铭牌显示、文件标注、会议交流、会议服务、会议通知等会议功能；\n4.支持会议文件源文件推送功能，会议文件不需要进行二次转换，保证文件格式一致性，控制主机上传什么格式文件会议终端便显示并查看一样的格式文件；\n5.支持 PPT 文件动态播放，并支持 PPT 播放特效同步到其他会议终端；\n6.支持任何一台会议终端的声音基于网络同步到编解码器统一输出，不需要通过音视频线来实现；\n7.支持 CAD 文件打开与编辑，编辑画面同步到其他会议终端采用纯网络组网\n8.支持任何会议终端在任何界面下一键同屏（本地终端通过按键一键同步此时屏幕画面到其他会议终端与大屏幕或只同屏到大屏幕显示，拒绝先点击同屏，在打开文件方式）；\n9.会议终端支持 U 盘内文件点击上传后自动分发到其他会议终端，同时支持系统打开 U 盘内文件并一键同步屏幕画面到其他会议终端，\n10.支持任何多媒体会议终端播放的视频文件同步到其他会议终端与大屏幕或只同屏到大屏幕显示（包括视频画面的快进、暂停、快退）；\n11.支持在同步画面共享时其它所有会议终端包括大屏幕同步显示文档的放大缩小等显示特性，保证触控屏的触控功能；\n12.异步浏览，任何有权限的会议终端支持一键切换（本地终端可以通过按键一键切换远端同步画面与本地终端画面）完成信号的自由交互功能；\n13.跟踪主讲：处在异步浏览状态的会议终端支持一键同步到主讲此时的任何文件与视频画面并保持一致；\n14.支持外部信号同屏到所有会议终端并同步显示（外部信号包括：矩阵送来的视频信号、计算机信号、笔记本信号、摄像头信号、DVD信号等）；\n15.支持单主席或多主席功能功能：\n16.支持主席有具备统一开启签到功能，支持统一开启投票表决功能，支持启动会议议题功能，（会议议题支持多议题显示，只有控制主机或者主席机启动会议议题后，具备权限的会议终端变自动获取会议议题文件）；\n17.支持会议室信号切换功能：主席机具备结束任何人发起的屏幕广播；具备选择任何会议终端并将其屏幕画面广播到其他会议终端，\n18.主席机具备强制广播功能：启动强制广播后不论终端在任何界面下都强制回到主讲画面并不能退出；\n19.主席机具备控制升降器统一上升与下降功能；\n20.支持在会议过程中统一启动投票与结束投票；支持结束会议于关闭系统等功能；\n21.支持PC机WINDOW操作界面并实时广播到其它会议终端与同屏到大屏幕或只同屏到大屏幕显示\n22.本系统同屏广播时同步延迟时间小于 0.5 秒，保证会场同步效果；",null,null,null,"套",1,null,0,{"$nulls":6},"套",1]
[16,"客户端软件","1.支持会议文件智能推送功能，后台文件按会议进程自动按权限推送到前端会议终端，支持文件推送权限设定，无权显示的会议终端自动屏蔽该文件显示；\n2.支持兼容常用办公软件与文件格式；\n3.支持会议签到、投票表决、交互式电子白板、电子铭牌显示、文件标注、会议交流、会议服务、会议通知等会议功能；\n4.支持会议文件源文件推送功能，会议文件不需要进行二次转换，保证文件格式一致性，控制主机上传什么格式文件会议终端便显示并查看一样的格式文件；\n5.支持 PPT 文件动态播放，并支持 PPT 播放特效同步到其他会议终端；\n6.支持任何一台会议终端的声音基于网络同步到编解码器统一输出，不需要通过音视频线来实现；\n7.支持 CAD 文件打开与编辑，编辑画面同步到其他会议终端采用纯网络组网\n8.支持任何会议终端在任何界面下一键同屏（本地终端通过按键一键同步此时屏幕画面到其他会议终端与大屏幕或只同屏到大屏幕显示，拒绝先点击同屏，在打开文件方式）；\n9.会议终端支持 U 盘内文件点击上传后自动分发到其他会议终端，同时支持系统打开 U 盘内文件并一键同步屏幕画面到其他会议终端，\n10.支持任何多媒体会议终端播放的视频文件同步到其他会议终端与大屏幕或只同屏到大屏幕显示（包括视频画面的快进、暂停、快退）；\n11.支持在同步画面共享时其它所有会议终端包括大屏幕同步显示文档的放大缩小等显示特性，保证触控屏的触控功能；\n12.异步浏览，任何有权限的会议终端支持一键切换（本地终端可以通过按键一键切换远端同步画面与本地终端画面）完成信号的自由交互功能；\n13.跟踪主讲：处在异步浏览状态的会议终端支持一键同步到主讲此时的任何文件与视频画面并保持一致；\n14.支持外部信号同屏到所有会议终端并同步显示（外部信号包括：矩阵送来的视频信号、计算机信号、笔记本信号、摄像头信号、DVD信号等）；\n15.支持单主席或多主席功能功能：\n16.支持主席有具备统一开启签到功能，支持统一开启投票表决功能，支持启动会议议题功能，（会议议题支持多议题显示，只有控制主机或者主席机启动会议议题后，具备权限的会议终端变自动获取会议议题文件）；\n17.支持会议室信号切换功能：主席机具备结束任何人发起的屏幕广播；具备选择任何会议终端并将其屏幕画面广播到其他会议终端，\n18.主席机具备强制广播功能：启动强制广播后不论终端在任何界面下都强制回到主讲画面并不能退出；\n19.主席机具备控制升降器统一上升与下降功能；\n20.支持在会议过程中统一启动投票与结束投票；支持结束会议于关闭系统等功能；\n21.支持PC机WINDOW操作界面并实时广播到其它会议终端与同屏到大屏幕或只同屏到大屏幕显示\n22.本系统同屏广播时同步延迟时间小于 0.5 秒，保证会场同步效果；",null,null,"C4X","套",20,3948,78960,"TF-AUDIO(天峰)",{"$nulls":5},"套",20]
[17,"15.6 双屏带话筒咪杆升降一体机（触控屏+升降器+内置终端+咪杆升降）","1.一体式双屏显示\n2.主屏幕尺寸：368*229*8 显示尺寸 15.6 英寸\n3.屏幕分辨率：1920*1080\" \n4.电容屏，10 点触控，触控屏高灵敏度，小于两盎司的施力即可感应，小于 3ms 的快速回应。任何一点可承受大于 5，000 万次的触摸，一次校正后游标不飘移\n5.背屏尺寸：9 寸 分辨率：1024*600 IPS 全视角 显示与会者的姓名/职务/单位名称/LOGO/会徽/会标等,背景可自定义联网编辑 \"\n6.面板尺寸：540*65*5\n7.机箱尺寸：520*57*660\" \"\n8.显示比例：16:9 \n9.显示屏视角：IPS 全视角；\n10.保证产品稳定性，触控超薄高清显示屏与超薄圆轴式升降器为同一品牌；\n11.触控超薄高清显示屏与超薄圆轴式升降器无外露连接线、无连接背板、无外露螺丝，保证升降显示触控屏整体美观大方；\n12.升降器控制软件兼容常用操作系统，可统一控制也可以任意分组控制升降器上升、暂停、下降等运动状态；\n13.升降器面板具备：上升、暂停、下降、多媒体会议终端开关、USB接口等；\n14.升降器支持自动仰角 15 度，保证显示器最佳观看视角与触控角度；\n15.偏转角度：15º \n16.铝合金精拉丝氧化黑色/喷砂氧化银色\n17.输入电压：AC220V\n18.频率：50~60Hz\n19.电机功率：25W\n20.环境温度：-20~60℃\n21.相对湿度：20%~80%RH\n22.内置 PC：I5、主频 2.5G、内存 4G、硬盘 64G\n23.接口：HDMI 输入*1（选配） 电源*1 RS232/RS485*1 可增加USB 接口和电脑开关按钮、控制方式：手控\\遥控\\软件集控\\中控\"",null,null,"S-156F","台",20,6292,125840,"TF-AUDIO(天峰)",{"$nulls":5},"台",20]
[{"$nulls":9},{"$f":"SUM(J4:J20)","v":262038}]

{"sheet":"18欢迎会标屏幕","index":17,"n_rows":11,"n_cols":12,"rows_kept":11,"cut":false,"hidden":false,"merged":[[0,0,0,11],[9,0,9,1],[10,0,10,1]]}
["18、18欢迎会标屏幕"]
["序号","设备名称","招标参数","厂家参数","偏离项","型号","单位","数量","单价","总价","品牌","备注"]
[1,"LED显示屏","点间距：10mm；驱动芯片：恒流芯片；扫描配置：1/4扫 恒流驱动；密度：10000点/㎡；单元板尺寸：320*160mm；模组行列数：宽32点*高16点；分辨率：512点/块；最大功率：≤308W/㎡；显示控制方式：映射控制；显卡：DVI；LED驱动方式：1/4扫描驱动；刷新频率：≥60Hz；帧频：≥60帧/秒；亮度调节方式：软件调节；软件控制：能用电脑终端操控和编辑、播放同时也可以U盘或WIFE卡插接播放。","点间距：10mm；驱动芯片：恒流芯片；扫描配置：1/4扫 恒流驱动；密度：10000点/㎡；单元板尺寸：320*160mm；模组行列数：宽32点*高16点；分辨率：512点/块；最大功率：≤308W/㎡；显示控制方式：映射控制；显卡：DVI；LED驱动方式：1/4扫描驱动；刷新频率：≥60Hz；帧频：≥60帧/秒；亮度调节方式：软件调节；软件控制：能用电脑终端操控和编辑、播放同时也可以U盘或WIFE卡插接播放。","无","PH10","㎡",11.11,1600,{"$f":"I3*H3","v":17776},"贵州腾宇科技有限公司"]
[2,"控制卡","1.全新的命名方式可快速获知带载高度，配卡更简单。 2.移动速度均匀、流畅、平滑；相同速度等级下，无论屏大屏小，移动速度一致。 3.图文、字幕支持连续上下移动。 4.支持开机启动画面定制功能。 5.显示亮度更高，刷新率更高，通讯速度更快，控制面积更大。","1.全新的命名方式可快速获知带载高度，配卡更简单。 2.移动速度均匀、流畅、平滑；相同速度等级下，无论屏大屏小，移动速度一致。 3.图文、字幕支持连续上下移动。 4.支持开机启动画面定制功能。 5.显示亮度更高，刷新率更高，通讯速度更快，控制面积更大。","无","定制","张",1,1200,1200,"贵州腾宇科技有限公司"]
[3,"电源","1、输出电压：4.5V/5V/DC；输出电流：40A；额度功率：185W；纹波与噪声：150mVp-p；电压调节范围：4.05～4.95V； 2、输入电压/输入频率：200～240VAC/47～63HZ；功率因素（Typ）：PF≥0.5； 3、浪涌电流（Typ）40A/230VAC 4、过载保护：110%～150%rated； 5、短路：输出端短路后电源保护，消除短路后可自动恢复输出； 6、绝缘强度：I/P-O/P、I/P-FG、O/P-FG：大于100MΩ/500VDC/25℃/70%RH； 7、工作温度：-30℃～+50℃ (AC 230V)； 8、储存温度/湿度：-40～+85℃，10～95%RH 不凝固； 9、寿命：100,000小时(25℃)； 10、保护功能：过载/短路保护。","1、输出电压：4.5V/5V/DC；输出电流：40A；额度功率：185W；纹波与噪声：150mVp-p；电压调节范围：4.05～4.95V； 2、输入电压/输入频率：200～240VAC/47～63HZ；功率因素（Typ）：PF≥0.5； 3、浪涌电流（Typ）40A/230VAC 4、过载保护：110%～150%rated； 5、短路：输出端短路后电源保护，消除短路后可自动恢复输出； 6、绝缘强度：I/P-O/P、I/P-FG、O/P-FG：大于100MΩ/500VDC/25℃/70%RH； 7、工作温度：-30℃～+50℃ (AC 230V)； 8、储存温度/湿度：-40～+85℃，10～95%RH 不凝固； 9、寿命：100,000小时(25℃)； 10、保护功能：过载/短路保护。","无","5V40A","台",20,80,1600,"贵州腾宇科技有限公司"]
[4,"控制电脑","国内知名商用台式一体机 1.处理器：≥6核处理器，主频≥3.4GHz，缓存≥12MB 2.主板：B300及以上芯片组 3.内存：8G DDR4 2400MHz 内存，最大支持32G内存容量； 4.硬盘：256G NVME M.2接口固态硬盘 5.显卡：2G GDDR5独立显卡 6.显示器： 21.5寸广视角全高清FHD液晶显示屏(1920x1080)，窄边框设计，具备亮度调节物理按键，带低蓝光护眼功能； 7.接口：≥6个USB 3.2接口、HDMI视频接口 8.电源：功耗≥150W 节能电源 9.安全：USB屏蔽技术，仅识别USB键盘、鼠标，无法识别其他USB读取设备，有效防止数据泄露 10.键鼠：原厂键鼠，支持键盘开机 11.系统：原厂正版win 10操作系统 12.质保：原厂3年免费上门服务\n13.机箱：一体机，顶置提手，方便移动，侧置物理按钮，方便使用 14.网卡：千兆网卡 15.带网络同传功能 16.可靠性：提供3C、节能认证。","国内知名商用台式一体机 1.处理器：≥6核处理器，主频≥3.4GHz，缓存≥12MB 2.主板：B300及以上芯片组 3.内存：8G DDR4 2400MHz 内存，最大支持32G内存容量； 4.硬盘：256G NVME M.2接口固态硬盘 5.显卡：2G GDDR5独立显卡 6.显示器： 21.5寸广视角全高清FHD液晶显示屏(1920x1080)，窄边框设计，具备亮度调节物理按键，带低蓝光护眼功能； 7.接口：≥6个USB 3.2接口、HDMI视频接口 8.电源：功耗≥150W 节能电源 9.安全：USB屏蔽技术，仅识别USB键盘、鼠标，无法识别其他USB读取设备，有效防止数据泄露 10.键鼠：原厂键鼠，支持键盘开机 11.系统：原厂正版win 10操作系统 12.质保：原厂3年免费上门服务\n13.机箱：一体机，顶置提手，方便移动，侧置物理按钮，方便使用 14.网卡：千兆网卡 15.带网络同传功能 16.可靠性：提供3C、节能认证。","无","联想","台",1,4800,4800,"贵州腾宇科技有限公司"]
[5,"供电电缆","两相2*4+1*2.5平方交联聚乙烯绝缘聚氯乙烯护套电力电缆执行标准：GB&#47;T 12706.1-2008","两相2*4+1*2.5平方交联聚乙烯绝缘聚氯乙烯护套电力电缆执行标准：GB&#47;T 12706.1-2008","无","两相2*4+1*2.5平方","项",1,1000,1000,"贵州腾宇科技有限公司"]
[6,"通讯电缆","网线：1根超五类以上网线，国标光纤有效通讯距离：超5类线<100m（高速无中继）；需要从控制电脑架设1条超5类以上网线到LED显示屏中部。","网线：1根超五类以上网线，国标光纤有效通讯距离：超5类线<100m（高速无中继）；需要从控制电脑架设1条超5类以上网线到LED显示屏中部。","无","超5类线<100m","项",1,500,500,"贵州腾宇科技有限公司"]
[7,"屏体钢结构及外装饰","LED钢结构固定框架，外装饰为黑色铝型材包边。","LED钢结构固定框架，外装饰为黑色铝型材包边。","无","定制","㎡","12.11",600,7266,"贵州腾宇科技有限公司"]
["小计",{"$nulls":8},{"$f":"SUM(J3:J9)","v":34142}]
["合计"]

{"sheet":"19、测温门","index":18,"n_rows":4,"n_cols":12,"rows_kept":4,"cut":false,"hidden":false,"merged":[[0,0,0,11],[2,0,2,11]]}
["19、测温门"]
["序号","设备名称","招标参数","厂家参数","偏离项","型号","单位","数量","单价","总价","品牌","备注"]
["测温门"]
[1,"测温安检门","【测温，人脸，联网，18 防区，LCD 屏，可搭配黑体】\n测温：热成像相机测温\n热成像分辨率：160*120\n测温精度：±0.5℃\n测温范围：30-45℃\n人脸抓拍：2 路，200w\n无感测温：可对通过安检门的人员进行脸部温度测试并进行人员准确匹配，温度精度度：±0.5℃，搭配黑体进度可达 ±0.3℃\n人体温度初筛：可通过安全温度阈值设置，超过该阈值，可联动安检门本地声光报警，建立首道防线；\n人脸比对：可对通过安检门的人员进行人脸抓拍和人脸比对，实现安检过程可查；设备本地存储 3 个独立人脸库，共 3x30000 张人脸；支持人脸属性功能，支持性别、年龄、年龄段、戴眼镜、戴口罩、表情、戴帽子属性；\n金属检测：可检测到 1 个回形针大小的铁磁性金属，有效进行违规物品核验；\n联网功能：可实现联网互通，搭配平台进行人脸数据、客流数据、报警数据、通过人员和温度精准匹配等数据进行汇聚应用；\n多区位报警功能：人体不同位置的多个金属通过安检门时会同时报警，并可以指示多个金属的位置，最多支持 18 区位。\n模块化组件设计：运输、维护方便快捷。\n接口功能：1 路报警输入/输出，1 路音频输入/输出。\n功率 小于 20W\n工作温度和湿度：-10℃─55℃，95%，无冷凝\n外形尺寸 (mm)2287(高)x872(宽)x663(深)\n通道尺寸 (mm)2005(高)x730(宽)x600(深)",null,"无偏离","DH-ISC-D718-T","套",4,13355,{"$f":"H4*I4","v":53420},"浙江大华"]

{"sheet":"20、视频会议室","index":19,"n_rows":27,"n_cols":22,"rows_kept":27,"cut":false,"hidden":false,"merged":[[23,0,23,1],[24,0,24,1],[11,8,12,8],[0,0,0,11],[2,0,2,1],[10,0,10,1],[15,0,15,1],[19,0,19,1]]}
["20、视频会议室"]
["序号","设备名称","招标参数","厂家参数","偏离项","型号","单位","数量","单价","总价","品牌","备注",null,"厂家参数","偏离项","型号","单位","数量","单价","总价","品牌","备注"]
["一、扩声系统"]
[1,"全频柱式辅助扩声音箱","1. 额定功率 240W（AES） 2. 音乐功率 480W 3. 最大功率 960W 4. 额定阻抗 4Ω 5. 频率响应(-10dB) 70-19KHZ 6. 单元特征 全频带授权 7. 单元规格 3″*8 8. 产品尺寸约 120*750*150 9. 箱体材质 木质夹板 10. 木制箱体喷金刚砂耐磨漆，4Ω，240W，70-19KHz","1.频率响应：105Hz~16KHz\n2.灵敏度（1米/1瓦,f>100Hz）：91dB\n3.长期最大声压级：111dB\n4.峰值最大声压级：117dB\n5.标称阻抗：4 欧\n6.指向性：水平100°（H），垂直10°（V）       \n7.单元结构：8x3\"全频喇叭单元\n8.长期承受功率：200W\n9.音乐功率：400W\n10.峰值承受功率：800W\n11.推荐功放功率：100~300W\n12.箱体材质：优质MDF板材\n13.表面处理：标配 黑色细点漆\n                 选配 黑色\\粉色钢琴漆\n                 选配 白色细点漆\n14.音箱接口：NL4专业插座、线夹式接线盒\n15.安装方式：标配U型安装架\n16.外形尺寸：深160x宽100x高1000毫米\n17.重量：7公斤",null,"CL83",4,"只",2256,{"$f":"I4*G4","v":9024},"TF-AUDIO(天峰)",{"$nulls":5},4,"只"]
[2,"全频柱式辅助扩声音箱功放","1、输出功率（单声道测试）（EIA 1KHz,1%THD) 8Ω 450W 4Ω 700W 2、Class AB/H阻尼系数（8Ω，100Hz) ≥400 3、频率响应 20Hz-20KHz(±0.5dB,1Vrms输入信号，1%输出功率） 4、输入阻抗 20KΩ（平衡输入，立体声模式）/100KΩ（平衡输入，并联模式） 5、输入灵敏度 44dB 0.56V 41dB 0.8V 38dB 1.13V 35dB 1.59V 32dB 2.25V 29dB 3.17V 26dB 4.47V 6、信噪比（A计权） ≥100dB 7、总谐波失真（THD+N） ≤0.06%(8Ω，1KHz,1%输出功率) 8、互调失真（IMD） ≤0.05%(8Ω，1%输出功率) 9、转换速率（8Ω，10KHz) ≥20V/μs 10、通道隔离 ≥80dB 11、输入共模抑制比（CMR） ≥70dB(20Hz-1KHz) 12、保护系统 开机交流软启动：抑制启动电流，不影响其它设备工作，保护内部线路免受冲击； 开机延时接载：保护扬声器免受冲击，无声开机； 直流输出断载保护：中点漂移和有直流输出时，防止扬声器受冲击而损坏； 输出限流软保护：当负载阻抗过低和输入信号过激时，对功放和扬声器保护； 削波压缩保护：当输入信号过大功放削峰时，保护系统自动检测并压缩信号，保护扬声器； 负载短路保护：当输出短路时，自动切断输出，保护功放；当短路解除后自动恢复工作； 过热保护：当功放温度过高时，自动切断负载；温度降低后功放自动恢复工作； 关机保护：关机时先切断负载，实现无声关机，保护扬声器避免受冲击； 13、输入/输出接口 输入接口：信号输入接口×2个通道（三针XLR，平衡式，每个通道有两个并联输入接口，一公一母）； 14、输出接口：扬声器输出接口×2个通道（SPEAKON）； 15、控制方式 电平控制：旋钮式电平控制器×2个（前面板）； 16、电源：前面板开关，ON为开机状态； 17、整机增益可根据输入信号选择：26dB/29dB/32dB/35dB/38dB/41dB/44dB(只限部分机型）； 18、工作模式调节：立体声模式/并联模式（只限部分机型）； 19、指示灯 电源指示灯（ON）：蓝色，指示功放处于开机状态； 并联指示灯（B/P）：黄色，指示功放当前输入信号的模式；信号指示灯（SIGNAL）： 绿色，指示当前信号正常； 压限指示（LIMIT）： 黄色，指示当前输入功放的信号已经过大； 保护指示（PROTECT）： 红色，指示功放处于保护状态； 20、电源电压和频率 ～220V（±10%），50Hz","1.阻尼系数在8Ω负载,输出功率500W*2通道,阻尼系数在4Ω负载,输出功率700W*2通道\n2.输入阻抗20KΩ;\n3.阻尼系数≈223\n4.频响20HZ-20KHZ，30KHZ±3dB\n5.总谐波失真<0.05%;\n6.信噪比>98dB;\n7.输入共模抑制比在1KHz ＞80dB \n8.通道分离度(串音)在1KHz ＞80dB \n9.保护功能：过流、短路、过温保护等等\n10.面板工艺：铝材金属拉丝工艺\n产品尺寸(宽×深×高) 485X490X100mm\n运输尺寸(宽×深×高)575X555X175mm",null,"S-1000e",2,"台",1500,{"$f":"I5*G5","v":3000},"TF-AUDIO(天峰)",{"$nulls":5},2,"台"]
[3,"音箱处理器","特点： 1. 4输入/8输出数字信号处理器。 2. 面板调试快捷旋钮； 3. 配置网络级联接口，可级联多台； 4. 可通过面板按键任意切换输入输出及静音； 5. 配置RS-232接口，可连接中控； 6. 兼容Windows系统调试 ； 7. 每一路输出都带有31段图示均衡器； 8. 设置密码一键锁定功能； 9. 输入通道具备输入增益，8频段参量均衡器 10. 输出通道具备输出增益及选择，8频段参量均衡器 11. 编程，保存，读取，复制功能； 12. DSP多功能处理，24组场景保存； 参数： 13. 频响：20Hz-20kHz,+/-0.5dB 14. 总谐波失真：<0.01% at 0dBu 1kHz 15. 讯噪比：>110dBu 16. 最大输入电平：+20dBu 17. 最大输出电平（辅助）：+20dBu 18. 串音：﹣87dBu 19. 噪声门： 20. 范围：-84dBu——0dBu 21. 抑制时间：0.5ms——200ms 22. 释放时间：5ms——2s 23. 压缩限幅器： 24. 范围：-30dBu——﹢20dBu 25. 抑制时间：10ms——150ms 26. 释放时间：10ms——1s 27. 比例：1：1——24：1 28. 增益：0dBu——﹢24dBu 29. 均衡器： 30. 低音：21Hz——19.2KHz +/- 24dB 31. 中低音：21Hz——19.2KHz +/- 24dB 32. 中高音：21Hz——19.2KHz +/- 24dB 33. 高音：21Hz——19.2KHz +/- 24dB 34. 数字音频： 35. ADC动态范围：114dB 36. DAC动态范围：114dB 37. 处理器：32bit，sigma-delta转换器 38. 48KHz的采样率 39. 输入:8通道模拟 40. 1MΩ/立体声,500kΩ/单声道 41. 输出:8通道模拟 42. 阻抗：<500Ω 43. 电源:AC220-240V,50/60Hz  44. 实物尺寸约(深×宽×高):350×480×40mm"," *1机架空间\n *4输入-8输出\n *直观的用户界面，出众的音质\n *具有分频、均衡、延时和限幅功能\n *输入可分配到任意输出\n *通过前面板或PC设计控制\n *USB与RS-232界面\n *可第三方控制\n *XLR音频信号连接器，平衡式输入和输出\n *通过参量均衡和压缩限幅控制反馈\n *具有Linkwitz-Riley,Bessel和Butterworth滤波器\n *滤波器斜率分别为12，18，24和48Db/倍频程\n *参数式均衡器：1/64th至4倍频程范围\n *682毫秒输入和输出延时\n *每个辅出都有限幅器，独立的辅入，输出表头\n *4级保护\n频率响应：20Hz-20kHz,±0.25dB\n失真：＜0.01%，在1kHz，+20dBu\n动态范围：>110dB(20Hz-20kHz)未加权\n输出噪声：＜-90dBu未加权\n电源工作电压：80-240VAC，60/50Hz,30W(最大功率)\n环境温度：40-120 deg.F(4-49deg.C)\n尺寸：（长*高*宽）482.6*44.4*216MM\n重量：5.9kg",null,"DSP0404",1,"台",3285,3285,"TF-AUDIO(天峰)",{"$nulls":5},1,"台"]
[4,"移频反馈抑制器","1.96KHz采样频率，32-bit DSP处理器，24-bit A/D及D/A转换； 2.独立24个滤波器每通道，自动抑制啸叫点。 3.数字信号输入输出通道提供coaxial，AES及光纤接口 4.每通道24个led灯可显示啸叫点数量 5.可切换工作模式为直通或反馈抑制 6.可一键清除找到的啸叫点 7.单机可存储30组用户程序 8.采用LCD显示屏显示功能设定144*32，提供6段led显示输出电平 9.每通道提供压缩、限幅、噪声门、功能设置","1.96KHz 采样频率，32-bit DSP 处理器，24-bit A/D 及 D/A转换；  独立 24 个滤波器每通道，自动抑制啸叫点。    数字信号输入输出通道提供 coaxial，AES 及光纤接口  每通道 24 个 led 灯可显示啸叫点数量  可切换工作模式为直通或反馈抑制  可一键清除找到的啸叫点  单机可存储 30 组用户程序 采用 LCD 显示屏显示功能设定 144*32，提供 6 段 led 显示输出电平  每通道提供压缩、限幅、噪声门、功能设置 ",null,"AFS226",1,"台",1296,1296,"TF-AUDIO(天峰)",{"$nulls":5},1,"台"]
[5,"调音台","1、低噪音通道\n2、4编组通道哑音功能\n3、4辅助并可灵活推子前后选择\n4、24Bit DSP效果器\n5、2路立体声返回\n6、DJ灯\n7、48V 幻像电源","  8路MIC单声通道+ 4路立体声输入\n  带4编组输出+4组AUX母线辅助输出（包括EFF),\n 1组立体声返回（可分配主输出或编组输出）\n 一组监听耳机输出\n 来自立体声的LPF低通滤波器输出（60-150HZ可调），\n 内置24种DSP数字效果器,，\n 内置USB播放器，MP3播放，USB直插录音\n 内置蓝牙5.0接收播放\n USB音频声卡（连接电脑)将电脑播放的声音传输到调音台；\n 内置48V幻象电源供电；每个通道带独立开关\n 主输出9段立体声图示均衡器\n USB可与一路立体声切换，USB可独立调节\n 单声通道100HZ低频衰减开关（高通滤波器）;\n XLR输入晶体管双差分话放\n 每通道3段参量均衡，80Hz.\n 单声通道带（350Hz-3.5K中音扫频）.12KHz\n 每输入通道MUTE静音开关，PFL耳机开关，平滑100MM行程推子器\n 12段精准三色LED电平灯显示信号状态;\n 12V (LAMP) DJ灯卡侬接口\n 适用全球供电电压,功率30瓦；使用灵活。\n 产品尺寸：400 x 500 x190MM     净重：7.1KG\n 包装尺寸（内箱）：570x475x258MM        毛重：10KG\n     外箱尺寸：585x565x278MM",null,"ME-1200",1,"台",2062,2062,"TF-AUDIO(天峰)",{"$nulls":5},1,"台"]
[6,"一拖二无线手持话筒","接收机技术参数 1.工作频率：500-980MHz 2.红外对频，频率同频技术 3.显示屏显示发射器电池电量 4.S/N信噪比：>105dB 5.T.H.D失真:<0.5% 6.频率响应:40Hz-18KHz 7.杂讯锁定静噪控制+音频导航锁定静噪 8.真分集远距离线路设计,空阔地方使用距离可达300米 发射器技术参数 1.频道:200频道 2.频带宽度:50MHz 3.频道间隔:250KHz 4.频率稳定度:±0.005% 5.使用电池:2节AA电池/5号电池 6.发射功率： 7.出厂设置为低功率150-200米, 8.可手动设置高功率可达300米","接收机技术参数 1.工作频率：500-980MHz 红外对频，频率同频技术 显示屏显示发射器电池电量 S/N 信噪比：>105dB 5.T.H.D 失真:<0.5% 频率响应:40Hz-18KHz 杂讯锁定静噪控制+音频导航锁定静噪 真分集远距离线路设计,空阔地方使用距离可达 300 米发射器技术参数 1.频道:200 频道 频带宽度:50MHz 频道间隔:250KHz 4.频率稳定度:±0.005% 使用电池:2 节 AA 电池/5 号电池 发射功率： 出厂设置为低功率 150-200 米, 可手动设置高功率可达 300 米 ",null,"VR-3D",2,"套",1620,3240,"TF-AUDIO(天峰)",{"$nulls":5},2,"套"]
[7,"8路智能电源控制器 （带滤波）","1.顺序开启逆序关闭 2.PASS键可全通道同时打开 3.COM/WIFI/WAN以太网口接入中控控制（指令控制）或自带软件控制 4.时间间隔可调 5.自由通道关闭 6.级联叠机ID:0-255 7.中控外控 8.精准电压显示 9.过流保护 10.面板通道独立关闭 11：APP手机软件控制 12：带滤波","用于公共演播，小型酒吧，小型户外演出，学校演讲室，多媒体会议厅，多功能厅，培训中心，高级别墅，酒店，家居等等\n 1 面板颜色：铁墨绿与黑色面板\n 2 电力输入条件(单相3线)：AC90-260V 50-60HZ两相（三线：零，火，地）\n 3 通道数量：8路万用插座继电器受控与2路万用插座直接输出\n 4 继电器受控输出最大承受单路功率/总功率(无功功率）：1500W/6000W最大承受无功功率\n 5 输出电源插座规格：阻燃ABS材料，最大可承受13A电流磷铜材质，标准万用插座\n 6 功能特点：1.顺序开启逆序关闭 2.PASS键可全通道同时打开 3.精准电压显示\n 7 每路开关间隔时间/定时时间：1秒\n 8 输出继电器触点电流：30A 277VAC\n 9 电路板规格：双面纤维板，主电源走线二次加厚加粗处理\n10 供电规格：内置开关电源，适用全球电压AC90-260V 50-60HZ\n11 主电缆线规格：3*4平方电缆线，总长度为1.2米（无配电源输入插头）\n12 开启类型：方船型开关\n13 功能显示电压显示表类型：红色数码管显示电压表\n14 叠机级联功能：有（可选配）\n15 电源净化功能（EMI专业电网滤波器）：无（可选配单独或每路带滤波器）\n16 机身尺寸：长480MM * 宽185MM * 高48MM（非标准1U）\n17 单机包装尺寸：长510MM * 宽260MM * 高10MM(美牛硬纸盒）\n18 数量总重量与外包装尺寸：1件5台装共19KG，外包装尺寸：长530MM * 宽280MM * 高550MM\n19 总重量（含包装）：3.8KG",null,"SC8008",2,"台",771,1542,"TF-AUDIO(天峰)",{"$nulls":5},2,"台"]
["二、数字会议系统",{"$nulls":8},0]
[1,"视像型会议控制系统主机","功能特点 1.采用数字集成电路技术，低功耗、高保真、极稳定； 2.七种发言模式：主席专用、先进先出、后进先出、限制发言、自由讨论、压倒轮替 、申请发言； 3.七种发言人数:：1-6（人任选 ）、N（全开放）； 4.开机自检功能，连接状态不正常时主机产生蜂鸣； 5.断电智能记忆功能，可记忆程序原运行状态。若意外断电后，通电即恢复最后一次设置； 6.通用USB录音接口，支持热插拔，；插入U盘即可录音，方便会议内容存档。 7.具有中/英文语言切换功能； 8.采用800X480高像数TFT4.3寸彩屏显示系统设置内容； 9.采用轻触式开关按键控制菜单功能，设有音量调节、电话输入和总音量输出调节器；·自带防啸叫功能，开启移频功能可以有效地抑制啸叫、扩展音量，增加拾音距离，保证语音的传送质量，保真度高，声音清晰。 10.主机最少可连接60个会议话筒单元,具四路并联输出，每路可连接20个单元,可无限增加电源扩展或数据扩展； 11.内置电话耦合器输入和输出端口,可用来召开远程电话会议； 12.连接摄像头可实现发言实时视像追踪功能，支持4路摄像头信号输入，2路视频输出； 13.多种云台球机控制协议,兼容性极强:Pelco_P VISCA Pelco _D 协议； 14.球机支持单元复位功能，可刷新重置； 15.RS232端口可外接PC设置结合加密型软件同步连动操作，实现计算机管理系统功能；也可连接中控，令会议设备智能化。 技术参数 1.电源供应：AC 100-240V～50/60Hz 2.输出阻抗：REC:200Ω LINE:200Ω 3. BALANCE: 300Ω 4. UNBALANCE: 400Ω 5.输入阻抗：LINE:50KΩ PBIN:50KΩ 6.信噪比：100dB (1KHz THD1%) 7.机箱尺寸约：480×360×85 mm 附件：10m 8P屏蔽线",null,null,"T-900M",1,"台",3840,3840,"TF-AUDIO(天峰)",{"$nulls":4},"HCS-4100MC/52",1,"台",7685,{"$f":"S12*Q12","v":7685},"TAIDEN"]
[2,"PC软件控制界面","使用配套软件在电脑安装完成，在管理系统软件中可对主机进行功能设置。",null,null,"配套",1,"套",null,0,"TF-AUDIO(天峰)",{"$nulls":5},1,"套"]
[3,"有线视像型主席单元","功能特点 1.智能数字化设计控制电路，功耗低。 2.高保真单指向性电容咪芯，声音还原、清晰度高、噪音小； 3.主席单元有优先发言权,可随时关闭其他列席单元。 4.主席单元拥有批准代表发言按键，象显身份权利。 5.128X64LCD液晶，显示单元身份、发言模式、发言状态、发言时间。 6.优良抗手机干扰能力。 7.无噪音轻触开关设计，操作灵活； 8.音箱网外观设计内置扬声器,可用于会议扩音及播放会议背景音乐。9.轻触开关音量控制设计，可调节音量大小。 10.左侧设计有3.5音频输出，收听其他列席会议发言内容。 11.金属座底、经久耐用，外形美观、时尚，不褪色、不变形。 12.会议单元支持热插拔功能，自带2.1米8P连接线；手拉手连接模式，安装简便，操作灵活。 13.可实现发言实时视像追踪功能 技术参数 1.类型： 电容式 2.指向性： 单一指向性 3.频率响应： 40Hz-16KHz 4.灵敏度： -43±2db@1KHz 5.输入电压： DC 9V(主机供电) 6.最小输入阻抗： 1千欧 7.新噪比： 90db 8.输入导线： 2.0M 8P屏蔽线 9.附件： 防风海绵",null,null,"T-900C",1,"台",1296,1296,"TF-AUDIO(天峰)",{"$nulls":4},"HCS-4338NC_D/50",1,"台",2696,2696,"TAIDEN"]
[4,"有线视像型代表单元","功能特点 1.智能数字化设计控制电路，功耗低。 2.高保真单指向性电容咪芯，声音还原、清晰度高、噪音小； 3.128X64LCD液晶，显示单元身份、发言模式、发言状态、发言时间。 4.优良抗手机干扰能力。 5.无噪音轻触开关设计，操作灵活； 6.音箱网外观设计内置扬声器,可用于会议扩音及播放会议背景音乐。 7.轻触开关音量控制设计，可调节音量大小。 8.左侧设计有3.5音频输出，收听其他列席会议发言内容。 9.金属座底、经久耐用，外形美观、时尚，不褪色、不变形。 10.会议单元支持热插拔功能，自带2.1米8P连接线；手拉手连接模式，安装简便，操作灵活。 11.可实现发言实时视像追踪功能 技术参数 1.类型： 电容式 2.指向性： 单一指向性 3.频率响应： 40Hz-16KHz 4.灵敏度： -43±2db@1KHz 5.输入电压： DC 9V(主机供电) 6.最小输入阻抗： 1千欧 7.新噪比： 90db 8.输入导线： 2.0M 8P屏蔽线 9.附件： 防风海绵",null,null,"T-900D",6,"台",1296,7776,"TF-AUDIO(天峰)",{"$nulls":4},"HCS-4338ND_D/50",6,"台",2532,15192,"TAIDEN"]
["三、远程视频会议系统"]
[1,"分体终端（桌面摆放）","1.分体化高清视频会议终端、标准协议，融合互通、全开放API、内置高清MCU功能，最大可支持1+3端高清视频会议（可选）、红外透传 2.1080P全高清支持，支持多路（HDMI + DVI-I：HDMI、VGA）高清视频输入，2路（HDMI）高清视频输出。支持内置VPN（服务器端/客户端），无需专网也可享受专网体验。 3.内嵌8G EMMC存储，启动速度更快，存储容量更大。终端支持串口接收红外信号，配合指定型号摄像机工作时，可透过摄像机来接收红外遥控信号，即便将会议终端隐藏在后端，亦可满足所有终端控制。 4.支持远程录播功能，仅需一台PC即可实现会议录播功能。支持USB存储盘录制，即插即用，会议记录安全保密。 5.支持最新H.264 HP编码标准，支持标准SIP、H.323协议，兼容业界主流标准终端和网络侧设备持数字麦克风、USB麦克风、模拟麦克风三种音频输入解决方案，适应不同会议场景，满足更多音频需求。 6.可选内置Wi-Fi模块，实现无线接入网络，布线简洁，灵活方便。",null,null,null,"根据实际情况而定","台",{"$nulls":8},"根据实际情况而定","台"]
[2,"会议摄像机","1、最高支持HD 1080P 50/60，并向下兼容所有格式 2、240倍放大（20倍光学变焦，12倍数码变焦） 3、1/2.8” ExmorCMOS，327万像素 4、HD-SDI数字非编码、YPbPr高清分量、DVI数字高清接口，IP网络接口等输出接口可选 5、内置多语言OSD菜单，方便用户使用 6、机身自带OLED显示屏和机身独创触摸按键，能通过机身面板上的触摸按键 7、调节摄像机参数信息，与传统拨码方式相比操作更加直观明了，简易维护 8、支持RS232接口远程升级维护功能，可通过升级包远程对摄像机固件升级 9、行业领先的超静音云台转动技术，使摄像机转动无任何声音，让用户在使用中完全不被打扰 10、内置RJ45网口，支持10M/100M网络数据，支持3.5音频输入输出(可选) 11、高端合金底部结构，降低摄像机温度，使图像效果更稳定 12、在1080P/60的情况下，支持高、标清信号同时输出 13、350个预置位可编程功能，可设置254地址,可自动识别协议等信息(255以后的预置位需使用我司专用控制软件实现) 14、RS232和RS485控制信号为不同接口，可同时使用，无须拨码调节 15、产品提供企业须通过国际质量体系认证",null,null,null,"根据实际情况而定","只",{"$nulls":8},"根据实际情况而定","只"]
[3,"摄像机控制键盘","1.PTZ摄像机控制器 2.为高清彩色云台摄像机量身定制的控制器,全面兼容VISCA协议,并接受客户提供协议定制服务； 3.多种控制协议支持 4.支持SONY VISCA、PELCO-D、PELCO-P等多种控制协议； 5.支持多种通信方式 6.支持RS-485、RS-422、RS-232、IP（UDP、TCP）等多种控制通信方式。 7.可通过IP控制多达255台HD系列PTZ摄像机 8.使用控制键盘可通过IP网络控制多达255台PTZ摄像机的平移、俯仰、变焦及其他功能； 9.在线固件升级 10.支持在线固件升级功能，用户只需要在电脑上通过RS232或RS485连接控制器，即可升级键盘固件； 11.无级变速旋钮控制 12.3个独立无级变速旋钮，可方便快捷的控制摄像机的光圈、快门、亮度、白平衡、Focus等参数； 13.支持按键背光功能 14.支持按键背光（白光）及按键灯（绿光）功能，亮度可调节，并可根据环境光线自动打开或关闭背光； 15.高品质硅胶按键带来更好手感 16.高品质硅胶按键，手感良好，并采用字体镭射透光工艺，按键字体发光，显示效果更加优越； 17.自发光OLED显示屏幕 18.自发光OLED显示屏幕，所有操作简便清晰，一目了然； 19.支持多语言菜单切换 20.支持多语言菜单切换功能，产品使用无国界，更多语言可根据客户需求定制拓展； 21.支持摄像机快捷通道选择按键 22.Camera1~Camera7快捷通道选择按键，每个通道可独立设置地址、协议、波特率等参数； 23.多种运用场景适用 24.远程教育、视频会议、教学录播、会议系统、远程培训、远程医疗、庭审系统、应急指挥系统系统等。",null,null,null,"根据实际情况而定","台",{"$nulls":8},"根据实际情况而定","台"]
["四、显示系统"]
[1,"会议平板","1200：1超高对比度，画面显示更鲜明，色彩表现更出众； 采用直下式LED背光模式，亮度表现更均匀； 视角可达178°，趋近于水平； 工业级设计，高可靠性、高稳定性、低功耗，寿命长达30000 小时 采用MSD8386，搭配ARM A73+ A53 四核处理器，系统运行流畅，搭载MaliG51 GPU改善图像细节，画面表现更唯美 可支持10点触控",null,null,null,1,"台",{"$nulls":8},1,"台"]
[2,"移动支架","移动式",null,null,null,1,"台",{"$nulls":8},1,"台"]
[3,"合屏器","网络\\WIFI",null,null,null,1,"台",{"$nulls":8},1,"台"]
["小计"]
["合计"]
[]
[{"$nulls":9},{"$f":"SUM(J4:J26)","v":36361}]

{"sheet":"21、录播教室","index":20,"n_rows":49,"n_cols":19,"rows_kept":49,"cut":false,"hidden":false,"merged":[[44,8,45,8],[27,9,28,9],[38,9,39,9],[44,9,45,9],[0,0,0,11],[2,0,2,11],[32,0,32,11],[27,8,28,8],[38,8,39,8]]}
["21录播教室"]
["序号","设备名称","招标参数","厂家参数","偏离项","型号","单位","数量","单价","总价","品牌","备注"]
["录播教室",{"$nulls":12},"数量","单位","品牌","型号","单价","合计"]
[1,"高清录播主机","1、 嵌入式一体化硬件设计，硬件采用 FPGA/CPLD+DSP+ASIC 的优化结构，集成度最高；软件采用：Linux+可编程专用芯片；不接受服务器和 PC 架构，不采用编码盒。\n2、录播主机应采用安全直流电源 DC12V 或 DC24V 供电，无风扇设计，高度为 1U 的标准机架式设计。\n3、录播与跟踪实现一体化设计，一台设备完成视频录制、教师跟踪拍摄、学生跟踪拍摄、直播、点播等功能。\n4、录播主机需内置存储硬盘，存储容量须满足日常录课需求，硬盘至少应为 2T，支持 MP4 视频封装格式。\n5、录播主机应具备 USB 接口，支持 U 盘/移动硬盘同步录制、视频拷贝；支持鼠标键盘的本地导播操作。\n6、录播主机接口要求：至少具备 6 个 3G-SDI 输入接口、1 路 HDMI和 1 路 VGA 输入接口、并兼容 CVBS/YC/YPbPr 标清接口、4 个 USB接口。\n7、录播主机音频接口：支持 2 路 XLR 平衡音频输入、2 路 Line in、 1 路 Line out、1 路耳机监听输出，要求录播主机采用主流 ACC音频编码方式。\n8、录播主机内置音频处理功能，支持 EQ 均衡调节、回声抑制、增益调节、幻象供电及音频采样率和比特率设置。支持对音频输入输出通道进行音量调节，支持对音频输出通道进行静音设置。\n9、录播主机外观应设计简单的按键面板和彩色显示屏，能够快速进行录播主机的基本设置，包括设备 IP 等相关参数设置，同时方便教师实时查看录播主机的运行状态和录播的相关参数。\n10、为录制出高质量的优课视频，要求系统的视频输入信号须支持 5 路 1080p30 帧高清模式，且支持高标清切换。视频输入考虑二次编码和网络延时造成视频质量不佳的问题，摄像机拍摄的视频信号应采用 SDI 而非网络接入。\n11、录播主机应支持电影模式和多流资源模式两种录制方式，电影模式复合画面和接入的视频流均可选择性单独录制并保存在录播主机里，便于老师后期通过各场景的独立视频文件进行非编、合成等。\n12、手动导播方式支持本地导播、远程导播等，录播主机至少支持 2 路 HDMI 画面的输出，可分别支持本地导播画面输出和录制的最终画面输出到观摩室显示大屏中。\n13、为了减少线路故障及减少装修成本，高清录播主机应支持POC 供电，高清录播主机应支持 POC 供电，支持通过一条标准 SDI线连接高清云台摄像机，即可实现视频传输、供电和云台控制功能。\n14、支持 HTTP、RTMP、RTSP 多种直播视频流协议，支持 TCP 和UDP 传输协议。\n15、提供虚拟抠像功能，可实现录播课室录课与校园虚拟电视台直播两种场景使用。至少支持 1 路视频可蓝、绿背景抠像，实现虚拟背景渲染叠加，完成校园电视台虚拟直播的使用需求。\n16、支持虚拟背景与抠像前景进行实时叠加。支持虚拟背景预览选择，叠加后效果输出前预览。\n17、跟踪系统应不影响教师正常的教学，教师和学生无需佩戴任何辅助设备，也无需在座椅安装辅助设施，更不需使用有要求的课座椅，要求采用图像识别跟踪技术，有较强的防干扰性。\n18、所投录播主机无故障运行时间 MTBF 大于 100000 小时",null,null,"D3700","套",1,20000,{"$f":"I4*H4","v":20000},null,null,null,1,"套","AVA","AE-A7K Pro",19000,{"$f":"R4*N4","v":19000}]
[2,"录播管理系统","流媒体管理软件：\n1、嵌入式管理系统，内置于主机中，实现紧密无缝结合；基于B/S 架构，兼容 IE 等浏览器。\n2、支持直播、录制、点播在主机中实现并同时提供使用功能。\n3、人性化界面的管理，首页即可实现预览功能，显示直播中的画面，主讲人，主题等信息。\n4、支持多种码流录制并可自定义录制参数，彰显人性化管理。\n5、直播/录制采用现最流行的视频格式 MP4，支持通用的播放器或嵌入网页方式播放。\n6、系统具有日记记录功能，记录系统运行、登录等等信息。支持远程升级功能。\n7、支持用户认证管理及用户分级别管理，登录后才能观看或下载相应级别的直播节目。管理员具有注销其它登录用户功能，确保资源的合理使用。\n8、支持硬盘格式化功能，支持对设备异常断电、宕机造成的损坏视频文件进行修复。\n9、支持多种逻辑跟踪技术，支持自定义教师、学生的画面布局，支持学生起立回答问题时切换为“学生特写画面”或者“教师与学生双分屏互动画面”。支持 VGA 信号自动检测跟踪，支持自定义 VGA 保留时间。\n10、流媒体管理软件需取得著作权。\n流媒体直播软件：\n1、支持自定义直播分辨率、码流大小，以适应不同网络环境下保持直播的流畅性。提供超清（1080P/4Mbps）、高清（720P/2Mbps）、标清（960*540/1Mbps）等多种直播分辨率与码流可选。\n2、支持跨网段、广域网的直播和点播、支持组播、单播，适用与各种网络环境；网络服务端口可支持自行定义功能。流媒体直播非网络延时<=1 秒。\n3、支持 RTMP 推流功能，除录播向资源平台实现 FTP 推流上传外，至少额外支持 3 路以上 RTMP 推流功能，实现与第三方平台和系统的推流对接。\n4、录制、直播分辨率支持主码流和子码流，导播平台应支持管理员在导播平台对主、子码流的视频录制、直播参数进行设置。主码流的分辨率应有“超清”、“高清”、“标清”、“低清”、“流畅”可选；子码流的分辨率应有“标清”、“低清”、“流畅”可选，码流分辨率支持自定义设置。便于用户在不同网络条件下自由切换高标清模式，保证视频流畅性。\n5、支持 VLC 缓冲设置功能，可精确到毫秒，缓冲时间阈值280~500ms 可设。\n6、流媒体直播软件需取得著作权。\n流媒体导播软件：\n1、提供满足课程录制功能的导播操作平台。应支持本地导播和远程导播两种方式。本地导播：可直接在录播主机接入鼠标、键盘、显示器，进行本地导播，保证导播具有较好的实时性和流畅性。远程导播：导播软件内嵌到录播主机中，应采用 B/S 架构设计，能够方便教师使用浏览器通过网络直接访问导播平台，快速进行登录与操作。\n2、导播平台须满足基本的录课导播功能，包括教师、学生、课件的画面切换，添加 LOGO 和字幕，切换特效、云台摄像机焦距调节、多画面显示布局等功能。\n3、导播平台至少支持包括 5 路摄像机画面、1 路教师电脑画面，并可直接使用鼠标点击预览窗口进行画面切换。\n4、当教师或管理员进行手动导播录课时，导播软件应具有鼠标快速定位功能，同时支持鼠标滚轮调节画面焦距；并且云台摄像机应具有预置位功能，每路摄像机至少支持 8 个预置位。\n5、提供多样化的转场特效，使画面切换更加柔和、不突兀。至少提供 11 种转场特效，包括淡入淡出、渐变、左侧/右侧划入等。\n6、支持在导播过程中叠加预设的 LOGO，且 LOGO 位置应可根据教师意愿进行调整。\n7、支持在导播过程中添加字幕，字幕内容可根据教师需求进行预设或临时输入，至少支持 5 条字幕预设。应满足教师的多样性字幕需求，要求可设置字幕颜色、字体描边、字幕背景，字幕大小、位置可任意设置，导播过程中可简单快速地通过鼠标拖动字幕位置。\n8、导播平台应具备智能自动切换功能的预设，即通过不同的优先级、逻辑自定义各种智能切换模式，如跟踪切换模式、课件VGA 保留时间、设定间隔时间自动切换到学生画面等。\n9、流媒体导播软件需取得著作权。\n流媒体点播软件：\n1、为方便资源管理，系统需支持对录制视频按标题、主持人、时间、时长进行排序；可按照主题、主讲人进行分组展示；\n2、支持高、低双码流录制功能，支持自定义录制分辨率、帧率和码流，码流 512kbps 到 40Mbps 可设。支持对视频文件进行点播回放，支持拖拽播放进度条播放；\n3、录制文件支持分割技术，当录制的课程时间较长时，可按照用户设定的文件时长自动分割录制成多个视频文件，提供不分段、30 分钟分段、60 分钟分段三种方式可选。\n4、支持对资源模式和电影模式同步多流录制的视频进行管理和点播，点播分辨率达 1080P； 5、支持查询视频文件的分辨率、帧率和码流；\n6、支持录像文件和对应 PPT 课件下载；\n7、支持对视频进行手动 FTP 上传。\n8、流媒体点播软件需取得著作权。",null,null,"V4.5","套",1,8500,8500,null,null,null,1,"套","AVA","V8.1",20000,20000]
[3,"数字音频处理器","1、自带中英文操作软件，直观、图形化软件控制界面。\n2、音频输入：支持 8 路话筒/线路输入，4 路立体声输入，支持选择多种电平的音源输入，支持幻像供电功能。\n3、音频输出：支持 4 路音频输出；\n4、采样率：48kHz 。A/D、D/A 转换。\n6、支持通道拷贝、粘贴、联控功能。\n7、输入通道：前级放大、扩展器、3 段参量均衡。\n8、输出通道：5 段参量均衡、高低通滤波器、限幅器。\n9、自适应反馈消除功能（AFC）：采用自适应处理的方式对现场扩声系统的啸叫进行有效的消除。\n10、智能自动增益控制（AGC）：自动提升和压缩话筒音量，使之以恒定的电平输出。\n11、自适应噪声消除（ANC）：自动噪声消除根据环境的声场变化自动进行噪声消除。\n12、全功能矩阵混音功能。\n13、支持 M-LAN*多用途数据传输及控制端口。\n14、RS-232 双向串行控制接口用于控制外部其它设备如：视频矩阵等 RS-232 设备，或接收第三方 RS－232 控制，如 AMX、Crestron。\n15、设备具备回声消除、反馈啸叫消除、自动噪声消除功能",null,null,"AU206","台",1,2000,2000,null,null,null,1,"台","AVA","IAM-804",3840,3840]
[4,"采访话筒","1、单体：背极式驻极体\n2、指向性：超心型\n3、频率响应：40Hz—16kHz\n4、低频衰减：内置\n5、灵敏度：-29dB±3dB（1dB=1V/Pa at 1kHz） \n6、输出抗阻：500Ω±20%（at 1kHz） \n7、最大声压级：130dB（T.H.D≤1% at 1kHz） \n8、信噪比：70dB（1KHz at 1Pa） \n9、动态范围：106dB（1kHz at Max SPL）\n10、使用电源：48V 幻象电源（48V DC），2mA",null,null,"MK240","支",6,500,3000,null,null,null,6,"支","AVA","AT-680",680,4080]
[5,"无线领夹话筒","1、射频范围：740MHz---790MHz\n2、调制方式：FM\n3、振荡方式：PLL\n4、频道宽度：250KHz\n5、信噪比 S/N：>105dB\n6、频率响应：40Hz~18KHz(±3dB)\n7、接收方式：自动选讯接收\n8、发射器：手持式、腰包式\n9、发射功率： 10mW",null,null,"自采产品","支",1,900,900,null,null,null,1,"支","AVA","GTS-968",1840,1840]
[6,"高清特写摄像机","1.图像传感器：1/2.7 英寸，逐行扫描 CMOS，212 万像素\n2.焦距：f=4.7mm -94.0mm\n3.光圈：F1.6-F3.5\n4.光学变焦：20 倍\n5.数字变焦：16 倍\n6.视场角：60.7° ~ 3.36°\n7.聚焦系统：自动，手动，PTZ 触发、一键触发\n8.最低照度：0.5Lux (彩色)，0.1Lux (黑白)\n9.白平衡：自动、室内、室外、一键触发、手动、自动跟踪、钠灯、日光灯\n10.水平范围：-170°~+170° 垂直范围：-30° ~ +120°\n11.水平转动速度：1.0° ~ 94.2°/s 垂直转动速度：1.0° ~ 74.8°/s\n12.预置点数目：255 个。\n13.视频格式：1080P60、1080I60、1080P30、720P60、1080P50、1080I50、1080P25、720P50\n14.分辨率：最高支持 1920×1080@60fps 视频压缩：H.265、H.264 音频压缩：AAC 网络协议：HTTP、TCP、UDP、RTSP、RTMP、ONVIF。\n15. HDMI 接口：HDMI V1.3 标准；BNC 接口：1 路标准 3G-SDI接口，1 路 POC 3G-SDI 接口。\n16.电源：POC，实现摄像机与录播主机的 POC 对接方式，即视频、供电、控制信号传输采用同一根 SDI 线完成。考虑到设备的扩展性，也支持 12VDC 供电。\n17.音频输入：一路 LINE IN。\n18.网络接口：10M/100M 自适应以太网接口。\n19.控制接口：1 路 RS-232，1 路 RS-485；控制协议：VISCA 并支持菊花链/ PELCO-P / PELCO-D。\n20.标配 1 路 USB 接口，1 路红外信号透传输出接口。\n21.为保证兼容性，要求要求摄像机与录播主机为同一品牌",null,null,"ZQ-HDC80","台",3,4500,13500,null,null,null,3,"台","AVA","AX-C22P",3200,9600]
[7,"高清全景摄像机","1.图像传感器：1/2.7 英寸，逐行扫描 CMOS，212 万像素\n2.焦距：f=4.7mm -94.0mm\n3.光圈：F1.6-F3.5\n4.光学变焦：10 倍\n5.数字变焦：8 倍\n6.视场角：60.7° ~ 3.36°\n7.聚焦系统：自动，手动，PTZ 触发、一键触发\n8.最低照度：0.5Lux (彩色)，0.1Lux (黑白)\n9.白平衡：自动、室内、室外、一键触发、手动、自动跟踪、钠灯、日光灯\n10.水平范围：-170°~+170° 垂直范围：-30° ~ +120°\n11.水平转动速度：1.0° ~ 94.2°/s 垂直转动速度：1.0° ~ 74.8°/s\n12.预置点数目：255 个。\n13.视频格式：1080P60、1080I60、1080P30、720P60、1080P50、1080I50、1080P25、720P50\n14.分辨率：最高支持 1920×1080@60fps 视频压缩：H.265、H.264 音频压缩：AAC 网络协议：HTTP、TCP、UDP、RTSP、RTMP、ONVIF。\n15. HDMI 接口：HDMI V1.3 标准；BNC 接口：1 路标准 3G-SDI接口，1 路 POC 3G-SDI 接口。\n16.电源：POC，实现摄像机与录播主机的 POC 对接方式，即视频、供电、控制信号传输采用同一根 SDI 线完成。考虑到设备的扩展性，也支持 12VDC 供电。\n17.音频输入：一路 LINE IN。\n18.网络接口：10M/100M 自适应以太网接口。\n19.控制接口：1 路 RS-232，1 路 RS-485；控制协议：VISCA 并支持菊花链/ PELCO-P / PELCO-D。\n20.标配 1 路 USB 接口，1 路红外信号透传输出接口。\n21.为保证兼容性，要求要求摄像机与录播主机为同一品牌",null,null,"ZQ-HDC8A","台",2,2500,5000,null,null,null,2,"台","AVA","AX-C22P",3200,6400]
[8,"辅助定位摄像机","嵌入式录播用内嵌图像分析程序摄像机， 内嵌教师位置、 学生\n位置、 板书位置图像分析算法（三种模式任选其一） ， 即模\n式选择随安装位置而定。\n技术参数：\n1)成像器件： 1/3\"高清 CMOS；\n2)有效像素： 1920(H)X1080(V),2 mega pixel；\n3)信噪比： ≥50db(AGC OFF)；\n4)网络接口： 10/100M 网络自适应， RJ45 适配器；\n5)视频编码： H.264 Main Profile, Baseline 编码 MJPEG 编码；\n6)电源： DC 12V；\n7)协议支持： TCP/IP,UDP,RTP,RTSP；设备功率： 2W， (5W IR)；",null,null,"3570G","台",3,800,2400,null,null,null,3,"台","AVA","ITS-T100/ITS-S100/ITS-B100",2000,6000]
[9,"智能跟踪系统","智能图像识别， 结合具体的场合能够实现多个活动的过程的识别跟踪， 直接对录制视频图像进行分析， 无需在教室安装任何定位设备（辅助摄像机除外）,完全实现常态化教学。 (含板书跟踪、 鼠标移动侦测)； 抗干扰能力： 采用领先的防抖动人体特征跟踪算法， 图像识别系统完全不受光线、 声音、 电磁等外在的环境影响； 系统结构： 设计合理， 结构简单， 实现全自动的跟踪识别； 定位与实时： 自动识别目标位置、 实时控制摄像头精确定位， 并且能够特写模式拍摄",null,null,"V1.0","套",1,12000,12000,null,null,null,1,"套","AVA","AVA定位分析软件",6000,6000]
[10,"录制面板","1、一键式录播控制，简单快速完成录播直播与画面切换等操作，包括：录播、暂停、停止、锁定 VGA 画面，开关机按键可以实现开启录播设备和关闭录播设备功能。\n2、一键发起与远端设备互动连接；支持通过交互控制面板切换互动画面的信号源，并传输到听课室，包括本地老师信号、学生信号、电脑信号、远端课室画面；\n3、一键式模式切换，可以实现手动模式和自动模式切换，手动模式下可以实现画面切换。",null,null,"2750C","套",1,500,500,null,null,null,1,"套","AVA","KP-8P3A",800,800]
[11,"导播控制台","1、支持远程操作录播主机的开关机；\n2、与录播系统同品牌。\n3、采用 USB 接口连接录播主机。\n4、具备手动导播功能、摄像机控制功能，而且导播切换与摄像控制功能区域分开，便于手动操纵导播控制台。\n5、具备 6 路视频切换控制，具备直接切换和特技切换两种，具备一路摇移操纵杆控制，达到精确控制和录制的目的，更加便于用户录制出自己所需要的影像效果。\n6、摄像机的云台及镜头拉伸控制，摄像机五个预制位控制。",null,null,3660,"台",1,6800,6800,null,null,null,1,"台","AVA","DCP-1000",2400,2400]
[12,"电源管理器","1、向录播视频系统、音频系统、显示系统提供统一的、至少八路电源管理；\n2、支持对录播系统控制功能，实现通过录制面板一键启动录播系统相关设备的电源；\n3、支持录播系统的远程集中统一控制，实现录播主机远程开关机；",null,null,"CM-07A","套",1,1500,1500,null,null,null,1,"套","AVA","RY-8",800,800]
[13,"音箱","1、内置标砖 HF 线性，释放纯粹而清透的声音，确保较高的保真度箱体单元组合技术，消除了低频信号的谐波失真，使音箱的低音更加纯正\n2、超高性能的驱动器单元，可以实现高效率、高功率输入带来高声压级极低失真的内在表现，长期使用表现出良好的耐用性\n3、采用对称斜面屏障设计，配置的扬声器排成阵列，喇叭单元上下方向排列的指向性可使声音在水平方向均匀地扩散，获得很好的声场均匀度\n4、扬声器箱体采用特殊乙烯树脂一次注塑成型，箱体轻巧坚固（5）（5）频率响应 20Hz-20KHz，+0/0.5dB 1W/8Ω \n5、高音单元：1＂ \n6、低音单元：6.5＂ \n7、频率响应：60Hz-20KHz\n8、阻抗： 6Ω 9、功率：60W(RMS) 120W(PEAK)\n10、灵敏度：91dB\n11、最大声压级：105dB",null,null,"自采产品","对",1,1000,1000,null,null,null,1,"对","AVA","CS-305",1480,1480]
[14,"功放","1、1U 的机身更耐用可靠更轻巧，质量好稳定性高，低噪音。\n2、各通道配置独立、可扫描高／低通滤波器可优化超低音扬声器或整个系统的输出。\n3、电源采用高涟波电流电解电容有效提高低频氛围感更耐可靠用。\n4、提供综合保护措施包括 DC 检测、热保护、电流限制和衰减器保护。\n5、频率响应 20Hz-20KHz，+0/0.5dB 1W/8Ω 6、输出功率 2x200W (8Ω) ，2x350W (4Ω) 7、信 噪 比 100dB(at 8Ω @1kHz)\n8、交调失真 ≤-90dB\n9、转换速率 ≥25V/us\n10、负载阻抗 4-8Ω\n11、灵敏度级 0dB(0.775V) (at 8Ω rated output)\n12、电 源 220V/50Hz-60Hz\n13、总谐波失真 <0.01%(8Ω,60Hz-7KHz)",null,null,"自采产品","台",1,1500,1500,null,null,null,1,"台","AVA","AM-1200",1480,1480]
[15,"幕布",null,null,null,"自采产品","套",1,12000,12000,null,null,null,1,"套",null,null,null,0]
[16,"导播无线鼠键套",null,null,null,"自采产品","套",1,200,200,null,null,null,1,"套",null,null,null,0]
[17,"线材",null,null,null,"自采产品","批",1,3500,3500,null,null,null,1,"批",null,null,2000,2000]
[18,"服务器","(1）规 格:19 英寸工业标准 2 路 1U 机架式\n(2）处理器: Intel Xeon E5-2609V4*2 颗 8 核心 1.7GHZ \n(3）内 存:32G 16GB*2DDR4-2133 最大支持 768G\n(4）硬 盘:6T SAS 7.2K *2 块 热拔插 2.5 最大支持 12 块 3.5\n(5）RAID 功能：配备 1 张独立 PERC 阵列卡 H730-2G RAID 控制器，支持 RAID 0、1、5、6 等\n(6）网 卡：集成双口 Intel 千兆网卡\n（7）配件：DVD-RW 光驱，前置故障诊断模块\n（8）电源风扇：白金级 热插拔 750W*2 冗余电源\n（9）管理模块：带生命周期控制器的 iDRAC8Express,\n（10）智能自动化实现创管理 DELL OPENManage 系统管理产品数据中心硬件进行监控和控制；快速部署,快速配置复制，自动化偏移检测。\n（11）保修服务：原厂下单，三年质保，7*24 4 小时上门 。",null,null,"自采产品","台",2,12000,24000,{"$nulls":7},{"$f":"SUM(R4:R20)","v":68720}]
[19,"导播电脑","(1）处理器: 英特酷睿 I7-7700 处理器（4 核心）\n(2）内 存:4G DDR4 2133MH\n(3）硬 盘:1TB 7200 RPM 3.5 SATA HARD DAIVE 3 年硬盘不返还服务。\n(4）主板：Intel H110 芯片\n(5）操作系统：WINDOWS 7 专业版操作系统：平均无故障时间 100万小时\n（6）机箱电源：可立可卧 17.3L,电源 290W \n（7）键盘及接口：USB 防水键盘鼠标，接口：8 个 USB,4 个 3.0端口\n（8）显示器：21.5 寸 LED 宽屏显示器，与主机同一品牌\n(9）保修服务：整机原厂原价，三年上门质保服务。",null,null,"自采产品","套",1,4500,4500]
[20,"讲台显示器","1.显示器尺寸≥21.5 寸，分辨率 1920*1080。\n2.电源线和数据线为下方向上插，主要是方便安装在讲台上。\n3.显示器屏不能有亮点和坏点。\n4.有 VGA 或高清 HDMI 输入口（根据实际配套从交互平板引视频信号到本显示器）",null,null,"自采产品","台",1,800,800]
[21,"分屏电视机","60 英寸以上高清 LED 液晶屏；分辨率支持 1920*1080；输入接口：HDMI、VGA；支持壁挂式安装",null,null,"自采产品","台",4,2500,10000]
[22,"多媒体讲台","1、讲台整体采用分体式结构，长 1100mm、宽 780mm、高 1030mm。显示器位置能容纳 22 寸显示器安装。\n2、上箱体采用 1.2mm 高强度冷板折弯焊接成型，桌面表面优质木板台面采用 13mm 厚度防划痕木纹面扳，防静电；下箱体采用优质钢板折弯焊接成型，表面使用绿色环保无溶剂塑粉静电喷涂处理。\n3、上箱体颜色为哑光灰白色，表面进行皮纹处理；上箱体前端中央位置设置专门的 Logo 印刷区域，方便学校印刷 Logo，加强校园文化宣传；上、下箱体四周均采用小圆弧边角设计，有效降低直楞伤害的同时提高产品视觉感受。如图\n4、上箱体两侧的扶手结构采用人机工程学设计，符合使用者的使用习惯，有效降低长期站立使用时的疲劳感。\n5、讲台后侧面带滑轨抽拉抽屉，可放置黑板檫、无线键盘、无线鼠标、环保书写笔、领夹话筒等常用校具，展台右侧抽拉，便于操作使用。\n6、桌体设置柜门，桌体内部可储存环保书写套装等常用校具。桌底部配置接地线连接头以防漏电与静电.讲台内置布线系统。一把钥匙控制所有锁。\n7、下箱体采用模块化设计，可实现分拆组装，内部采用机柜式标准设计。\n8、下箱体设置百叶窗式散热通风孔，结合下箱体内部设备情况及讲桌整体外观确定百叶窗的数量和排列形式。\n9、下箱体底座过线孔均采用敲落孔方式。\n10、全部的加工件均为模具冲压成型，采用先进的工装夹具、全自动焊接工艺。",null,null,"自采产品","套",1,1200,1200]
[23,"录播设备专用机柜","42U 机柜",null,null,"R11","个",1,1800,1800]
[24,"观摩室显示器","50 英寸以上高清 LED 液晶屏；分辨率支持 1920*1080；输入接口：HDMI、VGA；支持壁挂式安装",null,null,"自采产品","台",2,1500,3000]
[25,"其他设备和线材",null,null,null,"自采产品","项",1,3500,3500]
[26,"辅材调试",null,null,null,"自采产品","批",1]
[27,"学生桌椅板凳","单人单桌，钢木结构桌子（样式由校方选定）可组合成圆桌，桌面：尺寸直径 1300mm ，桌子高度600mm/650mm/700mm/720mm/750mm；采用 E1 级高密度板，PVC 高温封边凳子：尺寸：380*450*700mm/720/750mm/ 780mm/800mm； 实木板贴防火桌凳脚：1.2 ㎜品质椭圆管脚套：原料 PP 注塑成型，防滑静音设计",null,null,"自采产品","套",50,280,{"$f":"I30*H30","v":14000}]
[28,"空调","柜式机 3P（教室），环保、节能、换气",null,null,"自采产品","台",2,4500,9000]
[29,"空调","壁挂式空调 1.5P（观摩室），环保、节能、换气",null,null,"自采产品","台",1,2000,2000]
["录播教室隔音装修"]
[1,"室内灯光","led 平板灯：光源类型：贴片\n发光方式：侧发光,外型尺寸规格：600*600mm\n功率：36W ,输入电压：DC 24V\n光通量：80-100lm/w,表面照度：>6000lux,色温：3000-6500k\n材质： 铝合金+（光学级）亚克力,防护等级：IP40\n寿命：>50000H,显色性：Ra>75,灯珠使用寿命 5 万小时\n从绿色照明设计方面考虑，LED 面板灯材料环保、功耗小，发光效率、照明亮度等方面均要优于格栅灯，真正做到白天赏灯，晚上照明。其正逐步取代以 T8 日光灯为光源的格栅灯。LED 面板灯的寿命是日光灯的 10 倍。",null,null,"定制","盏",30,120,{"$f":"I34*H34","v":3600}]
[2,"室内吊顶","1.4cm600*600 规格矿棉板，采用轻钢龙骨+螺纹吊杆固定。单价中包含人工、主材、辅材费用。实际面积*110%（实际浪费面积）(10000x800)",null,null,"定制","m2",92,95,8740]
[3,"室内墙面施工","吸音处理等按录播厂家标准执行。龙骨+聚酯纤维板，离地 1.8米[（1000+800）*1.8*2，(800*1.8)*2]",null,null,"定制","m2",122,110,13420]
[4,"室内墙面施工","1.2 木质面冲孔吸音板直接安装，离地 1.2 米高 1.2 米 [（1000+800）*1.2*2，(800*1.8)*2]",null,null,"定制","m2",122,100,12200]
[5,"室内墙面收边条","2*0.5PVC 收边条（窗台及条形木质吸音板收边）",null,null,"定制","M",100,15,1500]
[6,"讲台","木龙骨+1.5 实木木工板为标准（4 米*2 米*0.2）",null,null,"定制","个",1,40,{"$f":"I39*H40","v":400}]
[7,"讲台收边条","铝合金收边条（讲台楼梯扣边条）",null,null,"定制","M",10]
[8,"室内墙面施工(基层)","以木龙骨+九厘板板为标准。单价中包含人工及辅材费用(3.3 米*36 米）*单面",null,null,"定制","m2",122,80,{"$f":"I41*H41","v":9760}]
[9,"单向透视玻璃贴膜","12mm 强化清玻璃，贴单向私密银透视膜，(观膜室制定光线比录播室弱能达到单向观模)(120cm*400cm)含安装及贴膜费用",null,null,"定制","m2",4.8,88,422.4]
[10,"不锈钢收边","单向透视玻璃四周 U 形 0.6mm 拉丝不锈钢边条收边（20mm+50mm+55mm*10.4）*2",null,null,"定制","m2",2.6,45,117]
[11,"室内地板处理","采用 1.2 厚强化木地板进行教室地面降噪处理，按录播厂家标准执行。最终结算以实际收方量计算。单价中包含人工、主材、辅材费用。实际面积*110%（实际浪费面积）",null,null,"定制","m2",92,100,9200]
[12,"室内强电布线","强电穿 PVC 线管保护，采用线材需达国标标准。施工内容包括灯光布置中的布线，灯光控制开关的安装、暗槽敷设及面板等费用。单价中包含人工、主材、辅材费用。",null,null,"定制","m2",92,130,11960]
[13,"室内弱电布线","按录播教室设备要求布线点布置。单价中包含人工、主材、辅材及暗槽敷设等费用。",null,null,"定制","m2",92]
[14,"防盗门","防火防盗门，钢制材质",null,null,"定制","扇",2,1800,{"$f":"I47*H47","v":3600}]
[15,"隔音玻璃窗","断桥中空玻璃窗，铝合金材质",null,null,"定制","m2",40,150,{"$f":"I48*H48","v":6000}]
[{"$nulls":5},"定制",null,null,"合计：",{"$f":"SUM(J34:J48)","v":80919.399999999994}]

{"sheet":"22、阅卷系统","index":21,"n_rows":6,"n_cols":12,"rows_kept":6,"cut":false,"hidden":false,"merged":[[0,0,0,11],[4,2,5,2],[4,6,5,6],[4,7,5,7]]}
["22、阅卷系统"]
["序号","设备名称","招标参数","厂家参数","偏离项","型号","单位","数量","单价","总价","品牌","备注"]
[1,"网上阅卷系统","1、系统应具有客观题自动阅卷、主观题网上评卷及成绩数据自动统计分析功能。系\n统建成并投入使用后，能达到提高阅卷效率、降低考试成本、减轻阅卷教师负担，\n实现模拟高考、中考网上阅卷的目的。\n2、能与本部校区现有网上评卷系统协同工作，在数据平台上无需转换实现无缝对接。\n2.1、学校层面具有统计分析各科目各年级的学习成绩，全面掌握教学质量和学生学\n习情况功能；\n2.2、教师可得到学生得分率、题目的难易度、知识点掌握度，了解学生掌握情况并\n在教学中加强讲解薄弱点；；\n2.3、家长层面可以与学校、老师互动，通过学生端 APP 可以查看学生的学习知识的\n掌握情况；\n2.4、学生可以通过手机 APP 第一时间查询考试成绩，网上阅卷让学生更适应中高考\n答题模式，历次成绩分析功能方便学生自我比较 2.7、可自动生成个人、学校的简明\n报表、详细报表、对比报表、汇总报表、成绩分布报告、名次分布报告；可按选择\n字段自动生成报表；\n2.5、必须支持答卷扫描与客观题涂点识别同步完成， 扫描后无须另行进行识别工\n作；扫描识别不需要专门的图形加速卡；\n2.6、扫描时能自动判别是否本科目答题卡，以及允许多个方向进纸。\n2.7、支持第三方评卷数据的导入进行成绩分析。\n2.8、必须通我校现有的扫描设备兼容。\n4.1、提供的数据库软件和 web 服务软件必须是正版软件或开源数据库、自由软件。\n4.2、提供的阅卷软件和扫描设备拥有国内完全自主知识产权。",null,null,null,"套",1]
[2,"智能高速图像扫描阅读机","1.1、答题卡支持 60 克-120 克普通纸双面单色（黑白）印刷，印刷方式可以是胶印、\n速印、静电复印或激光打印；答题卡可以由使用单位使用 word 自行设计，答题卡模\n板设计无须进行代码编程；除了能识别自己格式的答题卡外也必须能扫描识别高考\n适应性考试的网上阅卷答题卡；\n1.2、扫描识别速度：200DPI 灰度双面扫描时，Ａ3 ≥100 张/分钟，Ａ4≥150 张/\n分钟；\n1.3、高速扫描设备使用双 1000M 网络接口，提高图像上传带宽，保证实时高速扫描 。\n1.4、为了扫描的连续、实时、稳定性，需采用专用客户端（不能采用浏览器）进行\n扫描。1.5、系统支持多点扫描、多点阅卷等联考和统考的灵活要求，便于更好方便的整合\n利用资源，提高资源的使用效率。",null,null,null,"台",1]
[3,"条码打印机","打印的条码必须能在拟购的网上评卷系统中使用，需要的数据格式就是导入网评系\n统的数据，无需另行做格式转换，操作简便。",null,null,null,"套",1]
[4,"条码打印软件"]

{"sheet":"23、数字采集设备","index":22,"n_rows":13,"n_cols":12,"rows_kept":13,"cut":false,"hidden":false,"merged":[[0,0,0,11]]}
["23、数字采集设备系统"]
["序号","设备名称","招标参数","厂家参数","偏离项","型号","单位","数量","单价","总价","品牌","备注"]
[1,"单反照相\n机","传感器类型 CMOS>\n传感器尺寸 全画幅（36*24mm）\n传感器描述 自动，手动，添加除尘数据\n有效像素 1810 万高像素更多同价位高像素相机>拍摄样张>\n影像处理器 双 DIGIC 5+和单 DIGIC 4\n最高分辨率 5184×3456\n图像分辨率 L（大）：约 1790 万像素（5184×3456）\nM1（中 1）：约 1420 万像素（4608×3072）\nM2（中 2）：约 800 万像素（3456×2304） S（小）：约 450 万像素（2592×1728）\nRAW：约 1790 万像素（5184×3456） M-RAW：约 1010 万像素（3888×2592） S-RAW：约 450 万像素（2592×1728）\n高清摄像 1080（全高清）1080P 全高清\n镜头特点\n镜头说明 镜头卡口：EF 卡口\n对焦方式 单次自动对焦，人工智能伺服自动对焦，手动对焦（MF）\n对焦区域 定点自动对焦（手动选择），单点自动对焦（手动选择），自\n动对焦点扩展（手动选择：上，下，左和右），自动对焦点扩展（手动\n选择：周围），区域自动对焦（手动选择），61 个自动对焦点自动选择\n对焦点数 61 点（最多 41 个十字型对焦点）\n可利用的自动对焦点和十字型对焦点数量根据镜头而不同。对焦点越高\n对焦面积越广\n对焦辅助方式 通过 EOS 专用外接闪光灯发出\n变焦类型 变焦环\n显示功能\n显示屏类型 高清屏实拍图>\n显示屏尺寸 3.2 英寸实拍图>显示屏像素 104 万像素液晶屏\n液晶屏特性 亮度调节：手动（7 级）\n电子水准仪：具备\n反光镜：快回型\n景深预览：具备\n快门性能\n快门类型 电子控制焦平面快门\n快门速度 30-1/8000 秒，B 门（总快门速度范围。可用范围随拍摄模式\n各异。）\n闪光同步速度 1/250 秒+A4\n闪光灯\n闪光灯类型 外接\n外接闪光灯(热靴) 支持\n曝光控制\n曝光模式 程序自动曝光（P），快门优先自动曝光（S），光圈优先自动\n曝光（A），手动曝光（M），B 门曝光\n曝光补偿 手动：在±5 级间以 1/3 或 1/2 级为单位调节\n自动包围曝光：在±3 级间以 1/3 或 1/2 级为单位调节（可与手动曝光\n补偿组合使用）\n存储参数\n存储卡类型 I 或 II 型 CF 卡，UDMA 模式 7 兼容\n双 CF 卡插槽\n文件格式 图片：JPEG，RAW，可以同时记录 RAW+JPEG\n视频：MOV（MPEG-4 AVC/H.264，可变（平均）比特率）\n电池性能\n电池类型 锂电池（≥2450mAh）\n电源性能 电池信息：显示剩余电量、快门释放次数和充电性能\n续航能力 使用取景器拍摄：23℃时约 1120 张、0℃时约 860 张\n使用实时显示拍摄：23℃时约 290 张、0℃时约 250 张\n短片拍摄时间：23℃时约 2 小时 10 分钟、0℃时约 2 小时（使用充满电\n的电池 LP-E4N）\n其它参数\n产品接口 HDMI C 型\n立体声音频输出\n外接麦克风：3.5 毫米立体声微型插孔\n遥控端子：与 N3 型遥控器兼容\n以太网端子：RJ-45 端子，千兆以太网兼容\n系统扩展端子：用于无线文件传输器 WFT-E6C\n打印模式 兼容 PictBridge\n可打印图像：JPEG 和 RAW 图像\n打印指令：兼容 DPOF1.1 版\n其他功能\n幻灯片播放：全部图像，以日期，以文件夹，短片，静止图像或评分\n时间保留功能：日期/时间电池：CR2025 锂电池（1 个）\n电池： 2\n存储卡： 2\n专用包： 1",null,null,"佳能1DX3","套",2,49700,{"$f":"I3*H3","v":99400}]
[2,"广角镜头","镜头画幅 135mm 全画幅镜头\n镜头分类 单反镜头\n镜头用途 超广角镜头镜头类型 定焦\n镜头结构 11 组 14 片\n镜头卡口 EF 卡口\n变焦方式 无变焦\n驱动马达 USM\n光学参数\n最大光圈 F2.8\n最小光圈 F22\n光圈叶片数 6 片\n焦距范围 14mm\n最近对焦距离 0.2m\n最大放大倍率 0.15 倍\n视角范围 水平：104 度\n垂直：81 度\n对角线：114 度",null,null,"佳能EF 14mm f/2.8L II ","支",2,16900,{"$f":"I4*H4","v":33800}]
[3,"长焦镜头","镜头画幅 135mm 全画幅镜头\n镜头分类 单反镜头\n镜头用途 中长焦镜头\n镜头类型 变焦\n镜头结构 16 组 23 片\n镜头卡口 EF 卡口\n变焦方式 伸缩式镜头\n滤镜尺寸 77mm\n驱动马达 USM\n遮光罩 EW-83G\n光学参数\n最大光圈 F3.5\n最小光圈 F22-F32\n光圈叶片数 8 片\n焦距范围 28-300mm\n最近对焦距离 0.7m\n最大放大倍率 0.3 倍\n视角范围 水平：65-6 度 50 分\n垂直：46 度-4 度 35 分\n对角线：75 度-8 度 15 分",null,null,"佳能EF 28-300mm f/3.5-5.6L IS USM","支",2,19000,38000]
[4,"闪光灯","高速同步机顶灯\n闪光类型 专业闪光灯\n曝光控制 E-TTL II/E-TTL/TTL 自动闪光，手动闪光，频闪闪光，自动\n／手动外部闪光测光\n涵盖范围 20-200mm，使用广角散射版可覆盖 14mm\n闪光时间 1/1 功率：约 1/890 秒\n1/2 功率：约 1/1200 秒\n1/4 功率：约 1/2800 秒\n1/8 功率：约 1/5600 秒\n1/16 功率：约 1/9700 秒\n1/32 功率：约 1/15000 秒\n1/64 功率：约 1/23000 秒\n1/128 功率：约 1/34000 秒\n闪光指数 60\n回电时间 普通闪光：约 0.1-5.5 秒快速闪光：约 0.1-3.3 秒\n闪光范围 普通闪光：约 0.5-27.8 米\n快速闪光：约 0.5-14.8 米（闪光指数为 20.8 时）\n高速同步：约 0.5-14.7 米（1/250 秒时）\n闪光次数 约 100-700 次闪光",null,null,"佳能600EX-RT II","台",2,3350,6700]
[5,"单反三脚\n架","专业碳纤维便携反折摄影三脚架",null,null,"莱图LS284","副",2,1950,3900]
[6,"高清摄像\n机","产品定位 专业摄像机\n传感器类型 Exmor RS CMOS\n传感器尺寸 1 英寸（13.2×8.8mm）\n最大像素 2000 万\n有效像素 1420 万\n镜头参数\n光学变焦 12 倍\n实际焦距 f=9.3-111.6mm\n等效 35mm 焦距 f=29.0-348.0mm\n最大光圈 F2.8-4.5\n滤镜直径 62mm\n显示参数\n液晶屏尺寸 3.5 英寸\n液晶屏像素 156 万\n取景器描述 0.39 英寸 OLED，约 144 万像素\n拍摄性能\n对焦范围 广角：10mm-无穷远，长焦：1000mm-无穷远\n快门描述 [60i]：1/8-1/10000（以 24p 拍摄时为 1/6-1/10000）\n[50i]：1/6-1/10000\n最低照明度 1.7lux\n白平衡 自动，预设（室内：3200K，室外：5600K±7 级，色温设置范围：\n2300-15000K），一键式 A、B，自动可选\n录制参数\n麦克风 内置全指向立体声驻极体电容\n功能参数\n无线性能 WiFi：支持 IEEE 802.11 b/g/n，2.4 GHz 带宽\nNFC 功能 支持\n其它功能 工作温度：0-40℃\n储存温度：-20-60℃\n接口性能\nUSB 接口 Micro USB2.0\nHDMI 接口 支持\n其它接口 音频输入：XLR 型 3 针（母头）(x2)，线路/麦克风/麦克风 +48 \nV 可选\n视频输出：已集成到 Multi/Micro USB 插孔 (x1)，RCA 针 (x1)，复合\n1.0Vp-p，75Ω\n音频输出：已集成到 Multi/Micro USB 插孔 (x1)，RCA 针（单声道）\n(x1)\nSDI 输出：BNC(x1)，3G/HD/SD SMPTE ST 424/ST 292-1/ST 259 标准\n耳机输出：立体声迷你插孔 (x1)\n扬声器输出：单声道\nDC 输入：DC 插孔\n远程控制：立体声迷你插孔（直径 2.5mm",null,null,"索尼HXR-NX100","套",2,12500,25000]
[7,"摄像机三脚架","广播级摄像机三脚架 动平衡液压阻尼云台 摄影摄像铝合金三角架 录\n像机支架 BV6",null,null,"百诺BV6","副",2,1800,3600]
[8,"编辑采集\n系统","支持 PoC 功能，仅通过 SDI 一条线便能同时传输图像、供电、控制信号\n三路信号。最高分辨率达到 1920 x 1080，在保证高清晰度的同时也满\n足画面流畅的需求。",null,null,"AX-C22P","套",4,3800,{"$f":"H10*I10","v":15200},"AVA"]
[9,"便携移动\n采编录播\n系统","移动录播配备是全高清液晶屏。\n录播系统结合数字音频处理器叠加 ANC（噪声自动控制）的方式对声音\n进行数字化处理，大幅度抑制现场噪音和回声的影响。\n交互录播\n·嵌入式架构，全嵌入式架构具有超高稳定性，Linux 系统能有效杜绝\nWindows 系统易受到病毒侵袭的问题，适合大规模的视频资源制作与应\n用。\n·内置交互终端，满足录制、跟踪、交互三大功能。每一台录播主机都\n是一台交互服务器，即可录制又可作为互动终端。\n·本地导播，录制所见即所得的全高清画质\n·外置配件一线通",null,null,"AE-V6","套",1,45200,{"$f":"H11*I11","v":45200},"AVA"]
[10,"调便携移\n动网络试\n便工作站","CPU: 英特尔® 酷睿™ i7-9750H \n内存: RAM 16GB DDR4 \n显卡:Nvidia Quadro M1200M\n主系统硬盘：SSD 256GB 系统硬盘* 1\n硬盘 2：1TB SSD\n显示屏: 15.6 英寸 全高清屏 (1920x1080) \n操作系统: Windows 10 64 位正版中文专业版",null,null,null,"台",3]
[{"$nulls":9},{"$f":"SUM(J3:J12)","v":270800}]

{"sheet":"24、校园电视台设备 ","index":23,"n_rows":45,"n_cols":30,"rows_kept":45,"cut":false,"hidden":false,"merged":[[34,10,44,10],[14,15,15,15],[14,16,15,16],[14,17,15,17],[34,8,44,8],[3,9,5,9],[6,9,7,9],[12,9,13,9],[14,9,15,9],[34,9,44,9],[0,0,0,11],[23,0,23,1],[3,5,5,5],[6,5,7,5],[12,5,13,5],[14,5,15,5],[3,8,5,8],[6,8,7,8],[12,8,13,8],[14,8,15,8],[3,10,5,10],[6,10,7,10],[12,10,13,10],[14,10,15,10]]}
["24、校园电视台设备系统"]
["序号","设备名称","招标参数","厂家参数","偏离项","型号","单位","数量","单价","总价","品牌","备注",null,"单位","数量","单价","总价","品牌","备注"]
["一、虚拟演播系统及周边设备"]
[1,"高清\n摄录\n一体\n机","产品定位：专业摄像机\n传感器类型：3MOS\n传感器尺寸：（1/3）英寸\n有效像素：220 万\n光学变焦：22 倍\n实际焦距：f=3.9-86mm\n等效 35mm 焦距：28-616mm\n滤镜直径：72mm\n液晶屏尺寸：3.5 英寸\n液晶屏像素：156 万像素\n取景器描述：0.5 寸 OLED 显示屏，236 万像素\n最近对焦距离：1.1m\n最低照明度：0.02 流明\n白平衡：自动，预设（3200K，5600K，可变（2000-15000K））\n动态影像：1080/50p，1080/50i，1080/25pN，720/50p，576/50i，576/25p\n1080/59.94p，1080/59.94i，1080/29.97pN，1080/23.98pN，720/59.94p，\n480/59.94i，480/29.97p麦克风：内置\n防抖性能：光学防抖\nUSB 接口：USB3.0，USB2.0\nAV 端子：音频输入 1/输入 2：\nXLR×2，3pin.输入高阻抗，LINE/MIC：开关选择\nLINE：4：dBu/0dBu（可选择菜单）\nMIC：-40dBu/-50dBu/-60dBu（可选择菜单)，+48V，on/off（开关选择）\n音频输出：3.5mm 直径立体声迷你插孔×1，输出电平：600Ω，316mV\n耳机：3.5mm 直径立体声迷你插孔\n存储介质：microP2 卡/P2 卡 128M",null,null,null,"台",2,20000,40000,"索尼",null,null,"台",2,39500,{"$f":"P4*O4","v":79000},"松下AJ-PX298MC"]
[2,"三脚\n架遥\n控套\n装","液压阻尼系统；承重：5Kg；摄像机固定：快拆式固定板；最大高度：150cm；\n最小高度：75cm、含遥控手柄",null,null,null,"套",2,{"$nulls":5},"套",2,1450,2900,"利拍 TH-650DV"]
[3,"电池套装","两电一充套装",null,null,null,"套",2,{"$nulls":5},"套",2,450,900,"奥德盛  VW-VBD29"]
[4,"提词器","文稿录入、编辑方便，操作简单，自动完成排版, 支持 txt、rtf 、word 等\n格式文本。清晰度高，字迹清晰。可台内外联网。可与文稿摄像方式联用，\n组成二合一型。适用于各电视台演播室的录、直播节目需要。文稿字迹明亮\n清晰 支持自定义不同角色的字号/字体/颜色显示。 软件支持汉、藏、蒙、\n傣、维、朝鲜等少数民族语言。而且还支持国外的一些语言英、日、韩、德、\n俄、法、阿拉伯文等国家语言。（可根据要求来增加语言）；系统自动记录\n演播稿，当发生异常停电事故后再加电时自动寻找并且打开演播稿，并保证\n演播稿的完整性。\n控制方式灵活多样，键盘、鼠标、控制手柄均可，字幕速度变化范围可随意\n调节，前后跳段翻页方便自如；采用进口多层宽带介质分光膜（硬膜）玻璃，\n厚度仅为 2mm，光损失率在 3%以下，反光度达到 50％。软件解决双屏正像\n问题，使播音员和技术区操作更方便直观。有一个回监液晶监视器，可以输\n出最终监看信号。含三脚架，19 寸液晶显示器\\题词器专用进口反射罩\\进\n口镀膜玻璃\\套题词器软件",null,null,"TY-TC19FD","套",1,9800,9800,"现代中庆",null,null,"套",1,7800,7800,"星河  GVS-190"]
[5,"提词\n器电\n脑","国内知名商用台式一体机\n1.处理器：≥6 核处理器，主频≥3.4GHz，缓存≥12MB\n2.主板：B300 及以上芯片组\n3.内存：8G DDR4 2400MHz 内存，最大支持 32G 内存容量；\n4.硬盘：256G NVME M.2 接口固态硬盘\n5.显卡：2G GDDR5 独立显卡\n6.显示器： 21.5 寸广视角全高清 FHD 液晶显示屏(1920x1080)，窄边框设\n计，具备亮度调节物理按键，带低蓝光护眼功能； \n7.接口：≥6 个 USB 3.2 接口、HDMI 视频接口\n8.电源：功耗≥150W 节能电源 \n9.安全：USB 屏蔽技术，仅识别 USB 键盘、鼠标，无法识别其他 USB 读取设\n备，有效防止数据泄露\n10.键鼠：原厂键鼠，支持键盘开机\n11.系统：原厂正版 win 10 操作系统\n12.质保：原厂 3 年免费上门服务\n13.机箱：一体机，顶置提手，方便移动，侧置物理按钮，方便使用\n14.网卡：千兆网卡\n15.带网络同传功能\n16.可靠性：提供 3C、节能认证",null,null,null,"套",1,{"$nulls":5},"套",1,9550,9550,"星河、定制"]
[6,"无线领夹\n话筒","领夹式全指向型话筒、工作频段: 758.125 –781.875MHz 、 配有话筒放风罩和话筒固定领夹、 腰包式发射器 、发射功率可在 30mW 和 5mW 之间选择",null,null,null,"套",1,1300,1300,"湖山",null,null,"套",1,4200,4200,"科卡讯、BY-D11"]
[7,"调音\n台","16 输入通道，8 单声道 4 立体声、10 个高性能话筒放大器带幻象电源开关、\n通道内置通道压缩器、所有话筒输入均配置三段式通道均衡器和 HPF；7 母 线(3 辅助、4 遍组、内置 SPX 效果器",null,null,null,"套",1,1800,1800,"湖山",null,null,"套",1,3660,3660,"雅马哈、MG-16XU"]
[8,"监听\n耳机","频响范围 21-18000 Hz\n阻抗 24 欧姆\n接口类型 直型\n灵敏度 108 dB\n声压 108 dB\n线长 3 m\n线型 双边等长线\n音频接口 3.5mm/6.3mm 立体声插头",null,null,null,"只",1,300,300,"湖山",null,null,"只",1,360,360,"森海塞尔HD201"]
[9,"监听\n音箱","声道 2.0 \n类型 多媒体音箱\n理论功率 RMS 8W×2 （@fo=1kHz, THD=10%） \n阻抗 20k 欧姆 \n信噪比 >=80dB(A 计权) \n灵敏度 360mV \n防磁功能 支持\n音箱控制 音量, 超低音旋钮调节\n扬声器单元 低音单元：4 英寸陶瓷纸盆，防磁设计、高音单元：3/4 英寸\nPV 膜球顶高音扬声器，防磁设计 \n接口 双立体声 RCA 接口，A 口高音提升",null,null,null,"套",1,1000,1000,"湖山",null,null,"套",1,450,450,"漫步者R1000TC"]
[10,"一体\n化虚\n实演\n录播\n系统","硬件部分：\n1、为保证系统的兼容性和拓展性，要求主机必须采用 X86 架构设计，不接\n受嵌入式架构设计方式。\n2、要求视频输入接口：不少于 2 路 3G-SDI 高清视频输入，不少于 1 路 HDMI\n输入；视频输出接口:不少于 1 路 DP 输出，不少于 1 路 HDMI 输出。2G-SDI\n接口支持输入输出可选。\n3、 其它接口：不少于 4 路 USB3.0 接口，不少于 2 路 USB2.0 接口；不少于\n1 路千兆网口。\n4、电脑配置：CPU≥I7 八代六核心，主频≥3.2GHz；内存≥16G；采用固态\n+机械双硬盘设计，固态硬盘≥128G，机械硬盘≥2T；显卡要求≥GTX 1060\n级别，显存不小于 6G。\n软件部分： 1、为便于导播人员使用，导播操作界面支持外接键盘和鼠标\n直接操作。\n2、为了增加导播内容和素材的丰富性，满足多路资源模式的录制，要求系\n统必须具备不少于 18 路信号源，包含 4 路摄像机信号、8 路网络 IP 视频信\n号、2 路 DDR 本地视频和图片信号、2 路虚拟信号，1 路字幕信号，1 路主背\n景音乐信号。\n3、系统同时具备 PGM 和 PVW 画面，PGM 和 PVW 画面支持不少于 10 路信号源\n的混合切换，支持直切和自动切换，自动切换时支持不少于 14 种切换特效，\n特效至少包含：淡叠、推像、划像、爆炸、球形变形、碎块、圆柱变形等，\n切换特效支持切换时间选择和自定义时间选择。\n4、视频监看窗口具有视频信号选择功能，可以选择监看摄像机、网络、DDR、\n字幕、虚拟等不同的信号源。\n5、为了提高系统的兼容性，要求系统具备 2 路网络 IP 信号监看，每路网络\nIP 信号可以支持不少于 4 路 RTMP、UDP 协议的网络视频流。\n6、要求 DDR 信号支持多种视频和图片的混合编单播出，同时支持 CUE 预卷功能，混合编单播出支持单条循环、全部循环和 NP 播放（导播人员将信号\n切换到 DDR 时自动播放相应视频，信号切出 DDR 时自动停止播放当前视频，\n并准备下一条视频，当信号切换到 DDR 时，自动播放下一条视频）等多种播\n放方式。\n7、DDR 信号支持快慢动作播放视频，慢动作支持慢放百分比的调节，快放\n支持 1 倍速和 2 倍速的播放，同时 DDR 中播放的视频支持入点出点的设置，\n即：一段较长的视频中可以支持其中一部分视频的播放。\n8、要求字幕信号同时支持三维和二维字幕，支持同时带图文效果的动态字\n幕、动态台标字幕、倒计时字幕、时钟字幕和跑马字幕等多种形式的字幕，\n支持实时修改字幕内容，多条字幕可以设置不同的层次同时播出。\n9、要求系统支持多种模式的键叠加功能，可以将任意信号叠加到 PGM 上，\n键叠加的模式支持不少于 8 种预设模式，也可以自定义键叠加中多路信号的\n位置、大小、裁切和旋转以实现各自占比的调整。\n10、要求系统支持虚拟抠像技术，支持不少于 4 路信号的同时虚拟抠像处理，\n可对 2 路摄像机和 2 路网络 IP 视频信号同时做抠像处理。\n11、要求系统支持同时叠加不少于 2 种不同的真三维虚拟场景，虚拟场景支\n持无限蓝箱功能，可以对抠像片进行裁边和位移操作，每个虚拟场景支持 8\n个不同的虚拟机位，虚拟机位之间支持直接切换和带轨迹的切换效果。\n12、支持热点功能，可以在 2 路摄像机信号和网络 IP 信号的抠像区域设置\n8 个热点区域，每个区域可以设置不同的导播命令，当人物触发红外热点区\n域后即可以触发设置的导播命令。\n13、要求系统支持不少于 4 路摇臂设置，每路摇臂可以通过加关键帧的方式\n设置不少于 8 个虚拟机位按照正向和反向进行机位切换，同时可以添加灯光\n效果，灯光效果可以跟随机位由亮到暗也可以由暗到亮。\n14、要求系统出厂内置不少于 30 套不同的真三维教学虚拟场景，实时图像\n抠像处理并叠加真三维场景后可对三维场景中的三维物件进行隐藏、位移、\n旋转等操作。要求三维虚拟场景中可以添加虚拟大屏，虚拟大屏可以显示不\n少于 11 路信号源中的任何一路内容。\n15、要求系统支持不少于 1 路信号同时录制，支持自定义选择录制通道，包\n括：摄像机 1、 摄像机 2、摄像机 3、摄像机 4、PGM 以及 PVW 信号，生成\n文件支持 MP4和TS格式，支持 MPEG-2 和H.264 等编码方式码率支持1Mbps \n到 300Mbps 可调，可以根据录制参数自动计算可录制的时长和磁盘剩余空\n间。可以支持按照系统时间进行定时录制的开始和结束。\n16、要求系统支持内置多路软调音台，可对嵌入式音频、模拟音频、本地音\n频进行调节、支持静音、独立监听、独占输出、左右声道调节等操作；内置\n音频延迟器，可对音频进行延时处理。\n17、要求系统支持自定义命令功能，可以将每一步导播动作录制下来，记录\n导播的整个切换过程，再次调用时可做到无导播操作，主持人一个人即可完\n成整个节目的制作过程。\n18、要求系统支持直播功能，支持直播画质的选择，包括：超清、高清、标\n清、流畅和自定义，码率支持 1-20Mbps 可选，可以同时将直播流推送到多\n个地址进行直播，直播无需外接其他设备和平台即可实现局域网的直播。可\n以支持推送公网直播，设备连接网络，即可将 PGM 画面推送致公网直播，并\n可在设备上自动生成直播二维码，扫描即可观看直播。\n19、要求系统支持外场连线功能，预制三种视窗场景分别是双视窗、三视窗\n和四视窗场景，多视窗播出时，可指定某个窗口画面做缩放运动的动画效果。",null,null,"真三维虚似演播系统V1.0","套",1,50000,50000,"现代中庆",null,null,"套",1,89760,89760,"星河/GVS-UHD4000"]
[11,"现场\n制作\n系统","对摄像机信号实时拍摄的信号做抠像处理，并叠加真三维虚拟场景。具备\nPGM 和 PVW 画面，支持不少于 10 路信号源的混合切换，支持直切和自动切\n换，自动切换时支持不少于 14 种切换特效，特效至少包含：淡叠、推像、\n划像、爆炸、球形变形、碎块、圆柱变形等，切换特效支持切换时间选择和自定义时间选择。",null,null,null,"套",1,{"$nulls":5},"套",1,null,0,"包含"]
[12,"非线性编辑系统","主机配置：INTEL I7 CPU,华硕专业主板, 16GB 内存,专业图形 4GB 显卡， 广播级带硬件加速 IO 卡、系统硬盘：240GB 固态高速硬盘,素材硬盘：2T SATA2,千兆网卡，专业键盘,塔式机箱,24 寸液晶显示器*2，木质音箱、预装 Windows7 中文版；",null,null,"非线性编辑系统V1.0","套",1,12000,12000,"现代中庆",null,null,"套",1,43500,43500,"星河、GVS-EVT500"]
[13,"非线性编辑系\n统","1、支持素材场景自动分割，并提供最小分割帧数设置。 \n通过简单分割、普通分割和精细分割素材可快速分割镜头，并提供最小分割\n帧数设置为方便协作载片、编辑之用。 2、多机位编辑 \n系统支持多机位编辑功能，利用这一功能用户可方便快捷对不同机位素材进行编辑，并且打点的位置可以任意拉动修改，；特殊的音频处理方式，可以\n直接关掉其他音频只留一轨音频，合并多机位时视频自动放到视频轨 1 和视频轨 2，音频不变。 \n3、支持多格式混编 \n支持 YUYV、DV25、MPEG1、MPEG2 I、MPEG2 IBP、DVD、MOV、P2、XDCAM、\nWMV、MPEG4、HDV,3GP，MP4 等多种视频格式可以任意混编，实现了跨平台的素材共享 \n4、支持多故事版编辑 \n时间线上可以添加多个故事版，多个节目可以同时编辑，故事版之间可以对\n素材和特技任意调用编辑。 \n5、支持带 Alpha 通道的 RGBA 视频文件 \n利用这一技术，用户可以方便地对带 Alpha 通道的 RGBA 视频文件进行编辑。 \n6、强大的内嵌和外挂双字幕制作 \n内嵌字幕和挂接字幕可同时编辑，也可以单独编辑。 \n两字幕同时编辑为用户提供更全面，更多功能的字幕编辑。 7、高级的色键、亮键 抠像 \n强大的色键、亮键 抠像功能使您不仅在对单纯背景进行抠像时保证高质量\n视觉效果，即使在复杂的自然背景中抠像，也能保证颜色精确和边缘平滑。 \n8、直观的特技参数调整 \n系统所有轨道内、轨道间特效关键帧均能够实现精确到帧的直观调整。用户\n还可以通过添加、减少关键帧，更大限度地加大了用户创作编辑的自由度。   9、多种特技混编 \n提供近 600 种的切换特技并支持用户自己创建的特技模板。各种特技效果按照不同的类别分别放在不同的文件夹中。特技使用特技窗进行管理。不同的\n特技可以同时编辑，在时间线上，用户可以任意创建特技模板。10、人性化软件界面设计 \n以人为本，全新设计更加人性化的用户操作界面。操作者可以根据工作需要和个人喜好自由设置所有面板的位置、大小、模块以及模块中按键数量、布\n局，任意摆放界面。11、支持双屏双显 \n根据用户需要，系统提供符合编辑需要的双屏显示，双屏编辑；更方便用户的自由快捷的编辑。 \n12、网络化非线性编辑 \n系统完全按照非编网络化工艺流程要求，以网络化数据库管理的节目及素材资源管理策略，全面解决集中式双采集，数据中心化的节目编辑及存储。优\n秀的网络化非编，组成优秀的非编节目制作网络。13、多用户管理 可以通过设置用户设置，建立多个用户多管理，通过视频、音频、临时文件路径和用户路径对素材进行分类摆放；各个用户的素材都可以调用。 \n在用户设置里 可以任意添加用户，删除用户和修改用户。14、支持三维场景 \n支持 3ds-max 导出的三维场景文件，可以在非偏中对场景中的灯光，视角， 大小，视点等参数进行调整。可以做为背景和摄录的前景扣像叠合，从而达到虚拟演播室的效果 \n15、支持速度工具调节速度，支持差值慢动作  \n视频支持差值慢动作，并可以使用速度工具无级调节速度，使之和相应的位置对齐。 \n16、自动添加轨间特技 可以选择自动添加轨间特技，选择自动添加轨间特技后，当移动或删除素材时，上下轨的特技都可以跟随特技的位置的改变而改变。 \n17、支持基于时间线的拍打唱词, 唱词文字内容可以直接在时间线显示。",null,null,null,"套",1,{"$nulls":5},"套",1]
[14,"液晶显示器","液晶显示器屏尺寸≥23 英寸/IPS 屏显示器；屏幕比例：16：9；分辨率：1920 x 1080；内置音箱；HDMI*1，DP*1；含液晶显示器支架",null,null,null,"台",1,2200,{"$f":"I17*H17","v":2200},"TCL",null,null,"台",1,1350,{"$f":"P17*O17","v":1350},"三星、C24F390FHC"]
[15,"高清液晶监视器","40 寸高清液晶电视、带 HDMI、VGA、AV、USB 等接口、蓝光 LED 液晶电视机、含壁挂支架 ",null,null,null,"台",1,1800,1800,"TCL",null,null,"台",1,2950,2950,"小米4A"]
[16,"时序\n电源","8 路电源时序控制器提供八通道大功率电源输出，单路最大输出为 10A；前\n面板带指示反馈灯，八路通道开关状态可由前面板显示；通过面板一键开关，\n可时序开启通道，实现时序功能；\n提供 RS232 接口，可外接按键或连接中控系统或者 PC，对通道开关进行时\n序全开和全关操作；\n前面板提供 1 路万能电源插座供电，可广泛用于多媒体教室、多功能厅、会\n议室、投影拼接、视频会议、监控中心、楼宇控制、管理指挥中心等领域。\n产品参数：\n1.单路最大负载：10A；\n2.整机最大负载：40A； \n3.接口：10 路万能电源插座；1 路 220V 强电输入，1 路 LOOP 输出，8 路独\n立继电器控制，每路都供电源状态指示灯，供电状态均可单独控制； 4.\n控制方式：手动开关、电脑软件、RS232； 5.采用金属外壳，机架式安\n装；",null,null,null,"台",1,1500,1500,"外购产品",null,null,"台",1,500,500,"DGH"]
[17,"交换\n机","产品类型：快速以太网交换机\n应用层级：二层\n传输速率：10/100/1000Mbps\n交换方式：存储-转发\n背板带宽：32Gbps\n包转发率：24Mpps\nMAC 地址表：8K\n端口结构：非模块化\n端口数量：16 个\n端口描述：下行端口：16 个 10/100/1000Base-TX 以太网端口\n上行端口：与下行口共用",null,null,null,"台",1,1200,1200,"华为",null,null,"台",1,1950,1950,"思科、WS-C2918-24TT-C",null,null,"交换机","产品类型：快速以太网交换机 \n应用层级：二层 \n传输速率：10/100/1000Mbps \n交换方式：存储-转发 \n背板带宽：32Gbps \n包转发率：24Mpps \nMAC 地址表：8K \n端口结构：非模块化 \n端口数量：16个 \n端口描述：下行端口：16个10/100/1000Base-TX以太网端口 \n上行端口：与下行口共用","产品类型：快速以太网交换机 \n应用层级：二层 \n传输速率：10/100/1000Mbps \n交换方式：存储-转发 \n背板带宽：32Gbps \n包转发率：39Mpps \nMAC 地址表：8K \n端口结构：非模块化 \n端口数量：16个 \n端口描述：下行端口：16个10/100/1000Base-TX以太网端口 \n上行端口：与下行口共用","正偏离：\n1、包转发率：39Mpps","新华三","H3C S5130S-20P-EI",1,"台",{"$f":"[2]价格明细清单!$J$26","v":1396},{"$f":"AC20*AA20","v":1396}]
[18,"操作\n台","定制、钢木结合、木质桌面",null,null,null,"个",1,1000,1000,"定制",null,null,"个",1,7840,7840,"派夫迪、定制"]
[19,"演播\n台","木质、带 LOGO",null,null,null,"个",1,2500,2500,"定制",null,null,"个",1,13200,13200,"派夫迪、定制"]
[20,"安装\n调试","调试、培训",null,null,null,"项",1,{"$nulls":5},"项",1,12000,{"$f":"P23*O23","v":12000},"慧利创达、定制"]
["二、蓝箱及灯光系统",{"$nulls":8},{"$f":"SUM(J4:J23)","v":126400},{"$nulls":6},{"$f":"SUM(Q4:Q23)","v":281870}]
[1,"虚拟蓝箱","L 型蓝箱一般配置：宽：4 米 高：3 米 地面延伸：3 米 \n模块化拼接蓝箱设计，便于安装布置，本方案共涉及了四部分产品，蓝箱部分分为三种产品，墙板，弧形 板，地板。还有一种铝合金的底支架。墙板， 弧板，地板均为磨具注塑产品，一次成型，尺寸标准，颜色一致，没有批次差。地板设计强度高，耐磨，不变色，结实牢固。铝合金底支架为磨具挤压型，尺寸标准，永不变形，方便实用。 \n三种板块均采用一种铝合金支架连接。该产品无需采用传统的木料制作方\n式，避免批腻子，刷漆等费时费力繁琐工序，为工程施工节省大量时间和资金。 ",null,null,null,"平米",24,1200,{"$f":"H25*I25","v":28800},"定制",null,null,"平米",24,1150,27600,"慧利创达、定制"]
[2,"虚拟\n蓝箱\n背景\n用平\n板式\n柔光\n灯","输入电源：100-250V AC 50/60Hz 功 率 ：40W \n发光灯珠数量：600 颗 \n色 温 ： 3200K-5600K \n显色指数：Ra 值≥90 \n调光方式：1、接受 DMX512 信号，2、自带旋钮数字调光，3、遥控调光。   \n角度调节方式：手动 噪音范围：静音  ",null,null,null,"台",4,1500,{"$f":"H26*I26","v":6000},"定制",null,null,"台",4,1950,7800,"慧利创达、PZD-400"]
[3,"虚拟\n蓝箱\n侧光\n用平\n板式\n柔光\n灯","无线数字遥控平板柔光灯。\n功 率：60W\n发光灯珠数量：900 颗 色 温： 5600K\n显色指数：Ra 值≥90\n调光方式：1、接受 DMX512 信号，2、自带旋钮数字调光，3、遥控调光。\n角度调节方式：手动\n噪音范围：静音",null,null,null,"台",3,1500,{"$f":"H27*I27","v":4500},"定制",null,null,"台",3,2350,7050,"慧利创达、PZD-600"]
[4,"虚拟\n蓝箱\n面光\n用平\n板式\n柔光\n灯","功 率：80W\n发光灯珠数量：1200 颗 色 温： 5600K\n显色指数：Ra 值≥90\n调光方式：1、接受 DMX512 信号，2、自带旋钮数字调光，3、遥控调光。\n角度调节方式：手动\n噪音范围：静音",null,null,null,"台",3,1800,5400,"定制",null,null,"台",3,2800,8400,"慧利创达、PZD-800"]
[5,"轮廓光用聚光灯","功 率 ：100W \n发光灯珠数量：单颗模组发光色 温 ： 5600K \n显色指数：Ra 值≥90 \n调光方式：1、接受 DMX512 信号，2、自带旋钮数字调光，3、遥控调光。     \n角度调节方式：调节仰俯， 左右旋转。（可另外制作遥控电动款） 噪音范围：静音 （无风扇）",null,null,null,"台",2,2000,4000,"定制",null,null,"台",2,3750,7500,"慧利创达、PZD-1000"]
[6,"调光\n台/遥\n控器","频率： 433.92M\n发射功率：10dbm\n电源：3 只 AA 电池\n语言：中/英文",null,null,null,"台",1,300,300,"定制",null,null,"台",1,975,975,"慧利创达、DMX-512"]
[7,"轨道\n式灯\n光悬\n挂系统","线缆滑车设计采用四轮方式。磨具设计指压事线卡装置。纵轨：12 米（两\n根 6 米） 横轨：12 米（4 根 3 米） 万向滑车：8 个（8 轮轴承体，带刹\n车功能） 灯具滑车：12 个（4 轮轴承体，带刹车功能） 线缆滑车：2 轮\n轴承体 轨道连接架：2 个 轨道吊架：6 个 轨道压片：12 个 轨道堵头：统 12 个",null,null,null,"套",1,6000,6000,"定制",null,null,"套",1,6750,6750,"慧利创达、定制"]
[8,"铰链","卡簧式铰链",null,null,null,"副",6,400,2400,"定制",null,null,"副",6,650,3900,"慧利创达、定制"]
[9,"灯具\n阻燃\n线缆","2*1.5，国标阻燃线缆，铜芯多股，国标线材。",null,null,null,"卷",5,500,2500,"定制",null,null,"卷",5,650,3250,"慧利创达、定制"]
["三、整体装修",{"$nulls":8},{"$f":"SUM(J25:J33)","v":59900},null,{"$f":"J34+J24","v":186300},{"$nulls":4},{"$f":"SUM(Q25:Q33)","v":73225},null,{"$f":"Q34+Q24","v":355095}]
[1,"墙面\n吸音\n隔音\n处理","外框采用磨具一次成型铝合金支架，支架连接固定底支架，外包高密度组阻\n燃纤维吸音板，环保，不变形，安装及其方便。可根据使用方要求定制图案",null,null,null,"平米",30,55000,55000,"定制"]
[2,"顶部\n处理","顶部喷黑",null,null,null,"平米",30]
[3,"地面\n自流\n平及\n地胶\n铺设","普通教室一般为地板砖或者建筑毛地面结构，地板砖需要对平整度进行处\n理，对缝隙进行无缝填充打磨处理，否则铺设地板后会出现鼓包，起层的情\n况，如果是建筑毛地面，需要进行水泥自流屏的处理，为地板的铺设创造平\n整的环境基础。\n地面采用 PVC 防静电地胶。其特点为：\n防静电：导电物质为性能稳定的碳黑，导电网络从上表面直通下表面,这种\n结构决定了防静电性能的永久性。\n安全防火：基材为半硬质的 PVC 塑料，具有耐磨、耐腐蚀、不发火和阻燃的\n特性。\n其它特点：有如大理石花纹的外表面，颜色可调，装饰效果好且施工方便。",null,null,null,"平米",30]
[4,"隔音\n门","门内面用优质≥25mm 阻燃吸声棉做内衬，外包阻燃声学材料形成优质的吸\n声体，处理房间内部的高中低频声音。门外面用优质≥25mm 阻燃吸声棉做\n内衬。外包阻优质的隔声材料，形成优质的隔声效果，隔声量达到≥305dB",null,null,null,"套",1]
[5,"观察\n窗","双层中空钢化玻璃",null,null,null,"项",1]
[6," \n导播\n间隔\n断墙","铝材龙骨隔音隔断，内置双层厚度≥25MM 厚隔音棉，双层隔声墙形成声闸\n结构，间隔 5-mm 以上，与地面和墙面的连接处填充密封隔声处理。",null,null,null,"平米",10]
[7,"导播\n间墙\n面装\n修","涂料光泽：哑光； 涂层类别：面漆",null,null,null,"平米",20]
[8,"导播\n间顶\n部装\n修","顶棚设计采用高密度阻燃纤维吸音板为主，依据房间结构确定是否结合石膏\n板造型进行处理。其特点为：\n阻燃性：防止火灾发生是现代公共建筑、高层建筑设计中的一个首要问题，\n吸音板是最理想的防火吊顶材料。\n隔热性：吸音板具有比其它吊顶材料优越的保温隔热性。\n吸音性：吸音板可以改善音质，创造寂静而舒适的环境。\n顶棚高度可根据房间大小录活控制，（顶棚高度会直接影响到灯光、室内拾\n音等，建议最佳 2.8-3.5 米）。",null,null,null,"平米",10]
[9,"导播\n间地\n面装\n修","地面采用 PVC 防静电地胶。\n防静电：导电物质为性能稳定的碳黑，导电网络从上表面直通下表面,这种\n结构决定了防静电性能的永久性。\n安全防火：基材为半硬质的 PVC 塑料，具有耐磨、耐腐蚀、不发火和阻燃的\n特性。其它特点：有如大理石花纹的外表面，颜色可调，装饰效果好且施工方便。",null,null,null,"平米",10]
[10,"电路\n改装\n处理","墙体内开槽，内埋线管强电弱电分开铺设安装及维修拆卸，简单方便。",null,null,null,"项",1]
[11,"装修\n辅材","建筑垃圾进行装袋，分类，搬运集中存放，按市政规定运输到指定的地点进\n行处理。\n线槽式铝合金踢脚线",null,null,null,"项",1]